{"text_format":"3","workbook":"xlsx","n_sheets":6,"sheets":["Resumo do Orçamento","Orçamento Sintético","BDI","Buttons","ENCARGOS SEM DESON.","Orçamento Analítico"],"not_rendered":{"images":5,"external_links":7,"defined_names":197},"read":"whole","date_system":"1900"}

{"sheet":"Resumo do Orçamento","index":0,"n_rows":13,"n_cols":9,"rows_kept":13,"merged":[[0,5,0,7],[0,8,0,8],[1,5,1,7],[1,8,1,8],[2,0,2,8],[3,0,3,2],[3,3,3,5],[8,4,8,5],[8,6,8,8],[9,4,9,5],[9,6,9,8],[10,4,10,5],[10,6,10,8],[12,0,12,9]]}
[{"$nulls":3},"Obra","Bancos","B.D.I.",null,null,"Encargos Sociais"]
[{"$nulls":3},"Obra de Construção de Auditorio e Area de Vivencia da Camara Municipal de Mamanguape","SINAPI - 04/2025 - Paraíba\nSBC - 06/2025 - Paraíba\nORSE - 03/2025 - Sergipe\nSEINFRA - 028 - Ceará\n","21,51%",null,null,"Não Desonerado: embutido nos preços unitário dos insumos de mão de obra, de acordo com as bases."]
["Planilha Orçamentária Resumida"]
["Item",null,null,"Descrição",{"$nulls":3},"Quant.","Total"]
[" 1 ",null,null,"SERVIÇOS PRELIMINARES",{"$nulls":3},1,{"v":2767.09,"d":"2,767.09"}]
[" 2 ",null,null,"AUDITORIO",{"$nulls":3},1,{"v":506193.96,"d":"506,193.96"}]
[" 3 ",null,null,"AREA DE VIVENCIA",{"$nulls":3},1,{"v":34849.05,"d":"34,849.05"}]
[]
[{"$nulls":4},"Total sem BDI",null,{"v":447263.24,"d":"447,263.24"}]
[{"$nulls":4},"Total do BDI",null,{"v":96546.85999999999,"d":"96,546.86"}]
[{"$nulls":4},"Total Geral",null,{"v":543810.1,"d":"543,810.10"}]
[]
["_______________________________________________________________\n"]

{"sheet":"Orçamento Sintético","index":1,"n_rows":170,"n_cols":10,"rows_kept":170,"merged":[[0,4,0,5],[0,6,0,7],[0,8,0,9],[1,4,1,5],[1,6,1,7],[1,8,1,9],[2,7,2,8],[3,7,3,8],[164,0,164,16383],[165,0,165,2],[165,5,165,6],[165,7,165,9],[166,0,166,2],[166,5,166,6],[166,7,166,9],[167,0,167,2],[167,5,167,6],[167,7,167,9],[169,0,169,9]]}
[{"$nulls":3},"Obra","Bancos",null,"B.D.I.",null,"Encargos Sociais"]
[{"$nulls":3},"Obra de Construção de Auditorio e Area de Vivencia da Camara Municipal de Mamanguape","SINAPI - 04/2025 - Paraíba\nSBC - 06/2025 - Paraíba\nORSE - 03/2025 - Sergipe\nSEINFRA - 028 - Ceará\n",null,"21,51%",null,"Não Desonerado: embutido nos preços unitário dos insumos de mão de obra, de acordo com as bases."]
[{"$nulls":7},"Valor Final do Orçamento",null,{"$f":"I6 + I9 + I153","v":{"v":543810.1000000001,"d":"543,810.10"}}]
[{"$nulls":7},"BDI",null,{"v":0.2151,"d":"21.51 %"}]
["Item","Código","Banco","Descrição","Und","Quant.","Valor Unit","Valor Unit com BDI","Total","Peso (%)"]
[" 1 ","  ",null,"SERVIÇOS PRELIMINARES",null,1,"",{"$f":"I7 + I8","v":{"v":2767.0899999999997,"d":"2,767.09"}},{"$f":"TRUNC(F6 * H6,2)","v":{"v":2767.09,"d":"2,767.09"}},{"$f":"I6 / J3","v":{"v":5.08833874177769E-3,"d":"0.51 %"}}]
[" 1.1 "," PAV4 ","Próprio","ART DE EXECUÇÃO","Und",1,208.19,{"$f":"TRUNC(TRUNC(G7 * J4, 2) + G7, 2)","v":252.97},252.97,{"$f":"I7 / J3","v":{"v":4.6518076806591115E-4,"d":"0.05 %"}}]
[" 1.2 "," 103689 ","SINAPI","FORNECIMENTO E INSTALAÇÃO DE PLACA DE OBRA COM CHAPA GALVANIZADA E ESTRUTURA DE MADEIRA. AF_03/2022_PS","m²",6,344.85,{"$f":"TRUNC(TRUNC(G8 * J4, 2) + G8, 2)","v":419.02},{"v":2514.12,"d":"2,514.12"},{"$f":"I8 / J3","v":{"v":4.623157973711778E-3,"d":"0.46 %"}}]
[" 2 ","  ",null,"AUDITORIO",null,1,"",{"$f":"I10 + I16 + I28 + I34 + I63 + I76 + I87 + I90 + I127 + I132 + I135 + I142 + I146 + I151","v":{"v":506193.96,"d":"506,193.96"}},{"v":506193.96,"d":"506,193.96"},{"$f":"I9 / J3","v":{"v":0.9308285373883272,"d":"93.08 %"}}]
[" 2.1 ","  ",null,"RETIRADAS E DEMOLIÇÕES",null,1,"",{"$f":"I11 + I12 + I13 + I14 + I15","v":{"v":17419.030000000002,"d":"17,419.03"}},{"v":17419.03,"d":"17,419.03"},{"$f":"I10 / J3","v":{"v":0.03203145730467308,"d":"3.20 %"}}]
[" 2.1.1 "," 97635 ","SINAPI","REMOÇÃO DE PISO DE BLOCO INTERTRAVADO OU DE PEDRA PORTUGUESA, DE FORMA MANUAL, COM REAPROVEITAMENTO. AF_09/2023","m²",270.89,13.46,{"$f":"TRUNC(TRUNC(G11 * J4, 2) + G11, 2)","v":16.35},{"v":4429.05,"d":"4,429.05"},{"$f":"I11 / J3","v":{"v":0.008144479111366265,"d":"0.81 %"}}]
[" 2.1.2 "," 022974 ","SBC","REMOCAO POSTE METALICO ENGT CONCR DE 5A7M C/E S/ REAPROVEIT.","UN",3,577.25,{"$f":"TRUNC(TRUNC(G12 * J4, 2) + G12, 2)","v":701.41},{"v":2104.23,"d":"2,104.23"},{"$f":"I12 / J3","v":{"v":3.8694205936962178E-3,"d":"0.39 %"}}]
[" 2.1.3 "," 105009 ","SINAPI","LOCAÇÃO CONVENCIONAL DE OBRA, UTILIZANDO GABARITO DE TÁBUAS CORRIDAS PONTALETADAS A CADA 1,50M - 2 UTILIZAÇÕES. AF_03/2024","M",73.2,{"v":54.7,"d":"54.70"},{"$f":"TRUNC(TRUNC(G13 * J4, 2) + G13, 2)","v":66.46},{"v":4864.87,"d":"4,864.87"},{"$f":"I13 / J3","v":{"v":0.008945898577462976,"d":"0.89 %"}}]
[" 2.1.4 "," 101134 ","SINAPI","ESCAVAÇÃO HORIZONTAL, INCLUINDO CARGA, DESCARGA E TRANSPORTE EM SOLO DE 1A CATEGORIA COM TRATOR DE ESTEIRAS (100HP/LÂMINA: 2,19M3) E CAMINHÃO BASCULANTE DE 10M3, DMT ATÉ 200M. AF_07/2020","m³",390.71,11.45,{"$f":"TRUNC(TRUNC(G14 * J4, 2) + G14, 2)","v":13.91},{"v":5434.77,"d":"5,434.77"},{"$f":"I14 / J3","v":{"v":0.009993874700010168,"d":"1.00 %"}}]
[" 2.1.5 "," 97621 ","SINAPI","DEMOLIÇÃO DE ALVENARIA DE BLOCO FURADO, DE FORMA MANUAL, COM REAPROVEITAMENTO. AF_09/2023","m³",5.88,82.04,{"$f":"TRUNC(TRUNC(G15 * J4, 2) + G15, 2)","v":99.68},586.11,{"$f":"I15 / J3","v":{"v":0.001077784322137452,"d":"0.11 %"}}]
[" 2.2 ","  ",null,"SUPERESTRUTURAS",null,1,"",{"$f":"I17 + I18 + I19 + I20 + I21 + I22 + I23 + I24 + I25 + I26 + I27","v":{"v":55953.83,"d":"55,953.83"}},{"v":55953.83,"d":"55,953.83"},{"$f":"I16 / J3","v":{"v":0.10289222285500028,"d":"10.29 %"}}]
[" 2.2.1 "," 104918 ","SINAPI","ARMAÇÃO DE SAPATA ISOLADA, VIGA BALDRAME E SAPATA CORRIDA UTILIZANDO AÇO CA-50 DE 8 MM - MONTAGEM. AF_01/2024","KG",71,{"v":10.3,"d":"10.30"},{"$f":"TRUNC(TRUNC(G17 * J4, 2) + G17, 2)","v":12.51},888.21,{"$f":"I17 / J3","v":{"v":1.6333091275796457E-3,"d":"0.16 %"}}]
[" 2.2.2 "," 92760 ","SINAPI","ARMAÇÃO DE PILAR OU VIGA DE ESTRUTURA CONVENCIONAL DE CONCRETO ARMADO UTILIZANDO AÇO CA-50 DE 6,3 MM - MONTAGEM. AF_06/2022","KG",1.5,9.57,{"$f":"TRUNC(TRUNC(G18 * J4, 2) + G18, 2)","v":11.62},17.43,{"$f":"I18 / J3","v":{"v":3.2051629787677712E-5,"d":"0.00 %"}}]
[" 2.2.3 "," 92761 ","SINAPI","ARMAÇÃO DE PILAR OU VIGA DE ESTRUTURA CONVENCIONAL DE CONCRETO ARMADO UTILIZANDO AÇO CA-50 DE 8,0 MM - MONTAGEM. AF_06/2022","KG",476,9.01,{"$f":"TRUNC(TRUNC(G19 * J4, 2) + G19, 2)","v":10.94},{"v":5207.44,"d":"5,207.44"},{"$f":"I19 / J3","v":{"v":0.009575842743634218,"d":"0.96 %"}}]
[" 2.2.4 "," 92762 ","SINAPI","ARMAÇÃO DE PILAR OU VIGA DE ESTRUTURA CONVENCIONAL DE CONCRETO ARMADO UTILIZANDO AÇO CA-50 DE 10,0 MM - MONTAGEM. AF_06/2022","KG",74.2,8.06,{"$f":"TRUNC(TRUNC(G20 * J4, 2) + G20, 2)","v":9.79},726.41,{"$f":"I20 / J3","v":{"v":1.3357787948403308E-3,"d":"0.13 %"}}]
[" 2.2.5 "," 92763 ","SINAPI","ARMAÇÃO DE PILAR OU VIGA DE ESTRUTURA CONVENCIONAL DE CONCRETO ARMADO UTILIZANDO AÇO CA-50 DE 12,5 MM - MONTAGEM. AF_06/2022","KG",69.6,6.78,{"$f":"TRUNC(TRUNC(G21 * J4, 2) + G21, 2)","v":8.23},{"v":572.8,"d":"572.80"},{"$f":"I21 / J3","v":{"v":1.0533088664590818E-3,"d":"0.11 %"}}]
[" 2.2.6 "," 92759 ","SINAPI","ARMAÇÃO DE PILAR OU VIGA DE ESTRUTURA CONVENCIONAL DE CONCRETO ARMADO UTILIZANDO AÇO CA-60 DE 5,0 MM - MONTAGEM. AF_06/2022","KG",223,10.07,{"$f":"TRUNC(TRUNC(G22 * J4, 2) + G22, 2)","v":12.23},{"v":2727.29,"d":"2,727.29"},{"$f":"I22 / J3","v":{"v":0.005015151428780009,"d":"0.50 %"}}]
[" 2.2.7 "," 92762 ","SINAPI","ARMAÇÃO DE PILAR OU VIGA DE ESTRUTURA CONVENCIONAL DE CONCRETO ARMADO UTILIZANDO AÇO CA-50 DE 10,0 MM - MONTAGEM. AF_06/2022","KG",593.5,8.06,{"$f":"TRUNC(TRUNC(G23 * J4, 2) + G23, 2)","v":9.79},{"v":5810.36,"d":"5,810.36"},{"$f":"I23 / J3","v":{"v":0.01068453859168853,"d":"1.07 %"}}]
[" 2.2.8 "," 92763 ","SINAPI","ARMAÇÃO DE PILAR OU VIGA DE ESTRUTURA CONVENCIONAL DE CONCRETO ARMADO UTILIZANDO AÇO CA-50 DE 12,5 MM - MONTAGEM. AF_06/2022","KG",548.7,6.78,{"$f":"TRUNC(TRUNC(G24 * J4, 2) + G24, 2)","v":8.23},{"v":4515.8,"d":"4,515.80"},{"$f":"I24 / J3","v":{"v":0.008304001709420254,"d":"0.83 %"}}]
[" 2.2.9 "," 92759 ","SINAPI","ARMAÇÃO DE PILAR OU VIGA DE ESTRUTURA CONVENCIONAL DE CONCRETO ARMADO UTILIZANDO AÇO CA-60 DE 5,0 MM - MONTAGEM. AF_06/2022","KG",174.2,10.07,{"$f":"TRUNC(TRUNC(G25 * J4, 2) + G25, 2)","v":12.23},{"v":2130.46,"d":"2,130.46"},{"$f":"I25 / J3","v":{"v":0.003917654342940669,"d":"0.39 %"}}]
[" 2.2.10 "," 96536 ","SINAPI","FABRICAÇÃO, MONTAGEM E DESMONTAGEM DE FÔRMA PARA VIGA BALDRAME, EM MADEIRA SERRADA, E=25 MM, 4 UTILIZAÇÕES. AF_01/2024","m²",359.4,54.05,{"$f":"TRUNC(TRUNC(G26 * J4, 2) + G26, 2)","v":65.67},{"v":23601.79,"d":"23,601.79"},{"$f":"I26 / J3","v":{"v":0.04340079376973689,"d":"4.34 %"}}]
[" 2.2.11 "," 94966 ","SINAPI","CONCRETO FCK = 30MPA, TRAÇO 1:2,1:2,5 (EM MASSA SECA DE CIMENTO/ AREIA MÉDIA/ BRITA 1) - PREPARO MECÂNICO COM BETONEIRA 400 L. AF_05/2021","m³",21.5,373.44,{"$f":"TRUNC(TRUNC(G27 * J4, 2) + G27, 2)","v":453.76},{"v":9755.84,"d":"9,755.84"},{"$f":"I27 / J3","v":{"v":0.017939791850132975,"d":"1.79 %"}}]
[" 2.3 ","  ",null,"ALVENARIAS E ELEVAÇÕES",null,1,"",{"$f":"I29 + I30 + I31 + I32 + I33","v":{"v":85984.58,"d":"85,984.58"}},{"v":85984.58,"d":"85,984.58"},{"$f":"I28 / J3","v":{"v":0.15811508465914845,"d":"15.81 %"}}]
[" 2.3.1 "," 103328 ","SINAPI","ALVENARIA DE VEDAÇÃO DE BLOCOS CERÂMICOS FURADOS NA HORIZONTAL DE 9X19X19 CM (ESPESSURA 9 CM) E ARGAMASSA DE ASSENTAMENTO COM PREPARO EM BETONEIRA. AF_12/2021","m²",495.18,64.82,{"$f":"TRUNC(TRUNC(G29 * J4, 2) + G29, 2)","v":78.76},{"v":39000.37,"d":"39,000.37"},{"$f":"I29 / J3","v":{"v":0.07171689161345109,"d":"7.17 %"}}]
[" 2.3.2 "," 87904 ","SINAPI","CHAPISCO APLICADO EM ALVENARIA (COM PRESENÇA DE VÃOS) E ESTRUTURAS DE CONCRETO DE FACHADA, COM COLHER DE PEDREIRO. ARGAMASSA TRAÇO 1:3 COM PREPARO MANUAL. AF_10/2022","m²",990.37,5.91,{"$f":"TRUNC(TRUNC(G30 * J4, 2) + G30, 2)","v":7.18},{"v":7110.85,"d":"7,110.85"},{"$f":"I30 / J3","v":{"v":0.01307598001581802,"d":"1.31 %"}}]
[" 2.3.3 "," 87794 ","SINAPI","EMBOÇO OU MASSA ÚNICA EM ARGAMASSA TRAÇO 1:2:8, PREPARO MANUAL, APLICADA MANUALMENTE EM PANOS CEGOS DE FACHADA (SEM PRESENÇA DE VÃOS), ESPESSURA DE 25 MM. AF_09/2022","m²",990.37,{"v":31.2,"d":"31.20"},{"$f":"TRUNC(TRUNC(G31 * J4, 2) + G31, 2)","v":37.91},{"v":37544.92,"d":"37,544.92"},{"$f":"I31 / J3","v":{"v":0.0690404977767055,"d":"6.90 %"}}]
[" 2.3.4 "," 105025 ","SINAPI","VERGA MOLDADA IN LOCO COM UTILIZAÇÃO DE BLOCOS CANALETA, ESPESSURA DE *15* CM. AF_03/2024","M",31.9,41.43,{"$f":"TRUNC(TRUNC(G32 * J4, 2) + G32, 2)","v":50.34},{"v":1605.84,"d":"1,605.84"},{"$f":"I32 / J3","v":{"v":2.952942580507423E-3,"d":"0.30 %"}}]
[" 2.3.5 "," 105031 ","SINAPI","CONTRAVERGA MOLDADA IN LOCO COM UTILIZAÇÃO DE BLOCOS CANALETA, ESPESSURA DE *15* CM. AF_03/2024","M",17.75,33.51,{"$f":"TRUNC(TRUNC(G33 * J4, 2) + G33, 2)","v":40.71},{"v":722.6,"d":"722.60"},{"$f":"I33 / J3","v":{"v":1.3287726726664325E-3,"d":"0.13 %"}}]
[" 2.4 ","  ",null,"INSTALAÇÕES ELETRICAS",null,1,"",{"$f":"I35 + I36 + I37 + I38 + I39 + I40 + I41 + I42 + I43 + I44 + I45 + I46 + I47 + I48 + I49 + I50 + I51 + I52 + I53 + I54 + I55 + I56 + I57 + I58 + I59 + I60 + I61 + I62","v":{"v":25201.75,"d":"25,201.75"}},{"v":25201.75,"d":"25,201.75"},{"$f":"I34 / J3","v":{"v":0.04634292375224365,"d":"4.63 %"}}]
[" 2.4.1 "," 91940 ","SINAPI","CAIXA RETANGULAR 4\" X 2\" MÉDIA (1,30 M DO PISO), PVC, INSTALADA EM PAREDE - FORNECIMENTO E INSTALAÇÃO. AF_03/2023","UN",59,11.68,{"$f":"TRUNC(TRUNC(G35 * J4, 2) + G35, 2)","v":14.19},837.21,{"$f":"I35 / J3","v":{"v":1.5395263898187986E-3,"d":"0.15 %"}}]
[" 2.4.2 "," 061441 ","SBC","CAIXA DE PISO 4X4 FECHADA E BAIXA TRAMONTINA","UN",4,31.07,{"$f":"TRUNC(TRUNC(G36 * J4, 2) + G36, 2)","v":37.75},{"v":151,"d":"151.00"},{"$f":"I36 / J3","v":{"v":2.7767045886054704E-4,"d":"0.03 %"}}]
[" 2.4.3 "," 91936 ","SINAPI","CAIXA OCTOGONAL 4\" X 4\", PVC, INSTALADA EM LAJE - FORNECIMENTO E INSTALAÇÃO. AF_03/2023","UN",53,10.39,{"$f":"TRUNC(TRUNC(G37 * J4, 2) + G37, 2)","v":12.62},668.86,{"$f":"I37 / J3","v":{"v":1.2299514113474537E-3,"d":"0.12 %"}}]
[" 2.4.4 "," 1119 ","ORSE","Curva 90º de pvc rígido soldável, marrom  diâm = 40mm","un",1,17.52,{"$f":"TRUNC(TRUNC(G38 * J4, 2) + G38, 2)","v":21.28},{"$f":"TRUNC(F38 * H38,2)","v":21.28},{"$f":"I38 / J3","v":{"v":3.9131307050016166E-5,"d":"0.00 %"}}]
[" 2.4.5 "," 104450 ","SINAPI","LUVA DE EMENDA PARA ELETRODUTO, AÇO GALVANIZADO, DN 40 MM (1 1/2''), APARENTE - FORNECIMENTO E INSTALAÇÃO. AF_10/2022","UN",2,10.32,{"$f":"TRUNC(TRUNC(G39 * J4, 2) + G39, 2)","v":12.53},25.06,{"$f":"I39 / J3","v":{"v":4.6082262907584826E-5,"d":"0.00 %"}}]
[" 2.4.6 "," 93660 ","SINAPI","DISJUNTOR BIPOLAR TIPO DIN, CORRENTE NOMINAL DE 10A - FORNECIMENTO E INSTALAÇÃO. AF_10/2020","UN",5,{"v":38.4,"d":"38.40"},{"$f":"TRUNC(TRUNC(G40 * J4, 2) + G40, 2)","v":46.65},233.25,{"$f":"I40 / J3","v":{"v":4.2891810946505033E-4,"d":"0.04 %"}}]
[" 2.4.7 "," 93661 ","SINAPI","DISJUNTOR BIPOLAR TIPO DIN, CORRENTE NOMINAL DE 16A - FORNECIMENTO E INSTALAÇÃO. AF_10/2020","UN",6,39.28,{"$f":"TRUNC(TRUNC(G41 * J4, 2) + G41, 2)","v":47.72},286.32,{"$f":"I41 / J3","v":{"v":5.2650732305266107E-4,"d":"0.05 %"}}]
[" 2.4.8 "," 93662 ","SINAPI","DISJUNTOR BIPOLAR TIPO DIN, CORRENTE NOMINAL DE 20A - FORNECIMENTO E INSTALAÇÃO. AF_10/2020","UN",6,41.03,{"$f":"TRUNC(TRUNC(G42 * J4, 2) + G42, 2)","v":49.85},{"v":299.1,"d":"299.10"},{"$f":"I42 / J3","v":{"v":5.5000817380920287E-4,"d":"0.06 %"}}]
[" 2.4.9 "," 93673 ","SINAPI","DISJUNTOR TRIPOLAR TIPO DIN, CORRENTE NOMINAL DE 50A - FORNECIMENTO E INSTALAÇÃO. AF_10/2020","UN",1,66.49,{"$f":"TRUNC(TRUNC(G43 * J4, 2) + G43, 2)","v":80.79},80.79,{"$f":"I43 / J3","v":{"v":1.4856288987644765E-4,"d":"0.01 %"}}]
[" 2.4.10 "," 91953 ","SINAPI","INTERRUPTOR SIMPLES (1 MÓDULO), 10A/250V, INCLUINDO SUPORTE E PLACA - FORNECIMENTO E INSTALAÇÃO. AF_03/2023","UN",5,20.18,{"$f":"TRUNC(TRUNC(G44 * J4, 2) + G44, 2)","v":24.52},{"v":122.6,"d":"122.60"},{"$f":"I44 / J3","v":{"v":2.2544634606823223E-4,"d":"0.02 %"}}]
[" 2.4.11 "," 654 ","ORSE","Caixa de derivação em pvc 4\" x 2\" c/tampa cega, embutir, p/eletroduto","un",7,{"v":9,"d":"9.00"},{"$f":"TRUNC(TRUNC(G45 * J4, 2) + G45, 2)","v":10.93},76.51,{"$f":"I45 / J3","v":{"v":1.406924954133805E-4,"d":"0.01 %"}}]
[" 2.4.12 "," 91996 ","SINAPI","TOMADA MÉDIA DE EMBUTIR (1 MÓDULO), 2P+T 10 A, INCLUINDO SUPORTE E PLACA - FORNECIMENTO E INSTALAÇÃO. AF_03/2023","UN",28,23.81,{"$f":"TRUNC(TRUNC(G46 * J4, 2) + G46, 2)","v":28.93},810.04,{"$f":"I46 / J3","v":{"v":1.48956409599601E-3,"d":"0.15 %"}}]
[" 2.4.13 "," 92004 ","SINAPI","TOMADA MÉDIA DE EMBUTIR (2 MÓDULOS), 2P+T 10 A, INCLUINDO SUPORTE E PLACA - FORNECIMENTO E INSTALAÇÃO. AF_03/2023","UN",8,38.01,{"$f":"TRUNC(TRUNC(G47 * J4, 2) + G47, 2)","v":46.18},369.44,{"$f":"I47 / J3","v":{"v":6.7935479683073178E-4,"d":"0.07 %"}}]
[" 2.4.14 "," 91959 ","SINAPI","INTERRUPTOR SIMPLES (2 MÓDULOS), 10A/250V, INCLUINDO SUPORTE E PLACA - FORNECIMENTO E INSTALAÇÃO. AF_03/2023","UN",1,30.74,{"$f":"TRUNC(TRUNC(G48 * J4, 2) + G48, 2)","v":37.35},37.35,{"$f":"I48 / J3","v":{"v":6.8682063830737968E-5,"d":"0.01 %"}}]
[" 2.4.15 "," 91967 ","SINAPI","INTERRUPTOR SIMPLES (3 MÓDULOS), 10A/250V, INCLUINDO SUPORTE E PLACA - FORNECIMENTO E INSTALAÇÃO. AF_03/2023","UN",3,41.31,{"$f":"TRUNC(TRUNC(G49 * J4, 2) + G49, 2)","v":50.19},150.57,{"$f":"I49 / J3","v":{"v":2.7687974165981831E-4,"d":"0.03 %"}}]
[" 2.4.16 "," 062182 ","SBC","TOMADA PISO 2P UNIVERSAL 10A-250V","UN",4,44.49,{"$f":"TRUNC(TRUNC(G50 * J4, 2) + G50, 2)","v":54.05},{"v":216.2,"d":"216.20"},{"$f":"I50 / J3","v":{"v":3.9756525301755147E-4,"d":"0.04 %"}}]
[" 2.4.17 "," 93674 ","SINAPI","DISJUNTOR BIPOLAR TIPO DR, CORRENTE NOMINAL DE 25A - FORNECIMENTO E INSTALAÇÃO. AF_10/2020","UN",1,36.18,{"$f":"TRUNC(TRUNC(G51 * J4, 2) + G51, 2)","v":43.96},43.96,{"$f":"I51 / J3","v":{"v":8.083704219542814E-5,"d":"0.01 %"}}]
[" 2.4.18 "," 97296 ","SINAPI","CURVA HORIZONTAL 90º, PARA ELETROCALHA, LISA OU PERFURADA EM AÇO GALVANIZADO, LARGURA DE 400MM E ALTURA DE 50MM - FORNECIMENTO E INSTALAÇÃO. AF_04/2023","UN",3,99.07,{"$f":"TRUNC(TRUNC(G52 * J4, 2) + G52, 2)","v":120.37},361.11,{"$f":"I52 / J3","v":{"v":6.6403694966312679E-4,"d":"0.07 %"}}]
[" 2.4.19 "," 97244 ","SINAPI","ELETROCALHA LISA OU PERFURADA EM AÇO GALVANIZADO, LARGURA 400MM E ALTURA 50MM, INCLUSIVE EMENDA E FIXAÇÃO - FORNECIMENTO E INSTALAÇÃO. AF_04/2023","M",30,97.01,{"$f":"TRUNC(TRUNC(G53 * J4, 2) + G53, 2)","v":117.87},{"v":3536.1,"d":"3,536.10"},{"$f":"I53 / J3","v":{"v":0.006502453705806492,"d":"0.65 %"}}]
[" 2.4.20 "," 55865 ","SINAPI","ELETRODUTO DE PVC RIGIDO ROSCAVEL DN 40MM (1 1/2\") INCL CONEXOES, FORNECIMENTO E INSTALACAO","M",12.99,25.51,{"$f":"TRUNC(TRUNC(G54 * J4, 2) + G54, 2)","v":30.99},402.56,{"$f":"I54 / J3","v":{"v":7.4025841005895244E-4,"d":"0.07 %"}}]
[" 2.4.21 "," 91833 ","SINAPI","ELETRODUTO FLEXÍVEL CORRUGADO REFORÇADO, PVC, DN 20 MM (1/2\"), PARA CIRCUITOS TERMINAIS, INSTALADO EM FORRO - FORNECIMENTO E INSTALAÇÃO. AF_03/2023","M",187,12.64,{"$f":"TRUNC(TRUNC(G55 * J4, 2) + G55, 2)","v":15.35},{"v":2870.45,"d":"2,870.45"},{"$f":"I55 / J3","v":{"v":5.2784050903063396E-3,"d":"0.53 %"}}]
[" 2.4.22 "," 91835 ","SINAPI","ELETRODUTO FLEXÍVEL CORRUGADO REFORÇADO, PVC, DN 25 MM (3/4\"), PARA CIRCUITOS TERMINAIS, INSTALADO EM FORRO - FORNECIMENTO E INSTALAÇÃO. AF_03/2023","M",108.54,13.91,{"$f":"TRUNC(TRUNC(G56 * J4, 2) + G56, 2)","v":{"v":16.9,"d":"16.90"}},{"v":1834.32,"d":"1,834.32"},{"$f":"I56 / J3","v":{"v":3.3730892456760174E-3,"d":"0.34 %"}}]
[" 2.4.23 "," 91924 ","SINAPI","CABO DE COBRE FLEXÍVEL ISOLADO, 1,5 MM², ANTI-CHAMA 450/750 V, PARA CIRCUITOS TERMINAIS - FORNECIMENTO E INSTALAÇÃO. AF_03/2023","M",610,2.37,{"$f":"TRUNC(TRUNC(G57 * J4, 2) + G57, 2)","v":2.87},{"v":1750.7,"d":"1,750.70"},{"$f":"I57 / J3","v":{"v":3.2193223332924485E-3,"d":"0.32 %"}}]
[" 2.4.24 "," 91926 ","SINAPI","CABO DE COBRE FLEXÍVEL ISOLADO, 2,5 MM², ANTI-CHAMA 450/750 V, PARA CIRCUITOS TERMINAIS - FORNECIMENTO E INSTALAÇÃO. AF_03/2023","M",610,3.47,{"$f":"TRUNC(TRUNC(G58 * J4, 2) + G58, 2)","v":4.21},{"v":2568.1,"d":"2,568.10"},{"$f":"I58 / J3","v":{"v":0.004722420565561396,"d":"0.47 %"}}]
[" 2.4.25 "," 91928 ","SINAPI","CABO DE COBRE FLEXÍVEL ISOLADO, 4 MM², ANTI-CHAMA 450/750 V, PARA CIRCUITOS TERMINAIS - FORNECIMENTO E INSTALAÇÃO. AF_03/2023","M",395,5.44,{"$f":"TRUNC(TRUNC(G59 * J4, 2) + G59, 2)","v":6.61},{"v":2610.95,"d":"2,610.95"},{"$f":"I59 / J3","v":{"v":0.004801216454052617,"d":"0.48 %"}}]
[" 2.4.26 "," 91930 ","SINAPI","CABO DE COBRE FLEXÍVEL ISOLADO, 6 MM², ANTI-CHAMA 450/750 V, PARA CIRCUITOS TERMINAIS - FORNECIMENTO E INSTALAÇÃO. AF_03/2023","M",200,7.65,{"$f":"TRUNC(TRUNC(G60 * J4, 2) + G60, 2)","v":9.29},{"v":1858,"d":"1,858.00"},{"$f":"I60 / J3","v":{"v":3.4166338580324264E-3,"d":"0.34 %"}}]
[" 2.4.27 "," 103784 ","SINAPI","LUMINÁRIA TIPO PLAFON QUADRADA, DE SOBREPOR, COM LED DE 18 W - FORNECIMENTO E INSTALAÇÃO. AF_09/2024","UN",53,34.61,{"$f":"TRUNC(TRUNC(G61 * J4, 2) + G61, 2)","v":42.05},{"v":2228.65,"d":"2,228.65"},{"$f":"I61 / J3","v":{"v":0.004098213696288465,"d":"0.41 %"}}]
[" 2.4.28 "," 12229 ","ORSE","Quadro de distribuição de embutir, em chapa de aço, para até 36 disjuntores, com barramento, padrão DIN, exclusive disjuntores","un",1,618.28,{"$f":"TRUNC(TRUNC(G62 * J4, 2) + G62, 2)","v":751.27},751.27,{"$f":"I62 / J3","v":{"v":1.3814932823057165E-3,"d":"0.14 %"}}]
[" 2.5 ","  ",null,"LOUÇAS E METAIS",null,1,"",{"$f":"I64 + I65 + I66 + I67 + I68 + I69 + I70 + I71 + I72 + I73 + I74 + I75","v":{"v":27378.93,"d":"27,378.93"}},{"v":27378.93,"d":"27,378.93"},{"$f":"I63 / J3","v":{"v":0.0503464904384821,"d":"5.03 %"}}]
[" 2.5.1 "," 86931 ","SINAPI","VASO SANITÁRIO SIFONADO COM CAIXA ACOPLADA LOUÇA BRANCA, INCLUSO ENGATE FLEXÍVEL EM PLÁSTICO BRANCO, 1/2 X 40CM - FORNECIMENTO E INSTALAÇÃO. AF_01/2020","UN",4,{"v":388.4,"d":"388.40"},{"$f":"TRUNC(TRUNC(G64 * J4, 2) + G64, 2)","v":471.94},{"v":1887.76,"d":"1,887.76"},{"$f":"I64 / J3","v":{"v":0.003471358843831697,"d":"0.35 %"}}]
[" 2.5.2 "," 95472 ","SINAPI","VASO SANITARIO SIFONADO CONVENCIONAL PARA PCD SEM FURO FRONTAL COM LOUÇA BRANCA SEM ASSENTO, INCLUSO CONJUNTO DE LIGAÇÃO PARA BACIA SANITÁRIA AJUSTÁVEL - FORNECIMENTO E INSTALAÇÃO. AF_01/2020","UN",1,606.33,{"$f":"TRUNC(TRUNC(G65 * J4, 2) + G65, 2)","v":736.75},736.75,{"$f":"I65 / J3","v":{"v":1.35479278520204E-3,"d":"0.14 %"}}]
[" 2.5.3 "," 200067 ","SBC","BANCADA SECA EM GRANITO BRANCO ITAUNAS","m²",1.215,396.45,{"$f":"TRUNC(TRUNC(G66 * J4, 2) + G66, 2)","v":481.72},585.28,{"$f":"I66 / J3","v":{"v":1.0762580540523243E-3,"d":"0.11 %"}}]
[" 2.5.4 "," 190188 ","SBC","CUBA DE SOBREPOR RETANGULAR L.1061.17 DECA COM METAIS","UN",4,328.04,{"$f":"TRUNC(TRUNC(G67 * J4, 2) + G67, 2)","v":{"v":398.6,"d":"398.60"}},{"v":1594.4,"d":"1,594.40"},{"$f":"I67 / J3","v":{"v":2.9319058252136173E-3,"d":"0.29 %"}}]
[" 2.5.5 "," 86941 ","SINAPI","LAVATÓRIO LOUÇA BRANCA COM COLUNA, 45 X 55CM OU EQUIVALENTE, PADRÃO MÉDIO, INCLUSO SIFÃO TIPO GARRAFA, VÁLVULA E ENGATE FLEXÍVEL DE 40CM EM METAL CROMADO, COM TORNEIRA CROMADA DE MESA, PADRÃO MÉDIO - FORNECIMENTO E INSTALAÇÃO. AF_01/2020","UN",1,613.44,{"$f":"TRUNC(TRUNC(G68 * J4, 2) + G68, 2)","v":745.39},745.39,{"$f":"I68 / J3","v":{"v":1.370680684305054E-3,"d":"0.14 %"}}]
[" 2.5.6 "," 190429 ","SBC","BANCADA EM GRANITO CINZA ANDORINHA","m²",2.53,365.37,{"$f":"TRUNC(TRUNC(G69 * J4, 2) + G69, 2)","v":443.96},{"v":1123.21,"d":"1,123.21"},{"$f":"I69 / J3","v":{"v":2.0654452721639406E-3,"d":"0.21 %"}}]
[" 2.5.7 "," 86936 ","SINAPI","CUBA DE EMBUTIR DE AÇO INOXIDÁVEL MÉDIA, INCLUSO VÁLVULA TIPO AMERICANA E SIFÃO TIPO GARRAFA EM METAL CROMADO - FORNECIMENTO E INSTALAÇÃO. AF_01/2020","UN",1,361.59,{"$f":"TRUNC(TRUNC(G70 * J4, 2) + G70, 2)","v":439.36},{"$f":"TRUNC(F70 * H70,2)","v":439.36},{"$f":"I70 / J3","v":{"v":8.0792909142364208E-4,"d":"0.08 %"}}]
[" 2.5.8 "," 86915 ","SINAPI","TORNEIRA CROMADA DE MESA, 1/2\" OU 3/4\", PARA LAVATÓRIO, PADRÃO MÉDIO - FORNECIMENTO E INSTALAÇÃO. AF_01/2020","UN",4,118.48,{"$f":"TRUNC(TRUNC(G71 * J4, 2) + G71, 2)","v":143.96},575.84,{"$f":"I71 / J3","v":{"v":1.0588990531805128E-3,"d":"0.11 %"}}]
[" 2.5.9 "," 86910 ","SINAPI","TORNEIRA CROMADA TUBO MÓVEL, DE PAREDE, 1/2\" OU 3/4\", PARA PIA DE COZINHA, PADRÃO MÉDIO - FORNECIMENTO E INSTALAÇÃO. AF_01/2020","UN",1,{"v":105.7,"d":"105.70"},{"$f":"TRUNC(TRUNC(G72 * J4, 2) + G72, 2)","v":128.43},128.43,{"$f":"I72 / J3","v":{"v":2.3616700020834475E-4,"d":"0.02 %"}}]
[" 2.5.10 "," 100867 ","SINAPI","BARRA DE APOIO RETA, EM ACO INOX POLIDO, COMPRIMENTO 70 CM, FIXADA NA PAREDE - FORNECIMENTO E INSTALAÇÃO. AF_01/2020","UN",2,261.47,{"$f":"TRUNC(TRUNC(G73 * J4, 2) + G73, 2)","v":317.71},635.42,{"$f":"I73 / J3","v":{"v":1.1684593574117139E-3,"d":"0.12 %"}}]
[" 2.5.11 "," 99841 ","SINAPI","GUARDA-CORPO PANORÂMICO COM PERFIS DE ALUMÍNIO E VIDRO LAMINADO 8 MM, FIXADO COM CHUMBADOR MECÂNICO. AF_04/2019_PS","M",13.88,929.69,{"$f":"TRUNC(TRUNC(G74 * J4, 2) + G74, 2)","v":{"v":1129.66,"d":"1,129.66"}},{"v":15679.68,"d":"15,679.68"},{"$f":"I74 / J3","v":{"v":0.028833006227725447,"d":"2.88 %"}}]
[" 2.5.12 "," 090043 ","SBC","DIVISORIA SANITARIA DE GRANITO E+3CM H=1,80 COM FERRAGENS","m²",7.95,336.17,{"$f":"TRUNC(TRUNC(G75 * J4, 2) + G75, 2)","v":408.48},{"v":3247.41,"d":"3,247.41"},{"$f":"I75 / J3","v":{"v":0.005971588243763769,"d":"0.60 %"}}]
[" 2.6 ","  ",null,"ESQUADRIAS",null,1,"",{"$f":"I77 + I78 + I79 + I80 + I81 + I82 + I83 + I84 + I85 + I86","v":{"v":35552.87,"d":"35,552.87"}},{"v":35552.87,"d":"35,552.87"},{"$f":"I76 / J3","v":{"v":0.06537736242853892,"d":"6.54 %"}}]
[" 2.6.1 "," 94570 ","SINAPI","JANELA DE ALUMÍNIO DE CORRER COM 2 FOLHAS PARA VIDROS (VIDROS INCLUSOS), BATENTE/ REQUADRO 6 A 14 CM, ACABAMENTO COM ACETATO OU BRILHANTE, FIXAÇÃO COM PARAFUSO, SEM GUARNIÇÃO/ ALIZAR, DIMENSÕES 100X120 CM, VEDAÇÃO COM SILICONE, EXCLUSIVE CONTRAMARCO - FORNECIMENTO E INSTALAÇÃO. AF_11/2024","m²",15.98,271.71,{"$f":"TRUNC(TRUNC(G77 * J4, 2) + G77, 2)","v":330.15},{"v":5275.79,"d":"5,275.79"},{"$f":"I77 / J3","v":{"v":0.009701530001005864,"d":"0.97 %"}}]
[" 2.6.2 "," 105810 ","SINAPI","JANELA DE ALUMÍNIO TIPO MAXIM-AR, VIDRO INCLUSO, COM BANDEIRA, FIXAÇÃO COM PARAFUSO, SEM GUARNIÇÃO/ ALIZAR, DIMENSÕES 100X80 (A X L) CM, SEM ACABAMENTO, VEDAÇÃO COM SILICONE, EXCLUSIVE CONTRAMARCO - FORNECIMENTO E INSTALAÇÃO. AF_11/2024","m²",1,674.74,{"$f":"TRUNC(TRUNC(G78 * J4, 2) + G78, 2)","v":819.87},819.87,{"$f":"I78 / J3","v":{"v":1.5076402589801106E-3,"d":"0.15 %"}}]
[" 2.6.3 "," 150210 ","SBC","PORTA DUPLA EM VIDRO LAMINADO INCOLOR 8mm COM FERRAGENS","m²",9.35,{"v":1190.42,"d":"1,190.42"},{"$f":"TRUNC(TRUNC(G79 * J4, 2) + G79, 2)","v":{"v":1446.47,"d":"1,446.47"}},{"v":13524.49,"d":"13,524.49"},{"$f":"I79 / J3","v":{"v":0.02486987645135682,"d":"2.49 %"}}]
[" 2.6.4 "," 100687 ","SINAPI","KIT DE PORTA DE MADEIRA FRISADA, SEMI-OCA (LEVE OU MÉDIA), PADRÃO MÉDIO, 60X210CM, ESPESSURA DE 3,5CM, ITENS INCLUSOS: DOBRADIÇAS, MONTAGEM E INSTALAÇÃO DE BATENTE, FECHADURA COM EXECUÇÃO DO FURO - FORNECIMENTO E INSTALAÇÃO. AF_12/2019","UN",4,743.04,{"$f":"TRUNC(TRUNC(G80 * J4, 2) + G80, 2)","v":902.86},{"v":3611.44,"d":"3,611.44"},{"$f":"I80 / J3","v":{"v":0.006640994714883007,"d":"0.66 %"}}]
[" 2.6.5 "," 100689 ","SINAPI","KIT DE PORTA DE MADEIRA FRISADA, SEMI-OCA (LEVE OU MÉDIA), PADRÃO MÉDIO, 80X210CM, ESPESSURA DE 3,5CM, ITENS INCLUSOS: DOBRADIÇAS, MONTAGEM E INSTALAÇÃO DE BATENTE, FECHADURA COM EXECUÇÃO DO FURO - FORNECIMENTO E INSTALAÇÃO. AF_12/2019","UN",1,808.57,{"$f":"TRUNC(TRUNC(G81 * J4, 2) + G81, 2)","v":982.49},982.49,{"$f":"I81 / J3","v":{"v":1.8066784710324428E-3,"d":"0.18 %"}}]
[" 2.6.6 "," 100682 ","SINAPI","KIT DE PORTA DE MADEIRA FRISADA, SEMI-OCA (LEVE OU MÉDIA), PADRÃO POPULAR, 70X210CM, ESPESSURA DE 3CM, ITENS INCLUSOS: DOBRADIÇAS, MONTAGEM E INSTALAÇÃO DE BATENTE, FECHADURA COM EXECUÇÃO DO FURO - FORNECIMENTO E INSTALAÇÃO. AF_12/2019","UN",3,640.42,{"$f":"TRUNC(TRUNC(G82 * J4, 2) + G82, 2)","v":778.17},{"v":2334.51,"d":"2,334.51"},{"$f":"I82 / J3","v":{"v":0.004292877237844607,"d":"0.43 %"}}]
[" 2.6.7 "," 110691 ","SBC","PORTA COMPLETA MADEIRA 1 FL.0,80x2,10m-CORRER","UN",1,{"v":1125.66,"d":"1,125.66"},{"$f":"TRUNC(TRUNC(G83 * J4, 2) + G83, 2)","v":{"v":1367.78,"d":"1,367.78"}},{"v":1367.78,"d":"1,367.78"},{"$f":"I83 / J3","v":{"v":0.002515179471657477,"d":"0.25 %"}}]
[" 2.6.8 "," 12676 ","ORSE","Porta corta fogo 2,20x2,10m, duas folhas, abrir, classe P90, acabamento amadeirado, da DKS ou similar - inclusive batente","un",2,{"v":1911.34,"d":"1,911.34"},{"$f":"TRUNC(TRUNC(G84 * J4, 2) + G84, 2)","v":{"v":2322.46,"d":"2,322.46"}},{"v":4644.92,"d":"4,644.92"},{"$f":"I84 / J3","v":{"v":0.008541437534904188,"d":"0.85 %"}}]
[" 2.6.9 "," 12983 ","ORSE","Fechadura maçaneta externa com chave, cor cinza, para porta com barra antipânico simples, DKS ou similar","un",2,{"v":225.7,"d":"225.70"},{"$f":"TRUNC(TRUNC(G85 * J4, 2) + G85, 2)","v":274.24},548.48,{"$f":"I85 / J3","v":{"v":1.0085873726876347E-3,"d":"0.10 %"}}]
[" 2.6.10 "," C4643 ","SEINFRA","INSTALAÇÃO DE BARRA ANTI-PÂNICO DUPLA C/ TRAVA EM AÇO INOX DIÂM. 1 1/2","CJ",2,{"v":1005.31,"d":"1,005.31"},{"$f":"TRUNC(TRUNC(G86 * J4, 2) + G86, 2)","v":{"v":1221.55,"d":"1,221.55"}},{"v":2443.1,"d":"2,443.10"},{"$f":"I86 / J3","v":{"v":4.492560914186771E-3,"d":"0.45 %"}}]
[" 2.7 ","  ",null,"FORRO",null,1,"",{"$f":"I88 + I89","v":{"v":24414.84,"d":"24,414.84"}},{"v":24414.84,"d":"24,414.84"},{"$f":"I87 / J3","v":{"v":0.044895892886138,"d":"4.49 %"}}]
[" 2.7.1 "," 96114 ","SINAPI","FORRO EM DRYWALL, PARA AMBIENTES COMERCIAIS, INCLUSIVE ESTRUTURA BIRECIONAL DE FIXAÇÃO. AF_08/2023_PS","m²",37.87,{"v":50.9,"d":"50.90"},{"$f":"TRUNC(TRUNC(G88 * J4, 2) + G88, 2)","v":61.84},{"v":2341.88,"d":"2,341.88"},{"$f":"I88 / J3","v":{"v":0.004306429762889656,"d":"0.43 %"}}]
[" 2.7.2 "," 104757 ","SINAPI","FORRO EM FIBRA MINERAL, PARA AMBIENTES COMERCIAIS, INCLUSIVE ESTRUTURA DE FIXAÇÃO. AF_08/2023","m²",208,87.34,{"$f":"TRUNC(TRUNC(G89 * J4, 2) + G89, 2)","v":106.12},{"v":22072.96,"d":"22,072.96"},{"$f":"I89 / J3","v":{"v":0.04058946312324835,"d":"4.06 %"}}]
[" 2.8 ","  ",null,"INSTALAÇÕES HIDROSSANITARIAS",null,1,"",{"$f":"I91 + I92 + I93 + I94 + I95 + I96 + I97 + I98 + I99 + I100 + I101 + I102 + I103 + I104 + I105 + I106 + I107 + I108 + I109 + I110 + I111 + I112 + I113 + I114 + I115 + I116 + I117 + I118 + I119 + I120 + I121 + I122 + I123 + I124 + I125 + I126","v":{"v":14783.449999999997,"d":"14,783.45"}},{"v":14783.45,"d":"14,783.45"},{"$f":"I90 / J3","v":{"v":0.027184949304913605,"d":"2.72 %"}}]
[" 2.8.1 "," 89429 ","SINAPI","ADAPTADOR CURTO COM BOLSA E ROSCA PARA REGISTRO, PVC, SOLDÁVEL, DN 25MM X 3/4, INSTALADO EM RAMAL DE DISTRIBUIÇÃO DE ÁGUA - FORNECIMENTO E INSTALAÇÃO. AF_06/2022","UN",24,4.01,{"$f":"TRUNC(TRUNC(G91 * J4, 2) + G91, 2)","v":4.87},116.88,{"$f":"I91 / J3","v":{"v":2.1492796842132939E-4,"d":"0.02 %"}}]
[" 2.8.2 "," 89366 ","SINAPI","JOELHO 90 GRAUS COM BUCHA DE LATÃO, PVC, SOLDÁVEL, DN 25MM, X 3/4 INSTALADO EM RAMAL OU SUB-RAMAL DE ÁGUA - FORNECIMENTO E INSTALAÇÃO. AF_06/2022","UN",17,{"v":11.3,"d":"11.30"},{"$f":"TRUNC(TRUNC(G92 * J4, 2) + G92, 2)","v":13.73},233.41,{"$f":"I92 / J3","v":{"v":4.2921232981880985E-4,"d":"0.04 %"}}]
[" 2.8.3 "," 89366 ","SINAPI","JOELHO 90 GRAUS COM BUCHA DE LATÃO, PVC, SOLDÁVEL, DN 25MM, X 3/4 INSTALADO EM RAMAL OU SUB-RAMAL DE ÁGUA - FORNECIMENTO E INSTALAÇÃO. AF_06/2022","UN",2,{"v":11.3,"d":"11.30"},{"$f":"TRUNC(TRUNC(G93 * J4, 2) + G93, 2)","v":13.73},27.46,{"$f":"I93 / J3","v":{"v":5.049556821397763E-5,"d":"0.01 %"}}]
[" 2.8.4 "," 89408 ","SINAPI","JOELHO 90 GRAUS, PVC, SOLDÁVEL, DN 25MM, INSTALADO EM RAMAL DE DISTRIBUIÇÃO DE ÁGUA - FORNECIMENTO E INSTALAÇÃO. AF_06/2022","UN",21,5.71,{"$f":"TRUNC(TRUNC(G94 * J4, 2) + G94, 2)","v":6.93},145.53,{"$f":"I94 / J3","v":{"v":2.6761180051639347E-4,"d":"0.03 %"}}]
[" 2.8.5 "," 89617 ","SINAPI","TE, PVC, SOLDÁVEL, DN 25MM, INSTALADO EM PRUMADA DE ÁGUA - FORNECIMENTO E INSTALAÇÃO. AF_06/2022","UN",13,4.95,{"$f":"TRUNC(TRUNC(G95 * J4, 2) + G95, 2)","v":6.01},78.13,{"$f":"I95 / J3","v":{"v":1.4367147649519562E-4,"d":"0.01 %"}}]
[" 2.8.6 "," 94689 ","SINAPI","TÊ COM BUCHA DE LATÃO NA BOLSA CENTRAL, PVC, SOLDÁVEL, DN 25 MM X 3/4\", INSTALADO EM RESERVAÇÃO PREDIAL DE ÁGUA - FORNECIMENTO E INSTALAÇÃO. AF_04/2024","UN",3,6.31,{"$f":"TRUNC(TRUNC(G96 * J4, 2) + G96, 2)","v":7.66},22.98,{"$f":"I96 / J3","v":{"v":4.2257398308711065E-5,"d":"0.00 %"}}]
[" 2.8.7 "," 89987 ","SINAPI","REGISTRO DE GAVETA BRUTO, LATÃO, ROSCÁVEL, 3/4\", COM ACABAMENTO E CANOPLA CROMADOS - FORNECIMENTO E INSTALAÇÃO. AF_08/2021","UN",12,73.98,{"$f":"TRUNC(TRUNC(G97 * J4, 2) + G97, 2)","v":89.89},{"v":1078.68,"d":"1,078.68"},{"$f":"I97 / J3","v":{"v":1.9835600699582446E-3,"d":"0.20 %"}}]
[" 2.8.8 "," 89402 ","SINAPI","TUBO, PVC, SOLDÁVEL, DE 25MM, INSTALADO EM RAMAL DE DISTRIBUIÇÃO DE ÁGUA - FORNECIMENTO E INSTALAÇÃO. AF_06/2022","M",61.98,{"v":8.6,"d":"8.60"},{"$f":"TRUNC(TRUNC(G98 * J4, 2) + G98, 2)","v":10.44},647.07,{"$f":"I98 / J3","v":{"v":1.189882276919829E-3,"d":"0.12 %"}}]
[" 2.8.9 "," 102623 ","SINAPI","CAIXA D´ÁGUA EM POLIETILENO, 1000 LITROS (INCLUSOS TUBOS, CONEXÕES E TORNEIRA DE BÓIA) - FORNECIMENTO E INSTALAÇÃO. AF_06/2021","UN",1,597.13,{"$f":"TRUNC(TRUNC(G99 * J4, 2) + G99, 2)","v":725.57},725.57,{"$f":"I99 / J3","v":{"v":1.3342341379830936E-3,"d":"0.13 %"}}]
[" 2.8.10 "," 72559 ","SINAPI","JOELHO PVC 45º ESGOTO 40MM - FORNECIMENTO E INSTALACAO","UN",5,10.58,{"$f":"TRUNC(TRUNC(G100 * J4, 2) + G100, 2)","v":12.85},64.25,{"$f":"I100 / J3","v":{"v":1.1814786080655727E-4,"d":"0.01 %"}}]
[" 2.8.11 "," 72561 ","SINAPI","JOELHO PVC 45º ESGOTO 50MM - FORNECIMENTO E INSTALACAO","UN",9,12.55,{"$f":"TRUNC(TRUNC(G101 * J4, 2) + G101, 2)","v":15.24},137.16,{"$f":"I101 / J3","v":{"v":2.5222039826034858E-4,"d":"0.03 %"}}]
[" 2.8.12 "," 72564 ","SINAPI","JOELHO PVC 45º ESGOTO 75MM - FORNECIMENTO E INSTALACAO","UN",1,18.77,{"$f":"TRUNC(TRUNC(G102 * J4, 2) + G102, 2)","v":{"v":22.8,"d":"22.80"}},{"$f":"TRUNC(F102 * H102,2)","v":{"v":22.8,"d":"22.80"}},{"$f":"I102 / J3","v":{"v":4.1926400410731608E-5,"d":"0.00 %"}}]
[" 2.8.13 "," 72558 ","SINAPI","JOELHO PVC 90º ESGOTO 40MM - FORNECIMENTO E INSTALACAO","UN",5,10.43,{"$f":"TRUNC(TRUNC(G103 * J4, 2) + G103, 2)","v":12.67},63.35,{"$f":"I103 / J3","v":{"v":1.1649287131665997E-4,"d":"0.01 %"}}]
[" 2.8.14 "," 72560 ","SINAPI","JOELHO PVC 90º ESGOTO 50MM - FORNECIMENTO E INSTALACAO","UN",16,12.05,{"$f":"TRUNC(TRUNC(G104 * J4, 2) + G104, 2)","v":14.64},234.24,{"$f":"I104 / J3","v":{"v":4.3073859790393736E-4,"d":"0.04 %"}}]
[" 2.8.15 "," 72556 ","SINAPI","JOELHO PVC 90º ESGOTO 100MM - FORNECIMENTO E INSTALACAO","UN",20,22.32,{"$f":"TRUNC(TRUNC(G105 * J4, 2) + G105, 2)","v":27.12},{"v":542.4,"d":"542.40"},{"$f":"I105 / J3","v":{"v":0.000997406999244773,"d":"0.10 %"}}]
[" 2.8.16 "," 053328 ","SBC","JOELHO 90 PVC COM ANEL DE BORRACHA 50mm","UN",6,14.32,{"$f":"TRUNC(TRUNC(G106 * J4, 2) + G106, 2)","v":{"v":17.4,"d":"17.40"}},{"v":104.4,"d":"104.40"},{"$f":"I106 / J3","v":{"v":1.9197878082808685E-4,"d":"0.02 %"}}]
[" 2.8.17 "," 053417 ","SBC","JUNCAO SIMPLES PVC ESGOTO 40x40mm","UN",6,18.04,{"$f":"TRUNC(TRUNC(G107 * J4, 2) + G107, 2)","v":21.92},131.52,{"$f":"I107 / J3","v":{"v":2.4184913079032549E-4,"d":"0.02 %"}}]
[" 2.8.18 "," 1559 ","ORSE","Junção simples em pvc rígido soldável, para esgoto primário, diâm = 50 x 50mm","un",1,17.26,{"$f":"TRUNC(TRUNC(G108 * J4, 2) + G108, 2)","v":20.97},20.97,{"$f":"I108 / J3","v":{"v":3.8561255114607091E-5,"d":"0.00 %"}}]
[" 2.8.19 "," 1562 ","ORSE","Junção simples em pvc rígido soldável, para esgoto primário, diâm = 100 x 50mm","un",7,{"v":34.1,"d":"34.10"},{"$f":"TRUNC(TRUNC(G109 * J4, 2) + G109, 2)","v":41.43},290.01,{"$f":"I109 / J3","v":{"v":0.00053329277996124,"d":"0.05 %"}}]
[" 2.8.20 "," UEM12282/001 ","Próprio","CAIXA DE INSPEÇÃO SIFONADA HIDRÁULICA RETANGULAR EM ALVENARIA COM TIJOLOS CERÂMICOS MACIÇOS, DIMENSÕES INTERNAS: 0,6X0,6X0,6 M PARA REDE DE ESGOTO COM TAMPA DE CONCRETO ARMADO PARA CAIXA. - (AF-06/2022)","UN",3,442.27,{"$f":"TRUNC(TRUNC(G110 * J4, 2) + G110, 2)","v":{"v":537.4,"d":"537.40"}},{"v":1612.2,"d":"1,612.20"},{"$f":"I110 / J3","v":{"v":0.002964637839569364,"d":"0.30 %"}}]
[" 2.8.21 "," 052145 ","SBC","BUCHA REDUCAO SOLDAVEL LONGA PVC 32x25mm","UN",71,7.13,{"$f":"TRUNC(TRUNC(G111 * J4, 2) + G111, 2)","v":8.66},614.86,{"$f":"I111 / J3","v":{"v":1.1306520419536157E-3,"d":"0.11 %"}}]
[" 2.8.22 "," 1135 ","ORSE","Joelho 90º de pvc rígido soldável, marrom  diâm = 25mm","un",8,{"v":6.4,"d":"6.40"},{"$f":"TRUNC(TRUNC(G112 * J4, 2) + G112, 2)","v":7.77},62.16,{"$f":"I112 / J3","v":{"v":1.1430460743557353E-4,"d":"0.01 %"}}]
[" 2.8.23 "," 1585 ","ORSE","Tê sanitário em pvc rígido soldável, para esgoto primário, diâm = 50 x 50mm","un",10,16.74,{"$f":"TRUNC(TRUNC(G113 * J4, 2) + G113, 2)","v":20.34},{"v":203.4,"d":"203.40"},{"$f":"I113 / J3","v":{"v":3.7402762471678988E-4,"d":"0.04 %"}}]
[" 2.8.24 "," 1590 ","ORSE","Tê sanitário em pvc rígido soldável, para esgoto primário, diâm = 100 x 100mm","un",3,34.76,{"$f":"TRUNC(TRUNC(G114 * J4, 2) + G114, 2)","v":42.23},126.69,{"$f":"I114 / J3","v":{"v":2.3296735386120997E-4,"d":"0.02 %"}}]
[" 2.8.25 "," 103539 ","SINAPI","VÁLVULA DE RETENÇÃO DE FERRO FUNDIDO PARA REDE DE ÁGUA OU ESGOTO, DN 100 MM, JUNTA FLANGEADA. AF_12/2021","UN",1,45.51,{"$f":"TRUNC(TRUNC(G115 * J4, 2) + G115, 2)","v":55.29},55.29,{"$f":"I115 / J3","v":{"v":1.0167152099602415E-4,"d":"0.01 %"}}]
[" 2.8.26 "," 053425 ","SBC","LUVA PVC ESGOTO NORMAL 50mm","UN",34,17.93,{"$f":"TRUNC(TRUNC(G116 * J4, 2) + G116, 2)","v":21.78},740.52,{"$f":"I116 / J3","v":{"v":1.3617253522874987E-3,"d":"0.14 %"}}]
[" 2.8.27 "," C1703 ","SEINFRA","LUVA DUPLA PVC P/ESGOTO 75mm JUNTAS SOLDADAS","UN",1,20.19,{"$f":"TRUNC(TRUNC(G117 * J4, 2) + G117, 2)","v":24.53},24.53,{"$f":"I117 / J3","v":{"v":4.5107657985756416E-5,"d":"0.00 %"}}]
[" 2.8.28 "," 89823 ","SINAPI","LUVA DE CORRER, PVC, SERIE NORMAL, ESGOTO PREDIAL, DN 100 MM, JUNTA ELÁSTICA, FORNECIDO E INSTALADO EM PRUMADA DE ESGOTO SANITÁRIO OU VENTILAÇÃO. AF_08/2022","UN",24,25.28,{"$f":"TRUNC(TRUNC(G118 * J4, 2) + G118, 2)","v":30.71},737.04,{"$f":"I118 / J3","v":{"v":1.355326059593229E-3,"d":"0.14 %"}}]
[" 2.8.29 "," C4822 ","SEINFRA","TERMINAL DE VENTILAÇÃO PVC 50MM","UN",2,14.02,{"$f":"TRUNC(TRUNC(G119 * J4, 2) + G119, 2)","v":17.03},34.06,{"$f":"I119 / J3","v":{"v":6.2632157806557839E-5,"d":"0.01 %"}}]
[" 2.8.30 "," 9383 ","ORSE","Caixa sifonada quadrada, com três entradas e uma saida, d = 100x150x50mm, branco, com grelha, Akros ou similar","un",7,29.67,{"$f":"TRUNC(TRUNC(G120 * J4, 2) + G120, 2)","v":36.05},252.35,{"$f":"I120 / J3","v":{"v":4.64040664195093E-4,"d":"0.05 %"}}]
[" 2.8.31 "," UEM12025 ","Próprio","RALO HEMISFÉRICO EM Fº Fº, TIPO ABACAXI Ø 100MM - (AF-01/2022)","UN",6,32.16,{"$f":"TRUNC(TRUNC(G121 * J4, 2) + G121, 2)","v":39.07},234.42,{"$f":"I121 / J3","v":{"v":4.3106959580191677E-4,"d":"0.04 %"}}]
[" 2.8.32 "," C2616 ","SEINFRA","TUBO PVC SOLD. MARROM D= 25mm (3/4\")","M",22.36,7.52,{"$f":"TRUNC(TRUNC(G122 * J4, 2) + G122, 2)","v":9.13},204.14,{"$f":"I122 / J3","v":{"v":3.7538839385292764E-4,"d":"0.04 %"}}]
[" 2.8.33 "," 054050 ","SBC","TUBO PVC ESGOTO 40mm","M",46.81,9.98,{"$f":"TRUNC(TRUNC(G123 * J4, 2) + G123, 2)","v":12.12},567.33,{"$f":"I123 / J3","v":{"v":1.0432502081149282E-3,"d":"0.10 %"}}]
[" 2.8.34 "," 054051 ","SBC","TUBO PVC ESGOTO 50mm","M",22.22,14.53,{"$f":"TRUNC(TRUNC(G124 * J4, 2) + G124, 2)","v":17.65},392.18,{"$f":"I124 / J3","v":{"v":7.2117086460880353E-4,"d":"0.07 %"}}]
[" 2.8.35 "," 054052 ","SBC","TUBO PVC ESGOTO 75mm","M",31.25,27.25,{"$f":"TRUNC(TRUNC(G125 * J4, 2) + G125, 2)","v":33.11},{"v":1034.68,"d":"1,034.68"},{"$f":"I125 / J3","v":{"v":1.9026494726743764E-3,"d":"0.19 %"}}]
[" 2.8.36 "," 054053 ","SBC","TUBO PVC ESGOTO 100mm","M",103.72,{"v":25.4,"d":"25.40"},{"$f":"TRUNC(TRUNC(G126 * J4, 2) + G126, 2)","v":30.86},{"v":3200.79,"d":"3,200.79"},{"$f":"I126 / J3","v":{"v":0.005885859788187089,"d":"0.59 %"}}]
[" 2.9 ","  ",null,"COBERTA",null,1,"",{"$f":"I128 + I129 + I130 + I131","v":{"v":89301.37,"d":"89,301.37"}},{"v":89301.37,"d":"89,301.37"},{"$f":"I127 / J3","v":{"v":0.1642142542038112,"d":"16.42 %"}}]
[" 2.9.1 "," CBR SC 003 ","Próprio","COBERTURA EM ESTRUTURA METALICA COMPOSTA POR TESOURAS BANZO SUPERIOR U100X50X3,35MM; BANZO INFERIOR U100X50X3,35MM; MONTANTE U100X40X2MM; DIAGONAL U100X40X2MM; TRAVAMENTO U100X40X2MM; TERÇA EU100X40X17X2MM E CONTRAVENTAMENTO D=8","und",1,{"v":52345.98,"d":"52,345.98"},{"$f":"TRUNC(TRUNC(G128 * J4, 2) + G128, 2)","v":{"v":63605.6,"d":"63,605.60"}},{"v":63605.6,"d":"63,605.60"},{"$f":"I128 / J3","v":{"v":0.1169628883317908,"d":"11.70 %"}}]
[" 2.9.2 "," 94210 ","SINAPI","TELHAMENTO COM TELHA ONDULADA DE FIBROCIMENTO E = 6 MM, COM RECOBRIMENTO LATERAL DE 1 1/4 DE ONDA PARA TELHADO COM INCLINAÇÃO MÁXIMA DE 10°, COM ATÉ 2 ÁGUAS, INCLUSO IÇAMENTO. AF_07/2019","m²",270.89,47.51,{"$f":"TRUNC(TRUNC(G129 * J4, 2) + G129, 2)","v":57.72},{"v":15635.77,"d":"15,635.77"},{"$f":"I129 / J3","v":{"v":0.02875226112939057,"d":"2.88 %"}}]
[" 2.9.3 "," 94223 ","SINAPI","CUMEEIRA PARA TELHA DE FIBROCIMENTO ONDULADA E = 6 MM, INCLUSO ACESSÓRIOS DE FIXAÇÃO E IÇAMENTO. AF_07/2019","M",26.3,79.05,{"$f":"TRUNC(TRUNC(G130 * J4, 2) + G130, 2)","v":96.05},{"v":2526.11,"d":"2,526.11"},{"$f":"I130 / J3","v":{"v":4.645206111471633E-3,"d":"0.46 %"}}]
[" 2.9.4 "," 94229 ","SINAPI","CALHA EM CHAPA DE AÇO GALVANIZADO NÚMERO 24, DESENVOLVIMENTO DE 100 CM, INCLUSO TRANSPORTE VERTICAL. AF_07/2019","M",52.6,117.88,{"$f":"TRUNC(TRUNC(G131 * J4, 2) + G131, 2)","v":143.23},{"v":7533.89,"d":"7,533.89"},{"$f":"I131 / J3","v":{"v":0.013853898631158192,"d":"1.39 %"}}]
[" 2.10 ","  ",null,"PISO",null,1,"",{"$f":"I133 + I134","v":{"v":29471.370000000003,"d":"29,471.37"}},{"v":29471.37,"d":"29,471.37"},{"$f":"I132 / J3","v":{"v":0.05419423066986066,"d":"5.42 %"}}]
[" 2.10.1 "," 94974 ","SINAPI","CONCRETO MAGRO PARA LASTRO, TRAÇO 1:4,5:4,5 (EM MASSA SECA DE CIMENTO/ AREIA MÉDIA/ BRITA 1) - PREPARO MANUAL. AF_05/2021","m³",12.68,342.23,{"$f":"TRUNC(TRUNC(G133 * J4, 2) + G133, 2)","v":415.84},{"v":5272.85,"d":"5,272.85"},{"$f":"I133 / J3","v":{"v":0.009696123702005535,"d":"0.97 %"}}]
[" 2.10.2 "," 87758 ","SINAPI","CONTRAPISO EM ARGAMASSA PRONTA, PREPARO MECÂNICO COM MISTURADOR 300 KG, APLICADO EM ÁREAS MOLHADAS SOBRE IMPERMEABILIZAÇÃO, ACABAMENTO NÃO REFORÇADO, ESPESSURA 3CM. AF_07/2021","m²",245.87,{"v":81,"d":"81.00"},{"$f":"TRUNC(TRUNC(G134 * J4, 2) + G134, 2)","v":98.42},{"$f":"TRUNC(F134 * H134,2)","v":{"v":24198.52,"d":"24,198.52"}},{"$f":"I134 / J3","v":{"v":0.04449810696785513,"d":"4.45 %"}}]
[" 2.11 ","  ",null,"EMASSAMENTO E PINTURA",null,1,"",{"$f":"I136 + I137 + I138 + I139 + I140 + I141","v":{"v":31840.870000000003,"d":"31,840.87"}},{"v":31840.87,"d":"31,840.87"},{"$f":"I135 / J3","v":{"v":0.05855145022131805,"d":"5.86 %"}}]
[" 2.11.1 "," 88414 ","SINAPI","APLICAÇÃO MANUAL DE FUNDO SELADOR ACRÍLICO EM SUPERFÍCIES INTERNAS DA SACADA DE EDIFÍCIOS DE MÚLTIPLOS PAVIMENTOS. AF_03/2024","m²",584.22,{"v":4.5,"d":"4.50"},{"$f":"TRUNC(TRUNC(G136 * J4, 2) + G136, 2)","v":5.46},{"v":3189.84,"d":"3,189.84"},{"$f":"I136 / J3","v":{"v":5.865724082726672E-3,"d":"0.59 %"}}]
[" 2.11.2 "," 88413 ","SINAPI","APLICAÇÃO MANUAL DE FUNDO SELADOR ACRÍLICO EM SUPERFÍCIES EXTERNAS DE SACADA DE EDIFÍCIOS DE MÚLTIPLOS PAVIMENTOS. AF_03/2024","m²",375.88,3.79,{"$f":"TRUNC(TRUNC(G137 * J4, 2) + G137, 2)","v":{"v":4.6,"d":"4.60"}},{"v":1729.04,"d":"1,729.04"},{"$f":"I137 / J3","v":{"v":3.1794922529022533E-3,"d":"0.32 %"}}]
[" 2.11.3 "," 88497 ","SINAPI","EMASSAMENTO COM MASSA LÁTEX, APLICAÇÃO EM PAREDE, DUAS DEMÃOS, LIXAMENTO MANUAL. AF_04/2023","m²",584.22,11.53,{"$f":"TRUNC(TRUNC(G138 * J4, 2) + G138, 2)","v":14.01},{"v":8184.92,"d":"8,184.92"},{"$f":"I138 / J3","v":{"v":0.015051062861833569,"d":"1.51 %"}}]
[" 2.11.4 "," 96135 ","SINAPI","APLICAÇÃO MANUAL DE MASSA ACRÍLICA EM PAREDES EXTERNAS DE CASAS, DUAS DEMÃOS. AF_03/2024","m²",375.88,18.87,{"$f":"TRUNC(TRUNC(G139 * J4, 2) + G139, 2)","v":22.92},{"v":8615.16,"d":"8,615.16"},{"$f":"I139 / J3","v":{"v":0.015842221393092916,"d":"1.58 %"}}]
[" 2.11.5 "," 95626 ","SINAPI","APLICAÇÃO MANUAL DE TINTA LÁTEX ACRÍLICA EM PAREDE EXTERNAS DE CASAS, DUAS DEMÃOS. AF_03/2024","m²",375.88,10.77,{"$f":"TRUNC(TRUNC(G140 * J4, 2) + G140, 2)","v":13.08},{"v":4916.51,"d":"4,916.51"},{"$f":"I140 / J3","v":{"v":9.040858196638862E-3,"d":"0.90 %"}}]
[" 2.11.6 "," 104642 ","SINAPI","PINTURA LÁTEX ACRÍLICA STANDARD, APLICAÇÃO MANUAL EM PAREDES, DUAS DEMÃOS. AF_04/2023","m²",584.22,7.34,{"$f":"TRUNC(TRUNC(G141 * J4, 2) + G141, 2)","v":8.91},{"v":5205.4,"d":"5,205.40"},{"$f":"I141 / J3","v":{"v":0.009572091434123785,"d":"0.96 %"}}]
[" 2.12 ","  ",null,"REVESTIMENTOS",null,1,"",{"$f":"I143 + I144 + I145","v":{"v":52292.03,"d":"52,292.03"}},{"v":52292.03,"d":"52,292.03"},{"$f":"I142 / J3","v":{"v":0.09615862228377146,"d":"9.62 %"}}]
[" 2.12.1 "," 87262 ","SINAPI","REVESTIMENTO CERÂMICO PARA PISO COM PLACAS TIPO PORCELANATO DE DIMENSÕES 60X60 CM APLICADA EM AMBIENTES DE ÁREA ENTRE 5 M² E 10 M². AF_02/2023_PE","m²",37.87,100.25,{"$f":"TRUNC(TRUNC(G143 * J4, 2) + G143, 2)","v":121.81},{"v":4612.94,"d":"4,612.94"},{"$f":"I143 / J3","v":{"v":8.482630241696501E-3,"d":"0.85 %"}}]
[" 2.12.2 "," 87273 ","SINAPI","REVESTIMENTO CERÂMICO PARA PAREDES INTERNAS COM PLACAS TIPO ESMALTADA DE DIMENSÕES 33X45 CM APLICADAS NA ALTURA INTEIRA DAS PAREDES. AF_02/2023_PE","m²",104.75,51.57,{"$f":"TRUNC(TRUNC(G144 * J4, 2) + G144, 2)","v":62.66},{"v":6563.63,"d":"6,563.63"},{"$f":"I144 / J3","v":{"v":0.01206970962841624,"d":"1.21 %"}}]
[" 2.12.3 "," 84179 ","SINAPI","CARPETE NYLON ESPESSURA 6MM, COLOCADO SOBRE ARGAMASSA TRACO 1:4 (CIMENTO E AREIA)","m²",211,160.37,{"$f":"TRUNC(TRUNC(G145 * J4, 2) + G145, 2)","v":194.86},{"v":41115.46,"d":"41,115.46"},{"$f":"I145 / J3","v":{"v":0.07560628241365873,"d":"7.56 %"}}]
[" 2.13 ","  ",null,"EMBASAMENTO E IMPERMEABILIZAÇÕES",null,1,"",{"$f":"I147 + I148 + I149 + I150","v":{"v":16008.499999999998,"d":"16,008.50"}},{"v":16008.5,"d":"16,008.50"},{"$f":"I146 / J3","v":{"v":0.02943766583224548,"d":"2.94 %"}}]
[" 2.13.1 "," LOTE 16 ","Próprio","ALVENARIA DE EMBASAMENTO (1VEZ) DE BLOCOS CERÂMICOS FURADOS NA HORIZONTAL DE 9X19X19 CM (ESPESSURA 9 CM) E ARGAMASSA DE ASSENTAMENTO COM PREPARO MANUAL. AF_12/2021","m²",36.38,88.01,{"$f":"TRUNC(TRUNC(G147 * J4, 2) + G147, 2)","v":106.94},{"v":3890.47,"d":"3,890.47"},{"$f":"I147 / J3","v":{"v":0.007154096623067499,"d":"0.72 %"}}]
[" 2.13.2 "," UEM16365 ","Próprio","IMPERMEABILIZAÇÃO DE ALICERCE E VIGA BALDRAME COM 2 DEMÃOS DE TINTA ASFÁLTICA TIPO NEUTROL DA VEDACIT OU SIMILAR, EXCETO ARGAMASSA IMPERMEABILIZAÇÃO. (AF-04/2022)","m²",174.16,20.16,{"$f":"TRUNC(TRUNC(G148 * J4, 2) + G148, 2)","v":24.49},{"v":4265.17,"d":"4,265.17"},{"$f":"I148 / J3","v":{"v":0.007843123914028076,"d":"0.78 %"}}]
[" 2.13.3 "," 87904 ","SINAPI","CHAPISCO APLICADO EM ALVENARIA (COM PRESENÇA DE VÃOS) E ESTRUTURAS DE CONCRETO DE FACHADA, COM COLHER DE PEDREIRO. ARGAMASSA TRAÇO 1:3 COM PREPARO MANUAL. AF_10/2022","m²",174.16,5.91,{"$f":"TRUNC(TRUNC(G149 * J4, 2) + G149, 2)","v":7.18},{"v":1250.46,"d":"1,250.46"},{"$f":"I149 / J3","v":{"v":0.002299442397263309,"d":"0.23 %"}}]
[" 2.13.4 "," 87794 ","SINAPI","EMBOÇO OU MASSA ÚNICA EM ARGAMASSA TRAÇO 1:2:8, PREPARO MANUAL, APLICADA MANUALMENTE EM PANOS CEGOS DE FACHADA (SEM PRESENÇA DE VÃOS), ESPESSURA DE 25 MM. AF_09/2022","m²",174.16,{"v":31.2,"d":"31.20"},{"$f":"TRUNC(TRUNC(G150 * J4, 2) + G150, 2)","v":37.91},{"v":6602.4,"d":"6,602.40"},{"$f":"I150 / J3","v":{"v":0.012141002897886595,"d":"1.21 %"}}]
[" 2.14 ","  ",null,"DIVERSOS",null,1,"",{"$f":"I152","v":590.54},590.54,{"$f":"I151 / J3","v":{"v":1.0859305481821684E-3,"d":"0.11 %"}}]
[" 2.14.1 "," 2450 ","ORSE","Limpeza geral","m²",270.89,{"v":1.8,"d":"1.80"},{"$f":"TRUNC(TRUNC(G152 * J4, 2) + G152, 2)","v":2.18},590.54,{"$f":"I152 / J3","v":{"v":1.0859305481821684E-3,"d":"0.11 %"}}]
[" 3 ","  ",null,"AREA DE VIVENCIA",null,1,"",{"$f":"I154 + I155 + I156 + I157 + I158 + I159 + I160 + I161 + I162 + I163 + I164","v":{"v":34849.049999999996,"d":"34,849.05"}},{"v":34849.05,"d":"34,849.05"},{"$f":"I153 / J3","v":{"v":0.06408312386989502,"d":"6.41 %"}}]
[" 3.1 "," LOTE 16 ","Próprio","ALVENARIA DE EMBASAMENTO (1VEZ) DE BLOCOS CERÂMICOS FURADOS NA HORIZONTAL DE 9X19X19 CM (ESPESSURA 9 CM) E ARGAMASSA DE ASSENTAMENTO COM PREPARO MANUAL. AF_12/2021","m²",7.51,88.01,{"$f":"TRUNC(TRUNC(G154 * J4, 2) + G154, 2)","v":106.94},803.11,{"$f":"I154 / J3","v":{"v":1.4768206769238009E-3,"d":"0.15 %"}}]
[" 3.2 "," UEM16365 ","Próprio","IMPERMEABILIZAÇÃO DE ALICERCE E VIGA BALDRAME COM 2 DEMÃOS DE TINTA ASFÁLTICA TIPO NEUTROL DA VEDACIT OU SIMILAR, EXCETO ARGAMASSA IMPERMEABILIZAÇÃO. (AF-04/2022)","m²",15.01,20.16,{"$f":"TRUNC(TRUNC(G155 * J4, 2) + G155, 2)","v":24.49},367.59,{"$f":"I155 / J3","v":{"v":6.7595287399038729E-4,"d":"0.07 %"}}]
[" 3.3 "," 87904 ","SINAPI","CHAPISCO APLICADO EM ALVENARIA (COM PRESENÇA DE VÃOS) E ESTRUTURAS DE CONCRETO DE FACHADA, COM COLHER DE PEDREIRO. ARGAMASSA TRAÇO 1:3 COM PREPARO MANUAL. AF_10/2022","m²",15.01,5.91,{"$f":"TRUNC(TRUNC(G156 * J4, 2) + G156, 2)","v":7.18},107.77,{"$f":"I156 / J3","v":{"v":1.9817579702914671E-4,"d":"0.02 %"}}]
[" 3.4 "," 87794 ","SINAPI","EMBOÇO OU MASSA ÚNICA EM ARGAMASSA TRAÇO 1:2:8, PREPARO MANUAL, APLICADA MANUALMENTE EM PANOS CEGOS DE FACHADA (SEM PRESENÇA DE VÃOS), ESPESSURA DE 25 MM. AF_09/2022","m²",15.01,{"v":31.2,"d":"31.20"},{"$f":"TRUNC(TRUNC(G157 * J4, 2) + G157, 2)","v":37.91},569.02,{"$f":"I157 / J3","v":{"v":1.0463579106015132E-3,"d":"0.10 %"}}]
[" 3.5 "," CBR SC 006 ","Próprio","EXECUÇÃO DE PAVIMENTO EM PISO INTERTRAVADO, COM BLOCO RETANGULAR NATURAL DE 20 X 10 CM, ESPESSURA 8 CM. EXCLUSO INTERTRAVADO Copia da SINAPI (93681) -","m²",55.47,15.71,{"$f":"TRUNC(TRUNC(G158 * J4, 2) + G158, 2)","v":19.08},{"v":1058.36,"d":"1,058.36"},{"$f":"I158 / J3","v":{"v":1.946194085030785E-3,"d":"0.19 %"}}]
[" 3.6 "," 103314 ","SINAPI","INSTALAÇÃO DE PERGOLADO DE MADEIRA, EM MAÇARANDUBA, ANGELIM OU EQUIVALENTE DA REGIÃO, FIXADO COM CONCRETO SOBRE PISO DE CONCRETO EXISTENTE. AF_11/2021","m²",68.35,176.78,{"$f":"TRUNC(TRUNC(G159 * J4, 2) + G159, 2)","v":{"v":214.8,"d":"214.80"}},{"v":14681.58,"d":"14,681.58"},{"$f":"I159 / J3","v":{"v":0.02699762288342934,"d":"2.70 %"}}]
[" 3.7 "," 13929 ","ORSE","Fornecimento e instalação de chapas de policarbonato, branca, 3mm, aplicado em toldo/cobertura/fechamento/etc","m²",68.35,180.22,{"$f":"TRUNC(TRUNC(G160 * J4, 2) + G160, 2)","v":218.98},{"v":14967.28,"d":"14,967.28"},{"$f":"I160 / J3","v":{"v":0.027522990102611184,"d":"2.75 %"}}]
[" 3.8 "," 103328 ","SINAPI","ALVENARIA DE VEDAÇÃO DE BLOCOS CERÂMICOS FURADOS NA HORIZONTAL DE 9X19X19 CM (ESPESSURA 9 CM) E ARGAMASSA DE ASSENTAMENTO COM PREPARO EM BETONEIRA. AF_12/2021","m²",10.58,64.82,{"$f":"TRUNC(TRUNC(G161 * J4, 2) + G161, 2)","v":78.76},833.28,{"$f":"I161 / J3","v":{"v":1.5322996023795804E-3,"d":"0.15 %"}}]
[" 3.9 "," 060043 ","SBC","PONTO DE LUZ PARA ILUMINACAO HALL DE ENTRADA","UN",4,76.53,{"$f":"TRUNC(TRUNC(G162 * J4, 2) + G162, 2)","v":92.99},371.96,{"$f":"I162 / J3","v":{"v":6.8398876740244417E-4,"d":"0.07 %"}}]
[" 3.10 "," 060386 ","SBC","LUMINARIA - PERFIL LED EMBUTIR SLIM 2M P/ FITA LED COMPLETA","UN",8,110.87,{"$f":"TRUNC(TRUNC(G163 * J4, 2) + G163, 2)","v":134.71},{"v":1077.68,"d":"1,077.68"},{"$f":"I163 / J3","v":{"v":1.9817211927472475E-3,"d":"0.20 %"}}]
[" 3.11 "," 3402 ","ORSE","Interruptor 02 seções simples","un",1,{"v":9.4,"d":"9.40"},{"$f":"TRUNC(TRUNC(G164 * J4, 2) + G164, 2)","v":11.42},11.42,{"$f":"I164 / J3","v":{"v":2.0999977749585743E-5,"d":"0.00 %"}}]
[]
[{"$nulls":5},"Total sem BDI",null,{"v":447263.24,"d":"447,263.24"}]
[{"$nulls":5},"Total do BDI",null,{"v":96546.85999999999,"d":"96,546.86"}]
[{"$nulls":5},"Total Geral",null,{"v":543810.1,"d":"543,810.10"}]
[]
["_______________________________________________________________\n"]

{"sheet":"BDI","index":2,"n_rows":30,"n_cols":21,"rows_kept":30,"merged":[[4,1,4,20],[6,1,6,2],[6,3,6,5],[6,6,6,8],[6,9,6,11],[6,12,6,14],[6,15,6,17],[6,18,6,20],[13,3,13,20],[14,1,14,4],[14,6,14,14],[15,1,15,4],[15,6,15,11],[16,1,17,4],[16,6,16,11],[17,6,17,11],[18,1,20,4],[18,6,18,11],[19,6,19,11],[20,6,20,11],[21,1,21,4],[21,6,21,11],[28,1,28,20],[30,4,30,5],[31,5,31,6]]}
["(*)","CONCEDENTE:","CAMARA MUNICIPAL DE MAMANGUAPE-PB"]
[null,"OBRA:","OBRA DE CONSTRUÇÃO DE AUDITORIO E AREA DE VIVENCIA DA CAMARA MUNICIPAL DE MAMANGUAPE"]
["(*)","REF. PREÇOS:","SINAPI - ABRIL-2025 - NÃO DESONERADO"]
[]
[null,"CÁLCULO DA BONIFICAÇÃO E DESPESAS INDIRETAS"]
[]
[null,"CÁLCULO DE BDI",null,"1 - Edificações",null,null,"2 - Rodovias, Ferrovias, Pistas de Aeroportos, Infra Viária Urbana",null,null,"3 - Abastecimento de Água, Coleta de Esgoto",null,null,"4 - Estações e Redes de Distribuição de Energia Elétrica",null,null,"5 - Portuárias, Marítimas e Fluviais",null,null,"6 - Fornecimento de Materiais e Equipamentos"]
[null,"Item componente do BDI","% Info","1ºQ","Médio","3º Q","1ºQ","Médio","3º Q","1ºQ","Médio","3º Q","1ºQ","Médio","3º Q","1ºQ","Médio","3º Q","1ºQ","Médio","3º Q"]
[null,"Administração Central ( AC )",{"v":4,"d":"4.00"},{"v":3,"d":"3.00"},{"v":4,"d":"4.00"},{"v":5.5,"d":"5.50"},{"v":3.8,"d":"3.80"},4.01,4.67,3.43,4.93,6.71,5.29,5.92,7.93,{"v":4,"d":"4.00"},5.52,"7.85",{"v":1.5,"d":"1.50"},3.45,4.49]
[null,"Seguro e Garantia (G)",{"v":0.8,"d":"0.80"},{"v":0.8,"d":"0.80"},{"v":0.8,"d":"0.80"},{"v":1,"d":"1.00"},0.32,{"v":0.4,"d":"0.40"},0.74,0.28,0.49,0.75,0.25,0.51,0.56,0.81,1.22,1.99,{"v":0.3,"d":"0.30"},0.48,0.82]
[null,"Risco (R)",0.97,0.97,1.27,1.27,{"v":0.5,"d":"0.50"},0.56,0.97,{"v":1,"d":"1.00"},1.39,1.74,{"v":1,"d":"1.00"},1.48,1.97,1.46,2.32,3.16,0.56,0.85,0.89]
[null,"Despesas Financeiras (DF)",0.59,0.59,1.23,1.39,1.02,1.11,1.21,0.94,0.99,1.17,1.01,1.07,1.11,0.94,1.02,1.33,0.85,0.85,1.11]
[null,"Lucro (L)",7.18,6.16,{"v":7.4,"d":"7.40"},8.96,6.64,{"v":7.3,"d":"7.30"},8.69,6.74,8.04,{"v":9.4,"d":"9.40"},{"v":8,"d":"8.00"},8.31,9.51,7.14,{"v":8.4,"d":"8.40"},10.43,{"v":3.5,"d":"3.50"},5.11,6.22]
[null,"Impostos (I) - PIS, COFINS, ISS",{"$f":"0.65+3+2.5","v":6.15},"Conforme Legislação Específica"]
[null,"Observações",{"$nulls":4},"VALORES DE BDI POR TIPO DE OBRA"]
[null,"1) Preencher apenas a coluna % Informado (Coluna C)",{"$nulls":4},"Tipo de Obra",{"$nulls":5},"1ºQ","Médio","3º Q"]
[null,"2) Os impostos (I) normalmente aplicáveis são: PIS (0,65%), COFINS (3,00%), ISS* (5,00% município Mamanguape - PB).",{"$nulls":4},"1 - Edificações",{"$nulls":5},20.34,22.12,{"v":25,"d":"25.00"}]
[{"$nulls":6},"2 - Rodovias, Ferrovias, Pistas de Aeroportos, Infra Viária Urbana",{"$nulls":5},{"v":19.6,"d":"19.60"},20.97,24.23]
[null,"3) O cálculo do BDI se baseia na fórmula abaixo utilizada pelo Acórdão 2622/13 do TCU, conforme CE GEPAD 354/2013 de 17/10/2013.",{"$nulls":4},"3 - Abastecimento de Água, Coleta de Esgotos",{"$nulls":5},20.76,24.18,26.44]
[{"$nulls":6},"4 - Estações e Redes de Distribuição de Energia Elétrica",{"$nulls":5},{"v":24,"d":"24.00"},25.84,27.86]
[{"$nulls":6},"5 - Portuárias, Marítimas e Fluviais",{"$nulls":5},{"v":22.8,"d":"22.80"},27.48,30.95]
[null,"Fórmula Utilizada:",{"$nulls":4},"6 - Fornecimento de Materiais e Equipamentos",{"$nulls":5},{"v":11.1,"d":"11.10"},14.02,{"v":16.8,"d":"16.80"}]
[]
[]
[]
[null,"B.D.I  =",{"$f":"ROUND(((1+(C9+C10+C11)/100)*((1+C12/100)*(1+C13/100))/(1-C14/100))-1,4)","v":{"v":0.2151,"d":"21.51%"}}]
[null,"Observações sobre os % informados no cálculo do BDI, neste caso:"]
[null,{"$f":"C2","v":"OBRA DE CONSTRUÇÃO DE AUDITORIO E AREA DE VIVENCIA DA CAMARA MUNICIPAL DE MAMANGUAPE"}]
[null,"* A alíquota de ISS (Imposto Sobre Serviço) do município é de 5%, porém a alíquota incidente sobre o total da nota fiscal de serviço praticada do município é 50% de 5% = 2,5%, em caso de obra."]
[null,"Os valores % informados se enquadram nos limites do Acordão 2622/2013-TCU-Plenário (CPRB desconsiderado)"]

{"sheet":"Buttons","index":3,"n_rows":28,"n_cols":11,"rows_kept":28,"merged":[[0,3,0,4],[0,5,0,6],[1,3,1,4],[1,5,1,6],[2,0,2,6],[21,0,21,1],[22,0,22,1],[23,0,23,1],[24,0,24,1],[27,0,27,6]]}
[null,"Obra","Bancos","B.D.I.",null,"Encargos Sociais"]
[null,"Obra de Construção de Auditorio e Area de Vivencia da Camara Municipal de Mamanguape","SINAPI - 04/2025 - Paraíba\nSBC - 06/2025 - Paraíba\nORSE - 03/2025 - Sergipe\nSEINFRA - 028 - Ceará\n","21,51%",null,"Não Desonerado: embutido nos preços unitário dos insumos de mão de obra, de acordo com as bases."]
["Cronograma Físico e Financeiro"]
["Item","Descrição","Total Por Etapa","30 DIAS","60 DIAS","90 DIAS","120 DIAS","150 DIAS","180 DIAS","210 DIAS","240 DIAS"]
[" 1 ","SERVIÇOS PRELIMINARES","100,00%\n2.767,09","100,00%\n2.767,09","","","","","","",""]
[" 2 ","AUDITORIO","100,00%\n506.193,96","10,00%\n50.579,57","10,57%\n53.476,97","10,71%\n54.186,63","13,11%\n66.305,02","10,27%\n51.953,41","17,01%\n103.456,22","16,83%\n92104,85","11,49%\n68568,59"]
[" 2.1 ","RETIRADAS E DEMOLIÇÕES","100,00%\n17.419,03","100,00%\n17.419,03","","","","","","",""]
[" 2.2 ","SUPERESTRUTURAS","100,00%\n55.953,83","60,00%\n33.572,30","40,00%\n22.381,53","","","","","",""]
[" 2.3 ","ALVENARIAS E ELEVAÇÕES","100,00%\n85.984,58","","20,00%\n17.196,92","40,00%\n34.393,83","40,00%\n34.393,83","","","",""]
[" 2.4 ","INSTALAÇÕES ELETRICAS","100,00%\n25.201,75","","","","","20,00%\n5.040,35","30,00%\n7.560,53","30,00%\n7.560,53","20,00%\n5.040,35"]
[" 2.5 ","LOUÇAS E METAIS","100,00%\n27.378,93","","","","","","","50,00%\n13.689,47","50,00%\n13.689,47"]
[" 2.6 ","ESQUADRIAS","100,00%\n35.552,87","","","","","","","50,00%\n17.776,43","50,00%\n17.776,44"]
[" 2.7 ","FORRO","100,00%\n24.414,84","","","","","","","40,00%\n9.765,94","60,00%\n14.648,90"]
[" 2.8 ","INSTALAÇÕES HIDROSSANITARIAS","100,00%\n14.783,45","","","","30,00%\n4.435,04","30,00%\n4.435,04","40,00%\n5.913,38","",""]
[" 2.9 ","COBERTA","100,00%\n89.301,37","","","","","30,00%\n26.790,41","40,00%\n35.720,55","30,00%\n26.790,41",""]
[" 2.10 ","PISO","100,00%\n29.471,37","","20,00%\n5.894,27","40,00%\n11.788,55","40,00%\n11.788,55","","","",""]
[" 2.11 ","EMASSAMENTO E PINTURA","100,00%\n31.840,87","","","","","","50,00%\n15.920,44","30,00%\n9.552,26","20,00%\n6.368,17"]
[" 2.12 ","REVESTIMENTOS","100,00%\n52.292,03","","","","30,00%\n15.687,61","30,00%\n15.687,61","40,00%\n20.916,81","",""]
[" 2.13 ","EMBASAMENTO E IMPERMEABILIZAÇÕES","100,00%\n16.008,50","","50,00%\n8.004,25","50,00%\n8.004,25","","","","",""]
[" 2.14 ","DIVERSOS","100,00%\n590,54","","","","","","","","100,00%\n590,54"]
[" 3 ","AREA DE VIVENCIA","100,00%\n34.849,05","","","","","","50,00%\n17.424,53","20,00%\n6.969,81","30,00%\n10.454,72"]
["Porcentagem",null,null,"9,82%","9,84%","9,97%","12,2%","9,56%","19,04%","16,95%","12,62%"]
["Custo",null,null,{"$f":"2767.09+17419.03+33572.3","v":53758.42},{"v":53476.97,"d":"53,476.97"},{"v":54186.63,"d":"54,186.63"},{"v":66305.02,"d":"66,305.02"},{"v":51953.4,"d":"51,953.40"},{"v":103456.22,"d":"103,456.22"},{"$f":"7560.53+13689.47+17776.43+9765.94+26790.41+9552.26+6969.81","v":92104.84999999999},{"$f":"5040.35+13689.47+17776.44+14648.9+6368.17+590.54+10454.72","v":68568.59}]
["Porcentagem Acumulado",null,null,"9,82%","19,66%","29,63%","41,83%","51,39%","70,43%","87,38%","100,0%"]
["Custo Acumulado",null,null,{"$f":"D23","v":53758.42},{"$f":"D25+E23","v":{"v":107235.39,"d":"107,235.39"}},{"v":161422.02,"d":"161,422.02"},{"v":227727.03999999998,"d":"227,727.04"},{"v":279680.44,"d":"279,680.44"},{"v":383136.66000000003,"d":"383,136.66"},{"v":475241.51,"d":"475,241.51"},{"v":543810.1,"d":"543,810.10"}]
[]
[]
["_______________________________________________________________\n"]

{"sheet":"ENCARGOS SEM DESON.","index":4,"n_rows":38,"n_cols":4,"rows_kept":38,"merged":[[0,0,0,3],[1,0,1,3],[3,0,3,1],[37,0,37,1]]}
["Quadro de Detalhamento dos Encargos Sociais "]
["SEM DESONERAÇÃO"]
[]
["GRUPO A",null,"Horista","Mensalista"]
["A1","INSS",{"v":0.2,"d":"20.00%"},{"v":0.2,"d":"20.00%"}]
["A2","SESI",{"v":0.015,"d":"1.50%"},{"v":0.015,"d":"1.50%"}]
["A3","SENAI",{"v":0.01,"d":"1.00%"},{"v":0.01,"d":"1.00%"}]
["A4","INCRA",{"v":2E-3,"d":"0.20%"},{"v":2E-3,"d":"0.20%"}]
["A5","SEBRAE",{"v":0.006,"d":"0.60%"},{"v":0.006,"d":"0.60%"}]
["A6","SALÁRIO EDUCAÇÃO",{"v":0.025,"d":"2.50%"},{"v":0.025,"d":"2.50%"}]
["A7","SEGURO CONTRA ACIDENTES DO TRABALHO",{"v":0.03,"d":"3.00%"},{"v":0.03,"d":"3.00%"}]
["A8","FGTS ",{"v":0.08,"d":"8.00%"},{"v":0.08,"d":"8.00%"}]
["A9","SECONCI (não se aplica)",{"v":0,"d":"0.00%"},{"v":0,"d":"0.00%"}]
["A","Total",{"$f":"SUM(C5:C13)","v":{"v":0.36800000000000005,"d":"36.80%"}},{"$f":"SUM(D5:D13)","v":{"v":0.36800000000000005,"d":"36.80%"}}]
["GRUPO B",null,"Horista","Mensalista"]
["B1","Repouso semanal remunerado",{"v":0.1802,"d":"18.02%"},"não incide"]
["B2","Feriados",{"v":0.0431,"d":"4.31%"},"não incide"]
["B3","Auxílio Enfermidade",{"v":8.6E-3,"d":"0.86%"},{"v":0.0065,"d":"0.65%"}]
["B4","13º salário",{"v":0.1096,"d":"10.96%"},{"v":0.0833,"d":"8.33%"}]
["B5","Licença Paternidade",{"v":0.0007,"d":"0.07%"},{"v":0.0005,"d":"0.05%"}]
["B6","Faltas Justificadas",{"v":0.0073,"d":"0.73%"},{"v":0.0056,"d":"0.56%"}]
["B7","Dias de Chuvas",{"v":0.0204,"d":"2.04%"},"não incide"]
["B8","Auxílio Acidente de Trabalho",{"v":1E-3,"d":"0.10%"},{"v":0.0007,"d":"0.07%"}]
["B9","Férias gozadas",{"v":0.0976,"d":"9.76%"},{"v":0.0742,"d":"7.42%"}]
["B10","Salário maternidade",{"v":0.0003,"d":"0.03%"},{"v":0.0003,"d":"0.03%"}]
["B","Total",{"$f":"SUM(C16:C25)","v":{"v":0.46880000000000005,"d":"46.88%"}},{"$f":"SUM(D16:D25)","v":{"v":0.1711,"d":"17.11%"}}]
["GRUPO C",null,"Horista","Mensalista"]
["C1","Aviso prévio indenizado",{"v":0.0453,"d":"4.53%"},{"v":0.0345,"d":"3.45%"}]
["C2","Aviso prévio trabalhado",{"v":0.0011,"d":"0.11%"},{"v":0.0008,"d":"0.08%"}]
["C3","Férias indenizadas",{"v":0.0429,"d":"4.29%"},{"v":0.0323,"d":"3.23%"}]
["C4","Depósito rescisão sem justa causa",{"v":0.0296,"d":"2.96%"},{"v":0.0228,"d":"2.28%"}]
["C5","Indenização adicional",{"v":3.8E-3,"d":"0.38%"},{"v":0.0029,"d":"0.29%"}]
["C","Total",{"$f":"SUM(C28:C32)","v":{"v":0.12269999999999999,"d":"12.27%"}},{"$f":"SUM(D28:D32)","v":{"v":0.09330000000000001,"d":"9.33%"}}]
["GRUPO D",null,"Horista","Mensalista"]
["D1","Reincidência do Grupo A sobre o Grupo B",{"v":0.1725,"d":"17.25%"},{"v":0.063,"d":"6.30%"}]
["D2","Reincidência de Grupo A sobre Aviso Prévio Trabalhado e Reincidência do FGTS sobre Aviso prévio Indenizado",{"v":0.004,"d":"0.40%"},{"v":0.0031,"d":"0.31%"}]
["D","Total",{"$f":"SUM(C35:C36)","v":{"v":0.1765,"d":"17.65%"}},{"$f":"SUM(D35:D36)","v":{"v":0.0661,"d":"6.61%"}}]
["TOTAL (A+B+C+D)",null,{"$f":"C37+C33+C26+C14","v":{"v":1.1360000000000001,"d":"113.60%"}},{"$f":"D37+D33+D26+D14","v":{"v":0.6985000000000001,"d":"69.85%"}}]

{"sheet":"Orçamento Analítico","index":5,"n_rows":2001,"n_cols":10,"rows_kept":2001,"merged":[[0,4,0,5],[0,6,0,7],[0,8,0,9],[1,4,1,5],[1,6,1,7],[1,8,1,9],[2,0,2,9],[3,5,3,6],[4,4,4,5],[5,4,5,5],[7,7,7,8],[10,4,10,5],[11,4,11,5],[12,4,12,5],[13,4,13,5],[14,4,14,5],[15,4,15,5],[16,4,16,5],[17,4,17,5],[18,4,18,5],[20,7,20,8],[23,5,23,6],[24,5,24,6],[25,4,25,5],[26,4,26,5],[27,4,27,5],[28,4,28,5],[30,7,30,8],[33,4,33,5],[34,4,34,5],[35,4,35,5],[36,4,36,5],[37,4,37,5],[38,4,38,5],[39,4,39,5],[40,4,40,5],[42,7,42,8],[45,4,45,5],[46,4,46,5],[47,4,47,5],[48,4,48,5],[49,4,49,5],[50,4,50,5],[51,4,51,5],[52,4,52,5],[53,4,53,5],[54,4,54,5],[55,4,55,5],[56,4,56,5],[58,7,58,8],[61,4,61,5],[62,4,62,5],[63,4,63,5],[64,4,64,5],[65,4,65,5],[66,4,66,5],[67,4,67,5],[69,7,69,8],[72,4,72,5],[73,4,73,5],[74,4,74,5],[75,4,75,5],[77,7,77,8],[80,5,80,6],[81,4,81,5],[82,4,82,5],[83,4,83,5],[84,4,84,5],[85,4,85,5],[86,4,86,5],[87,4,87,5],[89,7,89,8],[92,4,92,5],[93,4,93,5],[94,4,94,5],[95,4,95,5],[96,4,96,5],[97,4,97,5],[98,4,98,5],[100,7,100,8],[103,4,103,5],[104,4,104,5],[105,4,105,5],[106,4,106,5],[107,4,107,5],[108,4,108,5],[109,4,109,5],[111,7,111,8],[114,4,114,5],[115,4,115,5],[116,4,116,5],[117,4,117,5],[118,4,118,5],[119,4,119,5],[120,4,120,5],[122,7,122,8],[125,4,125,5],[126,4,126,5],[127,4,127,5],[128,4,128,5],[129,4,129,5],[130,4,130,5],[131,4,131,5],[133,7,133,8],[136,4,136,5],[137,4,137,5],[138,4,138,5],[139,4,139,5],[140,4,140,5],[141,4,141,5],[142,4,142,5],[144,7,144,8],[147,4,147,5],[148,4,148,5],[149,4,149,5],[150,4,150,5],[151,4,151,5],[152,4,152,5],[153,4,153,5],[155,7,155,8],[158,4,158,5],[159,4,159,5],[160,4,160,5],[161,4,161,5],[162,4,162,5],[163,4,163,5],[164,4,164,5],[166,7,166,8],[169,4,169,5],[170,4,170,5],[171,4,171,5],[172,4,172,5],[173,4,173,5],[174,4,174,5],[175,4,175,5],[177,7,177,8],[180,4,180,5],[181,4,181,5],[182,4,182,5],[183,4,183,5],[184,4,184,5],[185,4,185,5],[186,4,186,5],[187,4,187,5],[188,4,188,5],[189,4,189,5],[190,4,190,5],[191,4,191,5],[193,7,193,8],[196,4,196,5],[197,4,197,5],[198,4,198,5],[199,4,199,5],[200,4,200,5],[201,4,201,5],[202,4,202,5],[203,4,203,5],[204,4,204,5],[206,7,206,8],[209,5,209,6],[210,4,210,5],[211,4,211,5],[212,4,212,5],[213,4,213,5],[214,4,214,5],[215,4,215,5],[216,4,216,5],[217,4,217,5],[219,7,219,8],[222,4,222,5],[223,4,223,5],[224,4,224,5],[225,4,225,5],[226,4,226,5],[228,7,228,8],[231,4,231,5],[232,4,232,5],[233,4,233,5],[234,4,234,5],[235,4,235,5],[236,4,236,5],[238,7,238,8],[241,4,241,5],[242,4,242,5],[243,4,243,5],[244,4,244,5],[245,4,245,5],[246,4,246,5],[247,4,247,5],[248,4,248,5],[249,4,249,5],[250,4,250,5],[252,7,252,8],[255,4,255,5],[256,4,256,5],[257,4,257,5],[258,4,258,5],[259,4,259,5],[260,4,260,5],[261,4,261,5],[262,4,262,5],[264,7,264,8],[267,5,267,6],[268,4,268,5],[269,4,269,5],[270,4,270,5],[271,4,271,5],[272,4,272,5],[273,4,273,5],[275,7,275,8],[278,4,278,5],[279,4,279,5],[280,4,280,5],[281,4,281,5],[282,4,282,5],[284,7,284,8],[287,4,287,5],[288,4,288,5],[289,4,289,5],[290,4,290,5],[291,4,291,5],[293,7,293,8],[296,4,296,5],[297,4,297,5],[298,4,298,5],[299,4,299,5],[300,4,300,5],[301,4,301,5],[302,4,302,5],[303,4,303,5],[304,4,304,5],[305,4,305,5],[306,0,306,9],[307,4,307,5],[308,4,308,5],[309,4,309,5],[310,4,310,5],[311,4,311,5],[312,4,312,5],[313,4,313,5],[314,4,314,5],[315,4,315,5],[316,4,316,5],[317,4,317,5],[318,4,318,5],[319,4,319,5],[320,4,320,5],[321,4,321,5],[322,4,322,5],[323,4,323,5],[324,4,324,5],[325,4,325,5],[326,4,326,5],[327,4,327,5],[328,4,328,5],[329,4,329,5],[330,4,330,5],[331,4,331,5],[332,4,332,5],[333,4,333,5],[334,4,334,5],[335,4,335,5],[336,4,336,5],[337,4,337,5],[339,7,339,8],[342,4,342,5],[343,4,343,5],[344,4,344,5],[345,4,345,5],[346,4,346,5],[348,7,348,8],[351,4,351,5],[352,4,352,5],[353,4,353,5],[354,4,354,5],[355,4,355,5],[356,4,356,5],[358,7,358,8],[361,4,361,5],[362,4,362,5],[363,4,363,5],[364,4,364,5],[365,4,365,5],[366,4,366,5],[368,7,368,8],[371,4,371,5],[372,4,372,5],[373,4,373,5],[374,4,374,5],[375,4,375,5],[376,4,376,5],[378,7,378,8],[381,4,381,5],[382,4,382,5],[383,4,383,5],[384,4,384,5],[385,4,385,5],[386,4,386,5],[388,7,388,8],[391,4,391,5],[392,4,392,5],[393,4,393,5],[394,4,394,5],[396,7,396,8],[399,4,399,5],[400,4,400,5],[401,4,401,5],[402,4,402,5],[403,4,403,5],[404,4,404,5],[405,4,405,5],[406,4,406,5],[407,4,407,5],[408,0,408,9],[409,4,409,5],[410,4,410,5],[411,4,411,5],[412,4,412,5],[413,4,413,5],[414,4,414,5],[415,4,415,5],[416,4,416,5],[417,4,417,5],[418,4,418,5],[419,4,419,5],[420,4,420,5],[421,4,421,5],[422,4,422,5],[423,4,423,5],[424,4,424,5],[425,4,425,5],[426,4,426,5],[427,4,427,5],[428,4,428,5],[429,4,429,5],[430,4,430,5],[431,4,431,5],[432,4,432,5],[433,4,433,5],[434,4,434,5],[435,4,435,5],[437,7,437,8],[440,4,440,5],[441,4,441,5],[442,4,442,5],[443,4,443,5],[445,7,445,8],[448,4,448,5],[449,4,449,5],[450,4,450,5],[451,4,451,5],[453,7,453,8],[456,4,456,5],[457,4,457,5],[458,4,458,5],[459,4,459,5],[461,7,461,8],[464,4,464,5],[465,4,465,5],[466,4,466,5],[467,4,467,5],[469,7,469,8],[472,4,472,5],[473,4,473,5],[474,4,474,5],[475,4,475,5],[476,4,476,5],[478,7,478,8],[481,4,481,5],[482,4,482,5],[483,4,483,5],[484,4,484,5],[485,4,485,5],[486,4,486,5],[488,7,488,8],[491,4,491,5],[492,4,492,5],[493,4,493,5],[494,4,494,5],[495,4,495,5],[496,4,496,5],[497,4,497,5],[498,4,498,5],[499,4,499,5],[501,7,501,8],[504,4,504,5],[505,4,505,5],[506,4,506,5],[507,4,507,5],[508,4,508,5],[509,4,509,5],[510,4,510,5],[512,7,512,8],[515,4,515,5],[516,4,516,5],[517,4,517,5],[518,4,518,5],[519,4,519,5],[521,7,521,8],[524,4,524,5],[525,4,525,5],[526,4,526,5],[527,4,527,5],[528,4,528,5],[529,4,529,5],[531,7,531,8],[534,4,534,5],[535,4,535,5],[536,4,536,5],[537,4,537,5],[538,4,538,5],[539,4,539,5],[541,7,541,8],[544,4,544,5],[545,4,545,5],[546,4,546,5],[547,4,547,5],[548,4,548,5],[549,4,549,5],[551,7,551,8],[554,4,554,5],[555,4,555,5],[556,4,556,5],[557,4,557,5],[558,4,558,5],[559,4,559,5],[561,7,561,8],[564,4,564,5],[565,4,565,5],[566,4,566,5],[567,4,567,5],[568,4,568,5],[569,4,569,5],[571,7,571,8],[574,4,574,5],[575,4,575,5],[576,4,576,5],[577,4,577,5],[578,4,578,5],[579,4,579,5],[581,7,581,8],[584,4,584,5],[585,4,585,5],[586,4,586,5],[587,4,587,5],[588,4,588,5],[590,7,590,8],[593,4,593,5],[594,4,594,5],[595,4,595,5],[596,4,596,5],[597,4,597,5],[598,4,598,5],[599,4,599,5],[600,4,600,5],[601,4,601,5],[602,4,602,5],[603,4,603,5],[604,0,604,9],[605,4,605,5],[606,4,606,5],[607,4,607,5],[608,4,608,5],[609,4,609,5],[610,4,610,5],[611,4,611,5],[612,4,612,5],[613,4,613,5],[614,4,614,5],[615,4,615,5],[616,4,616,5],[617,4,617,5],[618,4,618,5],[619,4,619,5],[620,4,620,5],[621,4,621,5],[622,4,622,5],[623,4,623,5],[624,4,624,5],[625,4,625,5],[626,4,626,5],[627,4,627,5],[628,4,628,5],[629,4,629,5],[630,4,630,5],[631,4,631,5],[632,4,632,5],[633,4,633,5],[634,4,634,5],[635,4,635,5],[636,4,636,5],[637,4,637,5],[638,4,638,5],[639,4,639,5],[640,4,640,5],[641,4,641,5],[642,4,642,5],[643,4,643,5],[644,4,644,5],[645,4,645,5],[646,4,646,5],[647,4,647,5],[648,4,648,5],[649,4,649,5],[650,4,650,5],[651,4,651,5],[652,4,652,5],[653,4,653,5],[654,4,654,5],[655,4,655,5],[656,4,656,5],[657,4,657,5],[659,7,659,8],[662,5,662,6],[663,4,663,5],[664,4,664,5],[665,4,665,5],[666,4,666,5],[668,7,668,8],[671,4,671,5],[672,4,672,5],[673,4,673,5],[674,4,674,5],[676,7,676,8],[679,4,679,5],[680,4,680,5],[681,4,681,5],[682,4,682,5],[683,4,683,5],[684,4,684,5],[685,4,685,5],[686,4,686,5],[688,7,688,8],[691,4,691,5],[692,4,692,5],[693,4,693,5],[694,4,694,5],[695,4,695,5],[696,4,696,5],[697,4,697,5],[698,4,698,5],[699,4,699,5],[700,4,700,5],[701,4,701,5],[702,4,702,5],[704,7,704,8],[707,4,707,5],[708,4,708,5],[709,4,709,5],[710,4,710,5],[711,4,711,5],[712,4,712,5],[713,4,713,5],[715,7,715,8],[718,4,718,5],[719,4,719,5],[720,4,720,5],[721,4,721,5],[722,4,722,5],[723,4,723,5],[724,4,724,5],[725,4,725,5],[726,4,726,5],[728,7,728,8],[731,4,731,5],[732,4,732,5],[733,4,733,5],[734,4,734,5],[735,4,735,5],[737,7,737,8],[740,4,740,5],[741,4,741,5],[742,4,742,5],[743,4,743,5],[744,4,744,5],[745,4,745,5],[747,7,747,8],[750,4,750,5],[751,4,751,5],[752,4,752,5],[753,4,753,5],[754,4,754,5],[755,4,755,5],[757,7,757,8],[760,4,760,5],[761,4,761,5],[762,4,762,5],[763,4,763,5],[764,4,764,5],[765,4,765,5],[767,7,767,8],[770,4,770,5],[771,4,771,5],[772,4,772,5],[773,4,773,5],[774,4,774,5],[775,4,775,5],[776,4,776,5],[777,4,777,5],[778,4,778,5],[779,4,779,5],[780,4,780,5],[781,4,781,5],[783,7,783,8],[786,4,786,5],[787,4,787,5],[788,4,788,5],[789,4,789,5],[790,4,790,5],[791,4,791,5],[792,4,792,5],[793,4,793,5],[795,7,795,8],[798,5,798,6],[799,4,799,5],[800,4,800,5],[801,4,801,5],[802,4,802,5],[803,4,803,5],[804,4,804,5],[805,4,805,5],[807,7,807,8],[810,4,810,5],[811,4,811,5],[812,4,812,5],[813,4,813,5],[814,4,814,5],[815,4,815,5],[816,4,816,5],[818,7,818,8],[821,4,821,5],[822,4,822,5],[823,4,823,5],[824,4,824,5],[825,4,825,5],[826,4,826,5],[828,7,828,8],[831,4,831,5],[832,4,832,5],[833,4,833,5],[834,4,834,5],[835,4,835,5],[836,4,836,5],[838,7,838,8],[841,4,841,5],[842,4,842,5],[843,4,843,5],[844,4,844,5],[845,4,845,5],[846,4,846,5],[848,7,848,8],[851,4,851,5],[852,4,852,5],[853,4,853,5],[854,4,854,5],[855,4,855,5],[856,4,856,5],[858,7,858,8],[861,4,861,5],[862,4,862,5],[863,4,863,5],[864,4,864,5],[865,4,865,5],[866,4,866,5],[867,4,867,5],[868,4,868,5],[869,4,869,5],[870,4,870,5],[871,4,871,5],[872,4,872,5],[874,7,874,8],[877,4,877,5],[878,4,878,5],[880,7,880,8],[883,4,883,5],[884,4,884,5],[886,7,886,8],[889,4,889,5],[890,4,890,5],[891,4,891,5],[892,4,892,5],[893,4,893,5],[894,4,894,5],[896,7,896,8],[899,5,899,6],[900,4,900,5],[901,4,901,5],[902,4,902,5],[903,4,903,5],[904,4,904,5],[905,4,905,5],[906,4,906,5],[907,4,907,5],[908,4,908,5],[909,4,909,5],[910,4,910,5],[911,4,911,5],[912,4,912,5],[914,7,914,8],[917,4,917,5],[918,4,918,5],[919,4,919,5],[920,4,920,5],[921,4,921,5],[922,4,922,5],[923,4,923,5],[924,4,924,5],[925,4,925,5],[926,4,926,5],[928,7,928,8],[931,5,931,6],[932,4,932,5],[933,4,933,5],[934,4,934,5],[935,4,935,5],[936,4,936,5],[937,4,937,5],[938,4,938,5],[939,4,939,5],[941,7,941,8],[944,4,944,5],[945,4,945,5],[946,4,946,5],[947,4,947,5],[948,4,948,5],[949,4,949,5],[950,4,950,5],[951,4,951,5],[953,7,953,8],[956,4,956,5],[957,4,957,5],[958,4,958,5],[959,4,959,5],[960,4,960,5],[961,4,961,5],[962,4,962,5],[963,4,963,5],[965,7,965,8],[968,4,968,5],[969,4,969,5],[970,4,970,5],[971,4,971,5],[972,4,972,5],[973,4,973,5],[974,4,974,5],[975,4,975,5],[977,7,977,8],[980,4,980,5],[981,4,981,5],[982,4,982,5],[983,4,983,5],[984,4,984,5],[985,4,985,5],[986,4,986,5],[987,4,987,5],[989,7,989,8],[992,4,992,5],[993,4,993,5],[994,4,994,5],[995,4,995,5],[996,4,996,5],[997,4,997,5],[998,4,998,5],[999,4,999,5],[1000,4,1000,5],[1002,7,1002,8],[1005,4,1005,5],[1006,4,1006,5],[1007,4,1007,5],[1008,4,1008,5],[1009,4,1009,5],[1010,4,1010,5],[1012,7,1012,8],[1015,4,1015,5],[1016,4,1016,5],[1017,4,1017,5],[1018,4,1018,5],[1019,4,1019,5],[1020,4,1020,5],[1022,7,1022,8],[1025,4,1025,5],[1026,4,1026,5],[1027,4,1027,5],[1028,4,1028,5],[1029,4,1029,5],[1030,4,1030,5],[1031,4,1031,5],[1032,4,1032,5],[1033,4,1033,5],[1034,4,1034,5],[1035,4,1035,5],[1036,4,1036,5],[1037,4,1037,5],[1038,4,1038,5],[1039,4,1039,5],[1040,4,1040,5],[1042,7,1042,8],[1045,4,1045,5],[1046,4,1046,5],[1047,4,1047,5],[1048,4,1048,5],[1049,4,1049,5],[1050,4,1050,5],[1051,4,1051,5],[1053,7,1053,8],[1056,4,1056,5],[1057,4,1057,5],[1058,4,1058,5],[1059,4,1059,5],[1060,4,1060,5],[1061,4,1061,5],[1062,4,1062,5],[1064,7,1064,8],[1067,4,1067,5],[1068,4,1068,5],[1069,4,1069,5],[1070,4,1070,5],[1071,4,1071,5],[1072,4,1072,5],[1073,4,1073,5],[1075,7,1075,8],[1078,4,1078,5],[1079,4,1079,5],[1080,4,1080,5],[1081,4,1081,5],[1082,4,1082,5],[1083,4,1083,5],[1084,4,1084,5],[1086,7,1086,8],[1089,4,1089,5],[1090,4,1090,5],[1091,4,1091,5],[1092,4,1092,5],[1093,4,1093,5],[1094,4,1094,5],[1095,4,1095,5],[1097,7,1097,8],[1100,4,1100,5],[1101,4,1101,5],[1102,4,1102,5],[1103,4,1103,5],[1104,4,1104,5],[1105,4,1105,5],[1106,4,1106,5],[1108,7,1108,8],[1111,4,1111,5],[1112,4,1112,5],[1113,4,1113,5],[1114,4,1114,5],[1115,4,1115,5],[1116,4,1116,5],[1117,4,1117,5],[1119,7,1119,8],[1122,4,1122,5],[1123,4,1123,5],[1124,4,1124,5],[1125,4,1125,5],[1126,4,1126,5],[1127,4,1127,5],[1128,4,1128,5],[1130,7,1130,8],[1133,4,1133,5],[1134,4,1134,5],[1135,4,1135,5],[1136,4,1136,5],[1137,4,1137,5],[1138,4,1138,5],[1139,4,1139,5],[1140,4,1140,5],[1141,4,1141,5],[1142,4,1142,5],[1143,0,1143,9],[1144,4,1144,5],[1145,4,1145,5],[1146,4,1146,5],[1147,4,1147,5],[1148,4,1148,5],[1149,4,1149,5],[1150,4,1150,5],[1151,4,1151,5],[1152,4,1152,5],[1153,4,1153,5],[1154,4,1154,5],[1155,4,1155,5],[1156,4,1156,5],[1157,4,1157,5],[1158,4,1158,5],[1159,4,1159,5],[1160,4,1160,5],[1161,4,1161,5],[1162,4,1162,5],[1163,4,1163,5],[1164,4,1164,5],[1165,4,1165,5],[1166,4,1166,5],[1167,4,1167,5],[1168,4,1168,5],[1169,4,1169,5],[1170,4,1170,5],[1171,4,1171,5],[1172,4,1172,5],[1173,4,1173,5],[1174,4,1174,5],[1176,7,1176,8],[1179,4,1179,5],[1180,4,1180,5],[1181,4,1181,5],[1182,4,1182,5],[1183,4,1183,5],[1184,4,1184,5],[1185,4,1185,5],[1186,4,1186,5],[1187,4,1187,5],[1188,4,1188,5],[1189,0,1189,9],[1190,4,1190,5],[1191,4,1191,5],[1192,4,1192,5],[1193,4,1193,5],[1194,4,1194,5],[1195,4,1195,5],[1196,4,1196,5],[1197,4,1197,5],[1198,4,1198,5],[1199,4,1199,5],[1200,4,1200,5],[1201,4,1201,5],[1202,4,1202,5],[1203,4,1203,5],[1204,4,1204,5],[1205,4,1205,5],[1206,4,1206,5],[1207,4,1207,5],[1208,4,1208,5],[1209,4,1209,5],[1210,4,1210,5],[1211,4,1211,5],[1212,4,1212,5],[1213,4,1213,5],[1214,4,1214,5],[1215,4,1215,5],[1216,4,1216,5],[1217,4,1217,5],[1218,4,1218,5],[1219,4,1219,5],[1220,4,1220,5],[1222,7,1222,8],[1225,4,1225,5],[1226,4,1226,5],[1227,4,1227,5],[1228,4,1228,5],[1229,4,1229,5],[1230,4,1230,5],[1231,4,1231,5],[1232,4,1232,5],[1233,4,1233,5],[1234,4,1234,5],[1235,4,1235,5],[1236,4,1236,5],[1237,4,1237,5],[1238,4,1238,5],[1239,4,1239,5],[1240,4,1240,5],[1241,4,1241,5],[1242,4,1242,5],[1244,7,1244,8],[1247,4,1247,5],[1248,4,1248,5],[1249,4,1249,5],[1250,4,1250,5],[1251,4,1251,5],[1252,4,1252,5],[1253,4,1253,5],[1254,4,1254,5],[1256,7,1256,8],[1259,4,1259,5],[1260,4,1260,5],[1261,4,1261,5],[1262,4,1262,5],[1263,4,1263,5],[1276,4,1276,5],[1277,4,1277,5],[1278,4,1278,5],[1279,4,1279,5],[1280,4,1280,5],[1281,4,1281,5],[1282,4,1282,5],[1283,4,1283,5],[1284,4,1284,5],[1285,4,1285,5],[1286,4,1286,5],[1294,4,1294,5],[1295,4,1295,5],[1296,4,1296,5],[1297,4,1297,5],[1319,4,1319,5],[1320,4,1320,5],[1321,4,1321,5],[1322,4,1322,5],[1323,4,1323,5]],"merged_total":1583,"flags":["merged_cut"]}
[{"$nulls":3},"Obra","Bancos",null,"B.D.I.",null,"Encargos Sociais"]
[{"$nulls":3},"Obra de Construção de Auditorio e Area de Vivencia da Camara Municipal de Mamanguape","SINAPI - 04/2025 - Paraíba\nSBC - 06/2025 - Paraíba\nORSE - 03/2025 - Sergipe\nSEINFRA - 028 - Ceará\n",null,"21,51%",null,"Não Desonerado: embutido nos preços unitário dos insumos de mão de obra, de acordo com as bases."]
["Planilha Orçamentária Analítica"]
[" 1 ",null,null,"SERVIÇOS PRELIMINARES"]
[null,"Código","Banco","Descrição","Tipo",null,"Und","Quant.","Valor Unit","Total"]
["Insumo"," PAV4 ","Próprio","ART DE EXECUÇÃO","Taxas",null,"Und",{"v":1,"d":"1.0000000"},208.19,208.19]
[{"$nulls":4},"MO sem LS =>",{"v":0,"d":"0.00"},"LS =>",{"v":0,"d":"0.00"},"MO com LS =>",{"v":0,"d":"0.00"}]
[{"$nulls":4},"Valor do BDI =>",null,null,"Valor com BDI =>",null,252.97]
[{"$nulls":6},"Quant. =>","1,00","Preço Total =>",252.97]
[]
[" 1.2 ","Código","Banco","Descrição","Tipo",null,"Und","Quant.","Valor Unit","Total"]
["Composição"," 103689 ","SINAPI","FORNECIMENTO E INSTALAÇÃO DE PLACA DE OBRA COM CHAPA GALVANIZADA E ESTRUTURA DE MADEIRA. AF_03/2022_PS","PAVI - PAVIMENTAÇÃO",null,"m²",{"v":1,"d":"1.0000000"},344.85,344.85]
["Composição Auxiliar"," 88316 ","SINAPI","SERVENTE COM ENCARGOS COMPLEMENTARES","SEDI - SERVIÇOS DIVERSOS",null,"H",{"v":1.1186,"d":"1.1186000"},15.17,16.96]
["Composição Auxiliar"," 88262 ","SINAPI","CARPINTEIRO DE FORMAS COM ENCARGOS COMPLEMENTARES","SEDI - SERVIÇOS DIVERSOS",null,"H",{"v":0.3729,"d":"0.3729000"},{"v":18.4,"d":"18.40"},6.86]
["Composição Auxiliar"," 102234 ","SINAPI","PINTURA IMUNIZANTE PARA MADEIRA, 2 DEMÃOS. AF_01/2021","PINT - PINTURAS",null,"m²",{"v":0.5,"d":"0.5000000"},17.12,8.56]
["Insumo"," 00005069 ","SINAPI","PREGO DE ACO POLIDO COM CABECA 17 X 27 (2 1/2 X 11)","Material",null,"KG",{"v":0.0132,"d":"0.0132000"},15.43,{"v":0.2,"d":"0.20"}]
["Insumo"," 00005065 ","SINAPI","PREGO DE ACO POLIDO COM CABECA 10 X 10 (7/8 X 17)","Material",null,"KG",{"v":0.0113,"d":"0.0113000"},28.77,0.32]
["Insumo"," 00004813 ","SINAPI","PLACA DE OBRA (PARA CONSTRUCAO CIVIL) EM CHAPA GALVANIZADA *N. 22*, ADESIVADA, DE *2,4 X 1,2* M (SEM POSTES PARA FIXACAO)","Material",null,"M²",{"v":1,"d":"1.0000000"},297.42,297.42]
["Insumo"," 00004509 ","SINAPI","SARRAFO *2,5 X 10* CM EM PINUS, MISTA OU EQUIVALENTE DA REGIAO - BRUTA","Material",null,"M",{"v":3.2083,"d":"3.2083000"},4.53,14.53]
[{"$nulls":4},"MO sem LS =>",21.37,"LS =>",{"v":0,"d":"0.00"},"MO com LS =>",21.37]
[{"$nulls":4},"Valor do BDI =>",74.17,null,"Valor com BDI =>",null,419.02]
[{"$nulls":6},"Quant. =>","6,00","Preço Total =>",{"v":2514.12,"d":"2,514.12"}]
[]
[" 2 ",null,null,"AUDITORIO"]
[" 2.1 ",null,null,"RETIRADAS E DEMOLIÇÕES"]
[" 2.1.1 ","Código","Banco","Descrição","Tipo",null,"Und","Quant.","Valor Unit","Total"]
["Composição"," 97635 ","SINAPI","REMOÇÃO DE PISO DE BLOCO INTERTRAVADO OU DE PEDRA PORTUGUESA, DE FORMA MANUAL, COM REAPROVEITAMENTO. AF_09/2023","SERP - SERVIÇOS PRELIMINARES",null,"m²",{"v":1,"d":"1.0000000"},12.21,{"$f":"SUM(J28:J29)","v":{"v":13.463842,"d":"13.46"}}]
["Composição Auxiliar"," 88260 ","SINAPI","CALCETEIRO COM ENCARGOS COMPLEMENTARES","SEDI - SERVIÇOS DIVERSOS",null,"H",{"v":0.5477,"d":"0.5477000"},18.73,{"$f":"H28*I28","v":{"v":10.258421,"d":"10.26"}}]
["Composição Auxiliar"," 88316 ","SINAPI","SERVENTE COM ENCARGOS COMPLEMENTARES","SEDI - SERVIÇOS DIVERSOS",null,"H",{"v":0.2113,"d":"0.2113000"},15.17,{"$f":"H29*I29","v":{"v":3.205421,"d":"3.21"}}]
[{"$nulls":4},"MO sem LS =>",{"v":9.5,"d":"9.50"},"LS =>",{"v":0,"d":"0.00"},"MO com LS =>",{"v":9.5,"d":"9.50"}]
[{"$nulls":4},"Valor do BDI =>",2.62,null,"Valor com BDI =>",null,{"$f":"'Orçamento Sintético'!H11","v":16.35}]
[{"$nulls":6},"Quant. =>","270,89","Preço Total =>",{"$f":"'Orçamento Sintético'!I11","v":{"v":4429.05,"d":"4,429.05"}}]
[]
[" 2.1.2 ","Código","Banco","Descrição","Tipo",null,"Und","Quant.","Valor Unit","Total"]
["Composição"," 022974 ","SBC","REMOCAO POSTE METALICO ENGT CONCR DE 5A7M C/E S/ REAPROVEIT.","DEMOLICOES",null,"UN",{"v":1,"d":"1.0000000"},577.25,577.25]
["Insumo"," 099806 ","SBC","AJUDANTE DE ELETRICISTA","Mão de Obra",null,"H",{"v":1.547,"d":"1.5470000"},13.67,21.14]
["Insumo"," 030542 ","SBC","CAMINHAO GUINDAUTO MERCEDES L1620 8tn 200CV","Material",null,"H",{"v":0.45,"d":"0.4500000"},{"v":97.4,"d":"97.40"},43.83]
["Insumo"," 099900 ","SBC","SERVENTE","Mão de Obra",null,"H",{"v":15.305,"d":"15.3050000"},11.06,169.27]
["Insumo"," 012620 ","SBC","CABO DE COBRE NU MEIO DURO 7 FIOS 35mm2","Material",null,"M",{"v":9,"d":"9.0000000"},26.62,239.58]
["Insumo"," 099250 ","SBC","ELETRICISTA","Mão de Obra",null,"H",{"v":5.022,"d":"5.0220000"},15.15,76.08]
["Insumo"," 099050 ","SBC","PEDREIRO","Mão de Obra",null,"H",{"v":1.898,"d":"1.8980000"},14.41,27.35]
[{"$nulls":4},"MO sem LS =>",293.84,"LS =>",{"v":0,"d":"0.00"},"MO com LS =>",293.84]
[{"$nulls":4},"Valor do BDI =>",124.16,null,"Valor com BDI =>",null,701.41]
[{"$nulls":6},"Quant. =>","3,00","Preço Total =>",{"v":2104.23,"d":"2,104.23"}]
[]
[" 2.1.3 ","Código","Banco","Descrição","Tipo",null,"Und","Quant.","Valor Unit","Total"]
["Composição"," 105009 ","SINAPI","LOCAÇÃO CONVENCIONAL DE OBRA, UTILIZANDO GABARITO DE TÁBUAS CORRIDAS PONTALETADAS A CADA 1,50M - 2 UTILIZAÇÕES. AF_03/2024","SERT - SERVIÇOS TÉCNICOS",null,"M",{"v":1,"d":"1.0000000"},{"v":54.7,"d":"54.70"},{"v":54.7,"d":"54.70"}]
["Composição Auxiliar"," 91692 ","SINAPI","SERRA CIRCULAR DE BANCADA COM MOTOR ELÉTRICO POTÊNCIA DE 5HP, COM COIFA PARA DISCO 10\" - CHP DIURNO. AF_08/2015","CHOR - CUSTOS HORÁRIOS DE MÁQUINAS E EQUIPAMENTOS",null,"CHP",{"v":0.0093,"d":"0.0093000"},18.68,0.17]
["Composição Auxiliar"," 91693 ","SINAPI","SERRA CIRCULAR DE BANCADA COM MOTOR ELÉTRICO POTÊNCIA DE 5HP, COM COIFA PARA DISCO 10\" - CHI DIURNO. AF_08/2015","CHOR - CUSTOS HORÁRIOS DE MÁQUINAS E EQUIPAMENTOS",null,"CHI",{"v":0.0374,"d":"0.0374000"},{"v":17.9,"d":"17.90"},0.66]
["Composição Auxiliar"," 94974 ","SINAPI","CONCRETO MAGRO PARA LASTRO, TRAÇO 1:4,5:4,5 (EM MASSA SECA DE CIMENTO/ AREIA MÉDIA/ BRITA 1) - PREPARO MANUAL. AF_05/2021","FUES - FUNDAÇÕES E ESTRUTURAS",null,"m³",{"v":0.0054,"d":"0.0054000"},342.23,1.84]
["Composição Auxiliar"," 88239 ","SINAPI","AJUDANTE DE CARPINTEIRO COM ENCARGOS COMPLEMENTARES","SEDI - SERVIÇOS DIVERSOS",null,"H",{"v":0.9103,"d":"0.9103000"},15.64,14.23]
["Composição Auxiliar"," 88262 ","SINAPI","CARPINTEIRO DE FORMAS COM ENCARGOS COMPLEMENTARES","SEDI - SERVIÇOS DIVERSOS",null,"H",{"v":0.9103,"d":"0.9103000"},{"v":18.4,"d":"18.40"},16.74]
["Insumo"," 00010567 ","SINAPI","TABUA *2,5 X 23* CM EM PINUS, MISTA OU EQUIVALENTE DA REGIAO - BRUTA","Material",null,"M",{"v":0.55,"d":"0.5500000"},10.11,5.56]
["Insumo"," 00004433 ","SINAPI","CAIBRO NAO APARELHADO *6 X 6* CM, EM MACARANDUBA/MASSARANDUBA, ANGELIM OU EQUIVALENTE DA REGIAO - BRUTA","Material",null,"M",{"v":0.55,"d":"0.5500000"},17.34,9.53]
["Insumo"," 00005068 ","SINAPI","PREGO DE ACO POLIDO COM CABECA 17 X 21 (2 X 11)","Material",null,"KG",{"v":0.1012,"d":"0.1012000"},15.13,1.53]
["Insumo"," 00004417 ","SINAPI","SARRAFO NAO APARELHADO *2,5 X 7* CM, EM MACARANDUBA/MASSARANDUBA, ANGELIM, PEROBA-ROSA OU EQUIVALENTE DA REGIAO - BRUTA","Material",null,"M",{"v":0.8093,"d":"0.8093000"},4.82,{"v":3.9,"d":"3.90"}]
["Insumo"," 00007356 ","SINAPI","TINTA LATEX ACRILICA PREMIUM, COR BRANCO FOSCO","Material",null,"L",{"v":0.0256,"d":"0.0256000"},21.22,0.54]
[{"$nulls":4},"MO sem LS =>",25.15,"LS =>",{"v":0,"d":"0.00"},"MO com LS =>",25.15]
[{"$nulls":4},"Valor do BDI =>",11.76,null,"Valor com BDI =>",null,66.46]
[{"$nulls":6},"Quant. =>","73,20","Preço Total =>",{"v":4864.87,"d":"4,864.87"}]
[]
[" 2.1.4 ","Código","Banco","Descrição","Tipo",null,"Und","Quant.","Valor Unit","Total"]
["Composição"," 101134 ","SINAPI","ESCAVAÇÃO HORIZONTAL, INCLUINDO CARGA, DESCARGA E TRANSPORTE EM SOLO DE 1A CATEGORIA COM TRATOR DE ESTEIRAS (100HP/LÂMINA: 2,19M3) E CAMINHÃO BASCULANTE DE 10M3, DMT ATÉ 200M. AF_07/2020","MOVT - MOVIMENTO DE TERRA",null,"m³",{"v":1,"d":"1.0000000"},11.45,11.45]
["Composição Auxiliar"," 89032 ","SINAPI","TRATOR DE ESTEIRAS, POTÊNCIA 100 HP, PESO OPERACIONAL 9,4 T, COM LÂMINA 2,19 M3 - CHP DIURNO. AF_06/2014","CHOR - CUSTOS HORÁRIOS DE MÁQUINAS E EQUIPAMENTOS",null,"CHP",{"v":0.0115,"d":"0.0115000"},144.94,1.66]
["Composição Auxiliar"," 89031 ","SINAPI","TRATOR DE ESTEIRAS, POTÊNCIA 100 HP, PESO OPERACIONAL 9,4 T, COM LÂMINA 2,19 M3 - CHI DIURNO. AF_06/2014","CHOR - CUSTOS HORÁRIOS DE MÁQUINAS E EQUIPAMENTOS",null,"CHI",{"v":0.0195,"d":"0.0195000"},53.54,1.04]
["Composição Auxiliar"," 88316 ","SINAPI","SERVENTE COM ENCARGOS COMPLEMENTARES","SEDI - SERVIÇOS DIVERSOS",null,"H",{"v":0.031,"d":"0.0310000"},15.17,0.47]
["Composição Auxiliar"," 93589 ","SINAPI","TRANSPORTE COM CAMINHÃO BASCULANTE DE 10 M³, EM VIA URBANA EM REVESTIMENTO PRIMÁRIO (UNIDADE: M3XKM). AF_07/2020","TRAN - TRANSPORTES, CARGAS E DESCARGAS",null,"M3XKM",{"v":0.25,"d":"0.2500000"},{"v":2,"d":"2.00"},{"v":0.5,"d":"0.50"}]
["Composição Auxiliar"," 100974 ","SINAPI","CARGA, MANOBRA E DESCARGA DE SOLOS E MATERIAIS GRANULARES EM CAMINHÃO BASCULANTE 10 M³ - CARGA COM PÁ CARREGADEIRA (CAÇAMBA DE 1,7 A 2,8 M³ / 128 HP) E DESCARGA LIVRE (UNIDADE: M3). AF_07/2020","TRAN - TRANSPORTES, CARGAS E DESCARGAS",null,"m³",{"v":1.25,"d":"1.2500000"},6.23,7.78]
[{"$nulls":4},"MO sem LS =>",1.81,"LS =>",{"v":0,"d":"0.00"},"MO com LS =>",1.81]
[{"$nulls":4},"Valor do BDI =>",2.46,null,"Valor com BDI =>",null,13.91]
[{"$nulls":6},"Quant. =>","390,71","Preço Total =>",{"v":5434.77,"d":"5,434.77"}]
[]
[" 2.1.5 ","Código","Banco","Descrição","Tipo",null,"Und","Quant.","Valor Unit","Total"]
["Composição"," 97621 ","SINAPI","DEMOLIÇÃO DE ALVENARIA DE BLOCO FURADO, DE FORMA MANUAL, COM REAPROVEITAMENTO. AF_09/2023","SERP - SERVIÇOS PRELIMINARES",null,"m³",{"v":1,"d":"1.0000000"},82.04,82.04]
["Composição Auxiliar"," 88309 ","SINAPI","PEDREIRO COM ENCARGOS COMPLEMENTARES","SEDI - SERVIÇOS DIVERSOS",null,"H",{"v":0.7266,"d":"0.7266000"},18.88,13.71]
["Composição Auxiliar"," 88316 ","SINAPI","SERVENTE COM ENCARGOS COMPLEMENTARES","SEDI - SERVIÇOS DIVERSOS",null,"H",{"v":4.5047,"d":"4.5047000"},15.17,68.33]
[{"$nulls":4},"MO sem LS =>",{"v":61.7,"d":"61.70"},"LS =>",{"v":0,"d":"0.00"},"MO com LS =>",{"v":61.7,"d":"61.70"}]
[{"$nulls":4},"Valor do BDI =>",17.64,null,"Valor com BDI =>",null,99.68]
[{"$nulls":6},"Quant. =>","5,88","Preço Total =>",586.11]
[]
[" 2.2 ",null,null,"SUPERESTRUTURAS"]
[" 2.2.1 ","Código","Banco","Descrição","Tipo",null,"Und","Quant.","Valor Unit","Total"]
["Composição"," 104918 ","SINAPI","ARMAÇÃO DE SAPATA ISOLADA, VIGA BALDRAME E SAPATA CORRIDA UTILIZANDO AÇO CA-50 DE 8 MM - MONTAGEM. AF_01/2024","FUES - FUNDAÇÕES E ESTRUTURAS",null,"KG",{"v":1,"d":"1.0000000"},{"v":10.3,"d":"10.30"},{"v":10.3,"d":"10.30"}]
["Composição Auxiliar"," 92802 ","SINAPI","CORTE E DOBRA DE AÇO CA-50, DIÂMETRO DE 8,0 MM. AF_06/2022","FUES - FUNDAÇÕES E ESTRUTURAS",null,"KG",{"v":1,"d":"1.0000000"},7.25,7.25]
["Composição Auxiliar"," 88245 ","SINAPI","ARMADOR COM ENCARGOS COMPLEMENTARES","SEDI - SERVIÇOS DIVERSOS",null,"H",{"v":0.102,"d":"0.1020000"},18.73,1.91]
["Composição Auxiliar"," 88238 ","SINAPI","AJUDANTE DE ARMADOR COM ENCARGOS COMPLEMENTARES","SEDI - SERVIÇOS DIVERSOS",null,"H",{"v":0.039,"d":"0.0390000"},15.76,0.61]
["Insumo"," 00043132 ","SINAPI","ARAME RECOZIDO 16 BWG, D = 1,65 MM (0,016 KG/M) OU 18 BWG, D = 1,25 MM (0,01 KG/M)","Material",null,"KG",{"v":0.025,"d":"0.0250000"},18.22,0.45]
["Insumo"," 00039017 ","SINAPI","ESPACADOR / DISTANCIADOR CIRCULAR COM ENTRADA LATERAL, EM PLASTICO, PARA VERGALHAO *4,2 A 12,5* MM, COBRIMENTO 20 MM","Material",null,"UN",{"v":0.503,"d":"0.5030000"},0.17,0.08]
[{"$nulls":4},"MO sem LS =>",2.22,"LS =>",{"v":0,"d":"0.00"},"MO com LS =>",2.22]
[{"$nulls":4},"Valor do BDI =>",2.21,null,"Valor com BDI =>",null,12.51]
[{"$nulls":6},"Quant. =>","71,00","Preço Total =>",888.21]
[]
[" 2.2.2 ","Código","Banco","Descrição","Tipo",null,"Und","Quant.","Valor Unit","Total"]
["Composição"," 92760 ","SINAPI","ARMAÇÃO DE PILAR OU VIGA DE ESTRUTURA CONVENCIONAL DE CONCRETO ARMADO UTILIZANDO AÇO CA-50 DE 6,3 MM - MONTAGEM. AF_06/2022","FUES - FUNDAÇÕES E ESTRUTURAS",null,"KG",{"v":1,"d":"1.0000000"},9.57,9.57]
["Composição Auxiliar"," 88238 ","SINAPI","AJUDANTE DE ARMADOR COM ENCARGOS COMPLEMENTARES","SEDI - SERVIÇOS DIVERSOS",null,"H",{"v":0.0129,"d":"0.0129000"},15.76,{"v":0.2,"d":"0.20"}]
["Composição Auxiliar"," 92801 ","SINAPI","CORTE E DOBRA DE AÇO CA-50, DIÂMETRO DE 6,3 MM. AF_06/2022","FUES - FUNDAÇÕES E ESTRUTURAS",null,"KG",{"v":1,"d":"1.0000000"},7.29,7.29]
["Composição Auxiliar"," 88245 ","SINAPI","ARMADOR COM ENCARGOS COMPLEMENTARES","SEDI - SERVIÇOS DIVERSOS",null,"H",{"v":0.079,"d":"0.0790000"},18.73,1.47]
["Insumo"," 00039017 ","SINAPI","ESPACADOR / DISTANCIADOR CIRCULAR COM ENTRADA LATERAL, EM PLASTICO, PARA VERGALHAO *4,2 A 12,5* MM, COBRIMENTO 20 MM","Material",null,"UN",{"v":0.97,"d":"0.9700000"},0.17,0.16]
["Insumo"," 00043132 ","SINAPI","ARAME RECOZIDO 16 BWG, D = 1,65 MM (0,016 KG/M) OU 18 BWG, D = 1,25 MM (0,01 KG/M)","Material",null,"KG",{"v":0.025,"d":"0.0250000"},18.22,0.45]
[{"$nulls":4},"MO sem LS =>",1.82,"LS =>",{"v":0,"d":"0.00"},"MO com LS =>",1.82]
[{"$nulls":4},"Valor do BDI =>",2.05,null,"Valor com BDI =>",null,11.62]
[{"$nulls":6},"Quant. =>","1,50","Preço Total =>",17.43]
[]
[" 2.2.3 ","Código","Banco","Descrição","Tipo",null,"Und","Quant.","Valor Unit","Total"]
["Composição"," 92761 ","SINAPI","ARMAÇÃO DE PILAR OU VIGA DE ESTRUTURA CONVENCIONAL DE CONCRETO ARMADO UTILIZANDO AÇO CA-50 DE 8,0 MM - MONTAGEM. AF_06/2022","FUES - FUNDAÇÕES E ESTRUTURAS",null,"KG",{"v":1,"d":"1.0000000"},9.01,9.01]
["Composição Auxiliar"," 88238 ","SINAPI","AJUDANTE DE ARMADOR COM ENCARGOS COMPLEMENTARES","SEDI - SERVIÇOS DIVERSOS",null,"H",{"v":0.0092,"d":"0.0092000"},15.76,0.14]
["Composição Auxiliar"," 92802 ","SINAPI","CORTE E DOBRA DE AÇO CA-50, DIÂMETRO DE 8,0 MM. AF_06/2022","FUES - FUNDAÇÕES E ESTRUTURAS",null,"KG",{"v":1,"d":"1.0000000"},7.25,7.25]
["Composição Auxiliar"," 88245 ","SINAPI","ARMADOR COM ENCARGOS COMPLEMENTARES","SEDI - SERVIÇOS DIVERSOS",null,"H",{"v":0.0561,"d":"0.0561000"},18.73,1.05]
["Insumo"," 00043132 ","SINAPI","ARAME RECOZIDO 16 BWG, D = 1,65 MM (0,016 KG/M) OU 18 BWG, D = 1,25 MM (0,01 KG/M)","Material",null,"KG",{"v":0.025,"d":"0.0250000"},18.22,0.45]
["Insumo"," 00039017 ","SINAPI","ESPACADOR / DISTANCIADOR CIRCULAR COM ENTRADA LATERAL, EM PLASTICO, PARA VERGALHAO *4,2 A 12,5* MM, COBRIMENTO 20 MM","Material",null,"UN",{"v":0.743,"d":"0.7430000"},0.17,0.12]
[{"$nulls":4},"MO sem LS =>",1.18,"LS =>",{"v":0,"d":"0.00"},"MO com LS =>",1.18]
[{"$nulls":4},"Valor do BDI =>",1.93,null,"Valor com BDI =>",null,10.94]
[{"$nulls":6},"Quant. =>","476,00","Preço Total =>",{"v":5207.44,"d":"5,207.44"}]
[]
[" 2.2.4 ","Código","Banco","Descrição","Tipo",null,"Und","Quant.","Valor Unit","Total"]
["Composição"," 92762 ","SINAPI","ARMAÇÃO DE PILAR OU VIGA DE ESTRUTURA CONVENCIONAL DE CONCRETO ARMADO UTILIZANDO AÇO CA-50 DE 10,0 MM - MONTAGEM. AF_06/2022","FUES - FUNDAÇÕES E ESTRUTURAS",null,"KG",{"v":1,"d":"1.0000000"},8.06,8.06]
["Composição Auxiliar"," 88238 ","SINAPI","AJUDANTE DE ARMADOR COM ENCARGOS COMPLEMENTARES","SEDI - SERVIÇOS DIVERSOS",null,"H",{"v":0.0064,"d":"0.0064000"},15.76,{"v":0.1,"d":"0.10"}]
["Composição Auxiliar"," 92803 ","SINAPI","CORTE E DOBRA DE AÇO CA-50, DIÂMETRO DE 10,0 MM. AF_06/2022","FUES - FUNDAÇÕES E ESTRUTURAS",null,"KG",{"v":1,"d":"1.0000000"},6.69,6.69]
["Composição Auxiliar"," 88245 ","SINAPI","ARMADOR COM ENCARGOS COMPLEMENTARES","SEDI - SERVIÇOS DIVERSOS",null,"H",{"v":0.0392,"d":"0.0392000"},18.73,0.73]
["Insumo"," 00039017 ","SINAPI","ESPACADOR / DISTANCIADOR CIRCULAR COM ENTRADA LATERAL, EM PLASTICO, PARA VERGALHAO *4,2 A 12,5* MM, COBRIMENTO 20 MM","Material",null,"UN",{"v":0.543,"d":"0.5430000"},0.17,0.09]
["Insumo"," 00043132 ","SINAPI","ARAME RECOZIDO 16 BWG, D = 1,65 MM (0,016 KG/M) OU 18 BWG, D = 1,25 MM (0,01 KG/M)","Material",null,"KG",{"v":0.025,"d":"0.0250000"},18.22,0.45]
[{"$nulls":4},"MO sem LS =>",0.78,"LS =>",{"v":0,"d":"0.00"},"MO com LS =>",0.78]
[{"$nulls":4},"Valor do BDI =>",1.73,null,"Valor com BDI =>",null,9.79]
[{"$nulls":6},"Quant. =>","74,20","Preço Total =>",726.41]
[]
[" 2.2.5 ","Código","Banco","Descrição","Tipo",null,"Und","Quant.","Valor Unit","Total"]
["Composição"," 92763 ","SINAPI","ARMAÇÃO DE PILAR OU VIGA DE ESTRUTURA CONVENCIONAL DE CONCRETO ARMADO UTILIZANDO AÇO CA-50 DE 12,5 MM - MONTAGEM. AF_06/2022","FUES - FUNDAÇÕES E ESTRUTURAS",null,"KG",{"v":1,"d":"1.0000000"},6.78,6.78]
["Composição Auxiliar"," 92804 ","SINAPI","CORTE E DOBRA DE AÇO CA-50, DIÂMETRO DE 12,5 MM. AF_06/2022","FUES - FUNDAÇÕES E ESTRUTURAS",null,"KG",{"v":1,"d":"1.0000000"},5.73,5.73]
["Composição Auxiliar"," 88245 ","SINAPI","ARMADOR COM ENCARGOS COMPLEMENTARES","SEDI - SERVIÇOS DIVERSOS",null,"H",{"v":0.0257,"d":"0.0257000"},18.73,0.48]
["Composição Auxiliar"," 88238 ","SINAPI","AJUDANTE DE ARMADOR COM ENCARGOS COMPLEMENTARES","SEDI - SERVIÇOS DIVERSOS",null,"H",{"v":0.0042,"d":"0.0042000"},15.76,0.06]
["Insumo"," 00043132 ","SINAPI","ARAME RECOZIDO 16 BWG, D = 1,65 MM (0,016 KG/M) OU 18 BWG, D = 1,25 MM (0,01 KG/M)","Material",null,"KG",{"v":0.025,"d":"0.0250000"},18.22,0.45]
["Insumo"," 00039017 ","SINAPI","ESPACADOR / DISTANCIADOR CIRCULAR COM ENTRADA LATERAL, EM PLASTICO, PARA VERGALHAO *4,2 A 12,5* MM, COBRIMENTO 20 MM","Material",null,"UN",{"v":0.367,"d":"0.3670000"},0.17,0.06]
[{"$nulls":4},"MO sem LS =>",0.49,"LS =>",{"v":0,"d":"0.00"},"MO com LS =>",0.49]
[{"$nulls":4},"Valor do BDI =>",1.45,null,"Valor com BDI =>",null,8.23]
[{"$nulls":6},"Quant. =>","69,60","Preço Total =>",{"v":572.8,"d":"572.80"}]
[]
[" 2.2.6 ","Código","Banco","Descrição","Tipo",null,"Und","Quant.","Valor Unit","Total"]
["Composição"," 92759 ","SINAPI","ARMAÇÃO DE PILAR OU VIGA DE ESTRUTURA CONVENCIONAL DE CONCRETO ARMADO UTILIZANDO AÇO CA-60 DE 5,0 MM - MONTAGEM. AF_06/2022","FUES - FUNDAÇÕES E ESTRUTURAS",null,"KG",{"v":1,"d":"1.0000000"},10.07,10.07]
["Composição Auxiliar"," 88238 ","SINAPI","AJUDANTE DE ARMADOR COM ENCARGOS COMPLEMENTARES","SEDI - SERVIÇOS DIVERSOS",null,"H",{"v":0.0175,"d":"0.0175000"},15.76,0.27]
["Composição Auxiliar"," 88245 ","SINAPI","ARMADOR COM ENCARGOS COMPLEMENTARES","SEDI - SERVIÇOS DIVERSOS",null,"H",{"v":0.1069,"d":"0.1069000"},18.73,{"v":2,"d":"2.00"}]
["Composição Auxiliar"," 92800 ","SINAPI","CORTE E DOBRA DE AÇO CA-60, DIÂMETRO DE 5,0 MM. AF_06/2022","FUES - FUNDAÇÕES E ESTRUTURAS",null,"KG",{"v":1,"d":"1.0000000"},7.15,7.15]
["Insumo"," 00043132 ","SINAPI","ARAME RECOZIDO 16 BWG, D = 1,65 MM (0,016 KG/M) OU 18 BWG, D = 1,25 MM (0,01 KG/M)","Material",null,"KG",{"v":0.025,"d":"0.0250000"},18.22,0.45]
["Insumo"," 00039017 ","SINAPI","ESPACADOR / DISTANCIADOR CIRCULAR COM ENTRADA LATERAL, EM PLASTICO, PARA VERGALHAO *4,2 A 12,5* MM, COBRIMENTO 20 MM","Material",null,"UN",{"v":1.19,"d":"1.1900000"},0.17,{"v":0.2,"d":"0.20"}]
[{"$nulls":4},"MO sem LS =>",2.74,"LS =>",{"v":0,"d":"0.00"},"MO com LS =>",2.74]
[{"$nulls":4},"Valor do BDI =>",2.16,null,"Valor com BDI =>",null,12.23]
[{"$nulls":6},"Quant. =>","223,00","Preço Total =>",{"v":2727.29,"d":"2,727.29"}]
[]
[" 2.2.7 ","Código","Banco","Descrição","Tipo",null,"Und","Quant.","Valor Unit","Total"]
["Composição"," 92762 ","SINAPI","ARMAÇÃO DE PILAR OU VIGA DE ESTRUTURA CONVENCIONAL DE CONCRETO ARMADO UTILIZANDO AÇO CA-50 DE 10,0 MM - MONTAGEM. AF_06/2022","FUES - FUNDAÇÕES E ESTRUTURAS",null,"KG",{"v":1,"d":"1.0000000"},8.06,8.06]
["Composição Auxiliar"," 88238 ","SINAPI","AJUDANTE DE ARMADOR COM ENCARGOS COMPLEMENTARES","SEDI - SERVIÇOS DIVERSOS",null,"H",{"v":0.0064,"d":"0.0064000"},15.76,{"v":0.1,"d":"0.10"}]
["Composição Auxiliar"," 92803 ","SINAPI","CORTE E DOBRA DE AÇO CA-50, DIÂMETRO DE 10,0 MM. AF_06/2022","FUES - FUNDAÇÕES E ESTRUTURAS",null,"KG",{"v":1,"d":"1.0000000"},6.69,6.69]
["Composição Auxiliar"," 88245 ","SINAPI","ARMADOR COM ENCARGOS COMPLEMENTARES","SEDI - SERVIÇOS DIVERSOS",null,"H",{"v":0.0392,"d":"0.0392000"},18.73,0.73]
["Insumo"," 00039017 ","SINAPI","ESPACADOR / DISTANCIADOR CIRCULAR COM ENTRADA LATERAL, EM PLASTICO, PARA VERGALHAO *4,2 A 12,5* MM, COBRIMENTO 20 MM","Material",null,"UN",{"v":0.543,"d":"0.5430000"},0.17,0.09]
["Insumo"," 00043132 ","SINAPI","ARAME RECOZIDO 16 BWG, D = 1,65 MM (0,016 KG/M) OU 18 BWG, D = 1,25 MM (0,01 KG/M)","Material",null,"KG",{"v":0.025,"d":"0.0250000"},18.22,0.45]
[{"$nulls":4},"MO sem LS =>",0.78,"LS =>",{"v":0,"d":"0.00"},"MO com LS =>",0.78]
[{"$nulls":4},"Valor do BDI =>",1.73,null,"Valor com BDI =>",null,9.79]
[{"$nulls":6},"Quant. =>","593,50","Preço Total =>",{"v":5810.36,"d":"5,810.36"}]
[]
[" 2.2.8 ","Código","Banco","Descrição","Tipo",null,"Und","Quant.","Valor Unit","Total"]
["Composição"," 92763 ","SINAPI","ARMAÇÃO DE PILAR OU VIGA DE ESTRUTURA CONVENCIONAL DE CONCRETO ARMADO UTILIZANDO AÇO CA-50 DE 12,5 MM - MONTAGEM. AF_06/2022","FUES - FUNDAÇÕES E ESTRUTURAS",null,"KG",{"v":1,"d":"1.0000000"},6.78,6.78]
["Composição Auxiliar"," 92804 ","SINAPI","CORTE E DOBRA DE AÇO CA-50, DIÂMETRO DE 12,5 MM. AF_06/2022","FUES - FUNDAÇÕES E ESTRUTURAS",null,"KG",{"v":1,"d":"1.0000000"},5.73,5.73]
["Composição Auxiliar"," 88245 ","SINAPI","ARMADOR COM ENCARGOS COMPLEMENTARES","SEDI - SERVIÇOS DIVERSOS",null,"H",{"v":0.0257,"d":"0.0257000"},18.73,0.48]
["Composição Auxiliar"," 88238 ","SINAPI","AJUDANTE DE ARMADOR COM ENCARGOS COMPLEMENTARES","SEDI - SERVIÇOS DIVERSOS",null,"H",{"v":0.0042,"d":"0.0042000"},15.76,0.06]
["Insumo"," 00043132 ","SINAPI","ARAME RECOZIDO 16 BWG, D = 1,65 MM (0,016 KG/M) OU 18 BWG, D = 1,25 MM (0,01 KG/M)","Material",null,"KG",{"v":0.025,"d":"0.0250000"},18.22,0.45]
["Insumo"," 00039017 ","SINAPI","ESPACADOR / DISTANCIADOR CIRCULAR COM ENTRADA LATERAL, EM PLASTICO, PARA VERGALHAO *4,2 A 12,5* MM, COBRIMENTO 20 MM","Material",null,"UN",{"v":0.367,"d":"0.3670000"},0.17,0.06]
[{"$nulls":4},"MO sem LS =>",0.49,"LS =>",{"v":0,"d":"0.00"},"MO com LS =>",0.49]
[{"$nulls":4},"Valor do BDI =>",1.45,null,"Valor com BDI =>",null,8.23]
[{"$nulls":6},"Quant. =>","548,70","Preço Total =>",{"v":4515.8,"d":"4,515.80"}]
[]
[" 2.2.9 ","Código","Banco","Descrição","Tipo",null,"Und","Quant.","Valor Unit","Total"]
["Composição"," 92759 ","SINAPI","ARMAÇÃO DE PILAR OU VIGA DE ESTRUTURA CONVENCIONAL DE CONCRETO ARMADO UTILIZANDO AÇO CA-60 DE 5,0 MM - MONTAGEM. AF_06/2022","FUES - FUNDAÇÕES E ESTRUTURAS",null,"KG",{"v":1,"d":"1.0000000"},10.07,10.07]
["Composição Auxiliar"," 88238 ","SINAPI","AJUDANTE DE ARMADOR COM ENCARGOS COMPLEMENTARES","SEDI - SERVIÇOS DIVERSOS",null,"H",{"v":0.0175,"d":"0.0175000"},15.76,0.27]
["Composição Auxiliar"," 88245 ","SINAPI","ARMADOR COM ENCARGOS COMPLEMENTARES","SEDI - SERVIÇOS DIVERSOS",null,"H",{"v":0.1069,"d":"0.1069000"},18.73,{"v":2,"d":"2.00"}]
["Composição Auxiliar"," 92800 ","SINAPI","CORTE E DOBRA DE AÇO CA-60, DIÂMETRO DE 5,0 MM. AF_06/2022","FUES - FUNDAÇÕES E ESTRUTURAS",null,"KG",{"v":1,"d":"1.0000000"},7.15,7.15]
["Insumo"," 00043132 ","SINAPI","ARAME RECOZIDO 16 BWG, D = 1,65 MM (0,016 KG/M) OU 18 BWG, D = 1,25 MM (0,01 KG/M)","Material",null,"KG",{"v":0.025,"d":"0.0250000"},18.22,0.45]
["Insumo"," 00039017 ","SINAPI","ESPACADOR / DISTANCIADOR CIRCULAR COM ENTRADA LATERAL, EM PLASTICO, PARA VERGALHAO *4,2 A 12,5* MM, COBRIMENTO 20 MM","Material",null,"UN",{"v":1.19,"d":"1.1900000"},0.17,{"v":0.2,"d":"0.20"}]
[{"$nulls":4},"MO sem LS =>",2.74,"LS =>",{"v":0,"d":"0.00"},"MO com LS =>",2.74]
[{"$nulls":4},"Valor do BDI =>",2.16,null,"Valor com BDI =>",null,12.23]
[{"$nulls":6},"Quant. =>","174,20","Preço Total =>",{"v":2130.46,"d":"2,130.46"}]
[]
[" 2.2.10 ","Código","Banco","Descrição","Tipo",null,"Und","Quant.","Valor Unit","Total"]
["Composição"," 96536 ","SINAPI","FABRICAÇÃO, MONTAGEM E DESMONTAGEM DE FÔRMA PARA VIGA BALDRAME, EM MADEIRA SERRADA, E=25 MM, 4 UTILIZAÇÕES. AF_01/2024","FUES - FUNDAÇÕES E ESTRUTURAS",null,"m²",{"v":1,"d":"1.0000000"},54.05,54.05]
["Composição Auxiliar"," 91693 ","SINAPI","SERRA CIRCULAR DE BANCADA COM MOTOR ELÉTRICO POTÊNCIA DE 5HP, COM COIFA PARA DISCO 10\" - CHI DIURNO. AF_08/2015","CHOR - CUSTOS HORÁRIOS DE MÁQUINAS E EQUIPAMENTOS",null,"CHI",{"v":0.053,"d":"0.0530000"},{"v":17.9,"d":"17.90"},0.94]
["Composição Auxiliar"," 88262 ","SINAPI","CARPINTEIRO DE FORMAS COM ENCARGOS COMPLEMENTARES","SEDI - SERVIÇOS DIVERSOS",null,"H",{"v":1.088,"d":"1.0880000"},{"v":18.4,"d":"18.40"},20.01]
["Composição Auxiliar"," 88239 ","SINAPI","AJUDANTE DE CARPINTEIRO COM ENCARGOS COMPLEMENTARES","SEDI - SERVIÇOS DIVERSOS",null,"H",{"v":0.477,"d":"0.4770000"},15.64,7.46]
["Composição Auxiliar"," 91692 ","SINAPI","SERRA CIRCULAR DE BANCADA COM MOTOR ELÉTRICO POTÊNCIA DE 5HP, COM COIFA PARA DISCO 10\" - CHP DIURNO. AF_08/2015","CHOR - CUSTOS HORÁRIOS DE MÁQUINAS E EQUIPAMENTOS",null,"CHP",{"v":0.013,"d":"0.0130000"},18.68,0.24]
["Insumo"," 00006212 ","SINAPI","TABUA *2,5 X 30 CM EM PINUS, MISTA OU EQUIVALENTE DA REGIAO - BRUTA","Material",null,"M",{"v":1.134,"d":"1.1340000"},14.82,{"v":16.8,"d":"16.80"}]
["Insumo"," 00005073 ","SINAPI","PREGO DE ACO POLIDO COM CABECA 17 X 24 (2 1/4 X 11)","Material",null,"KG",{"v":0.026,"d":"0.0260000"},15.43,{"v":0.4,"d":"0.40"}]
["Insumo"," 00040304 ","SINAPI","PREGO DE ACO POLIDO COM CABECA DUPLA 17 X 27 (2 1/2 X 11)","Material",null,"KG",{"v":0.053,"d":"0.0530000"},18.67,0.98]
["Insumo"," 00004517 ","SINAPI","SARRAFO *2,5 X 7,5* CM EM PINUS, MISTA OU EQUIVALENTE DA REGIAO - BRUTA","Material",null,"M",{"v":0.547,"d":"0.5470000"},3.13,1.71]
["Insumo"," 00002692 ","SINAPI","DESMOLDANTE PROTETOR PARA FORMAS DE MADEIRA, DE BASE OLEOSA EMULSIONADA EM AGUA","Material",null,"L",{"v":0.0167,"d":"0.0167000"},6.77,0.11]
["Insumo"," 00004491 ","SINAPI","PONTALETE *7,5 X 7,5* CM EM PINUS, MISTA OU EQUIVALENTE DA REGIAO - BRUTA","Material",null,"M",{"v":0.605,"d":"0.6050000"},8.94,{"v":5.4,"d":"5.40"}]
[{"$nulls":4},"MO sem LS =>",22.52,"LS =>",{"v":0,"d":"0.00"},"MO com LS =>",22.52]
[{"$nulls":4},"Valor do BDI =>",11.62,null,"Valor com BDI =>",null,65.67]
[{"$nulls":6},"Quant. =>","359,40","Preço Total =>",{"v":23601.79,"d":"23,601.79"}]
[]
[" 2.2.11 ","Código","Banco","Descrição","Tipo",null,"Und","Quant.","Valor Unit","Total"]
["Composição"," 94966 ","SINAPI","CONCRETO FCK = 30MPA, TRAÇO 1:2,1:2,5 (EM MASSA SECA DE CIMENTO/ AREIA MÉDIA/ BRITA 1) - PREPARO MECÂNICO COM BETONEIRA 400 L. AF_05/2021","FUES - FUNDAÇÕES E ESTRUTURAS",null,"m³",{"v":1,"d":"1.0000000"},373.44,373.44]
["Composição Auxiliar"," 88830 ","SINAPI","BETONEIRA CAPACIDADE NOMINAL DE 400 L, CAPACIDADE DE MISTURA 280 L, MOTOR ELÉTRICO TRIFÁSICO POTÊNCIA DE 2 CV, SEM CARREGADOR - CHP DIURNO. AF_05/2023","CHOR - CUSTOS HORÁRIOS DE MÁQUINAS E EQUIPAMENTOS",null,"CHP",{"v":0.7458,"d":"0.7458000"},1.24,0.92]
["Composição Auxiliar"," 88831 ","SINAPI","BETONEIRA CAPACIDADE NOMINAL DE 400 L, CAPACIDADE DE MISTURA 280 L, MOTOR ELÉTRICO TRIFÁSICO POTÊNCIA DE 2 CV, SEM CARREGADOR - CHI DIURNO. AF_05/2023","CHOR - CUSTOS HORÁRIOS DE MÁQUINAS E EQUIPAMENTOS",null,"CHI",{"v":0.7032,"d":"0.7032000"},0.29,{"v":0.2,"d":"0.20"}]
["Composição Auxiliar"," 88316 ","SINAPI","SERVENTE COM ENCARGOS COMPLEMENTARES","SEDI - SERVIÇOS DIVERSOS",null,"H",{"v":2.2958,"d":"2.2958000"},15.17,34.82]
["Composição Auxiliar"," 88377 ","SINAPI","OPERADOR DE BETONEIRA ESTACIONÁRIA/MISTURADOR COM ENCARGOS COMPLEMENTARES","SEDI - SERVIÇOS DIVERSOS",null,"H",{"v":1.449,"d":"1.4490000"},12.45,18.04]
["Insumo"," 00000370 ","SINAPI","AREIA MEDIA - POSTO JAZIDA/FORNECEDOR (RETIRADO NA JAZIDA, SEM TRANSPORTE)","Material",null,"M³",{"v":0.7078,"d":"0.7078000"},{"v":104.1,"d":"104.10"},73.68]
["Insumo"," 00001379 ","SINAPI","CIMENTO PORTLAND COMPOSTO CP II-32","Material",null,"KG",{"v":388.8826,"d":"388.8826000"},0.52,202.21]
["Insumo"," 00004721 ","SINAPI","PEDRA BRITADA N. 1 (9,5 A 19 MM) POSTO PEDREIRA/FORNECEDOR, SEM FRETE","Material",null,"M³",{"v":0.5892,"d":"0.5892000"},73.96,43.57]
[{"$nulls":4},"MO sem LS =>",39.51,"LS =>",{"v":0,"d":"0.00"},"MO com LS =>",39.51]
[{"$nulls":4},"Valor do BDI =>",80.32,null,"Valor com BDI =>",null,453.76]
[{"$nulls":6},"Quant. =>","21,50","Preço Total =>",{"v":9755.84,"d":"9,755.84"}]
[]
[" 2.3 ",null,null,"ALVENARIAS E ELEVAÇÕES"]
[" 2.3.1 ","Código","Banco","Descrição","Tipo",null,"Und","Quant.","Valor Unit","Total"]
["Composição"," 103328 ","SINAPI","ALVENARIA DE VEDAÇÃO DE BLOCOS CERÂMICOS FURADOS NA HORIZONTAL DE 9X19X19 CM (ESPESSURA 9 CM) E ARGAMASSA DE ASSENTAMENTO COM PREPARO EM BETONEIRA. AF_12/2021","PARE - PAREDES/PAINEIS",null,"m²",{"v":1,"d":"1.0000000"},64.82,64.82]
["Composição Auxiliar"," 87292 ","SINAPI","ARGAMASSA TRAÇO 1:2:8 (EM VOLUME DE CIMENTO, CAL E AREIA MÉDIA ÚMIDA) PARA EMBOÇO/MASSA ÚNICA/ASSENTAMENTO DE ALVENARIA DE VEDAÇÃO, PREPARO MECÂNICO COM BETONEIRA 400 L. AF_08/2019","SEDI - SERVIÇOS DIVERSOS",null,"m³",{"v":0.0091,"d":"0.0091000"},423.67,3.85]
["Composição Auxiliar"," 88309 ","SINAPI","PEDREIRO COM ENCARGOS COMPLEMENTARES","SEDI - SERVIÇOS DIVERSOS",null,"H",{"v":1.61,"d":"1.6100000"},18.88,30.39]
["Composição Auxiliar"," 88316 ","SINAPI","SERVENTE COM ENCARGOS COMPLEMENTARES","SEDI - SERVIÇOS DIVERSOS",null,"H",{"v":0.805,"d":"0.8050000"},15.17,12.21]
["Insumo"," 00007271 ","SINAPI","BLOCO CERAMICO / TIJOLO VAZADO PARA ALVENARIA DE VEDACAO, 8 FUROS NA HORIZONTAL DE 9 X 19 X 19 CM (L X A X C)","Material",null,"UN",{"v":28.31,"d":"28.3100000"},0.62,17.55]
["Insumo"," 00034557 ","SINAPI","TELA DE ACO SOLDADA GALVANIZADA/ZINCADA PARA ALVENARIA, FIO D = *1,20 A 1,70* MM, MALHA 15 X 15 MM, (C X L) *50 X 7,5* CM","Material",null,"M",{"v":0.42,"d":"0.4200000"},1.59,0.66]
["Insumo"," 00037395 ","SINAPI","PINO DE ACO COM FURO, HASTE = 27 MM (ACAO DIRETA)","Material",null,"CENTO",{"v":0.005,"d":"0.0050000"},33.64,0.16]
[{"$nulls":4},"MO sem LS =>",33.51,"LS =>",{"v":0,"d":"0.00"},"MO com LS =>",33.51]
[{"$nulls":4},"Valor do BDI =>",13.94,null,"Valor com BDI =>",null,78.76]
[{"$nulls":6},"Quant. =>","495,18","Preço Total =>",{"v":39000.37,"d":"39,000.37"}]
[]
[" 2.3.2 ","Código","Banco","Descrição","Tipo",null,"Und","Quant.","Valor Unit","Total"]
["Composição"," 87904 ","SINAPI","CHAPISCO APLICADO EM ALVENARIA (COM PRESENÇA DE VÃOS) E ESTRUTURAS DE CONCRETO DE FACHADA, COM COLHER DE PEDREIRO. ARGAMASSA TRAÇO 1:3 COM PREPARO MANUAL. AF_10/2022","REVE - REVESTIMENTO E TRATAMENTO DE SUPERFÍCIES",null,"m²",{"v":1,"d":"1.0000000"},5.91,5.91]
["Composição Auxiliar"," 87377 ","SINAPI","ARGAMASSA TRAÇO 1:3 (EM VOLUME DE CIMENTO E AREIA GROSSA ÚMIDA) PARA CHAPISCO CONVENCIONAL, PREPARO MANUAL. AF_08/2019","SEDI - SERVIÇOS DIVERSOS",null,"m³",{"v":0.0037,"d":"0.0037000"},486.05,1.79]
["Composição Auxiliar"," 88309 ","SINAPI","PEDREIRO COM ENCARGOS COMPLEMENTARES","SEDI - SERVIÇOS DIVERSOS",null,"H",{"v":0.1724,"d":"0.1724000"},18.88,3.25]
["Composição Auxiliar"," 88316 ","SINAPI","SERVENTE COM ENCARGOS COMPLEMENTARES","SEDI - SERVIÇOS DIVERSOS",null,"H",{"v":0.0575,"d":"0.0575000"},15.17,0.87]
[{"$nulls":4},"MO sem LS =>",3.67,"LS =>",{"v":0,"d":"0.00"},"MO com LS =>",3.67]
[{"$nulls":4},"Valor do BDI =>",1.27,null,"Valor com BDI =>",null,7.18]
[{"$nulls":6},"Quant. =>","990,37","Preço Total =>",{"v":7110.85,"d":"7,110.85"}]
[]
[" 2.3.3 ","Código","Banco","Descrição","Tipo",null,"Und","Quant.","Valor Unit","Total"]
["Composição"," 87794 ","SINAPI","EMBOÇO OU MASSA ÚNICA EM ARGAMASSA TRAÇO 1:2:8, PREPARO MANUAL, APLICADA MANUALMENTE EM PANOS CEGOS DE FACHADA (SEM PRESENÇA DE VÃOS), ESPESSURA DE 25 MM. AF_09/2022","REVE - REVESTIMENTO E TRATAMENTO DE SUPERFÍCIES",null,"m²",{"v":1,"d":"1.0000000"},{"v":31.2,"d":"31.20"},{"v":31.2,"d":"31.20"}]
["Composição Auxiliar"," 87369 ","SINAPI","ARGAMASSA TRAÇO 1:2:8 (EM VOLUME DE CIMENTO, CAL E AREIA MÉDIA ÚMIDA) PARA EMBOÇO/MASSA ÚNICA/ASSENTAMENTO DE ALVENARIA DE VEDAÇÃO, PREPARO MANUAL. AF_08/2019","SEDI - SERVIÇOS DIVERSOS",null,"m³",{"v":0.0293,"d":"0.0293000"},527.48,15.45]
["Composição Auxiliar"," 88316 ","SINAPI","SERVENTE COM ENCARGOS COMPLEMENTARES","SEDI - SERVIÇOS DIVERSOS",null,"H",{"v":0.409,"d":"0.4090000"},15.17,{"v":6.2,"d":"6.20"}]
["Composição Auxiliar"," 88309 ","SINAPI","PEDREIRO COM ENCARGOS COMPLEMENTARES","SEDI - SERVIÇOS DIVERSOS",null,"H",{"v":0.409,"d":"0.4090000"},18.88,7.72]
["Insumo"," 00037411 ","SINAPI","TELA DE ACO SOLDADA GALVANIZADA/ZINCADA PARA ALVENARIA, FIO D = *1,24 MM, MALHA 25 X 25 MM","Material",null,"M²",{"v":0.1581,"d":"0.1581000"},11.63,1.83]
[{"$nulls":4},"MO sem LS =>",14.39,"LS =>",{"v":0,"d":"0.00"},"MO com LS =>",14.39]
[{"$nulls":4},"Valor do BDI =>",6.71,null,"Valor com BDI =>",null,37.91]
[{"$nulls":6},"Quant. =>","990,37","Preço Total =>",{"v":37544.92,"d":"37,544.92"}]
[]
[" 2.3.4 ","Código","Banco","Descrição","Tipo",null,"Und","Quant.","Valor Unit","Total"]
["Composição"," 105025 ","SINAPI","VERGA MOLDADA IN LOCO COM UTILIZAÇÃO DE BLOCOS CANALETA, ESPESSURA DE *15* CM. AF_03/2024","FUES - FUNDAÇÕES E ESTRUTURAS",null,"M",{"v":1,"d":"1.0000000"},41.43,41.43]
["Composição Auxiliar"," 88309 ","SINAPI","PEDREIRO COM ENCARGOS COMPLEMENTARES","SEDI - SERVIÇOS DIVERSOS",null,"H",{"v":0.203,"d":"0.2030000"},18.88,3.83]
["Composição Auxiliar"," 92802 ","SINAPI","CORTE E DOBRA DE AÇO CA-50, DIÂMETRO DE 8,0 MM. AF_06/2022","FUES - FUNDAÇÕES E ESTRUTURAS",null,"KG",{"v":0.79,"d":"0.7900000"},7.25,5.72]
["Composição Auxiliar"," 88316 ","SINAPI","SERVENTE COM ENCARGOS COMPLEMENTARES","SEDI - SERVIÇOS DIVERSOS",null,"H",{"v":0.102,"d":"0.1020000"},15.17,1.54]
["Composição Auxiliar"," 89995 ","SINAPI","GRAUTEAMENTO DE CINTA SUPERIOR OU DE VERGA EM ALVENARIA ESTRUTURAL. AF_09/2021","FUES - FUNDAÇÕES E ESTRUTURAS",null,"m³",{"v":0.021,"d":"0.0210000"},705.46,14.81]
["Composição Auxiliar"," 87294 ","SINAPI","ARGAMASSA TRAÇO 1:2:9 (EM VOLUME DE CIMENTO, CAL E AREIA MÉDIA ÚMIDA) PARA EMBOÇO/MASSA ÚNICA/ASSENTAMENTO DE ALVENARIA DE VEDAÇÃO, PREPARO MECÂNICO COM BETONEIRA 600 L. AF_08/2019","SEDI - SERVIÇOS DIVERSOS",null,"m³",{"v":1.5E-3,"d":"0.0015000"},408.03,0.61]
["Insumo"," 00004491 ","SINAPI","PONTALETE *7,5 X 7,5* CM EM PINUS, MISTA OU EQUIVALENTE DA REGIAO - BRUTA","Material",null,"M",{"v":0.203,"d":"0.2030000"},8.94,1.81]
["Insumo"," 00006193 ","SINAPI","TABUA NAO APARELHADA *2,5 X 20* CM, EM MACARANDUBA/MASSARANDUBA, ANGELIM OU EQUIVALENTE DA REGIAO - BRUTA","Material",null,"M",{"v":0.1692,"d":"0.1692000"},12.52,2.11]
["Insumo"," 00000659 ","SINAPI","CANALETA DE CONCRETO 14 X 19 X 19 CM (CLASSE C - NBR 6136)","Material",null,"UN",{"v":5.34,"d":"5.3400000"},2.06,{"v":11,"d":"11.00"}]
[{"$nulls":4},"MO sem LS =>",9.04,"LS =>",{"v":0,"d":"0.00"},"MO com LS =>",9.04]
[{"$nulls":4},"Valor do BDI =>",8.91,null,"Valor com BDI =>",null,50.34]
[{"$nulls":6},"Quant. =>","31,90","Preço Total =>",{"v":1605.84,"d":"1,605.84"}]
[]
[" 2.3.5 ","Código","Banco","Descrição","Tipo",null,"Und","Quant.","Valor Unit","Total"]
["Composição"," 105031 ","SINAPI","CONTRAVERGA MOLDADA IN LOCO COM UTILIZAÇÃO DE BLOCOS CANALETA, ESPESSURA DE *15* CM. AF_03/2024","FUES - FUNDAÇÕES E ESTRUTURAS",null,"M",{"v":1,"d":"1.0000000"},33.51,33.51]
["Composição Auxiliar"," 89994 ","SINAPI","GRAUTEAMENTO DE CINTA INTERMEDIÁRIA OU DE CONTRAVERGA EM ALVENARIA ESTRUTURAL. AF_09/2021","FUES - FUNDAÇÕES E ESTRUTURAS",null,"m³",{"v":0.021,"d":"0.0210000"},{"v":631,"d":"631.00"},13.25]
["Composição Auxiliar"," 87294 ","SINAPI","ARGAMASSA TRAÇO 1:2:9 (EM VOLUME DE CIMENTO, CAL E AREIA MÉDIA ÚMIDA) PARA EMBOÇO/MASSA ÚNICA/ASSENTAMENTO DE ALVENARIA DE VEDAÇÃO, PREPARO MECÂNICO COM BETONEIRA 600 L. AF_08/2019","SEDI - SERVIÇOS DIVERSOS",null,"m³",{"v":1.5E-3,"d":"0.0015000"},408.03,0.61]
["Composição Auxiliar"," 92802 ","SINAPI","CORTE E DOBRA DE AÇO CA-50, DIÂMETRO DE 8,0 MM. AF_06/2022","FUES - FUNDAÇÕES E ESTRUTURAS",null,"KG",{"v":0.79,"d":"0.7900000"},7.25,5.72]
["Composição Auxiliar"," 88309 ","SINAPI","PEDREIRO COM ENCARGOS COMPLEMENTARES","SEDI - SERVIÇOS DIVERSOS",null,"H",{"v":0.111,"d":"0.1110000"},18.88,2.09]
["Composição Auxiliar"," 88316 ","SINAPI","SERVENTE COM ENCARGOS COMPLEMENTARES","SEDI - SERVIÇOS DIVERSOS",null,"H",{"v":0.056,"d":"0.0560000"},15.17,0.84]
["Insumo"," 00000659 ","SINAPI","CANALETA DE CONCRETO 14 X 19 X 19 CM (CLASSE C - NBR 6136)","Material",null,"UN",{"v":5.34,"d":"5.3400000"},2.06,{"v":11,"d":"11.00"}]
[{"$nulls":4},"MO sem LS =>",5.93,"LS =>",{"v":0,"d":"0.00"},"MO com LS =>",5.93]
[{"$nulls":4},"Valor do BDI =>",{"v":7.2,"d":"7.20"},null,"Valor com BDI =>",null,40.71]
[{"$nulls":6},"Quant. =>","17,75","Preço Total =>",{"v":722.6,"d":"722.60"}]
[]
[" 2.4 ",null,null,"INSTALAÇÕES ELETRICAS"]
[" 2.4.1 ","Código","Banco","Descrição","Tipo",null,"Und","Quant.","Valor Unit","Total"]
["Composição"," 91940 ","SINAPI","CAIXA RETANGULAR 4\" X 2\" MÉDIA (1,30 M DO PISO), PVC, INSTALADA EM PAREDE - FORNECIMENTO E INSTALAÇÃO. AF_03/2023","INEL - INSTALAÇÃO ELÉTRICA/ELETRIFICAÇÃO E ILUMINAÇÃO EXTERNA",null,"UN",{"v":1,"d":"1.0000000"},11.68,11.68]
["Composição Auxiliar"," 88264 ","SINAPI","ELETRICISTA COM ENCARGOS COMPLEMENTARES","SEDI - SERVIÇOS DIVERSOS",null,"H",{"v":0.291,"d":"0.2910000"},19.14,5.56]
["Composição Auxiliar"," 88629 ","SINAPI","ARGAMASSA TRAÇO 1:3 (EM VOLUME DE CIMENTO E AREIA MÉDIA ÚMIDA), PREPARO MANUAL. AF_08/2019","SEDI - SERVIÇOS DIVERSOS",null,"m³",{"v":0.0009,"d":"0.0009000"},492.51,0.44]
["Composição Auxiliar"," 88247 ","SINAPI","AUXILIAR DE ELETRICISTA COM ENCARGOS COMPLEMENTARES","SEDI - SERVIÇOS DIVERSOS",null,"H",{"v":0.291,"d":"0.2910000"},16.09,4.68]
["Insumo"," 00001872 ","SINAPI","CAIXA DE PASSAGEM, EM PVC, DE 4\" X 2\", PARA ELETRODUTO FLEXIVEL CORRUGADO","Material",null,"UN",{"v":1,"d":"1.0000000"},{"v":1,"d":"1.00"},{"v":1,"d":"1.00"}]
[{"$nulls":4},"MO sem LS =>",8.01,"LS =>",{"v":0,"d":"0.00"},"MO com LS =>",8.01]
[{"$nulls":4},"Valor do BDI =>",2.51,null,"Valor com BDI =>",null,14.19]
[{"$nulls":6},"Quant. =>","59,00","Preço Total =>",837.21]
[]
[" 2.4.2 ","Código","Banco","Descrição","Tipo",null,"Und","Quant.","Valor Unit","Total"]
["Composição"," 061441 ","SBC","CAIXA DE PISO 4X4 FECHADA E BAIXA TRAMONTINA","INSTALACOES ELETRICAS - ELETRODUTOS",null,"UN",{"v":1,"d":"1.0000000"},31.07,31.07]
["Insumo"," 099250 ","SBC","ELETRICISTA","Mão de Obra",null,"H",{"v":0.333,"d":"0.3330000"},15.15,5.04]
["Insumo"," 000612 ","SBC","CAIXA DE PASSAGEM DE PISO 4\"x4\" BAIXA EM ALUMINIO STAMPLAC PISO 4\"x4\" FECHADA E BAIXA EM ALUMINIO TRAMONTINA","Material",null,"UN",{"v":1,"d":"1.0000000"},21.48,21.48]
["Insumo"," 099806 ","SBC","AJUDANTE DE ELETRICISTA","Mão de Obra",null,"H",{"v":0.333,"d":"0.3330000"},13.67,4.55]
[{"$nulls":4},"MO sem LS =>",9.59,"LS =>",{"v":0,"d":"0.00"},"MO com LS =>",9.59]
[{"$nulls":4},"Valor do BDI =>",6.68,null,"Valor com BDI =>",null,37.75]
[{"$nulls":6},"Quant. =>","4,00","Preço Total =>",{"v":151,"d":"151.00"}]
[]
[" 2.4.3 ","Código","Banco","Descrição","Tipo",null,"Und","Quant.","Valor Unit","Total"]
["Composição"," 91936 ","SINAPI","CAIXA OCTOGONAL 4\" X 4\", PVC, INSTALADA EM LAJE - FORNECIMENTO E INSTALAÇÃO. AF_03/2023","INEL - INSTALAÇÃO ELÉTRICA/ELETRIFICAÇÃO E ILUMINAÇÃO EXTERNA",null,"UN",{"v":1,"d":"1.0000000"},10.39,10.39]
["Composição Auxiliar"," 88247 ","SINAPI","AUXILIAR DE ELETRICISTA COM ENCARGOS COMPLEMENTARES","SEDI - SERVIÇOS DIVERSOS",null,"H",{"v":0.222,"d":"0.2220000"},16.09,3.57]
["Composição Auxiliar"," 88264 ","SINAPI","ELETRICISTA COM ENCARGOS COMPLEMENTARES","SEDI - SERVIÇOS DIVERSOS",null,"H",{"v":0.222,"d":"0.2220000"},19.14,4.24]
["Insumo"," 00012001 ","SINAPI","CAIXA OCTOGONAL DE FUNDO MOVEL, EM PVC, DE 4\" X 4\", PARA ELETRODUTO FLEXIVEL CORRUGADO","Material",null,"UN",{"v":1,"d":"1.0000000"},2.58,2.58]
[{"$nulls":4},"MO sem LS =>",6.05,"LS =>",{"v":0,"d":"0.00"},"MO com LS =>",6.05]
[{"$nulls":4},"Valor do BDI =>",2.23,null,"Valor com BDI =>",null,12.62]
[{"$nulls":6},"Quant. =>","53,00","Preço Total =>",668.86]
[]
[" 2.4.4 ","Código","Banco","Descrição","Tipo",null,"Und","Quant.","Valor Unit","Total"]
["Composição"," 1119 ","ORSE","Curva 90º de pvc rígido soldável, marrom  diâm = 40mm","Tubos e Conexões de PVC Rígido Soldável",null,"un",{"v":1,"d":"1.0000000"},17.52,17.52]
["Item","Código","Banco","Descrição","Tipo",null,"Und","Quant.","Valor Unit","Total"]
["Insumo"," 00002696/SINAPI ","ORSE","Encanador ou bombeiro hidraulico (horista)","Mão de Obra",null,"h",{"v":0.28,"d":"0.2800000"},"14,28","3,99"]
["Insumo"," 138 ","ORSE","Adesivo pvc em frasco de 850 gramas","Material",null,"kg",{"v":0.01,"d":"0.0100000"},"53,84","0,53"]
["Composição"," 10554 ","ORSE","Encargos Complementares - Encanador","Provisórios",null,"h",{"v":0.28,"d":"0.2800000"},"2,73","0,76"]
["Insumo"," 2036 ","ORSE","Solucao limpadora pvc","Material",null,"l",{"v":0.004,"d":"0.0040000"},"51,85","0,20"]
["Composição"," 10549 ","ORSE","Encargos Complementares - Servente","Provisórios",null,"h",{"v":0.28,"d":"0.2800000"},"2,79","0,78"]
["Insumo"," 00006111/SINAPI ","ORSE","Servente de obras (horista)","Mão de Obra",null,"h",{"v":0.28,"d":"0.2800000"},"10,95","3,06"]
["Insumo"," 00001958/SINAPI ","ORSE","Curva de pvc 90 graus, soldavel, 40 mm, cor marrom, para agua fria predial","Material",null,"un",{"v":1,"d":"1.0000000"},"8,23","8,23"]
["Detalhamento de Cálculo ORSE"]
["Item","Código","Banco","Descrição","Tipo",null,"Und","Quant.","Valor Unit","Total"]
["Insumo"," 00002696/SINAPI ","ORSE","Encanador ou bombeiro hidraulico (horista)","Mão de Obra",null,"h",{"v":0.28,"d":"0.2800000"},"14,28","3,99"]
["Insumo"," 138 ","ORSE","Adesivo pvc em frasco de 850 gramas","Material",null,"kg",{"v":0.01,"d":"0.0100000"},"53,84","0,53"]
["Insumo"," 00012892/SINAPI ","ORSE","Luva raspa de couro, cano curto (punho *7* cm)","Material",null,"par",{"v":0.001288,"d":"0.0012880"},"9,37","0,01"]
["Insumo"," 10362 ","ORSE","Seguro de vida e acidente em grupo","Serviços",null,"un",{"v":0.00252,"d":"0.0025200"},"9,33","0,02"]
["Insumo"," 11257 ","ORSE","Tarracha para tubos PVC de 1 1/4\"","Material",null,"un",{"v":1.12E-4,"d":"0.0001120"},"24,02","0,00"]
["Insumo"," 158 ","ORSE","Almoço (Participação do empregador)","Material",null,"un",{"v":0.057008,"d":"0.0570080"},"10,41","0,59"]
["Insumo"," 11256 ","ORSE","Tarracha para tubos PVC de 1 1/2\"","Material",null,"un",{"v":1.12E-4,"d":"0.0001120"},"44,61","0,00"]
["Insumo"," 2378 ","ORSE","Vale transporte","Material",null,"un",{"v":0.04466,"d":"0.0446600"},"3,35","0,14"]
["Insumo"," 00012893/SINAPI ","ORSE","Bota de seguranca com biqueira de aco e colarinho acolchoado","Material",null,"par",{"v":0.000448,"d":"0.0004480"},"49,97","0,02"]
["Insumo"," 11255 ","ORSE","Tarracha para tubos PVC de 1\"","Material",null,"un",{"v":0.000168,"d":"0.0001680"},"36,43","0,00"]
["Insumo"," 11253 ","ORSE","Tarracha para tubos PVC de 1/2\"","Material",null,"un",{"v":0.000308,"d":"0.0003080"},"21,56","0,00"]
["Insumo"," 00012895/SINAPI ","ORSE","Capacete de seguranca aba frontal com suspensao de polietileno, sem jugular (classe b)","Material",null,"un",{"v":0.000336,"d":"0.0003360"},"10,41","0,00"]
["Insumo"," 10599 ","ORSE","Protetor solar fps 30 com 120ml","Material",null,"un",{"v":1.008E-3,"d":"0.0010080"},"13,39","0,01"]
["Insumo"," 00012894/SINAPI ","ORSE","Capa para chuva em pvc com forro de poliester, com capuz (amarela ou azul)","Material",null,"un",{"v":1.12E-4,"d":"0.0001120"},"13,53","0,00"]
["Insumo"," 10593 ","ORSE","Praio simples 30cm","Material",null,"un",{"v":2.8E-5,"d":"0.0000280"},"14,55","0,00"]
["Insumo"," 10592 ","ORSE","Lima chata 12\"","Material",null,"un",{"v":2.8E-5,"d":"0.0000280"},"28,03","0,00"]
["Insumo"," 941 ","ORSE","Fardamento com mangas curta","Material",null,"un",{"v":0.00084,"d":"0.0008400"},"145,26","0,12"]
["Insumo"," 11254 ","ORSE","Tarracha para tubos PVC de 3/4\"","Material",null,"un",{"v":0.000196,"d":"0.0001960"},"20,44","0,00"]
["Insumo"," 1651 ","ORSE","Óculos branco proteção","Material",null,"pr",{"v":0.000448,"d":"0.0004480"},"5,21","0,00"]
["Insumo"," 10761 ","ORSE","Refeição - café da manhã ( café com leite e dois pães com manteiga)","Serviços",null,"un",{"v":0.057008,"d":"0.0570080"},"3,72","0,21"]
["Insumo"," 10492 ","ORSE","Cesta Básica","Material",null,"un",{"v":0.00252,"d":"0.0025200"},"141,27","0,35"]
["Insumo"," 10517 ","ORSE","Exames admissionais/demissionais (checkup)","Serviços",null,"cj",{"v":2.24E-4,"d":"0.0002240"},"223,06","0,04"]
["Insumo"," 10596 ","ORSE","Protetor auricular","Material",null,"un",{"v":0.00252,"d":"0.0025200"},"3,64","0,00"]
["Insumo"," 2036 ","ORSE","Solucao limpadora pvc","Material",null,"l",{"v":0.004,"d":"0.0040000"},"51,85","0,20"]
["Insumo"," 10788 ","ORSE","Pá quadrada","Material",null,"un",{"v":5.6e-05,"d":"0.0000560"},"27,44","0,00"]
["Insumo"," 4728 ","ORSE","Talhadeira chata 10\"","Material",null,"un",{"v":8.4e-05,"d":"0.0000840"},"13,81","0,00"]
["Insumo"," 00002711/SINAPI ","ORSE","Carrinho de mao, em aco, com capacidade de *45 a 65* l / *100* kg, pneu com camara","Material",null,"un",{"v":5.6e-05,"d":"0.0000560"},"121,94","0,00"]
["Insumo"," 4729 ","ORSE","Marreta 1 kg com cabo","Material",null,"un",{"v":2.8E-5,"d":"0.0000280"},"28,11","0,00"]
["Insumo"," 00006111/SINAPI ","ORSE","Servente de obras (horista)","Mão de Obra",null,"h",{"v":0.28,"d":"0.2800000"},"10,95","3,06"]
["Insumo"," 00001958/SINAPI ","ORSE","Curva de pvc 90 graus, soldavel, 40 mm, cor marrom, para agua fria predial","Material",null,"un",{"v":1,"d":"1.0000000"},"8,23","8,23"]
[{"$nulls":4},"MO sem LS =>",7.05,"LS =>",{"v":0,"d":"0.00"},"MO com LS =>",7.05]
[{"$nulls":4},"Valor do BDI =>",3.76,null,"Valor com BDI =>",null,21.28]
[{"$nulls":6},"Quant. =>","1,00","Preço Total =>",21.28]
[]
[" 2.4.5 ","Código","Banco","Descrição","Tipo",null,"Und","Quant.","Valor Unit","Total"]
["Composição"," 104450 ","SINAPI","LUVA DE EMENDA PARA ELETRODUTO, AÇO GALVANIZADO, DN 40 MM (1 1/2''), APARENTE - FORNECIMENTO E INSTALAÇÃO. AF_10/2022","Instalações Elétricas - Eletrodutos, Conexões e Conduletes Aparentes",null,"UN",{"v":1,"d":"1.0000000"},10.32,10.32]
["Composição Auxiliar"," 88264 ","SINAPI","ELETRICISTA COM ENCARGOS COMPLEMENTARES","SEDI - SERVIÇOS DIVERSOS",null,"H",{"v":0.2847,"d":"0.2847000"},19.14,5.44]
["Composição Auxiliar"," 88247 ","SINAPI","AUXILIAR DE ELETRICISTA COM ENCARGOS COMPLEMENTARES","SEDI - SERVIÇOS DIVERSOS",null,"H",{"v":0.2847,"d":"0.2847000"},16.09,4.58]
["Insumo"," 00044089 ","SINAPI","LUVA DE EMENDA PARA ELETRODUTO, EM ALUMINIO SEM ROSCA, DIMENSAO DE 40 MM (1 1/2\")","Material",null,"UN",{"v":1,"d":"1.0000000"},{"v":0.3,"d":"0.30"},{"v":0.3,"d":"0.30"}]
[{"$nulls":4},"MO sem LS =>",7.76,"LS =>",{"v":0,"d":"0.00"},"MO com LS =>",7.76]
[{"$nulls":4},"Valor do BDI =>",2.21,null,"Valor com BDI =>",null,12.53]
[{"$nulls":6},"Quant. =>","2,00","Preço Total =>",25.06]
[]
[" 2.4.6 ","Código","Banco","Descrição","Tipo",null,"Und","Quant.","Valor Unit","Total"]
["Composição"," 93660 ","SINAPI","DISJUNTOR BIPOLAR TIPO DIN, CORRENTE NOMINAL DE 10A - FORNECIMENTO E INSTALAÇÃO. AF_10/2020","INEL - INSTALAÇÃO ELÉTRICA/ELETRIFICAÇÃO E ILUMINAÇÃO EXTERNA",null,"UN",{"v":1,"d":"1.0000000"},{"v":38.4,"d":"38.40"},{"v":38.4,"d":"38.40"}]
["Composição Auxiliar"," 88264 ","SINAPI","ELETRICISTA COM ENCARGOS COMPLEMENTARES","SEDI - SERVIÇOS DIVERSOS",null,"H",{"v":0.0703,"d":"0.0703000"},19.14,1.34]
["Composição Auxiliar"," 88247 ","SINAPI","AUXILIAR DE ELETRICISTA COM ENCARGOS COMPLEMENTARES","SEDI - SERVIÇOS DIVERSOS",null,"H",{"v":0.0703,"d":"0.0703000"},16.09,1.13]
["Insumo"," 00001570 ","SINAPI","TERMINAL A COMPRESSAO EM COBRE ESTANHADO PARA CABO 2,5 MM2, 1 FURO E 1 COMPRESSAO, PARA PARAFUSO DE FIXACAO M5","Material",null,"UN",{"v":2,"d":"2.0000000"},0.69,1.38]
["Insumo"," 00034616 ","SINAPI","DISJUNTOR TERMOMAGNETICO PARA TRILHO DIN (IEC), BIPOLAR, 6 - 32 A","Material",null,"UN",{"v":1,"d":"1.0000000"},34.55,34.55]
[{"$nulls":4},"MO sem LS =>",1.91,"LS =>",{"v":0,"d":"0.00"},"MO com LS =>",1.91]
[{"$nulls":4},"Valor do BDI =>",8.25,null,"Valor com BDI =>",null,46.65]
[{"$nulls":6},"Quant. =>","5,00","Preço Total =>",233.25]
[]
[" 2.4.7 ","Código","Banco","Descrição","Tipo",null,"Und","Quant.","Valor Unit","Total"]
["Composição"," 93661 ","SINAPI","DISJUNTOR BIPOLAR TIPO DIN, CORRENTE NOMINAL DE 16A - FORNECIMENTO E INSTALAÇÃO. AF_10/2020","INEL - INSTALAÇÃO ELÉTRICA/ELETRIFICAÇÃO E ILUMINAÇÃO EXTERNA",null,"UN",{"v":1,"d":"1.0000000"},39.28,39.28]
["Composição Auxiliar"," 88247 ","SINAPI","AUXILIAR DE ELETRICISTA COM ENCARGOS COMPLEMENTARES","SEDI - SERVIÇOS DIVERSOS",null,"H",{"v":0.0952,"d":"0.0952000"},16.09,1.53]
["Composição Auxiliar"," 88264 ","SINAPI","ELETRICISTA COM ENCARGOS COMPLEMENTARES","SEDI - SERVIÇOS DIVERSOS",null,"H",{"v":0.0952,"d":"0.0952000"},19.14,1.82]
["Insumo"," 00034616 ","SINAPI","DISJUNTOR TERMOMAGNETICO PARA TRILHO DIN (IEC), BIPOLAR, 6 - 32 A","Material",null,"UN",{"v":1,"d":"1.0000000"},34.55,34.55]
["Insumo"," 00001570 ","SINAPI","TERMINAL A COMPRESSAO EM COBRE ESTANHADO PARA CABO 2,5 MM2, 1 FURO E 1 COMPRESSAO, PARA PARAFUSO DE FIXACAO M5","Material",null,"UN",{"v":2,"d":"2.0000000"},0.69,1.38]
[{"$nulls":4},"MO sem LS =>",2.59,"LS =>",{"v":0,"d":"0.00"},"MO com LS =>",2.59]
[{"$nulls":4},"Valor do BDI =>",8.44,null,"Valor com BDI =>",null,47.72]
[{"$nulls":6},"Quant. =>","6,00","Preço Total =>",286.32]
[]
[" 2.4.8 ","Código","Banco","Descrição","Tipo",null,"Und","Quant.","Valor Unit","Total"]
["Composição"," 93662 ","SINAPI","DISJUNTOR BIPOLAR TIPO DIN, CORRENTE NOMINAL DE 20A - FORNECIMENTO E INSTALAÇÃO. AF_10/2020","INEL - INSTALAÇÃO ELÉTRICA/ELETRIFICAÇÃO E ILUMINAÇÃO EXTERNA",null,"UN",{"v":1,"d":"1.0000000"},41.03,41.03]
["Composição Auxiliar"," 88247 ","SINAPI","AUXILIAR DE ELETRICISTA COM ENCARGOS COMPLEMENTARES","SEDI - SERVIÇOS DIVERSOS",null,"H",{"v":0.1325,"d":"0.1325000"},16.09,2.13]
["Composição Auxiliar"," 88264 ","SINAPI","ELETRICISTA COM ENCARGOS COMPLEMENTARES","SEDI - SERVIÇOS DIVERSOS",null,"H",{"v":0.1325,"d":"0.1325000"},19.14,2.53]
["Insumo"," 00001571 ","SINAPI","TERMINAL A COMPRESSAO EM COBRE ESTANHADO PARA CABO 4 MM2, 1 FURO E 1 COMPRESSAO, PARA PARAFUSO DE FIXACAO M5","Material",null,"UN",{"v":2,"d":"2.0000000"},0.91,1.82]
["Insumo"," 00034616 ","SINAPI","DISJUNTOR TERMOMAGNETICO PARA TRILHO DIN (IEC), BIPOLAR, 6 - 32 A","Material",null,"UN",{"v":1,"d":"1.0000000"},34.55,34.55]
[{"$nulls":4},"MO sem LS =>",3.61,"LS =>",{"v":0,"d":"0.00"},"MO com LS =>",3.61]
[{"$nulls":4},"Valor do BDI =>",8.82,null,"Valor com BDI =>",null,49.85]
[{"$nulls":6},"Quant. =>","6,00","Preço Total =>",{"v":299.1,"d":"299.10"}]
[]
[" 2.4.9 ","Código","Banco","Descrição","Tipo",null,"Und","Quant.","Valor Unit","Total"]
["Composição"," 93673 ","SINAPI","DISJUNTOR TRIPOLAR TIPO DIN, CORRENTE NOMINAL DE 50A - FORNECIMENTO E INSTALAÇÃO. AF_10/2020","INEL - INSTALAÇÃO ELÉTRICA/ELETRIFICAÇÃO E ILUMINAÇÃO EXTERNA",null,"UN",{"v":1,"d":"1.0000000"},66.49,66.49]
["Composição Auxiliar"," 88247 ","SINAPI","AUXILIAR DE ELETRICISTA COM ENCARGOS COMPLEMENTARES","SEDI - SERVIÇOS DIVERSOS",null,"H",{"v":0.5677,"d":"0.5677000"},16.09,9.13]
["Composição Auxiliar"," 88264 ","SINAPI","ELETRICISTA COM ENCARGOS COMPLEMENTARES","SEDI - SERVIÇOS DIVERSOS",null,"H",{"v":0.5677,"d":"0.5677000"},19.14,10.86]
["Insumo"," 00001575 ","SINAPI","TERMINAL A COMPRESSAO EM COBRE ESTANHADO PARA CABO 16 MM2, 1 FURO E 1 COMPRESSAO, PARA PARAFUSO DE FIXACAO M6","Material",null,"UN",{"v":3,"d":"3.0000000"},1.39,4.17]
["Insumo"," 00034709 ","SINAPI","DISJUNTOR TERMOMAGNETICO PARA TRILHO DIN (IEC), TRIPOLAR, 10 - 50 A","Material",null,"UN",{"v":1,"d":"1.0000000"},42.33,42.33]
[{"$nulls":4},"MO sem LS =>",15.49,"LS =>",{"v":0,"d":"0.00"},"MO com LS =>",15.49]
[{"$nulls":4},"Valor do BDI =>",{"v":14.3,"d":"14.30"},null,"Valor com BDI =>",null,80.79]
[{"$nulls":6},"Quant. =>","1,00","Preço Total =>",80.79]
[]
[" 2.4.10 ","Código","Banco","Descrição","Tipo",null,"Und","Quant.","Valor Unit","Total"]
["Composição"," 91953 ","SINAPI","INTERRUPTOR SIMPLES (1 MÓDULO), 10A/250V, INCLUINDO SUPORTE E PLACA - FORNECIMENTO E INSTALAÇÃO. AF_03/2023","INEL - INSTALAÇÃO ELÉTRICA/ELETRIFICAÇÃO E ILUMINAÇÃO EXTERNA",null,"UN",{"v":1,"d":"1.0000000"},20.18,20.18]
["Composição Auxiliar"," 91946 ","SINAPI","SUPORTE PARAFUSADO COM PLACA DE ENCAIXE 4\" X 2\" MÉDIO (1,30 M DO PISO) PARA PONTO ELÉTRICO - FORNECIMENTO E INSTALAÇÃO. AF_03/2023","INEL - INSTALAÇÃO ELÉTRICA/ELETRIFICAÇÃO E ILUMINAÇÃO EXTERNA",null,"UN",{"v":1,"d":"1.0000000"},7.43,7.43]
["Composição Auxiliar"," 91952 ","SINAPI","INTERRUPTOR SIMPLES (1 MÓDULO), 10A/250V, SEM SUPORTE E SEM PLACA - FORNECIMENTO E INSTALAÇÃO. AF_03/2023","INEL - INSTALAÇÃO ELÉTRICA/ELETRIFICAÇÃO E ILUMINAÇÃO EXTERNA",null,"UN",{"v":1,"d":"1.0000000"},12.75,12.75]
[{"$nulls":4},"MO sem LS =>",9.81,"LS =>",{"v":0,"d":"0.00"},"MO com LS =>",9.81]
[{"$nulls":4},"Valor do BDI =>",4.34,null,"Valor com BDI =>",null,24.52]
[{"$nulls":6},"Quant. =>","5,00","Preço Total =>",{"v":122.6,"d":"122.60"}]
[]
[" 2.4.11 ","Código","Banco","Descrição","Tipo",null,"Und","Quant.","Valor Unit","Total"]
["Composição"," 654 ","ORSE","Caixa de derivação em pvc 4\" x 2\" c/tampa cega, embutir, p/eletroduto","Pontos de Suprimento de Energia Convencionais",null,"un",{"v":1,"d":"1.0000000"},{"v":9,"d":"9.00"},{"v":9,"d":"9.00"}]
["Item","Código","Banco","Descrição","Tipo",null,"Und","Quant.","Valor Unit","Total"]
["Composição"," 10549 ","ORSE","Encargos Complementares - Servente","Provisórios",null,"h",{"v":0.15,"d":"0.1500000"},"2,79","0,41"]
["Insumo"," 00006111/SINAPI ","ORSE","Servente de obras (horista)","Mão de Obra",null,"h",{"v":0.15,"d":"0.1500000"},"10,95","1,64"]
["Insumo"," 00002436/SINAPI ","ORSE","Eletricista (horista)","Mão de Obra",null,"h",{"v":0.15,"d":"0.1500000"},"14,28","2,14"]
["Insumo"," 00007543/SINAPI ","ORSE","Tampa cega em pvc para condulete 4 x 2\"","Material",null,"un",{"v":1,"d":"1.0000000"},"3,07","3,07"]
["Insumo"," 00001872/SINAPI ","ORSE","Caixa de passagem, em pvc, de 4\" x 2\", para eletroduto flexivel corrugado","Material",null,"un",{"v":1,"d":"1.0000000"},"1,36","1,36"]
["Composição"," 10552 ","ORSE","Encargos Complementares - Eletricista","Provisórios",null,"h",{"v":0.15,"d":"0.1500000"},"2,69","0,40"]
["Detalhamento de Cálculo ORSE"]
["Item","Código","Banco","Descrição","Tipo",null,"Und","Quant.","Valor Unit","Total"]
["Insumo"," 941 ","ORSE","Fardamento com mangas curta","Material",null,"un",{"v":0.00045,"d":"0.0004500"},"145,26","0,06"]
["Insumo"," 10362 ","ORSE","Seguro de vida e acidente em grupo","Serviços",null,"un",{"v":0.00135,"d":"0.0013500"},"9,33","0,01"]
["Insumo"," 10517 ","ORSE","Exames admissionais/demissionais (checkup)","Serviços",null,"cj",{"v":1.2E-4,"d":"0.0001200"},"223,06","0,02"]
["Insumo"," 00012893/SINAPI ","ORSE","Bota de seguranca com biqueira de aco e colarinho acolchoado","Material",null,"par",{"v":0.000225,"d":"0.0002250"},"49,97","0,01"]
["Insumo"," 00012892/SINAPI ","ORSE","Luva raspa de couro, cano curto (punho *7* cm)","Material",null,"par",{"v":0.00069,"d":"0.0006900"},"9,37","0,00"]
["Insumo"," 10492 ","ORSE","Cesta Básica","Material",null,"un",{"v":0.00135,"d":"0.0013500"},"141,27","0,19"]
["Insumo"," 00012895/SINAPI ","ORSE","Capacete de seguranca aba frontal com suspensao de polietileno, sem jugular (classe b)","Material",null,"un",{"v":0.00018,"d":"0.0001800"},"10,41","0,00"]
["Insumo"," 10761 ","ORSE","Refeição - café da manhã ( café com leite e dois pães com manteiga)","Serviços",null,"un",{"v":0.03054,"d":"0.0305400"},"3,72","0,11"]
["Insumo"," 158 ","ORSE","Almoço (Participação do empregador)","Material",null,"un",{"v":0.03054,"d":"0.0305400"},"10,41","0,31"]
["Insumo"," 2378 ","ORSE","Vale transporte","Material",null,"un",{"v":0.023925,"d":"0.0239250"},"3,35","0,08"]
["Insumo"," 10788 ","ORSE","Pá quadrada","Material",null,"un",{"v":3e-05,"d":"0.0000300"},"27,44","0,00"]
["Insumo"," 4728 ","ORSE","Talhadeira chata 10\"","Material",null,"un",{"v":4.5e-05,"d":"0.0000450"},"13,81","0,00"]
["Insumo"," 10596 ","ORSE","Protetor auricular","Material",null,"un",{"v":0.00135,"d":"0.0013500"},"3,64","0,00"]
["Insumo"," 1651 ","ORSE","Óculos branco proteção","Material",null,"pr",{"v":0.00024,"d":"0.0002400"},"5,21","0,00"]
["Insumo"," 10599 ","ORSE","Protetor solar fps 30 com 120ml","Material",null,"un",{"v":0.00054,"d":"0.0005400"},"13,39","0,00"]
["Insumo"," 00002711/SINAPI ","ORSE","Carrinho de mao, em aco, com capacidade de *45 a 65* l / *100* kg, pneu com camara","Material",null,"un",{"v":3e-05,"d":"0.0000300"},"121,94","0,00"]
["Insumo"," 4729 ","ORSE","Marreta 1 kg com cabo","Material",null,"un",{"v":1.5E-5,"d":"0.0000150"},"28,11","0,00"]
["Insumo"," 00012894/SINAPI ","ORSE","Capa para chuva em pvc com forro de poliester, com capuz (amarela ou azul)","Material",null,"un",{"v":6e-05,"d":"0.0000600"},"13,53","0,00"]
["Insumo"," 00006111/SINAPI ","ORSE","Servente de obras (horista)","Mão de Obra",null,"h",{"v":0.15,"d":"0.1500000"},"10,95","1,64"]
["Insumo"," 00002436/SINAPI ","ORSE","Eletricista (horista)","Mão de Obra",null,"h",{"v":0.15,"d":"0.1500000"},"14,28","2,14"]
["Insumo"," 00007543/SINAPI ","ORSE","Tampa cega em pvc para condulete 4 x 2\"","Material",null,"un",{"v":1,"d":"1.0000000"},"3,07","3,07"]
["Insumo"," 00001872/SINAPI ","ORSE","Caixa de passagem, em pvc, de 4\" x 2\", para eletroduto flexivel corrugado","Material",null,"un",{"v":1,"d":"1.0000000"},"1,36","1,36"]
["Insumo"," 11242 ","ORSE","Chave inglesa 12\"","Material",null,"un",{"v":1.5E-5,"d":"0.0000150"},"25,28","0,00"]
["Insumo"," 11240 ","ORSE","Alicate com isolamento","Material",null,"un",{"v":3e-05,"d":"0.0000300"},"35,46","0,00"]
["Insumo"," 11241 ","ORSE","Alicate volt-amperimetro","Material",null,"un",{"v":3e-05,"d":"0.0000300"},"126,85","0,00"]
["Insumo"," 10579 ","ORSE","Chave de fenda chata 30 cm","Material",null,"un",{"v":3e-05,"d":"0.0000300"},"19,99","0,00"]
[{"$nulls":4},"MO sem LS =>",3.78,"LS =>",{"v":0,"d":"0.00"},"MO com LS =>",3.78]
[{"$nulls":4},"Valor do BDI =>",1.93,null,"Valor com BDI =>",null,10.93]
[{"$nulls":6},"Quant. =>","7,00","Preço Total =>",76.51]
[]
[" 2.4.12 ","Código","Banco","Descrição","Tipo",null,"Und","Quant.","Valor Unit","Total"]
["Composição"," 91996 ","SINAPI","TOMADA MÉDIA DE EMBUTIR (1 MÓDULO), 2P+T 10 A, INCLUINDO SUPORTE E PLACA - FORNECIMENTO E INSTALAÇÃO. AF_03/2023","INEL - INSTALAÇÃO ELÉTRICA/ELETRIFICAÇÃO E ILUMINAÇÃO EXTERNA",null,"UN",{"v":1,"d":"1.0000000"},23.81,23.81]
["Composição Auxiliar"," 91946 ","SINAPI","SUPORTE PARAFUSADO COM PLACA DE ENCAIXE 4\" X 2\" MÉDIO (1,30 M DO PISO) PARA PONTO ELÉTRICO - FORNECIMENTO E INSTALAÇÃO. AF_03/2023","INEL - INSTALAÇÃO ELÉTRICA/ELETRIFICAÇÃO E ILUMINAÇÃO EXTERNA",null,"UN",{"v":1,"d":"1.0000000"},7.43,7.43]
["Composição Auxiliar"," 91994 ","SINAPI","TOMADA MÉDIA DE EMBUTIR (1 MÓDULO), 2P+T 10 A, SEM SUPORTE E SEM PLACA - FORNECIMENTO E INSTALAÇÃO. AF_03/2023","INEL - INSTALAÇÃO ELÉTRICA/ELETRIFICAÇÃO E ILUMINAÇÃO EXTERNA",null,"UN",{"v":1,"d":"1.0000000"},16.38,16.38]
[{"$nulls":4},"MO sem LS =>",12.13,"LS =>",{"v":0,"d":"0.00"},"MO com LS =>",12.13]
[{"$nulls":4},"Valor do BDI =>",5.12,null,"Valor com BDI =>",null,28.93]
[{"$nulls":6},"Quant. =>","28,00","Preço Total =>",810.04]
[]
[" 2.4.13 ","Código","Banco","Descrição","Tipo",null,"Und","Quant.","Valor Unit","Total"]
["Composição"," 92004 ","SINAPI","TOMADA MÉDIA DE EMBUTIR (2 MÓDULOS), 2P+T 10 A, INCLUINDO SUPORTE E PLACA - FORNECIMENTO E INSTALAÇÃO. AF_03/2023","INEL - INSTALAÇÃO ELÉTRICA/ELETRIFICAÇÃO E ILUMINAÇÃO EXTERNA",null,"UN",{"v":1,"d":"1.0000000"},38.01,38.01]
["Composição Auxiliar"," 92002 ","SINAPI","TOMADA MÉDIA DE EMBUTIR (2 MÓDULOS), 2P+T 10 A, SEM SUPORTE E SEM PLACA - FORNECIMENTO E INSTALAÇÃO. AF_03/2023","INEL - INSTALAÇÃO ELÉTRICA/ELETRIFICAÇÃO E ILUMINAÇÃO EXTERNA",null,"UN",{"v":1,"d":"1.0000000"},30.58,30.58]
["Composição Auxiliar"," 91946 ","SINAPI","SUPORTE PARAFUSADO COM PLACA DE ENCAIXE 4\" X 2\" MÉDIO (1,30 M DO PISO) PARA PONTO ELÉTRICO - FORNECIMENTO E INSTALAÇÃO. AF_03/2023","INEL - INSTALAÇÃO ELÉTRICA/ELETRIFICAÇÃO E ILUMINAÇÃO EXTERNA",null,"UN",{"v":1,"d":"1.0000000"},7.43,7.43]
[{"$nulls":4},"MO sem LS =>",19.09,"LS =>",{"v":0,"d":"0.00"},"MO com LS =>",19.09]
[{"$nulls":4},"Valor do BDI =>",8.17,null,"Valor com BDI =>",null,46.18]
[{"$nulls":6},"Quant. =>","8,00","Preço Total =>",369.44]
[]
[" 2.4.14 ","Código","Banco","Descrição","Tipo",null,"Und","Quant.","Valor Unit","Total"]
["Composição"," 91959 ","SINAPI","INTERRUPTOR SIMPLES (2 MÓDULOS), 10A/250V, INCLUINDO SUPORTE E PLACA - FORNECIMENTO E INSTALAÇÃO. AF_03/2023","INEL - INSTALAÇÃO ELÉTRICA/ELETRIFICAÇÃO E ILUMINAÇÃO EXTERNA",null,"UN",{"v":1,"d":"1.0000000"},30.74,30.74]
["Composição Auxiliar"," 91958 ","SINAPI","INTERRUPTOR SIMPLES (2 MÓDULOS), 10A/250V, SEM SUPORTE E SEM PLACA - FORNECIMENTO E INSTALAÇÃO. AF_03/2023","INEL - INSTALAÇÃO ELÉTRICA/ELETRIFICAÇÃO E ILUMINAÇÃO EXTERNA",null,"UN",{"v":1,"d":"1.0000000"},23.31,23.31]
["Composição Auxiliar"," 91946 ","SINAPI","SUPORTE PARAFUSADO COM PLACA DE ENCAIXE 4\" X 2\" MÉDIO (1,30 M DO PISO) PARA PONTO ELÉTRICO - FORNECIMENTO E INSTALAÇÃO. AF_03/2023","INEL - INSTALAÇÃO ELÉTRICA/ELETRIFICAÇÃO E ILUMINAÇÃO EXTERNA",null,"UN",{"v":1,"d":"1.0000000"},7.43,7.43]
[{"$nulls":4},"MO sem LS =>",14.45,"LS =>",{"v":0,"d":"0.00"},"MO com LS =>",14.45]
[{"$nulls":4},"Valor do BDI =>",6.61,null,"Valor com BDI =>",null,37.35]
[{"$nulls":6},"Quant. =>","1,00","Preço Total =>",37.35]
[]
[" 2.4.15 ","Código","Banco","Descrição","Tipo",null,"Und","Quant.","Valor Unit","Total"]
["Composição"," 91967 ","SINAPI","INTERRUPTOR SIMPLES (3 MÓDULOS), 10A/250V, INCLUINDO SUPORTE E PLACA - FORNECIMENTO E INSTALAÇÃO. AF_03/2023","INEL - INSTALAÇÃO ELÉTRICA/ELETRIFICAÇÃO E ILUMINAÇÃO EXTERNA",null,"UN",{"v":1,"d":"1.0000000"},41.31,41.31]
["Composição Auxiliar"," 91966 ","SINAPI","INTERRUPTOR SIMPLES (3 MÓDULOS), 10A/250V, SEM SUPORTE E SEM PLACA - FORNECIMENTO E INSTALAÇÃO. AF_03/2023","INEL - INSTALAÇÃO ELÉTRICA/ELETRIFICAÇÃO E ILUMINAÇÃO EXTERNA",null,"UN",{"v":1,"d":"1.0000000"},33.88,33.88]
["Composição Auxiliar"," 91946 ","SINAPI","SUPORTE PARAFUSADO COM PLACA DE ENCAIXE 4\" X 2\" MÉDIO (1,30 M DO PISO) PARA PONTO ELÉTRICO - FORNECIMENTO E INSTALAÇÃO. AF_03/2023","INEL - INSTALAÇÃO ELÉTRICA/ELETRIFICAÇÃO E ILUMINAÇÃO EXTERNA",null,"UN",{"v":1,"d":"1.0000000"},7.43,7.43]
[{"$nulls":4},"MO sem LS =>",19.09,"LS =>",{"v":0,"d":"0.00"},"MO com LS =>",19.09]
[{"$nulls":4},"Valor do BDI =>",8.88,null,"Valor com BDI =>",null,50.19]
[{"$nulls":6},"Quant. =>","3,00","Preço Total =>",150.57]
[]
[" 2.4.16 ","Código","Banco","Descrição","Tipo",null,"Und","Quant.","Valor Unit","Total"]
["Composição"," 062182 ","SBC","TOMADA PISO 2P UNIVERSAL 10A-250V","INSTALACOES ELETRICAS - DUTOS E TOMADAS",null,"UN",{"v":1,"d":"1.0000000"},44.49,44.49]
["Insumo"," 001912 ","SBC","TOMADA PARA PISO 4x2 2P UNIVERSAL 10A-250V COM PLACA STAMPLAC (CONJUNTO)","Material",null,"UN",{"v":1,"d":"1.0000000"},21.19,21.19]
["Insumo"," 099250 ","SBC","ELETRICISTA","Mão de Obra",null,"H",{"v":0.809,"d":"0.8090000"},15.15,12.25]
["Insumo"," 099806 ","SBC","AJUDANTE DE ELETRICISTA","Mão de Obra",null,"H",{"v":0.809,"d":"0.8090000"},13.67,11.05]
[{"$nulls":4},"MO sem LS =>",{"v":23.3,"d":"23.30"},"LS =>",{"v":0,"d":"0.00"},"MO com LS =>",{"v":23.3,"d":"23.30"}]
[{"$nulls":4},"Valor do BDI =>",9.56,null,"Valor com BDI =>",null,54.05]
[{"$nulls":6},"Quant. =>","4,00","Preço Total =>",{"v":216.2,"d":"216.20"}]
[]
[" 2.4.17 ","Código","Banco","Descrição","Tipo",null,"Und","Quant.","Valor Unit","Total"]
["Composição"," 93674 ","SINAPI","DISJUNTOR BIPOLAR TIPO DR, CORRENTE NOMINAL DE 25A - FORNECIMENTO E INSTALAÇÃO. AF_10/2020","Instalações Elétricas - Quadros, Cabos, Disjuntores, Contatores e Barramentos Blindados",null,"UN",{"v":1,"d":"1.0000000"},36.18,36.18]
["Composição Auxiliar"," 88247 ","SINAPI","AUXILIAR DE ELETRICISTA COM ENCARGOS COMPLEMENTARES","SEDI - SERVIÇOS DIVERSOS",null,"H",{"v":0.1325,"d":"0.1325000"},16.09,2.13]
["Composição Auxiliar"," 88264 ","SINAPI","ELETRICISTA COM ENCARGOS COMPLEMENTARES","SEDI - SERVIÇOS DIVERSOS",null,"H",{"v":0.1325,"d":"0.1325000"},19.14,2.53]
["Insumo"," 00044091 ","SINAPI","DISJUNTOR TIPO DR, BIPOLAR DE 25A","Material",null,"UN",{"v":1,"d":"1.0000000"},{"v":29.7,"d":"29.70"},{"v":29.7,"d":"29.70"}]
["Insumo"," 00001571 ","SINAPI","TERMINAL A COMPRESSAO EM COBRE ESTANHADO PARA CABO 4 MM2, 1 FURO E 1 COMPRESSAO, PARA PARAFUSO DE FIXACAO M5","Material",null,"UN",{"v":2,"d":"2.0000000"},0.91,1.82]
[{"$nulls":4},"MO sem LS =>",3.61,"LS =>",{"v":0,"d":"0.00"},"MO com LS =>",3.61]
[{"$nulls":4},"Valor do BDI =>",7.78,null,"Valor com BDI =>",null,43.96]
[{"$nulls":6},"Quant. =>","1,00","Preço Total =>",43.96]
[]
[" 2.4.18 ","Código","Banco","Descrição","Tipo",null,"Und","Quant.","Valor Unit","Total"]
["Composição"," 97296 ","SINAPI","CURVA HORIZONTAL 90º, PARA ELETROCALHA, LISA OU PERFURADA EM AÇO GALVANIZADO, LARGURA DE 400MM E ALTURA DE 50MM - FORNECIMENTO E INSTALAÇÃO. AF_04/2023","Eletrocalhas",null,"UN",{"v":1,"d":"1.0000000"},99.07,99.07]
["Composição Auxiliar"," 88247 ","SINAPI","AUXILIAR DE ELETRICISTA COM ENCARGOS COMPLEMENTARES","SEDI - SERVIÇOS DIVERSOS",null,"H",{"v":0.9935,"d":"0.9935000"},16.09,15.98]
["Composição Auxiliar"," 88264 ","SINAPI","ELETRICISTA COM ENCARGOS COMPLEMENTARES","SEDI - SERVIÇOS DIVERSOS",null,"H",{"v":0.9935,"d":"0.9935000"},19.14,19.01]
["Insumo"," 00043947 ","SINAPI","CURVA HORIZONTAL 90 GRAUS PERFURADA, PARA ELETROCALHA, EM CHAPA DE ACO GALVANIZADO ESPESSURA #18, 400 X 50 MM (L X A), SEM VIROLA, SEM TAMPA","Material",null,"UN",{"v":1,"d":"1.0000000"},2.28,2.28]
["Insumo"," 00044027 ","SINAPI","TALA PARA EMENDA DE ELETROCALHA, SIMPLES / RETA, LISA OU PERFURADA, EM CHAPA DE ACO GALVANIZADO #22, ALTURA 50 MM","Material",null,"UN",{"v":4,"d":"4.0000000"},{"v":0.5,"d":"0.50"},{"v":2,"d":"2.00"}]
["Insumo"," 00039997 ","SINAPI","PORCA ZINCADA, SEXTAVADA, DIAMETRO 1/4\"","Material",null,"UN",{"v":16.8,"d":"16.8000000"},0.25,{"v":4.2,"d":"4.20"}]
["Insumo"," 00043965 ","SINAPI","PARAFUSO, EM ACO ZINCADO, CABECA LENTILHA AUTOTRAVANTE DIAMETRO 5/16\" X 1\"","Material",null,"UN",{"v":16.8,"d":"16.8000000"},0.89,14.95]
["Insumo"," 00013348 ","SINAPI","ARRUELA EM ACO GALVANIZADO, DIAMETRO EXTERNO = 35MM, ESPESSURA = 3MM, DIAMETRO DO FURO= 18MM","Material",null,"UN",{"v":33.6,"d":"33.6000000"},1.21,40.65]
[{"$nulls":4},"MO sem LS =>",27.11,"LS =>",{"v":0,"d":"0.00"},"MO com LS =>",27.11]
[{"$nulls":4},"Valor do BDI =>",{"v":21.3,"d":"21.30"},null,"Valor com BDI =>",null,120.37]
[{"$nulls":6},"Quant. =>","3,00","Preço Total =>",361.11]
[]
[" 2.4.19 ","Código","Banco","Descrição","Tipo",null,"Und","Quant.","Valor Unit","Total"]
["Composição"," 97244 ","SINAPI","ELETROCALHA LISA OU PERFURADA EM AÇO GALVANIZADO, LARGURA 400MM E ALTURA 50MM, INCLUSIVE EMENDA E FIXAÇÃO - FORNECIMENTO E INSTALAÇÃO. AF_04/2023","Eletrocalhas",null,"M",{"v":1,"d":"1.0000000"},97.01,97.01]
["Composição Auxiliar"," 96562 ","SINAPI","SUPORTE PARA ELETROCALHA LISA OU PERFURADA EM AÇO GALVANIZADO, LARGURA 400 MM, EM PERFILADO COM COMPRIMENTO DE 45 CM FIXADO EM LAJE, POR METRO DE ELETROCALHA FIXADA. AF_09/2023","INHI - INSTALAÇÕES HIDROS SANITÁRIAS",null,"M",{"v":1,"d":"1.0000000"},35.64,35.64]
["Composição Auxiliar"," 97263 ","SINAPI","EMENDA PARA ELETROCALHA, LISA OU PERFURADA EM AÇO GALVANIZADO, LARGURA DE 400MM E ALTURA DE 50MM - FORNECIMENTO E INSTALAÇÃO. AF_04/2023","Eletrocalhas",null,"UN",{"v":0.333,"d":"0.3330000"},89.58,29.83]
["Composição Auxiliar"," 88247 ","SINAPI","AUXILIAR DE ELETRICISTA COM ENCARGOS COMPLEMENTARES","SEDI - SERVIÇOS DIVERSOS",null,"H",{"v":0.2208,"d":"0.2208000"},16.09,3.55]
["Composição Auxiliar"," 88264 ","SINAPI","ELETRICISTA COM ENCARGOS COMPLEMENTARES","SEDI - SERVIÇOS DIVERSOS",null,"H",{"v":0.2208,"d":"0.2208000"},19.14,4.22]
["Insumo"," 00044042 ","SINAPI","ELETROCALHA LISA OU PERFURADA TIPO U, EM CHAPA DE ACO GALVANIZADO A FOGO, ESPESSURA # 18, DE 400 X 50 MM (L X A), SEM VIROLA, SEM TAMPA","Material",null,"M",{"v":0.936,"d":"0.9360000"},{"v":25.4,"d":"25.40"},23.77]
[{"$nulls":4},"MO sem LS =>",{"v":25.5,"d":"25.50"},"LS =>",{"v":0,"d":"0.00"},"MO com LS =>",{"v":25.5,"d":"25.50"}]
[{"$nulls":4},"Valor do BDI =>",20.86,null,"Valor com BDI =>",null,117.87]
[{"$nulls":6},"Quant. =>","30,00","Preço Total =>",{"v":3536.1,"d":"3,536.10"}]
[]
[" 2.4.20 ","Código","Banco","Descrição","Tipo",null,"Und","Quant.","Valor Unit","Total"]
["Composição"," 55865 ","SINAPI","ELETRODUTO DE PVC RIGIDO ROSCAVEL DN 40MM (1 1/2\") INCL CONEXOES, FORNECIMENTO E INSTALACAO","INEL - INSTALAÇÃO ELÉTRICA/ELETRIFICAÇÃO E ILUMINAÇÃO EXTERNA",null,"M",{"v":1,"d":"1.0000000"},25.51,25.51]
["Composição Auxiliar"," 88247 ","SINAPI","AUXILIAR DE ELETRICISTA COM ENCARGOS COMPLEMENTARES","SEDI - SERVIÇOS DIVERSOS",null,"H",{"v":0.45,"d":"0.4500000"},16.09,7.24]
["Composição Auxiliar"," 88264 ","SINAPI","ELETRICISTA COM ENCARGOS COMPLEMENTARES","SEDI - SERVIÇOS DIVERSOS",null,"H",{"v":0.45,"d":"0.4500000"},19.14,8.61]
["Insumo"," 00002680 ","SINAPI","ELETRODUTO DE PVC RIGIDO ROSCAVEL DE 1 1/2 \", SEM LUVA","Material",null,"M",{"v":1.1,"d":"1.1000000"},8.79,9.66]
[{"$nulls":4},"MO sem LS =>",12.27,"LS =>",{"v":0,"d":"0.00"},"MO com LS =>",12.27]
[{"$nulls":4},"Valor do BDI =>",5.48,null,"Valor com BDI =>",null,30.99]
[{"$nulls":6},"Quant. =>","12,99","Preço Total =>",402.56]
[]
[" 2.4.21 ","Código","Banco","Descrição","Tipo",null,"Und","Quant.","Valor Unit","Total"]
["Composição"," 91833 ","SINAPI","ELETRODUTO FLEXÍVEL CORRUGADO REFORÇADO, PVC, DN 20 MM (1/2\"), PARA CIRCUITOS TERMINAIS, INSTALADO EM FORRO - FORNECIMENTO E INSTALAÇÃO. AF_03/2023","INEL - INSTALAÇÃO ELÉTRICA/ELETRIFICAÇÃO E ILUMINAÇÃO EXTERNA",null,"M",{"v":1,"d":"1.0000000"},12.64,12.64]
["Composição Auxiliar"," 88264 ","SINAPI","ELETRICISTA COM ENCARGOS COMPLEMENTARES","SEDI - SERVIÇOS DIVERSOS",null,"H",{"v":0.08,"d":"0.0800000"},19.14,1.53]
["Composição Auxiliar"," 91170 ","SINAPI","FIXAÇÃO DE TUBOS HORIZONTAIS DE PVC ÁGUA, PVC ESGOTO, PVC ÁGUA PLUVIAL, CPVC, PPR, COBRE OU AÇO, DIÂMETROS MENORES OU IGUAIS A 40 MM, COM ABRAÇADEIRA METÁLICA RÍGIDA TIPO U PERFIL 1 1/4\", FIXADA EM PERFILADO EM LAJE. AF_09/2023_PS","INHI - INSTALAÇÕES HIDROS SANITÁRIAS",null,"M",{"v":1,"d":"1.0000000"},7.33,7.33]
["Composição Auxiliar"," 88247 ","SINAPI","AUXILIAR DE ELETRICISTA COM ENCARGOS COMPLEMENTARES","SEDI - SERVIÇOS DIVERSOS",null,"H",{"v":0.08,"d":"0.0800000"},16.09,1.28]
["Insumo"," 00039243 ","SINAPI","ELETRODUTO PVC FLEXIVEL CORRUGADO, REFORCADO, COR LARANJA, DE 20 MM, PARA LAJES E PISOS","Material",null,"M",{"v":1.1,"d":"1.1000000"},2.28,{"v":2.5,"d":"2.50"}]
[{"$nulls":4},"MO sem LS =>",5.83,"LS =>",{"v":0,"d":"0.00"},"MO com LS =>",5.83]
[{"$nulls":4},"Valor do BDI =>",2.71,null,"Valor com BDI =>",null,15.35]
[{"$nulls":6},"Quant. =>","187,00","Preço Total =>",{"v":2870.45,"d":"2,870.45"}]
[]
[" 2.4.22 ","Código","Banco","Descrição","Tipo",null,"Und","Quant.","Valor Unit","Total"]
["Composição"," 91835 ","SINAPI","ELETRODUTO FLEXÍVEL CORRUGADO REFORÇADO, PVC, DN 25 MM (3/4\"), PARA CIRCUITOS TERMINAIS, INSTALADO EM FORRO - FORNECIMENTO E INSTALAÇÃO. AF_03/2023","INEL - INSTALAÇÃO ELÉTRICA/ELETRIFICAÇÃO E ILUMINAÇÃO EXTERNA",null,"M",{"v":1,"d":"1.0000000"},13.91,13.91]
["Composição Auxiliar"," 88264 ","SINAPI","ELETRICISTA COM ENCARGOS COMPLEMENTARES","SEDI - SERVIÇOS DIVERSOS",null,"H",{"v":0.091,"d":"0.0910000"},19.14,1.74]
["Composição Auxiliar"," 91170 ","SINAPI","FIXAÇÃO DE TUBOS HORIZONTAIS DE PVC ÁGUA, PVC ESGOTO, PVC ÁGUA PLUVIAL, CPVC, PPR, COBRE OU AÇO, DIÂMETROS MENORES OU IGUAIS A 40 MM, COM ABRAÇADEIRA METÁLICA RÍGIDA TIPO U PERFIL 1 1/4\", FIXADA EM PERFILADO EM LAJE. AF_09/2023_PS","INHI - INSTALAÇÕES HIDROS SANITÁRIAS",null,"M",{"v":1,"d":"1.0000000"},7.33,7.33]
["Composição Auxiliar"," 88247 ","SINAPI","AUXILIAR DE ELETRICISTA COM ENCARGOS COMPLEMENTARES","SEDI - SERVIÇOS DIVERSOS",null,"H",{"v":0.091,"d":"0.0910000"},16.09,1.46]
["Insumo"," 00039244 ","SINAPI","ELETRODUTO PVC FLEXIVEL CORRUGADO, REFORCADO, COR LARANJA, DE 25 MM, PARA LAJES E PISOS","Material",null,"M",{"v":1.1,"d":"1.1000000"},3.08,3.38]
[{"$nulls":4},"MO sem LS =>",6.14,"LS =>",{"v":0,"d":"0.00"},"MO com LS =>",6.14]
[{"$nulls":4},"Valor do BDI =>",2.99,null,"Valor com BDI =>",null,{"v":16.9,"d":"16.90"}]
[{"$nulls":6},"Quant. =>","108,54","Preço Total =>",{"v":1834.32,"d":"1,834.32"}]
[]
[" 2.4.23 ","Código","Banco","Descrição","Tipo",null,"Und","Quant.","Valor Unit","Total"]
["Composição"," 91924 ","SINAPI","CABO DE COBRE FLEXÍVEL ISOLADO, 1,5 MM², ANTI-CHAMA 450/750 V, PARA CIRCUITOS TERMINAIS - FORNECIMENTO E INSTALAÇÃO. AF_03/2023","INEL - INSTALAÇÃO ELÉTRICA/ELETRIFICAÇÃO E ILUMINAÇÃO EXTERNA",null,"M",{"v":1,"d":"1.0000000"},2.37,2.37]
["Composição Auxiliar"," 88247 ","SINAPI","AUXILIAR DE ELETRICISTA COM ENCARGOS COMPLEMENTARES","SEDI - SERVIÇOS DIVERSOS",null,"H",{"v":0.023,"d":"0.0230000"},16.09,0.37]
["Composição Auxiliar"," 88264 ","SINAPI","ELETRICISTA COM ENCARGOS COMPLEMENTARES","SEDI - SERVIÇOS DIVERSOS",null,"H",{"v":0.023,"d":"0.0230000"},19.14,0.44]
["Insumo"," 00021127 ","SINAPI","FITA ISOLANTE ADESIVA ANTICHAMA, USO ATE 750 V, EM ROLO DE 19 MM X 5 M","Material",null,"UN",{"v":0.0094,"d":"0.0094000"},2.52,0.02]
["Insumo"," 00001013 ","SINAPI","CABO DE COBRE, FLEXIVEL, CLASSE 4 OU 5, ISOLACAO EM PVC/A, ANTICHAMA BWF-B, 1 CONDUTOR, 450/750 V, SECAO NOMINAL 1,5 MM2","Material",null,"M",{"v":1.2434,"d":"1.2434000"},1.24,1.54]
[{"$nulls":4},"MO sem LS =>",0.61,"LS =>",{"v":0,"d":"0.00"},"MO com LS =>",0.61]
[{"$nulls":4},"Valor do BDI =>",{"v":0.5,"d":"0.50"},null,"Valor com BDI =>",null,2.87]
[{"$nulls":6},"Quant. =>","610,00","Preço Total =>",{"v":1750.7,"d":"1,750.70"}]
[]
[" 2.4.24 ","Código","Banco","Descrição","Tipo",null,"Und","Quant.","Valor Unit","Total"]
["Composição"," 91926 ","SINAPI","CABO DE COBRE FLEXÍVEL ISOLADO, 2,5 MM², ANTI-CHAMA 450/750 V, PARA CIRCUITOS TERMINAIS - FORNECIMENTO E INSTALAÇÃO. AF_03/2023","INEL - INSTALAÇÃO ELÉTRICA/ELETRIFICAÇÃO E ILUMINAÇÃO EXTERNA",null,"M",{"v":1,"d":"1.0000000"},3.47,3.47]
["Composição Auxiliar"," 88264 ","SINAPI","ELETRICISTA COM ENCARGOS COMPLEMENTARES","SEDI - SERVIÇOS DIVERSOS",null,"H",{"v":0.029,"d":"0.0290000"},19.14,0.55]
["Composição Auxiliar"," 88247 ","SINAPI","AUXILIAR DE ELETRICISTA COM ENCARGOS COMPLEMENTARES","SEDI - SERVIÇOS DIVERSOS",null,"H",{"v":0.029,"d":"0.0290000"},16.09,0.46]
["Insumo"," 00021127 ","SINAPI","FITA ISOLANTE ADESIVA ANTICHAMA, USO ATE 750 V, EM ROLO DE 19 MM X 5 M","Material",null,"UN",{"v":0.0094,"d":"0.0094000"},2.52,0.02]
["Insumo"," 00001014 ","SINAPI","CABO DE COBRE, FLEXIVEL, CLASSE 4 OU 5, ISOLACAO EM PVC/A, ANTICHAMA BWF-B, 1 CONDUTOR, 450/750 V, SECAO NOMINAL 2,5 MM2","Material",null,"M",{"v":1.2434,"d":"1.2434000"},1.97,2.44]
[{"$nulls":4},"MO sem LS =>",0.78,"LS =>",{"v":0,"d":"0.00"},"MO com LS =>",0.78]
[{"$nulls":4},"Valor do BDI =>",0.74,null,"Valor com BDI =>",null,4.21]
[{"$nulls":6},"Quant. =>","610,00","Preço Total =>",{"v":2568.1,"d":"2,568.10"}]
[]
[" 2.4.25 ","Código","Banco","Descrição","Tipo",null,"Und","Quant.","Valor Unit","Total"]
["Composição"," 91928 ","SINAPI","CABO DE COBRE FLEXÍVEL ISOLADO, 4 MM², ANTI-CHAMA 450/750 V, PARA CIRCUITOS TERMINAIS - FORNECIMENTO E INSTALAÇÃO. AF_03/2023","INEL - INSTALAÇÃO ELÉTRICA/ELETRIFICAÇÃO E ILUMINAÇÃO EXTERNA",null,"M",{"v":1,"d":"1.0000000"},5.44,5.44]
["Composição Auxiliar"," 88264 ","SINAPI","ELETRICISTA COM ENCARGOS COMPLEMENTARES","SEDI - SERVIÇOS DIVERSOS",null,"H",{"v":0.039,"d":"0.0390000"},19.14,0.74]
["Composição Auxiliar"," 88247 ","SINAPI","AUXILIAR DE ELETRICISTA COM ENCARGOS COMPLEMENTARES","SEDI - SERVIÇOS DIVERSOS",null,"H",{"v":0.039,"d":"0.0390000"},16.09,0.62]
["Insumo"," 00000981 ","SINAPI","CABO DE COBRE, FLEXIVEL, CLASSE 4 OU 5, ISOLACAO EM PVC/A, ANTICHAMA BWF-B, 1 CONDUTOR, 450/750 V, SECAO NOMINAL 4 MM2","Material",null,"M",{"v":1.2434,"d":"1.2434000"},3.27,4.06]
["Insumo"," 00021127 ","SINAPI","FITA ISOLANTE ADESIVA ANTICHAMA, USO ATE 750 V, EM ROLO DE 19 MM X 5 M","Material",null,"UN",{"v":0.0094,"d":"0.0094000"},2.52,0.02]
[{"$nulls":4},"MO sem LS =>",1.06,"LS =>",{"v":0,"d":"0.00"},"MO com LS =>",1.06]
[{"$nulls":4},"Valor do BDI =>",1.17,null,"Valor com BDI =>",null,6.61]
[{"$nulls":6},"Quant. =>","395,00","Preço Total =>",{"v":2610.95,"d":"2,610.95"}]
[]
[" 2.4.26 ","Código","Banco","Descrição","Tipo",null,"Und","Quant.","Valor Unit","Total"]
["Composição"," 91930 ","SINAPI","CABO DE COBRE FLEXÍVEL ISOLADO, 6 MM², ANTI-CHAMA 450/750 V, PARA CIRCUITOS TERMINAIS - FORNECIMENTO E INSTALAÇÃO. AF_03/2023","INEL - INSTALAÇÃO ELÉTRICA/ELETRIFICAÇÃO E ILUMINAÇÃO EXTERNA",null,"M",{"v":1,"d":"1.0000000"},7.65,7.65]
["Composição Auxiliar"," 88264 ","SINAPI","ELETRICISTA COM ENCARGOS COMPLEMENTARES","SEDI - SERVIÇOS DIVERSOS",null,"H",{"v":0.051,"d":"0.0510000"},19.14,0.97]
["Composição Auxiliar"," 88247 ","SINAPI","AUXILIAR DE ELETRICISTA COM ENCARGOS COMPLEMENTARES","SEDI - SERVIÇOS DIVERSOS",null,"H",{"v":0.051,"d":"0.0510000"},16.09,0.82]
["Insumo"," 00000982 ","SINAPI","CABO DE COBRE, FLEXIVEL, CLASSE 4 OU 5, ISOLACAO EM PVC/A, ANTICHAMA BWF-B, 1 CONDUTOR, 450/750 V, SECAO NOMINAL 6 MM2","Material",null,"M",{"v":1.2434,"d":"1.2434000"},{"v":4.7,"d":"4.70"},5.84]
["Insumo"," 00021127 ","SINAPI","FITA ISOLANTE ADESIVA ANTICHAMA, USO ATE 750 V, EM ROLO DE 19 MM X 5 M","Material",null,"UN",{"v":0.0094,"d":"0.0094000"},2.52,0.02]
[{"$nulls":4},"MO sem LS =>",1.38,"LS =>",{"v":0,"d":"0.00"},"MO com LS =>",1.38]
[{"$nulls":4},"Valor do BDI =>",1.64,null,"Valor com BDI =>",null,9.29]
[{"$nulls":6},"Quant. =>","200,00","Preço Total =>",{"v":1858,"d":"1,858.00"}]
[]
[" 2.4.27 ","Código","Banco","Descrição","Tipo",null,"Und","Quant.","Valor Unit","Total"]
["Composição"," 103784 ","SINAPI","LUMINÁRIA TIPO PLAFON QUADRADA, DE SOBREPOR, COM LED DE 18 W - FORNECIMENTO E INSTALAÇÃO. AF_09/2024","Iluminação Predial e Monitoramento",null,"UN",{"v":1,"d":"1.0000000"},34.61,34.61]
["Composição Auxiliar"," 88264 ","SINAPI","ELETRICISTA COM ENCARGOS COMPLEMENTARES","SEDI - SERVIÇOS DIVERSOS",null,"H",0.5310383,19.14,10.16]
["Composição Auxiliar"," 88247 ","SINAPI","AUXILIAR DE ELETRICISTA COM ENCARGOS COMPLEMENTARES","SEDI - SERVIÇOS DIVERSOS",null,"H",0.1659495,16.09,2.67]
["Insumo"," 00044794 ","SINAPI","LUMINARIA PAINEL PLAFON DE SOBREPOR, SLIM, QUADRADA *22 X 22* CM, EM ALUMINIO ACABAMENTO BRANCO, COM ACRILICO, COM LAMPADAS LED 18W, BIVOLT","Material",null,"UN",{"v":1,"d":"1.0000000"},21.78,21.78]
[{"$nulls":4},"MO sem LS =>",10.06,"LS =>",{"v":0,"d":"0.00"},"MO com LS =>",10.06]
[{"$nulls":4},"Valor do BDI =>",7.44,null,"Valor com BDI =>",null,42.05]
[{"$nulls":6},"Quant. =>","53,00","Preço Total =>",{"v":2228.65,"d":"2,228.65"}]
[]
[" 2.4.28 ","Código","Banco","Descrição","Tipo",null,"Und","Quant.","Valor Unit","Total"]
["Composição"," 12229 ","ORSE","Quadro de distribuição de embutir, em chapa de aço, para até 36 disjuntores, com barramento, padrão DIN, exclusive disjuntores","Conversão InfoWOrca",null,"un",{"v":1,"d":"1.0000000"},618.28,618.28]
["Item","Código","Banco","Descrição","Tipo",null,"Und","Quant.","Valor Unit","Total"]
["Composição"," 10549 ","ORSE","Encargos Complementares - Servente","Provisórios",null,"h",{"v":2.7,"d":"2.7000000"},"2,79","7,53"]
["Insumo"," 2532 ","ORSE","Quadro de distribuição de embutir em chapa de aço, p/até 36 disjuntores c/barramento, padrão DIN, Cemar ou similar","Material",null,"un",{"v":1,"d":"1.0000000"},"420,59","420,59"]
["Composição"," 10550 ","ORSE","Encargos Complementares - Pedreiro","Provisórios",null,"h",{"v":1.8,"d":"1.8000000"},"2,69","4,84"]
["Insumo"," 00004750/SINAPI ","ORSE","Pedreiro (horista)","Mão de Obra",null,"h",{"v":1.8,"d":"1.8000000"},"14,28","25,70"]
["Composição"," 10552 ","ORSE","Encargos Complementares - Eletricista","Provisórios",null,"h",{"v":7.2,"d":"7.2000000"},"2,69","19,36"]
["Composição"," 87296 ","SINAPI","ARGAMASSA TRAÇO 1:3:12 (EM VOLUME DE CIMENTO, CAL E AREIA MÉDIA ÚMIDA) PARA EMBOÇO/MASSA ÚNICA/ASSENTAMENTO DE ALVENARIA DE VEDAÇÃO, PREPARO MECÂNICO COM BETONEIRA 600 L. AF_08/2019","SEDI - SERVIÇOS DIVERSOS",null,"m³",{"v":0.017,"d":"0.0170000"},"401,88","6,83"]
["Insumo"," 00002436/SINAPI ","ORSE","Eletricista (horista)","Mão de Obra",null,"h",{"v":7.2,"d":"7.2000000"},"14,28","102,81"]
["Insumo"," 00006111/SINAPI ","ORSE","Servente de obras (horista)","Mão de Obra",null,"h",{"v":2.7,"d":"2.7000000"},"10,95","29,56"]
["Detalhamento de Cálculo ORSE"]
["Item","Código","Banco","Descrição","Tipo",null,"Und","Quant.","Valor Unit","Total"]
["Insumo"," 941 ","ORSE","Fardamento com mangas curta","Material",null,"un",{"v":0.01755,"d":"0.0175500"},"145,26","2,54"]
["Insumo"," 10362 ","ORSE","Seguro de vida e acidente em grupo","Serviços",null,"un",{"v":0.05265,"d":"0.0526500"},"9,33","0,49"]
["Insumo"," 10517 ","ORSE","Exames admissionais/demissionais (checkup)","Serviços",null,"cj",{"v":0.00468,"d":"0.0046800"},"223,06","1,04"]
["Insumo"," 00012893/SINAPI ","ORSE","Bota de seguranca com biqueira de aco e colarinho acolchoado","Material",null,"par",{"v":0.00864,"d":"0.0086400"},"49,97","0,43"]
["Insumo"," 00012892/SINAPI ","ORSE","Luva raspa de couro, cano curto (punho *7* cm)","Material",null,"par",{"v":0.02691,"d":"0.0269100"},"9,37","0,25"]
["Insumo"," 10492 ","ORSE","Cesta Básica","Material",null,"un",{"v":0.05265,"d":"0.0526500"},"141,27","7,43"]
["Insumo"," 00012895/SINAPI ","ORSE","Capacete de seguranca aba frontal com suspensao de polietileno, sem jugular (classe b)","Material",null,"un",{"v":0.00702,"d":"0.0070200"},"10,41","0,07"]
["Insumo"," 10761 ","ORSE","Refeição - café da manhã ( café com leite e dois pães com manteiga)","Serviços",null,"un",{"v":1.19106,"d":"1.1910600"},"3,72","4,43"]
["Insumo"," 158 ","ORSE","Almoço (Participação do empregador)","Material",null,"un",{"v":1.19106,"d":"1.1910600"},"10,41","12,39"]
["Insumo"," 2378 ","ORSE","Vale transporte","Material",null,"un",{"v":0.84267,"d":"0.8426700"},"3,35","2,82"]
["Insumo"," 10788 ","ORSE","Pá quadrada","Material",null,"un",{"v":0.00054,"d":"0.0005400"},"27,44","0,01"]
["Insumo"," 4728 ","ORSE","Talhadeira chata 10\"","Material",null,"un",{"v":0.00081,"d":"0.0008100"},"13,81","0,01"]
["Insumo"," 10596 ","ORSE","Protetor auricular","Material",null,"un",{"v":0.05265,"d":"0.0526500"},"3,64","0,19"]
["Insumo"," 1651 ","ORSE","Óculos branco proteção","Material",null,"pr",{"v":0.00936,"d":"0.0093600"},"5,21","0,04"]
["Insumo"," 10599 ","ORSE","Protetor solar fps 30 com 120ml","Material",null,"un",{"v":0.02106,"d":"0.0210600"},"13,39","0,28"]
["Insumo"," 00002711/SINAPI ","ORSE","Carrinho de mao, em aco, com capacidade de *45 a 65* l / *100* kg, pneu com camara","Material",null,"un",{"v":0.00054,"d":"0.0005400"},"121,94","0,06"]
["Insumo"," 4729 ","ORSE","Marreta 1 kg com cabo","Material",null,"un",{"v":2.7E-4,"d":"0.0002700"},"28,11","0,00"]
["Insumo"," 00012894/SINAPI ","ORSE","Capa para chuva em pvc com forro de poliester, com capuz (amarela ou azul)","Material",null,"un",{"v":0.00234,"d":"0.0023400"},"13,53","0,03"]
["Insumo"," 2532 ","ORSE","Quadro de distribuição de embutir em chapa de aço, p/até 36 disjuntores c/barramento, padrão DIN, Cemar ou similar","Material",null,"un",{"v":1,"d":"1.0000000"},"420,59","420,59"]
["Insumo"," 11246 ","ORSE","Escala métrica de bambú","Material",null,"Un",{"v":0.00126,"d":"0.0012600"},"7,60","0,00"]
["Insumo"," 10282 ","ORSE","Regua de alumínio c/ 2,00m (para pedreiro)","Material",null,"un",{"v":0.00036,"d":"0.0003600"},"32,71","0,01"]
["Insumo"," 11265 ","ORSE","Martelo de borracha com cabo","Material",null,"un",{"v":0.00072,"d":"0.0007200"},"13,94","0,01"]
["Insumo"," 4722 ","ORSE","Colher de pedreiro","Material",null,"un",{"v":0.00072,"d":"0.0007200"},"13,98","0,01"]
["Insumo"," 11245 ","ORSE","Desempoladeira de madeira 12x22","Material",null,"un",{"v":0.00126,"d":"0.0012600"},"8,62","0,01"]
["Insumo"," 11247 ","ORSE","Serra mármore","Material",null,"un",{"v":0.00018,"d":"0.0001800"},"243,74","0,04"]
["Insumo"," 10790 ","ORSE","Prumo de face","Material",null,"un",{"v":0.00018,"d":"0.0001800"},"19,30","0,00"]
["Insumo"," 11264 ","ORSE","Marreta de 1/2 kg com cabo","Material",null,"un",{"v":0.00036,"d":"0.0003600"},"10,05","0,00"]
["Insumo"," 10789 ","ORSE","Nível de bolha de madeira","Material",null,"un",{"v":0.00036,"d":"0.0003600"},"11,46","0,00"]
["Insumo"," 4174 ","ORSE","Desempenadeira de aço lisa, cabo madeira, ref:143, Atlas ou similar","Material",null,"un",{"v":0.0009,"d":"0.0009000"},"8,92","0,00"]
["Insumo"," 11243 ","ORSE","Martelo sem unha","Material",null,"un",{"v":0.00018,"d":"0.0001800"},"20,82","0,00"]
["Insumo"," 00004750/SINAPI ","ORSE","Pedreiro (horista)","Mão de Obra",null,"h",{"v":1.8,"d":"1.8000000"},"14,28","25,70"]
["Insumo"," 11242 ","ORSE","Chave inglesa 12\"","Material",null,"un",{"v":0.00072,"d":"0.0007200"},"25,28","0,01"]
["Insumo"," 11240 ","ORSE","Alicate com isolamento","Material",null,"un",{"v":0.00144,"d":"0.0014400"},"35,46","0,05"]
["Insumo"," 11241 ","ORSE","Alicate volt-amperimetro","Material",null,"un",{"v":0.00144,"d":"0.0014400"},"126,85","0,18"]
["Insumo"," 10579 ","ORSE","Chave de fenda chata 30 cm","Material",null,"un",{"v":0.00144,"d":"0.0014400"},"19,99","0,02"]
["Insumo"," 00001379 ","SINAPI","CIMENTO PORTLAND COMPOSTO CP II-32","Material",null,"KG",{"v":2.31013,"d":"2.3101300"},"0,52","1,20"]
["Insumo"," 00000370 ","SINAPI","AREIA MEDIA - POSTO JAZIDA/FORNECEDOR (RETIRADO NA JAZIDA, SEM TRANSPORTE)","Material",null,"M³",{"v":0.02057,"d":"0.0205700"},"104,10","2,14"]
["Insumo"," 00037666 ","SINAPI","OPERADOR DE BETONEIRA ESTACIONARIA / MISTURADOR (HORISTA)","Mão de Obra",null,"H",{"v":0.0543378259,"d":"0.0543378"},"9,32","0,50"]
["Insumo"," 00037370 ","SINAPI","ALIMENTACAO - HORISTA (COLETADO CAIXA - ENCARGOS COMPLEMENTARES)","Material",null,"H",{"v":0.06681,"d":"0.0668100"},"0,68","0,04"]
["Insumo"," 00043464 ","SINAPI","FERRAMENTAS - FAMILIA OPERADOR ESCAVADEIRA - HORISTA (ENCARGOS COMPLEMENTARES - COLETADO CAIXA)","Equipamento",null,"H",{"v":0.05389,"d":"0.0538900"},"0,01","0,00"]
["Insumo"," 00043488 ","SINAPI","EPI - FAMILIA OPERADOR ESCAVADEIRA - HORISTA (ENCARGOS COMPLEMENTARES - COLETADO CAIXA)","Equipamento",null,"H",{"v":0.05389,"d":"0.0538900"},"0,66","0,03"]
["Insumo"," 00037373 ","SINAPI","SEGURO - HORISTA (COLETADO CAIXA - ENCARGOS COMPLEMENTARES)","Taxas",null,"H",{"v":0.06681,"d":"0.0668100"},"0,06","0,00"]
["Insumo"," 00037372 ","SINAPI","EXAMES - HORISTA (COLETADO CAIXA - ENCARGOS COMPLEMENTARES)","Material",null,"H",{"v":0.06681,"d":"0.0668100"},"1,06","0,07"]
["Insumo"," 00037371 ","SINAPI","TRANSPORTE - HORISTA (COLETADO CAIXA - ENCARGOS COMPLEMENTARES)","Serviços",null,"H",{"v":0.06681,"d":"0.0668100"},"0,59","0,03"]
["Insumo"," 00002705 ","SINAPI","ENERGIA ELETRICA ATE 2000 KWH INDUSTRIAL, SEM DEMANDA","Material",null,"KW/H",{"v":0.03145,"d":"0.0314500"},"0,55","0,01"]
["Insumo"," 00036397 ","SINAPI","BETONEIRA, CAPACIDADE NOMINAL 600 L, CAPACIDADE DE MISTURA 360L, MOTOR ELETRICO TRIFASICO 220/380V, POTENCIA 4CV, EXCLUSO CARREGADOR","Equipamento",null,"UN",{"v":5.127132e-06,"d":"0.0000051"},"15.727,94","0,08"]
["Insumo"," 00006111 ","SINAPI","SERVENTE DE OBRAS (HORISTA)","Mão de Obra",null,"H",{"v":0.013193904,"d":"0.0131939"},"11,06","0,14"]
["Insumo"," 00043467 ","SINAPI","FERRAMENTAS - FAMILIA SERVENTE - HORISTA (ENCARGOS COMPLEMENTARES - COLETADO CAIXA)","Equipamento",null,"H",{"v":0.01292,"d":"0.0129200"},"0,46","0,00"]
["Insumo"," 00043491 ","SINAPI","EPI - FAMILIA SERVENTE - HORISTA (ENCARGOS COMPLEMENTARES - COLETADO CAIXA)","Equipamento",null,"H",{"v":0.01292,"d":"0.0129200"},"1,03","0,01"]
["Insumo"," 00001106 ","SINAPI","CAL HIDRATADA CH-I PARA ARGAMASSAS","Material",null,"KG",{"v":3.08023,"d":"3.0802300"},"0,82","2,52"]
["Insumo"," 00002436/SINAPI ","ORSE","Eletricista (horista)","Mão de Obra",null,"h",{"v":7.2,"d":"7.2000000"},"14,28","102,81"]
["Insumo"," 00006111/SINAPI ","ORSE","Servente de obras (horista)","Mão de Obra",null,"h",{"v":2.7,"d":"2.7000000"},"10,95","29,56"]
[{"$nulls":4},"MO sem LS =>",158.71,"LS =>",{"v":0,"d":"0.00"},"MO com LS =>",158.71]
[{"$nulls":4},"Valor do BDI =>",132.99,null,"Valor com BDI =>",null,751.27]
[{"$nulls":6},"Quant. =>","1,00","Preço Total =>",751.27]
[]
[" 2.5 ",null,null,"LOUÇAS E METAIS"]
[" 2.5.1 ","Código","Banco","Descrição","Tipo",null,"Und","Quant.","Valor Unit","Total"]
["Composição"," 86931 ","SINAPI","VASO SANITÁRIO SIFONADO COM CAIXA ACOPLADA LOUÇA BRANCA, INCLUSO ENGATE FLEXÍVEL EM PLÁSTICO BRANCO, 1/2 X 40CM - FORNECIMENTO E INSTALAÇÃO. AF_01/2020","INHI - INSTALAÇÕES HIDROS SANITÁRIAS",null,"UN",{"v":1,"d":"1.0000000"},{"v":388.4,"d":"388.40"},{"v":388.4,"d":"388.40"}]
["Composição Auxiliar"," 86885 ","SINAPI","ENGATE FLEXÍVEL EM PLÁSTICO BRANCO, 1/2\" X 40CM - FORNECIMENTO E INSTALAÇÃO. AF_01/2020","INHI - INSTALAÇÕES HIDROS SANITÁRIAS",null,"UN",{"v":1,"d":"1.0000000"},8.45,8.45]
["Composição Auxiliar"," 86888 ","SINAPI","VASO SANITÁRIO SIFONADO COM CAIXA ACOPLADA LOUÇA BRANCA - FORNECIMENTO E INSTALAÇÃO. AF_01/2020","INHI - INSTALAÇÕES HIDROS SANITÁRIAS",null,"UN",{"v":1,"d":"1.0000000"},379.95,379.95]
[{"$nulls":4},"MO sem LS =>",19.12,"LS =>",{"v":0,"d":"0.00"},"MO com LS =>",19.12]
[{"$nulls":4},"Valor do BDI =>",83.54,null,"Valor com BDI =>",null,471.94]
[{"$nulls":6},"Quant. =>","4,00","Preço Total =>",{"v":1887.76,"d":"1,887.76"}]
[]
[" 2.5.2 ","Código","Banco","Descrição","Tipo",null,"Und","Quant.","Valor Unit","Total"]
["Composição"," 95472 ","SINAPI","VASO SANITARIO SIFONADO CONVENCIONAL PARA PCD SEM FURO FRONTAL COM LOUÇA BRANCA SEM ASSENTO, INCLUSO CONJUNTO DE LIGAÇÃO PARA BACIA SANITÁRIA AJUSTÁVEL - FORNECIMENTO E INSTALAÇÃO. AF_01/2020","INHI - INSTALAÇÕES HIDROS SANITÁRIAS",null,"UN",{"v":1,"d":"1.0000000"},606.33,606.33]
["Composição Auxiliar"," 95471 ","SINAPI","VASO SANITARIO SIFONADO CONVENCIONAL PARA PCD SEM FURO FRONTAL COM LOUÇA BRANCA SEM ASSENTO - FORNECIMENTO E INSTALAÇÃO. AF_01/2020","INHI - INSTALAÇÕES HIDROS SANITÁRIAS",null,"UN",{"v":1,"d":"1.0000000"},{"v":599.3,"d":"599.30"},{"v":599.3,"d":"599.30"}]
["Insumo"," 00006142 ","SINAPI","CONJUNTO DE LIGACAO AJUSTAVEL, PARA VASO / BACIA SANITARIA, EM PLASTICO BRANCO, COM TUBO, CANOPLA E ESPUDE","Material",null,"UN",{"v":1,"d":"1.0000000"},7.03,7.03]
[{"$nulls":4},"MO sem LS =>",23.18,"LS =>",{"v":0,"d":"0.00"},"MO com LS =>",23.18]
[{"$nulls":4},"Valor do BDI =>",130.42,null,"Valor com BDI =>",null,736.75]
[{"$nulls":6},"Quant. =>","1,00","Preço Total =>",736.75]
[]
[" 2.5.3 ","Código","Banco","Descrição","Tipo",null,"Und","Quant.","Valor Unit","Total"]
["Composição"," 200067 ","SBC","BANCADA SECA EM GRANITO BRANCO ITAUNAS","ELEMENTOS DECORATIVOS",null,"m²",{"v":1,"d":"1.0000000"},396.45,396.45]
["Insumo"," 099664 ","SBC","AJUDANTE ESPECIALIZADO - MARMORISTA","Mão de Obra",null,"H",{"v":0.762,"d":"0.7620000"},13.67,10.41]
["Insumo"," 010392 ","SBC","MARMORE BRANCO ITAUNA 3cm","Material",null,"m²",{"v":1.05,"d":"1.0500000"},185.89,195.18]
["Insumo"," 000050 ","SBC","CIMENTO PORTLAND CP III 32RS NBR 11578 (quilo)","Material",null,"KG",{"v":1.26,"d":"1.2600000"},0.52,0.65]
["Insumo"," 099398 ","SBC","MARMORISTA","Mão de Obra",null,"H",{"v":0.762,"d":"0.7620000"},15.15,11.54]
["Insumo"," 000100 ","SBC","AREIA GROSSA LAVADA","Material",null,"m³",{"v":2E-3,"d":"0.0020000"},105.45,0.21]
["Insumo"," 004612 ","SBC","APOIO EM MAO FRANCESA EM ACO INOXIDAVEL 304 40cm","Material",null,"UN",{"v":2,"d":"2.0000000"},89.23,178.46]
[{"$nulls":4},"MO sem LS =>",21.95,"LS =>",{"v":0,"d":"0.00"},"MO com LS =>",21.95]
[{"$nulls":4},"Valor do BDI =>",85.27,null,"Valor com BDI =>",null,481.72]
[{"$nulls":6},"Quant. =>","1,215","Preço Total =>",585.28]
[]
[" 2.5.4 ","Código","Banco","Descrição","Tipo",null,"Und","Quant.","Valor Unit","Total"]
["Composição"," 190188 ","SBC","CUBA DE SOBREPOR RETANGULAR L.1061.17 DECA COM METAIS","APARELHOS SANITARIOS",null,"UN",{"v":1,"d":"1.0000000"},328.04,328.04]
["Insumo"," 028152 ","SBC","CUBA DE EMBUTIR REDONDA 360mm L-41.17 DECA","Material",null,"UN",{"v":1,"d":"1.0000000"},69.74,69.74]
["Insumo"," 099200 ","SBC","BOMBEIRO OU ENCANADOR","Mão de Obra",null,"H",{"v":2.475,"d":"2.4750000"},14.83,{"v":36.7,"d":"36.70"}]
["Insumo"," 033132 ","SBC","VALVULA METAL CROMADO 3.1/2\" x 1.1/2\" PARA CUBA","Material",null,"UN",{"v":1,"d":"1.0000000"},41.87,41.87]
["Insumo"," 000100 ","SBC","AREIA GROSSA LAVADA","Material",null,"m³",{"v":1E-3,"d":"0.0010000"},105.45,{"v":0.1,"d":"0.10"}]
["Insumo"," 004636 ","SBC","FITA TEFLON VEDA ROSCA 18mm x 25m","Material",null,"M",{"v":0.7,"d":"0.7000000"},{"v":0.5,"d":"0.50"},0.35]
["Insumo"," 006900 ","SBC","SIFAO PARA PIA AMERICANA 1.1/2\"x1.1/2\" CROMADO","Material",null,"UN",{"v":1,"d":"1.0000000"},127.06,127.06]
["Insumo"," 099034 ","SBC","AJUDANTE DE BOMBEIRO OU ENCANADOR","Mão de Obra",null,"H",{"v":2.475,"d":"2.4750000"},13.67,33.83]
["Insumo"," 003818 ","SBC","RABICHO FLEXIVEL 40cm PVC 1/2\" COM CANOPLAS","Material",null,"UN",{"v":1,"d":"1.0000000"},11.75,11.75]
["Insumo"," 001100 ","SBC","CIMENTO DIRECIONAL BRANCO","Material",null,"KG",{"v":0.7,"d":"0.7000000"},3.48,2.43]
["Insumo"," 000050 ","SBC","CIMENTO PORTLAND CP III 32RS NBR 11578 (quilo)","Material",null,"KG",{"v":8.1,"d":"8.1000000"},0.52,4.21]
[{"$nulls":4},"MO sem LS =>",70.53,"LS =>",{"v":0,"d":"0.00"},"MO com LS =>",70.53]
[{"$nulls":4},"Valor do BDI =>",70.56,null,"Valor com BDI =>",null,{"v":398.6,"d":"398.60"}]
[{"$nulls":6},"Quant. =>","4,00","Preço Total =>",{"v":1594.4,"d":"1,594.40"}]
[]
[" 2.5.5 ","Código","Banco","Descrição","Tipo",null,"Und","Quant.","Valor Unit","Total"]
["Composição"," 86941 ","SINAPI","LAVATÓRIO LOUÇA BRANCA COM COLUNA, 45 X 55CM OU EQUIVALENTE, PADRÃO MÉDIO, INCLUSO SIFÃO TIPO GARRAFA, VÁLVULA E ENGATE FLEXÍVEL DE 40CM EM METAL CROMADO, COM TORNEIRA CROMADA DE MESA, PADRÃO MÉDIO - FORNECIMENTO E INSTALAÇÃO. AF_01/2020","INHI - INSTALAÇÕES HIDROS SANITÁRIAS",null,"UN",{"v":1,"d":"1.0000000"},613.44,613.44]
["Composição Auxiliar"," 86887 ","SINAPI","ENGATE FLEXÍVEL EM INOX, 1/2 X 40CM - FORNECIMENTO E INSTALAÇÃO. AF_01/2020","INHI - INSTALAÇÕES HIDROS SANITÁRIAS",null,"UN",{"v":1,"d":"1.0000000"},{"v":36.9,"d":"36.90"},{"v":36.9,"d":"36.90"}]
["Composição Auxiliar"," 86877 ","SINAPI","VÁLVULA EM METAL CROMADO 1.1/2\" X 1.1/2\" PARA TANQUE OU LAVATÓRIO, COM OU SEM LADRÃO - FORNECIMENTO E INSTALAÇÃO. AF_01/2020","INHI - INSTALAÇÕES HIDROS SANITÁRIAS",null,"UN",{"v":1,"d":"1.0000000"},{"v":45.9,"d":"45.90"},{"v":45.9,"d":"45.90"}]
["Composição Auxiliar"," 86881 ","SINAPI","SIFÃO DO TIPO GARRAFA EM METAL CROMADO 1 X 1.1/2\" - FORNECIMENTO E INSTALAÇÃO. AF_01/2020","INHI - INSTALAÇÕES HIDROS SANITÁRIAS",null,"UN",{"v":1,"d":"1.0000000"},139.31,139.31]
["Composição Auxiliar"," 86903 ","SINAPI","LAVATÓRIO LOUÇA BRANCA COM COLUNA, 45 X 55CM OU EQUIVALENTE, PADRÃO MÉDIO - FORNECIMENTO E INSTALAÇÃO. AF_01/2020","INHI - INSTALAÇÕES HIDROS SANITÁRIAS",null,"UN",{"v":1,"d":"1.0000000"},272.85,272.85]
["Composição Auxiliar"," 86915 ","SINAPI","TORNEIRA CROMADA DE MESA, 1/2\" OU 3/4\", PARA LAVATÓRIO, PADRÃO MÉDIO - FORNECIMENTO E INSTALAÇÃO. AF_01/2020","INHI - INSTALAÇÕES HIDROS SANITÁRIAS",null,"UN",{"v":1,"d":"1.0000000"},118.48,118.48]
[{"$nulls":4},"MO sem LS =>",41.46,"LS =>",{"v":0,"d":"0.00"},"MO com LS =>",41.46]
[{"$nulls":4},"Valor do BDI =>",131.95,null,"Valor com BDI =>",null,745.39]
[{"$nulls":6},"Quant. =>","1,00","Preço Total =>",745.39]
[]
[" 2.5.6 ","Código","Banco","Descrição","Tipo",null,"Und","Quant.","Valor Unit","Total"]
["Composição"," 190429 ","SBC","BANCADA EM GRANITO CINZA ANDORINHA","APARELHOS SANITARIOS",null,"m²",{"v":1,"d":"1.0000000"},365.37,365.37]
["Insumo"," 099664 ","SBC","AJUDANTE ESPECIALIZADO - MARMORISTA","Mão de Obra",null,"H",{"v":0.762,"d":"0.7620000"},13.67,10.41]
["Insumo"," 010414 ","SBC","GRANITO CINZA ANDORINHA 2cm","Material",null,"m²",{"v":1.05,"d":"1.0500000"},148.71,156.14]
["Insumo"," 000100 ","SBC","AREIA GROSSA LAVADA","Material",null,"m³",{"v":1E-3,"d":"0.0010000"},105.45,{"v":0.1,"d":"0.10"}]
["Insumo"," 099398 ","SBC","MARMORISTA","Mão de Obra",null,"H",{"v":0.762,"d":"0.7620000"},15.15,11.54]
["Insumo"," 001100 ","SBC","CIMENTO DIRECIONAL BRANCO","Material",null,"KG",{"v":1.82,"d":"1.8200000"},3.48,6.33]
["Insumo"," 004612 ","SBC","APOIO EM MAO FRANCESA EM ACO INOXIDAVEL 304 40cm","Material",null,"UN",{"v":2,"d":"2.0000000"},89.23,178.46]
["Insumo"," 000050 ","SBC","CIMENTO PORTLAND CP III 32RS NBR 11578 (quilo)","Material",null,"KG",{"v":4.6,"d":"4.6000000"},0.52,2.39]
[{"$nulls":4},"MO sem LS =>",21.95,"LS =>",{"v":0,"d":"0.00"},"MO com LS =>",21.95]
[{"$nulls":4},"Valor do BDI =>",78.59,null,"Valor com BDI =>",null,443.96]
[{"$nulls":6},"Quant. =>","2,53","Preço Total =>",{"v":1123.21,"d":"1,123.21"}]
[]
[" 2.5.7 ","Código","Banco","Descrição","Tipo",null,"Und","Quant.","Valor Unit","Total"]
["Composição"," 86936 ","SINAPI","CUBA DE EMBUTIR DE AÇO INOXIDÁVEL MÉDIA, INCLUSO VÁLVULA TIPO AMERICANA E SIFÃO TIPO GARRAFA EM METAL CROMADO - FORNECIMENTO E INSTALAÇÃO. AF_01/2020","INHI - INSTALAÇÕES HIDROS SANITÁRIAS",null,"UN",{"v":1,"d":"1.0000000"},361.59,361.59]
["Composição Auxiliar"," 86900 ","SINAPI","CUBA DE EMBUTIR RETANGULAR DE AÇO INOXIDÁVEL, 46 X 30 X 12 CM - FORNECIMENTO E INSTALAÇÃO. AF_01/2020","INHI - INSTALAÇÕES HIDROS SANITÁRIAS",null,"UN",{"v":1,"d":"1.0000000"},172.81,172.81]
["Composição Auxiliar"," 86881 ","SINAPI","SIFÃO DO TIPO GARRAFA EM METAL CROMADO 1 X 1.1/2\" - FORNECIMENTO E INSTALAÇÃO. AF_01/2020","INHI - INSTALAÇÕES HIDROS SANITÁRIAS",null,"UN",{"v":1,"d":"1.0000000"},139.31,139.31]
["Composição Auxiliar"," 86878 ","SINAPI","VÁLVULA EM METAL CROMADO TIPO AMERICANA 3.1/2\" X 1.1/2\" PARA PIA - FORNECIMENTO E INSTALAÇÃO. AF_01/2020","INHI - INSTALAÇÕES HIDROS SANITÁRIAS",null,"UN",{"v":1,"d":"1.0000000"},49.47,49.47]
[{"$nulls":4},"MO sem LS =>",16.89,"LS =>",{"v":0,"d":"0.00"},"MO com LS =>",16.89]
[{"$nulls":4},"Valor do BDI =>",77.77,null,"Valor com BDI =>",null,439.36]
[{"$nulls":6},"Quant. =>","1,00","Preço Total =>",439.36]
[]
[" 2.5.8 ","Código","Banco","Descrição","Tipo",null,"Und","Quant.","Valor Unit","Total"]
["Composição"," 86915 ","SINAPI","TORNEIRA CROMADA DE MESA, 1/2\" OU 3/4\", PARA LAVATÓRIO, PADRÃO MÉDIO - FORNECIMENTO E INSTALAÇÃO. AF_01/2020","INHI - INSTALAÇÕES HIDROS SANITÁRIAS",null,"UN",{"v":1,"d":"1.0000000"},118.48,118.48]
["Composição Auxiliar"," 88316 ","SINAPI","SERVENTE COM ENCARGOS COMPLEMENTARES","SEDI - SERVIÇOS DIVERSOS",null,"H",{"v":0.0303,"d":"0.0303000"},15.17,0.45]
["Composição Auxiliar"," 88267 ","SINAPI","ENCANADOR OU BOMBEIRO HIDRÁULICO COM ENCARGOS COMPLEMENTARES","SEDI - SERVIÇOS DIVERSOS",null,"H",{"v":0.096,"d":"0.0960000"},18.11,1.73]
["Insumo"," 00003146 ","SINAPI","FITA VEDA ROSCA, EM PTFE, ROLO DE 18 MM X 10 M (L X C)","Material",null,"UN",{"v":0.021,"d":"0.0210000"},{"v":1.5,"d":"1.50"},0.03]
["Insumo"," 00036791 ","SINAPI","TORNEIRA METALICA CROMADA DE MESA PARA LAVATORIO, BICA ALTA, COM AREJADOR","Material",null,"UN",{"v":1,"d":"1.0000000"},116.27,116.27]
[{"$nulls":4},"MO sem LS =>",1.74,"LS =>",{"v":0,"d":"0.00"},"MO com LS =>",1.74]
[{"$nulls":4},"Valor do BDI =>",25.48,null,"Valor com BDI =>",null,143.96]
[{"$nulls":6},"Quant. =>","4,00","Preço Total =>",575.84]
[]
[" 2.5.9 ","Código","Banco","Descrição","Tipo",null,"Und","Quant.","Valor Unit","Total"]
["Composição"," 86910 ","SINAPI","TORNEIRA CROMADA TUBO MÓVEL, DE PAREDE, 1/2\" OU 3/4\", PARA PIA DE COZINHA, PADRÃO MÉDIO - FORNECIMENTO E INSTALAÇÃO. AF_01/2020","INHI - INSTALAÇÕES HIDROS SANITÁRIAS",null,"UN",{"v":1,"d":"1.0000000"},{"v":105.7,"d":"105.70"},{"v":105.7,"d":"105.70"}]
["Composição Auxiliar"," 88267 ","SINAPI","ENCANADOR OU BOMBEIRO HIDRÁULICO COM ENCARGOS COMPLEMENTARES","SEDI - SERVIÇOS DIVERSOS",null,"H",{"v":0.1164,"d":"0.1164000"},18.11,{"v":2.1,"d":"2.10"}]
["Composição Auxiliar"," 88316 ","SINAPI","SERVENTE COM ENCARGOS COMPLEMENTARES","SEDI - SERVIÇOS DIVERSOS",null,"H",{"v":0.0367,"d":"0.0367000"},15.17,0.55]
["Insumo"," 00011773 ","SINAPI","TORNEIRA METALICA CROMADA DE PAREDE, PARA COZINHA, BICA MOVEL, COM AREJADOR, 1/2\" OU 3/4\"","Material",null,"UN",{"v":1,"d":"1.0000000"},103.02,103.02]
["Insumo"," 00003146 ","SINAPI","FITA VEDA ROSCA, EM PTFE, ROLO DE 18 MM X 10 M (L X C)","Material",null,"UN",{"v":0.021,"d":"0.0210000"},{"v":1.5,"d":"1.50"},0.03]
[{"$nulls":4},"MO sem LS =>",2.11,"LS =>",{"v":0,"d":"0.00"},"MO com LS =>",2.11]
[{"$nulls":4},"Valor do BDI =>",22.73,null,"Valor com BDI =>",null,128.43]
[{"$nulls":6},"Quant. =>","1,00","Preço Total =>",128.43]
[]
[" 2.5.10 ","Código","Banco","Descrição","Tipo",null,"Und","Quant.","Valor Unit","Total"]
["Composição"," 100867 ","SINAPI","BARRA DE APOIO RETA, EM ACO INOX POLIDO, COMPRIMENTO 70 CM, FIXADA NA PAREDE - FORNECIMENTO E INSTALAÇÃO. AF_01/2020","INHI - INSTALAÇÕES HIDROS SANITÁRIAS",null,"UN",{"v":1,"d":"1.0000000"},261.47,261.47]
["Composição Auxiliar"," 88316 ","SINAPI","SERVENTE COM ENCARGOS COMPLEMENTARES","SEDI - SERVIÇOS DIVERSOS",null,"H",{"v":0.2988,"d":"0.2988000"},15.17,4.53]
["Composição Auxiliar"," 88267 ","SINAPI","ENCANADOR OU BOMBEIRO HIDRÁULICO COM ENCARGOS COMPLEMENTARES","SEDI - SERVIÇOS DIVERSOS",null,"H",{"v":0.9485,"d":"0.9485000"},18.11,17.17]
["Insumo"," 00036205 ","SINAPI","BARRA DE APOIO RETA, EM ACO INOX POLIDO, COMPRIMENTO 70CM, DIAMETRO MINIMO 3 CM","Material",null,"UN",{"v":1,"d":"1.0000000"},157.27,157.27]
["Insumo"," 00004351 ","SINAPI","PARAFUSO NIQUELADO 3 1/2\" COM ACABAMENTO CROMADO PARA FIXAR PECA SANITARIA, INCLUI PORCA CEGA, ARRUELA E BUCHA DE NYLON TAMANHO S-8","Material",null,"UN",{"v":6,"d":"6.0000000"},13.75,{"v":82.5,"d":"82.50"}]
[{"$nulls":4},"MO sem LS =>",17.26,"LS =>",{"v":0,"d":"0.00"},"MO com LS =>",17.26]
[{"$nulls":4},"Valor do BDI =>",56.24,null,"Valor com BDI =>",null,317.71]
[{"$nulls":6},"Quant. =>","2,00","Preço Total =>",635.42]
[]
[" 2.5.11 ","Código","Banco","Descrição","Tipo",null,"Und","Quant.","Valor Unit","Total"]
["Composição"," 99841 ","SINAPI","GUARDA-CORPO PANORÂMICO COM PERFIS DE ALUMÍNIO E VIDRO LAMINADO 8 MM, FIXADO COM CHUMBADOR MECÂNICO. AF_04/2019_PS","ESQV - ESQUADRIAS/FERRAGENS/VIDROS",null,"M",{"v":1,"d":"1.0000000"},929.69,929.69]
["Composição Auxiliar"," 88315 ","SINAPI","SERRALHEIRO COM ENCARGOS COMPLEMENTARES","SEDI - SERVIÇOS DIVERSOS",null,"H",{"v":3.353,"d":"3.3530000"},18.73,{"v":62.8,"d":"62.80"}]
["Composição Auxiliar"," 88251 ","SINAPI","AUXILIAR DE SERRALHEIRO COM ENCARGOS COMPLEMENTARES","SEDI - SERVIÇOS DIVERSOS",null,"H",{"v":2.754,"d":"2.7540000"},15.76,{"v":43.4,"d":"43.40"}]
["Insumo"," 00001332 ","SINAPI","CHAPA DE ACO GROSSA, ASTM A36, E = 3/8\" (9,53 MM) 74,69 KG/M2","Material",null,"KG",{"v":1.4,"d":"1.4000000"},7.04,9.85]
["Insumo"," 00011002 ","SINAPI","ELETRODO REVESTIDO AWS - E6013, DIAMETRO IGUAL A 2,50 MM","Material",null,"KG",{"v":0.003,"d":"0.0030000"},20.34,0.06]
["Insumo"," 00013246 ","SINAPI","PARAFUSO DE ACO ZINCADO, SEXTAVADO, COM ROSCA INTEIRA, DIAMETRO 5/16\", COMPRIMENTO 3/4\", COM PORCA E ARRUELA LISA LEVE","Material",null,"UN",{"v":5,"d":"5.0000000"},0.38,{"v":1.9,"d":"1.90"}]
["Insumo"," 00011964 ","SINAPI","PARAFUSO DE ACO ZINCADO, TIPO CHUMBADOR PARABOLT, DIAMETRO 3/8\", COMPRIMENTO 75 MM","Material",null,"UN",{"v":3.333,"d":"3.3330000"},1.97,6.56]
["Insumo"," 00034360 ","SINAPI","PERFIL DE ALUMINIO ANODIZADO","Material",null,"KG",{"v":3.409,"d":"3.4090000"},33.86,115.42]
["Insumo"," 00020259 ","SINAPI","PERFIL DE BORRACHA EPDM MACICO *12 X 15* MM PARA ESQUADRIAS","Material",null,"M",{"v":3.149,"d":"3.1490000"},9.89,31.14]
["Insumo"," 00034391 ","SINAPI","VIDRO COMUM LAMINADO LISO INCOLOR DUPLO, ESPESSURA TOTAL 8 MM (CADA CAMADA DE 4 MM) - COLOCADO","Material",null,"M²",{"v":0.998,"d":"0.9980000"},640.75,639.46]
["Insumo"," 00039961 ","SINAPI","SILICONE ACETICO USO GERAL INCOLOR 280 G","Material",null,"UN",{"v":0.855,"d":"0.8550000"},22.34,{"v":19.1,"d":"19.10"}]
[{"$nulls":4},"MO sem LS =>",82.14,"LS =>",{"v":0,"d":"0.00"},"MO com LS =>",82.14]
[{"$nulls":4},"Valor do BDI =>",199.97,null,"Valor com BDI =>",null,{"v":1129.66,"d":"1,129.66"}]
[{"$nulls":6},"Quant. =>","13,88","Preço Total =>",{"v":15679.68,"d":"15,679.68"}]
[]
[" 2.5.12 ","Código","Banco","Descrição","Tipo",null,"Und","Quant.","Valor Unit","Total"]
["Composição"," 090043 ","SBC","DIVISORIA SANITARIA DE GRANITO E+3CM H=1,80 COM FERRAGENS","PAREDES E PAINEIS",null,"m²",{"v":1,"d":"1.0000000"},336.17,336.17]
["Insumo"," 029615 ","SBC","PARAFUSO ROSCA SOBERBA EM ACO INOX 1/4 x 65mm","Material",null,"UN",{"v":4,"d":"4.0000000"},0.73,2.92]
["Insumo"," 010414 ","SBC","GRANITO CINZA ANDORINHA 2cm","Material",null,"m²",{"v":1.05,"d":"1.0500000"},148.71,156.14]
["Insumo"," 030357 ","SBC","CANTONEIRA PARA DIVISORIA DE MARMORE EM ACO INOX 554/845 + 2 PARAFUSOS","Material",null,"UN",{"v":2,"d":"2.0000000"},72.87,145.74]
["Insumo"," 012331 ","SBC","ARGAMASSA PRONTA FERMA QUARTZOLIT PARA MARMORES 4,0kg/m2","Material",null,"KG",{"v":4,"d":"4.0000000"},3.73,14.92]
["Insumo"," 099664 ","SBC","AJUDANTE ESPECIALIZADO - MARMORISTA","Mão de Obra",null,"H",{"v":0.571,"d":"0.5710000"},13.67,{"v":7.8,"d":"7.80"}]
["Insumo"," 099398 ","SBC","MARMORISTA","Mão de Obra",null,"H",{"v":0.571,"d":"0.5710000"},15.15,8.65]
[{"$nulls":4},"MO sem LS =>",16.45,"LS =>",{"v":0,"d":"0.00"},"MO com LS =>",16.45]
[{"$nulls":4},"Valor do BDI =>",72.31,null,"Valor com BDI =>",null,408.48]
[{"$nulls":6},"Quant. =>","7,95","Preço Total =>",{"v":3247.41,"d":"3,247.41"}]
[]
[" 2.6 ",null,null,"ESQUADRIAS"]
[" 2.6.1 ","Código","Banco","Descrição","Tipo",null,"Und","Quant.","Valor Unit","Total"]
["Composição"," 94570 ","SINAPI","JANELA DE ALUMÍNIO DE CORRER COM 2 FOLHAS PARA VIDROS (VIDROS INCLUSOS), BATENTE/ REQUADRO 6 A 14 CM, ACABAMENTO COM ACETATO OU BRILHANTE, FIXAÇÃO COM PARAFUSO, SEM GUARNIÇÃO/ ALIZAR, DIMENSÕES 100X120 CM, VEDAÇÃO COM SILICONE, EXCLUSIVE CONTRAMARCO - FORNECIMENTO E INSTALAÇÃO. AF_11/2024","ESQV - ESQUADRIAS/FERRAGENS/VIDROS",null,"m²",{"v":1,"d":"1.0000000"},271.71,271.71]
["Composição Auxiliar"," 88316 ","SINAPI","SERVENTE COM ENCARGOS COMPLEMENTARES","SEDI - SERVIÇOS DIVERSOS",null,"H",{"v":0.156509,"d":"0.1565090"},15.17,2.37]
["Composição Auxiliar"," 88309 ","SINAPI","PEDREIRO COM ENCARGOS COMPLEMENTARES","SEDI - SERVIÇOS DIVERSOS",null,"H",{"v":0.313018,"d":"0.3130180"},18.88,{"v":5.9,"d":"5.90"}]
["Insumo"," 00004377 ","SINAPI","PARAFUSO DE ACO ZINCADO COM ROSCA SOBERBA, CABECA CHATA E FENDA SIMPLES, DIAMETRO 4,2 MM, COMPRIMENTO * 32 * MM","Material",null,"UN",{"v":9.2,"d":"9.2000000"},0.15,1.38]
["Insumo"," 00039961 ","SINAPI","SILICONE ACETICO USO GERAL INCOLOR 280 G","Material",null,"UN",0.6678571,22.34,14.91]
["Insumo"," 00036896 ","SINAPI","JANELA DE CORRER, EM ALUMINIO PERFIL 25, 100 X 120 CM (A X L), 2 FLS MOVEIS, SEM BANDEIRA, ACABAMENTO BRANCO OU BRILHANTE, BATENTE DE 6 A 7 CM, COM VIDRO 4 MM, SEM GUARNICAO","Material",null,"UN",{"v":0.8333,"d":"0.8333000"},{"v":296.6,"d":"296.60"},247.15]
[{"$nulls":4},"MO sem LS =>",6.43,"LS =>",{"v":0,"d":"0.00"},"MO com LS =>",6.43]
[{"$nulls":4},"Valor do BDI =>",58.44,null,"Valor com BDI =>",null,330.15]
[{"$nulls":6},"Quant. =>","15,98","Preço Total =>",{"v":5275.79,"d":"5,275.79"}]
[]
[" 2.6.2 ","Código","Banco","Descrição","Tipo",null,"Und","Quant.","Valor Unit","Total"]
["Composição"," 105810 ","SINAPI","JANELA DE ALUMÍNIO TIPO MAXIM-AR, VIDRO INCLUSO, COM BANDEIRA, FIXAÇÃO COM PARAFUSO, SEM GUARNIÇÃO/ ALIZAR, DIMENSÕES 100X80 (A X L) CM, SEM ACABAMENTO, VEDAÇÃO COM SILICONE, EXCLUSIVE CONTRAMARCO - FORNECIMENTO E INSTALAÇÃO. AF_11/2024","Esquadrias - Janelas",null,"m²",{"v":1,"d":"1.0000000"},674.74,674.74]
["Composição Auxiliar"," 88316 ","SINAPI","SERVENTE COM ENCARGOS COMPLEMENTARES","SEDI - SERVIÇOS DIVERSOS",null,"H",0.6073823,15.17,9.21]
["Composição Auxiliar"," 88309 ","SINAPI","PEDREIRO COM ENCARGOS COMPLEMENTARES","SEDI - SERVIÇOS DIVERSOS",null,"H",1.2147646,18.88,22.93]
["Insumo"," 00039961 ","SINAPI","SILICONE ACETICO USO GERAL INCOLOR 280 G","Material",null,"UN",{"v":0.9016,"d":"0.9016000"},22.34,20.14]
["Insumo"," 00004377 ","SINAPI","PARAFUSO DE ACO ZINCADO COM ROSCA SOBERBA, CABECA CHATA E FENDA SIMPLES, DIAMETRO 4,2 MM, COMPRIMENTO * 32 * MM","Material",null,"UN",{"v":24.4,"d":"24.4000000"},0.15,3.66]
["Insumo"," 00045184 ","SINAPI","JANELA MAXIM-AR, L = 0,80 M, EM ALUMINIO BRANCO, COM BANDEIRA FIXA INFERIOR E VIDRO MINI BOREAL","Material",null,"m²",{"v":1.25,"d":"1.2500000"},495.04,{"v":618.8,"d":"618.80"}]
[{"$nulls":4},"MO sem LS =>",24.99,"LS =>",{"v":0,"d":"0.00"},"MO com LS =>",24.99]
[{"$nulls":4},"Valor do BDI =>",145.13,null,"Valor com BDI =>",null,819.87]
[{"$nulls":6},"Quant. =>","1,00","Preço Total =>",819.87]
[]
[" 2.6.3 ","Código","Banco","Descrição","Tipo",null,"Und","Quant.","Valor Unit","Total"]
["Composição"," 150210 ","SBC","PORTA DUPLA EM VIDRO LAMINADO INCOLOR 8mm COM FERRAGENS","VIDROS",null,"m²",{"v":1,"d":"1.0000000"},{"v":1190.42,"d":"1,190.42"},{"v":1190.42,"d":"1,190.42"}]
["Insumo"," 099537 ","SBC","VIDRACEIRO","Mão de Obra",null,"H",{"v":1.08,"d":"1.0800000"},15.15,16.36]
["Insumo"," 017179 ","SBC","VIDRO LAMINADO INCOLOR 8mm (2 x 4mm)","Material",null,"m²",{"v":1.1,"d":"1.1000000"},585.57,644.12]
["Insumo"," 012736 ","SBC","FECHADURA PARA PORTA DE VIDRO COM 2 FUROS 2 FLS PVF2I AGL","Material",null,"UN",{"v":1.2,"d":"1.2000000"},427.09,{"v":512.5,"d":"512.50"}]
["Insumo"," 099661 ","SBC","AJUDANTE ESPECIALIZADO - VIDRACEIRO","Mão de Obra",null,"H",{"v":1.276,"d":"1.2760000"},13.67,17.44]
[{"$nulls":4},"MO sem LS =>",{"v":33.8,"d":"33.80"},"LS =>",{"v":0,"d":"0.00"},"MO com LS =>",{"v":33.8,"d":"33.80"}]
[{"$nulls":4},"Valor do BDI =>",256.05,null,"Valor com BDI =>",null,{"v":1446.47,"d":"1,446.47"}]
[{"$nulls":6},"Quant. =>","9,35","Preço Total =>",{"v":13524.49,"d":"13,524.49"}]
[]
[" 2.6.4 ","Código","Banco","Descrição","Tipo",null,"Und","Quant.","Valor Unit","Total"]
["Composição"," 100687 ","SINAPI","KIT DE PORTA DE MADEIRA FRISADA, SEMI-OCA (LEVE OU MÉDIA), PADRÃO MÉDIO, 60X210CM, ESPESSURA DE 3,5CM, ITENS INCLUSOS: DOBRADIÇAS, MONTAGEM E INSTALAÇÃO DE BATENTE, FECHADURA COM EXECUÇÃO DO FURO - FORNECIMENTO E INSTALAÇÃO. AF_12/2019","ESQV - ESQUADRIAS/FERRAGENS/VIDROS",null,"UN",{"v":1,"d":"1.0000000"},743.04,743.04]
["Composição Auxiliar"," 90831 ","SINAPI","FECHADURA DE EMBUTIR PARA PORTA DE BANHEIRO, COMPLETA, ACABAMENTO PADRÃO MÉDIO, INCLUSO EXECUÇÃO DE FURO - FORNECIMENTO E INSTALAÇÃO. AF_12/2019","ESQV - ESQUADRIAS/FERRAGENS/VIDROS",null,"UN",{"v":1,"d":"1.0000000"},103.72,103.72]
["Composição Auxiliar"," 100659 ","SINAPI","ALIZAR DE 5X1,5CM PARA PORTA FIXADO COM PREGOS, PADRÃO MÉDIO - FORNECIMENTO E INSTALAÇÃO. AF_12/2019","ESQV - ESQUADRIAS/FERRAGENS/VIDROS",null,"M",{"v":9.6,"d":"9.6000000"},8.07,77.47]
["Composição Auxiliar"," 91295 ","SINAPI","PORTA DE MADEIRA FRISADA, SEMI-OCA (LEVE OU MÉDIA), 60X210CM, ESPESSURA DE 3CM, INCLUSO DOBRADIÇAS - FORNECIMENTO E INSTALAÇÃO. AF_12/2019","ESQV - ESQUADRIAS/FERRAGENS/VIDROS",null,"UN",{"v":1,"d":"1.0000000"},277.96,277.96]
["Composição Auxiliar"," 90806 ","SINAPI","BATENTE PARA PORTA DE MADEIRA, FIXAÇÃO COM ARGAMASSA, PADRÃO MÉDIO - FORNECIMENTO E INSTALAÇÃO. AF_12/2019","ESQV - ESQUADRIAS/FERRAGENS/VIDROS",null,"UN",{"v":1,"d":"1.0000000"},283.89,283.89]
[{"$nulls":4},"MO sem LS =>",147.45,"LS =>",{"v":0,"d":"0.00"},"MO com LS =>",147.45]
[{"$nulls":4},"Valor do BDI =>",159.82,null,"Valor com BDI =>",null,902.86]
[{"$nulls":6},"Quant. =>","4,00","Preço Total =>",{"v":3611.44,"d":"3,611.44"}]
[]
[" 2.6.5 ","Código","Banco","Descrição","Tipo",null,"Und","Quant.","Valor Unit","Total"]
["Composição"," 100689 ","SINAPI","KIT DE PORTA DE MADEIRA FRISADA, SEMI-OCA (LEVE OU MÉDIA), PADRÃO MÉDIO, 80X210CM, ESPESSURA DE 3,5CM, ITENS INCLUSOS: DOBRADIÇAS, MONTAGEM E INSTALAÇÃO DE BATENTE, FECHADURA COM EXECUÇÃO DO FURO - FORNECIMENTO E INSTALAÇÃO. AF_12/2019","ESQV - ESQUADRIAS/FERRAGENS/VIDROS",null,"UN",{"v":1,"d":"1.0000000"},808.57,808.57]
["Composição Auxiliar"," 90806 ","SINAPI","BATENTE PARA PORTA DE MADEIRA, FIXAÇÃO COM ARGAMASSA, PADRÃO MÉDIO - FORNECIMENTO E INSTALAÇÃO. AF_12/2019","ESQV - ESQUADRIAS/FERRAGENS/VIDROS",null,"UN",{"v":1,"d":"1.0000000"},283.89,283.89]
["Composição Auxiliar"," 90830 ","SINAPI","FECHADURA DE EMBUTIR COM CILINDRO, EXTERNA, COMPLETA, ACABAMENTO PADRÃO MÉDIO, INCLUSO EXECUÇÃO DE FURO - FORNECIMENTO E INSTALAÇÃO. AF_12/2019","ESQV - ESQUADRIAS/FERRAGENS/VIDROS",null,"UN",{"v":1,"d":"1.0000000"},{"v":118.4,"d":"118.40"},{"v":118.4,"d":"118.40"}]
["Composição Auxiliar"," 91297 ","SINAPI","PORTA DE MADEIRA FRISADA, SEMI-OCA (LEVE OU MÉDIA), 80X210CM, ESPESSURA DE 3,5CM, INCLUSO DOBRADIÇAS - FORNECIMENTO E INSTALAÇÃO. AF_12/2019","ESQV - ESQUADRIAS/FERRAGENS/VIDROS",null,"UN",{"v":1,"d":"1.0000000"},325.58,325.58]
["Composição Auxiliar"," 100659 ","SINAPI","ALIZAR DE 5X1,5CM PARA PORTA FIXADO COM PREGOS, PADRÃO MÉDIO - FORNECIMENTO E INSTALAÇÃO. AF_12/2019","ESQV - ESQUADRIAS/FERRAGENS/VIDROS",null,"M",{"v":10,"d":"10.0000000"},8.07,{"v":80.7,"d":"80.70"}]
[{"$nulls":4},"MO sem LS =>",157.76,"LS =>",{"v":0,"d":"0.00"},"MO com LS =>",157.76]
[{"$nulls":4},"Valor do BDI =>",173.92,null,"Valor com BDI =>",null,982.49]
[{"$nulls":6},"Quant. =>","1,00","Preço Total =>",982.49]
[]
[" 2.6.6 ","Código","Banco","Descrição","Tipo",null,"Und","Quant.","Valor Unit","Total"]
["Composição"," 100682 ","SINAPI","KIT DE PORTA DE MADEIRA FRISADA, SEMI-OCA (LEVE OU MÉDIA), PADRÃO POPULAR, 70X210CM, ESPESSURA DE 3CM, ITENS INCLUSOS: DOBRADIÇAS, MONTAGEM E INSTALAÇÃO DE BATENTE, FECHADURA COM EXECUÇÃO DO FURO - FORNECIMENTO E INSTALAÇÃO. AF_12/2019","ESQV - ESQUADRIAS/FERRAGENS/VIDROS",null,"UN",{"v":1,"d":"1.0000000"},640.42,640.42]
["Composição Auxiliar"," 100660 ","SINAPI","ALIZAR DE 5X1,5CM PARA PORTA FIXADO COM PREGOS, PADRÃO POPULAR - FORNECIMENTO E INSTALAÇÃO. AF_12/2019","ESQV - ESQUADRIAS/FERRAGENS/VIDROS",null,"M",{"v":9.8,"d":"9.8000000"},5.55,54.39]
["Composição Auxiliar"," 91307 ","SINAPI","FECHADURA DE EMBUTIR PARA PORTAS INTERNAS, COMPLETA, ACABAMENTO PADRÃO POPULAR, COM EXECUÇÃO DE FURO - FORNECIMENTO E INSTALAÇÃO. AF_12/2019","ESQV - ESQUADRIAS/FERRAGENS/VIDROS",null,"UN",{"v":1,"d":"1.0000000"},61.39,61.39]
["Composição Auxiliar"," 91296 ","SINAPI","PORTA DE MADEIRA FRISADA, SEMI-OCA (LEVE OU MÉDIA), 70X210CM, ESPESSURA DE 3CM, INCLUSO DOBRADIÇAS - FORNECIMENTO E INSTALAÇÃO. AF_12/2019","ESQV - ESQUADRIAS/FERRAGENS/VIDROS",null,"UN",{"v":1,"d":"1.0000000"},296.94,296.94]
["Composição Auxiliar"," 91292 ","SINAPI","BATENTE PARA PORTA DE MADEIRA, FIXAÇÃO COM ARGAMASSA, PADRÃO POPULAR. FORNECIMENTO E INSTALAÇÃO. AF_12/2019","ESQV - ESQUADRIAS/FERRAGENS/VIDROS",null,"UN",{"v":1,"d":"1.0000000"},{"v":227.7,"d":"227.70"},{"v":227.7,"d":"227.70"}]
[{"$nulls":4},"MO sem LS =>",150.51,"LS =>",{"v":0,"d":"0.00"},"MO com LS =>",150.51]
[{"$nulls":4},"Valor do BDI =>",137.75,null,"Valor com BDI =>",null,778.17]
[{"$nulls":6},"Quant. =>","3,00","Preço Total =>",{"v":2334.51,"d":"2,334.51"}]
[]
[" 2.6.7 ","Código","Banco","Descrição","Tipo",null,"Und","Quant.","Valor Unit","Total"]
["Composição"," 110691 ","SBC","PORTA COMPLETA MADEIRA 1 FL.0,80x2,10m-CORRER","ESQUADRIAS DE MADEIRA",null,"UN",{"v":1,"d":"1.0000000"},{"v":1125.65,"d":"1,125.65"},{"$f":"SUM(J864:J873)","v":{"v":1125.66,"d":"1,125.66"}}]
["Insumo"," 008644 ","SBC","SISTEMA DE PORTA DE CORRER 1 FOLHA 135 4 RODAS COM TRILHO","Material",null,"M",{"v":0.98,"d":"0.9800000"},57.38,56.23]
["Insumo"," 001349 ","SBC","ALIZAR/MOLDURA MADEIRA DE LEI 1,5x4,5cm PARA PINTURA","Material",null,"M",{"v":12.76,"d":"12.7600000"},22.17,282.88]
["Insumo"," 002203 ","SBC","TACO DE MADEIRA PARA FIXACAO DE ESQUADRIAS/CAIXILHOS","Material",null,"UN",{"v":6,"d":"6.0000000"},0.63,3.79]
["Insumo"," 000100 ","SBC","AREIA GROSSA LAVADA","Material",null,"m³",{"v":0.012,"d":"0.0120000"},105.45,1.26]
["Insumo"," 001313 ","SBC","PORTA MADEIRA LISA PARA PINTURA (60/70/80/90cm) PRECO MEDIO","Material",null,"UN",{"v":1,"d":"1.0000000"},107.82,107.82]
["Insumo"," 008645 ","SBC","CANALETA EM ALUMINIO PARA ESQUADRIAS DE CORRER","Material",null,"M",{"v":0.9,"d":"0.9000000"},{"v":9,"d":"9.00"},{"v":8.1,"d":"8.10"}]
["Insumo"," 000050 ","SBC","CIMENTO PORTLAND CP III 32RS NBR 11578 (quilo)","Material",null,"KG",{"v":5.184,"d":"5.1840000"},0.52,2.69]
["Insumo"," 099360 ","SBC","CARPINTEIRO DE ESQUADRIA","Mão de Obra",null,"H",{"v":17.667,"d":"17.6670000"},15.15,267.65]
["Insumo"," 040264 ","SBC","ADUELA/BATENTE/MARCO/CAXONETE(60/90cm)MADEIRA P/PINTURA","Material",null,"UN",{"v":1,"d":"1.0000000"},224.85,224.85]
["Insumo"," 099449 ","SBC","AJUDANTE DE CARPINTEIRO","Mão de Obra",null,"H",{"v":12.465,"d":"12.4650000"},13.67,170.39]
[{"$nulls":4},"MO sem LS =>",438.04,"LS =>",{"v":0,"d":"0.00"},"MO com LS =>",438.04]
[{"$nulls":4},"Valor do BDI =>",242.12,null,"Valor com BDI =>",null,{"$f":"'Orçamento Sintético'!I83","v":{"v":1367.78,"d":"1,367.78"}}]
[{"$nulls":6},"Quant. =>","1,00","Preço Total =>",{"$f":"J875","v":{"v":1367.78,"d":"1,367.78"}}]
[]
[null,"Código","Banco","Descrição","Tipo",null,"Und","Quant.","Valor Unit","Total"]
["Insumo"," 12676 ","ORSE","Porta corta fogo 2,20x2,10m, duas folhas, abrir, classe P90, acabamento amadeirado, da DKS ou similar - inclusive batente","Material",null,"un",{"v":1,"d":"1.0000000"},{"$f":"'Orçamento Sintético'!G84","v":{"v":1911.34,"d":"1,911.34"}},{"$f":"I879","v":{"v":1911.34,"d":"1,911.34"}}]
[{"$nulls":4},"MO sem LS =>",{"v":0,"d":"0.00"},"LS =>",{"v":0,"d":"0.00"},"MO com LS =>",{"v":0,"d":"0.00"}]
[{"$nulls":4},"Valor do BDI =>",null,null,"Valor com BDI =>",null,{"$f":"'Orçamento Sintético'!H84","v":{"v":2322.46,"d":"2,322.46"}}]
[{"$nulls":6},"Quant. =>","2,00","Preço Total =>",{"$f":"'Orçamento Sintético'!I84","v":{"v":4644.92,"d":"4,644.92"}}]
[]
[null,"Código","Banco","Descrição","Tipo",null,"Und","Quant.","Valor Unit","Total"]
["Insumo"," 12983 ","ORSE","Fechadura maçaneta externa com chave, cor cinza, para porta com barra antipânico simples, DKS ou similar","Material",null,"un",{"v":1,"d":"1.0000000"},{"$f":"'Orçamento Sintético'!G85","v":{"v":225.7,"d":"225.70"}},{"$f":"I885","v":{"v":225.7,"d":"225.70"}}]
[{"$nulls":4},"MO sem LS =>",{"v":0,"d":"0.00"},"LS =>",{"v":0,"d":"0.00"},"MO com LS =>",{"v":0,"d":"0.00"}]
[{"$nulls":4},"Valor do BDI =>",null,null,"Valor com BDI =>",null,{"$f":"'Orçamento Sintético'!H85","v":274.24}]
[{"$nulls":6},"Quant. =>","2,00","Preço Total =>",{"$f":"'Orçamento Sintético'!I85","v":548.48}]
[]
[" 2.6.10 ","Código","Banco","Descrição","Tipo",null,"Und","Quant.","Valor Unit","Total"]
["Composição"," C4643 ","SEINFRA","INSTALAÇÃO DE BARRA ANTI-PÂNICO DUPLA C/ TRAVA EM AÇO INOX DIÂM. 1 1/2",0,null,"CJ",{"v":1,"d":"1.0000000"},{"v":1005.31,"d":"1,005.31"},{"v":1005.31,"d":"1,005.31"}]
["Insumo"," I1530 ","SEINFRA","MONTADOR","Mão de Obra",null,"H",{"v":0.5,"d":"0.5000000"},20.17,10.08]
["Insumo"," I0041 ","SEINFRA","AJUDANTE DE CARPINTEIRO","Mão de Obra",null,"H",{"v":1,"d":"1.0000000"},15.85,15.85]
["Insumo"," I0498 ","SEINFRA","CARPINTEIRO","Mão de Obra",null,"H",{"v":2,"d":"2.0000000"},20.17,40.34]
["Insumo"," I8642 ","SEINFRA","BARRA ANTI-PÂNICO DUPLA C/ TRAVA EM AÇO INOX","Material",null,"CJ",{"v":1,"d":"1.0000000"},939.04,939.04]
[{"$nulls":4},"MO sem LS =>",66.27,"LS =>",{"v":0,"d":"0.00"},"MO com LS =>",66.27]
[{"$nulls":4},"Valor do BDI =>",216.24,null,"Valor com BDI =>",null,{"v":1221.55,"d":"1,221.55"}]
[{"$nulls":6},"Quant. =>","2,00","Preço Total =>",{"v":2443.1,"d":"2,443.10"}]
[]
[" 2.7 ",null,null,"FORRO"]
[" 2.7.1 ","Código","Banco","Descrição","Tipo",null,"Und","Quant.","Valor Unit","Total"]
["Composição"," 96114 ","SINAPI","FORRO EM DRYWALL, PARA AMBIENTES COMERCIAIS, INCLUSIVE ESTRUTURA BIRECIONAL DE FIXAÇÃO. AF_08/2023_PS","REVE - REVESTIMENTO E TRATAMENTO DE SUPERFÍCIES",null,"m²",{"v":1,"d":"1.0000000"},{"v":50.9,"d":"50.90"},{"v":50.9,"d":"50.90"}]
["Composição Auxiliar"," 88278 ","SINAPI","MONTADOR DE ESTRUTURA METÁLICA COM ENCARGOS COMPLEMENTARES","SEDI - SERVIÇOS DIVERSOS",null,"H",{"v":0.4786,"d":"0.4786000"},14.28,6.83]
["Composição Auxiliar"," 88316 ","SINAPI","SERVENTE COM ENCARGOS COMPLEMENTARES","SEDI - SERVIÇOS DIVERSOS",null,"H",{"v":0.4786,"d":"0.4786000"},15.17,7.26]
["Insumo"," 00039430 ","SINAPI","PENDURAL OU PRESILHA REGULADORA, EM ACO GALVANIZADO, COM CORPO, MOLA E REBITE, PARA PERFIL TIPO CANALETA DE ESTRUTURA EM FORROS DRYWALL","Equipamento",null,"UN",{"v":1.2267,"d":"1.2267000"},1.27,1.55]
["Insumo"," 00039413 ","SINAPI","PLACA / CHAPA DE GESSO ACARTONADO, STANDARD (ST), COR BRANCA, E = 12,5 MM, 1200 X 2400 MM (L X C)","Material",null,"m²",{"v":1.0838,"d":"1.0838000"},15.19,16.46]
["Insumo"," 00040547 ","SINAPI","PARAFUSO ZINCADO, AUTOBROCANTE, FLANGEADO, 4,2 MM X 19 MM","Material",null,"CENTO",{"v":0.0123,"d":"0.0123000"},22.53,0.27]
["Insumo"," 00039432 ","SINAPI","FITA DE PAPEL REFORCADA COM LAMINA DE METAL PARA REFORCO DE CANTOS DE CHAPA DE GESSO PARA DRYWALL","Material",null,"M",{"v":1.4276,"d":"1.4276000"},2.11,3.01]
["Insumo"," 00039427 ","SINAPI","PERFIL CANALETA, FORMATO C, EM ACO ZINCADO, PARA ESTRUTURA FORRO DRYWALL, E = 0,5 MM, *46 X 18* (L X H), COMPRIMENTO 3 M","Material",null,"M",{"v":3.547,"d":"3.5470000"},3.36,11.91]
["Insumo"," 00043131 ","SINAPI","ARAME GALVANIZADO 6 BWG, D = 5,16 MM (0,157 KG/M), OU 8 BWG, D = 4,19 MM (0,101 KG/M), OU 10 BWG, D = 3,40 MM (0,0713 KG/M)","Material",null,"KG",{"v":0.037,"d":"0.0370000"},21.16,0.78]
["Insumo"," 00039443 ","SINAPI","PARAFUSO DRY WALL, EM ACO ZINCADO, CABECA LENTILHA E PONTA BROCA (LB), LARGURA 4,2 MM, COMPRIMENTO 13 MM","Material",null,"UN",{"v":1.2267,"d":"1.2267000"},{"v":0.2,"d":"0.20"},0.24]
["Insumo"," 00039434 ","SINAPI","MASSA DE REJUNTE EM PO PARA DRYWALL, A BASE DE GESSO, SECAGEM RAPIDA, PARA TRATAMENTO DE JUNTAS DE CHAPA DE GESSO (NECESSITA ADICAO DE AGUA)","Equipamento",null,"KG",{"v":0.6926,"d":"0.6926000"},2.63,1.82]
["Insumo"," 00039435 ","SINAPI","PARAFUSO DRY WALL, EM ACO FOSFATIZADO, CABECA TROMBETA E PONTA AGULHA (TA), COMPRIMENTO 25 MM","Material",null,"UN",{"v":9.6469,"d":"9.6469000"},0.08,0.77]
[{"$nulls":4},"MO sem LS =>",10.76,"LS =>",{"v":0,"d":"0.00"},"MO com LS =>",10.76]
[{"$nulls":4},"Valor do BDI =>",10.94,null,"Valor com BDI =>",null,61.84]
[{"$nulls":6},"Quant. =>","37,87","Preço Total =>",{"v":2341.88,"d":"2,341.88"}]
[]
[" 2.7.2 ","Código","Banco","Descrição","Tipo",null,"Und","Quant.","Valor Unit","Total"]
["Composição"," 104757 ","SINAPI","FORRO EM FIBRA MINERAL, PARA AMBIENTES COMERCIAIS, INCLUSIVE ESTRUTURA DE FIXAÇÃO. AF_08/2023","Forros",null,"m²",{"v":1,"d":"1.0000000"},87.34,87.34]
["Composição Auxiliar"," 88278 ","SINAPI","MONTADOR DE ESTRUTURA METÁLICA COM ENCARGOS COMPLEMENTARES","SEDI - SERVIÇOS DIVERSOS",null,"H",{"v":0.7175,"d":"0.7175000"},14.28,10.24]
["Insumo"," 00044233 ","SINAPI","SUPORTE NIVELADOR PARA FORRO","Material",null,"UN",{"v":0.941,"d":"0.9410000"},{"v":2.1,"d":"2.10"},1.97]
["Insumo"," 00039514 ","SINAPI","PLACA DE FIBRA MINERAL PARA FORRO, DE 625 X 625 MM, E = 15 MM, BORDA RETA, COM PINTURA ANTIMOFO (NAO INCLUI PERFIS)","Material",null,"UN",{"v":2.7366,"d":"2.7366000"},22.77,62.31]
["Insumo"," 00043131 ","SINAPI","ARAME GALVANIZADO 6 BWG, D = 5,16 MM (0,157 KG/M), OU 8 BWG, D = 4,19 MM (0,101 KG/M), OU 10 BWG, D = 3,40 MM (0,0713 KG/M)","Material",null,"KG",{"v":0.0283,"d":"0.0283000"},21.16,0.59]
["Insumo"," 00039570 ","SINAPI","PERFIL TRAVESSA (SECUNDARIO), T CLICADO, EM ACO GALVANIZADO, BRANCO, PARA FORRO REMOVIVEL, 24 X 1250 MM (L X C)","Material",null,"M",{"v":2.8019,"d":"2.8019000"},2.99,8.37]
["Insumo"," 00044071 ","SINAPI","REBITE DE REPUXO EM ALUMINIO, DIAMETRO 4,8 X 22 MM DE COMPRIMENTO (0,321 KG)","Material",null,"UN",{"v":0.941,"d":"0.9410000"},0.15,0.14]
["Insumo"," 00039443 ","SINAPI","PARAFUSO DRY WALL, EM ACO ZINCADO, CABECA LENTILHA E PONTA BROCA (LB), LARGURA 4,2 MM, COMPRIMENTO 13 MM","Material",null,"UN",{"v":3.1846,"d":"3.1846000"},{"v":0.2,"d":"0.20"},0.63]
["Insumo"," 00039571 ","SINAPI","PERFIL LONGARINA (PRINCIPAL), T CLICADO, EM ACO, BRANCO NAS FACES APARENTES, PARA FORRO REMOVIVEL, 24 X 32 X 3750 MM (L X H X C","Material",null,"M",{"v":1.0189,"d":"1.0189000"},3.04,3.09]
[{"$nulls":4},"MO sem LS =>",8.05,"LS =>",{"v":0,"d":"0.00"},"MO com LS =>",8.05]
[{"$nulls":4},"Valor do BDI =>",18.78,null,"Valor com BDI =>",null,106.12]
[{"$nulls":6},"Quant. =>","208,00","Preço Total =>",{"v":22072.96,"d":"22,072.96"}]
[]
[" 2.8 ",null,null,"INSTALAÇÕES HIDROSSANITARIAS"]
[" 2.8.1 ","Código","Banco","Descrição","Tipo",null,"Und","Quant.","Valor Unit","Total"]
["Composição"," 89429 ","SINAPI","ADAPTADOR CURTO COM BOLSA E ROSCA PARA REGISTRO, PVC, SOLDÁVEL, DN 25MM X 3/4, INSTALADO EM RAMAL DE DISTRIBUIÇÃO DE ÁGUA - FORNECIMENTO E INSTALAÇÃO. AF_06/2022","INHI - INSTALAÇÕES HIDROS SANITÁRIAS",null,"UN",{"v":1,"d":"1.0000000"},4.01,4.01]
["Composição Auxiliar"," 88267 ","SINAPI","ENCANADOR OU BOMBEIRO HIDRÁULICO COM ENCARGOS COMPLEMENTARES","SEDI - SERVIÇOS DIVERSOS",null,"H",{"v":0.0844,"d":"0.0844000"},18.11,1.52]
["Composição Auxiliar"," 88248 ","SINAPI","AUXILIAR DE ENCANADOR OU BOMBEIRO HIDRÁULICO COM ENCARGOS COMPLEMENTARES","SEDI - SERVIÇOS DIVERSOS",null,"H",{"v":0.0844,"d":"0.0844000"},15.36,1.29]
["Insumo"," 00020083 ","SINAPI","SOLUCAO PREPARADORA / LIMPADORA PARA PVC, FRASCO COM 1000 CM3","Material",null,"UN",{"v":0.007,"d":"0.0070000"},42.13,0.29]
["Insumo"," 00038383 ","SINAPI","LIXA D'AGUA EM FOLHA, COR PRETA, GRAO 100","Material",null,"UN",{"v":0.0281,"d":"0.0281000"},1.48,0.04]
["Insumo"," 00000122 ","SINAPI","ADESIVO PLASTICO PARA PVC, FRASCO COM *850* GR","Material",null,"UN",{"v":0.0059,"d":"0.0059000"},37.19,0.21]
["Insumo"," 00000065 ","SINAPI","ADAPTADOR PVC SOLDAVEL CURTO COM BOLSA E ROSCA, 25 MM X 3/4\", PARA AGUA FRIA","Material",null,"UN",{"v":1,"d":"1.0000000"},0.66,0.66]
[{"$nulls":4},"MO sem LS =>",2.23,"LS =>",{"v":0,"d":"0.00"},"MO com LS =>",2.23]
[{"$nulls":4},"Valor do BDI =>",0.86,null,"Valor com BDI =>",null,4.87]
[{"$nulls":6},"Quant. =>","24,00","Preço Total =>",116.88]
[]
[" 2.8.2 ","Código","Banco","Descrição","Tipo",null,"Und","Quant.","Valor Unit","Total"]
["Composição"," 89366 ","SINAPI","JOELHO 90 GRAUS COM BUCHA DE LATÃO, PVC, SOLDÁVEL, DN 25MM, X 3/4 INSTALADO EM RAMAL OU SUB-RAMAL DE ÁGUA - FORNECIMENTO E INSTALAÇÃO. AF_06/2022","INHI - INSTALAÇÕES HIDROS SANITÁRIAS",null,"UN",{"v":1,"d":"1.0000000"},{"v":11.3,"d":"11.30"},{"v":11.3,"d":"11.30"}]
["Composição Auxiliar"," 88267 ","SINAPI","ENCANADOR OU BOMBEIRO HIDRÁULICO COM ENCARGOS COMPLEMENTARES","SEDI - SERVIÇOS DIVERSOS",null,"H",{"v":0.1416,"d":"0.1416000"},18.11,2.56]
["Composição Auxiliar"," 88248 ","SINAPI","AUXILIAR DE ENCANADOR OU BOMBEIRO HIDRÁULICO COM ENCARGOS COMPLEMENTARES","SEDI - SERVIÇOS DIVERSOS",null,"H",{"v":0.1416,"d":"0.1416000"},15.36,2.17]
["Insumo"," 00038383 ","SINAPI","LIXA D'AGUA EM FOLHA, COR PRETA, GRAO 100","Material",null,"UN",{"v":0.0338,"d":"0.0338000"},1.48,0.05]
["Insumo"," 00020083 ","SINAPI","SOLUCAO PREPARADORA / LIMPADORA PARA PVC, FRASCO COM 1000 CM3","Material",null,"UN",{"v":0.007,"d":"0.0070000"},42.13,0.29]
["Insumo"," 00003524 ","SINAPI","JOELHO PVC, SOLDAVEL, COM BUCHA DE LATAO, 90 GRAUS, 25 MM X 3/4\", PARA AGUA FRIA PREDIAL","Material",null,"UN",{"v":1,"d":"1.0000000"},6.02,6.02]
["Insumo"," 00000122 ","SINAPI","ADESIVO PLASTICO PARA PVC, FRASCO COM *850* GR","Material",null,"UN",{"v":0.0059,"d":"0.0059000"},37.19,0.21]
[{"$nulls":4},"MO sem LS =>",3.75,"LS =>",{"v":0,"d":"0.00"},"MO com LS =>",3.75]
[{"$nulls":4},"Valor do BDI =>",2.43,null,"Valor com BDI =>",null,13.73]
[{"$nulls":6},"Quant. =>","17,00","Preço Total =>",233.41]
[]
[" 2.8.3 ","Código","Banco","Descrição","Tipo",null,"Und","Quant.","Valor Unit","Total"]
["Composição"," 89366 ","SINAPI","JOELHO 90 GRAUS COM BUCHA DE LATÃO, PVC, SOLDÁVEL, DN 25MM, X 3/4 INSTALADO EM RAMAL OU SUB-RAMAL DE ÁGUA - FORNECIMENTO E INSTALAÇÃO. AF_06/2022","INHI - INSTALAÇÕES HIDROS SANITÁRIAS",null,"UN",{"v":1,"d":"1.0000000"},{"v":11.3,"d":"11.30"},{"v":11.3,"d":"11.30"}]
["Composição Auxiliar"," 88267 ","SINAPI","ENCANADOR OU BOMBEIRO HIDRÁULICO COM ENCARGOS COMPLEMENTARES","SEDI - SERVIÇOS DIVERSOS",null,"H",{"v":0.1416,"d":"0.1416000"},18.11,2.56]
["Composição Auxiliar"," 88248 ","SINAPI","AUXILIAR DE ENCANADOR OU BOMBEIRO HIDRÁULICO COM ENCARGOS COMPLEMENTARES","SEDI - SERVIÇOS DIVERSOS",null,"H",{"v":0.1416,"d":"0.1416000"},15.36,2.17]
["Insumo"," 00038383 ","SINAPI","LIXA D'AGUA EM FOLHA, COR PRETA, GRAO 100","Material",null,"UN",{"v":0.0338,"d":"0.0338000"},1.48,0.05]
["Insumo"," 00020083 ","SINAPI","SOLUCAO PREPARADORA / LIMPADORA PARA PVC, FRASCO COM 1000 CM3","Material",null,"UN",{"v":0.007,"d":"0.0070000"},42.13,0.29]
["Insumo"," 00003524 ","SINAPI","JOELHO PVC, SOLDAVEL, COM BUCHA DE LATAO, 90 GRAUS, 25 MM X 3/4\", PARA AGUA FRIA PREDIAL","Material",null,"UN",{"v":1,"d":"1.0000000"},6.02,6.02]
["Insumo"," 00000122 ","SINAPI","ADESIVO PLASTICO PARA PVC, FRASCO COM *850* GR","Material",null,"UN",{"v":0.0059,"d":"0.0059000"},37.19,0.21]
[{"$nulls":4},"MO sem LS =>",3.75,"LS =>",{"v":0,"d":"0.00"},"MO com LS =>",3.75]
[{"$nulls":4},"Valor do BDI =>",2.43,null,"Valor com BDI =>",null,13.73]
[{"$nulls":6},"Quant. =>","2,00","Preço Total =>",27.46]
[]
[" 2.8.4 ","Código","Banco","Descrição","Tipo",null,"Und","Quant.","Valor Unit","Total"]
["Composição"," 89408 ","SINAPI","JOELHO 90 GRAUS, PVC, SOLDÁVEL, DN 25MM, INSTALADO EM RAMAL DE DISTRIBUIÇÃO DE ÁGUA - FORNECIMENTO E INSTALAÇÃO. AF_06/2022","INHI - INSTALAÇÕES HIDROS SANITÁRIAS",null,"UN",{"v":1,"d":"1.0000000"},5.71,5.71]
["Composição Auxiliar"," 88248 ","SINAPI","AUXILIAR DE ENCANADOR OU BOMBEIRO HIDRÁULICO COM ENCARGOS COMPLEMENTARES","SEDI - SERVIÇOS DIVERSOS",null,"H",{"v":0.1359,"d":"0.1359000"},15.36,2.08]
["Composição Auxiliar"," 88267 ","SINAPI","ENCANADOR OU BOMBEIRO HIDRÁULICO COM ENCARGOS COMPLEMENTARES","SEDI - SERVIÇOS DIVERSOS",null,"H",{"v":0.1359,"d":"0.1359000"},18.11,2.46]
["Insumo"," 00000122 ","SINAPI","ADESIVO PLASTICO PARA PVC, FRASCO COM *850* GR","Material",null,"UN",{"v":0.0071,"d":"0.0071000"},37.19,0.26]
["Insumo"," 00003529 ","SINAPI","JOELHO PVC, SOLDAVEL, 90 GRAUS, 25 MM, COR MARROM, PARA AGUA FRIA PREDIAL","Material",null,"UN",{"v":1,"d":"1.0000000"},0.54,0.54]
["Insumo"," 00020083 ","SINAPI","SOLUCAO PREPARADORA / LIMPADORA PARA PVC, FRASCO COM 1000 CM3","Material",null,"UN",{"v":0.008,"d":"0.0080000"},42.13,0.33]
["Insumo"," 00038383 ","SINAPI","LIXA D'AGUA EM FOLHA, COR PRETA, GRAO 100","Material",null,"UN",{"v":0.0302,"d":"0.0302000"},1.48,0.04]
[{"$nulls":4},"MO sem LS =>",{"v":3.6,"d":"3.60"},"LS =>",{"v":0,"d":"0.00"},"MO com LS =>",{"v":3.6,"d":"3.60"}]
[{"$nulls":4},"Valor do BDI =>",1.22,null,"Valor com BDI =>",null,6.93]
[{"$nulls":6},"Quant. =>","21,00","Preço Total =>",145.53]
[]
[" 2.8.5 ","Código","Banco","Descrição","Tipo",null,"Und","Quant.","Valor Unit","Total"]
["Composição"," 89617 ","SINAPI","TE, PVC, SOLDÁVEL, DN 25MM, INSTALADO EM PRUMADA DE ÁGUA - FORNECIMENTO E INSTALAÇÃO. AF_06/2022","INHI - INSTALAÇÕES HIDROS SANITÁRIAS",null,"UN",{"v":1,"d":"1.0000000"},4.95,4.95]
["Composição Auxiliar"," 88248 ","SINAPI","AUXILIAR DE ENCANADOR OU BOMBEIRO HIDRÁULICO COM ENCARGOS COMPLEMENTARES","SEDI - SERVIÇOS DIVERSOS",null,"H",{"v":0.0941,"d":"0.0941000"},15.36,1.44]
["Composição Auxiliar"," 88267 ","SINAPI","ENCANADOR OU BOMBEIRO HIDRÁULICO COM ENCARGOS COMPLEMENTARES","SEDI - SERVIÇOS DIVERSOS",null,"H",{"v":0.0941,"d":"0.0941000"},18.11,{"v":1.7,"d":"1.70"}]
["Insumo"," 00007139 ","SINAPI","TE SOLDAVEL, PVC, 90 GRAUS, 25 MM, PARA AGUA FRIA PREDIAL (NBR 5648)","Material",null,"UN",{"v":1,"d":"1.0000000"},{"v":0.9,"d":"0.90"},{"v":0.9,"d":"0.90"}]
["Insumo"," 00000122 ","SINAPI","ADESIVO PLASTICO PARA PVC, FRASCO COM *850* GR","Material",null,"UN",{"v":0.0106,"d":"0.0106000"},37.19,0.39]
["Insumo"," 00020083 ","SINAPI","SOLUCAO PREPARADORA / LIMPADORA PARA PVC, FRASCO COM 1000 CM3","Material",null,"UN",{"v":0.012,"d":"0.0120000"},42.13,{"v":0.5,"d":"0.50"}]
["Insumo"," 00038383 ","SINAPI","LIXA D'AGUA EM FOLHA, COR PRETA, GRAO 100","Material",null,"UN",{"v":0.0162,"d":"0.0162000"},1.48,0.02]
[{"$nulls":4},"MO sem LS =>",2.48,"LS =>",{"v":0,"d":"0.00"},"MO com LS =>",2.48]
[{"$nulls":4},"Valor do BDI =>",1.06,null,"Valor com BDI =>",null,6.01]
[{"$nulls":6},"Quant. =>","13,00","Preço Total =>",78.13]
[]
[" 2.8.6 ","Código","Banco","Descrição","Tipo",null,"Und","Quant.","Valor Unit","Total"]
["Composição"," 94689 ","SINAPI","TÊ COM BUCHA DE LATÃO NA BOLSA CENTRAL, PVC, SOLDÁVEL, DN 25 MM X 3/4\", INSTALADO EM RESERVAÇÃO PREDIAL DE ÁGUA - FORNECIMENTO E INSTALAÇÃO. AF_04/2024","INHI - INSTALAÇÕES HIDROS SANITÁRIAS",null,"UN",{"v":1,"d":"1.0000000"},6.31,6.31]
["Composição Auxiliar"," 88267 ","SINAPI","ENCANADOR OU BOMBEIRO HIDRÁULICO COM ENCARGOS COMPLEMENTARES","SEDI - SERVIÇOS DIVERSOS",null,"H",{"v":0.0767,"d":"0.0767000"},18.11,1.38]
["Composição Auxiliar"," 88248 ","SINAPI","AUXILIAR DE ENCANADOR OU BOMBEIRO HIDRÁULICO COM ENCARGOS COMPLEMENTARES","SEDI - SERVIÇOS DIVERSOS",null,"H",{"v":0.0767,"d":"0.0767000"},15.36,1.17]
["Insumo"," 00003148 ","SINAPI","FITA VEDA ROSCA, EM PTFE, ROLO DE 18 MM X 50 M (L X C)","Material",null,"UN",{"v":5.3E-3,"d":"0.0053000"},5.56,0.02]
["Insumo"," 00000122 ","SINAPI","ADESIVO PLASTICO PARA PVC, FRASCO COM *850* GR","Material",null,"UN",{"v":0.0071,"d":"0.0071000"},37.19,0.26]
["Insumo"," 00038383 ","SINAPI","LIXA D'AGUA EM FOLHA, COR PRETA, GRAO 100","Material",null,"UN",{"v":0.0064,"d":"0.0064000"},1.48,{"v":0,"d":"0.00"}]
["Insumo"," 00020083 ","SINAPI","SOLUCAO PREPARADORA / LIMPADORA PARA PVC, FRASCO COM 1000 CM3","Material",null,"UN",{"v":0.008,"d":"0.0080000"},42.13,0.33]
["Insumo"," 00037947 ","SINAPI","TE PVC, SOLDAVEL, COM ROSCA NA BOLSA CENTRAL, 90 GRAUS, 25 MM X 3/4\", PARA AGUA FRIA PREDIAL","Material",null,"UN",{"v":1,"d":"1.0000000"},3.15,3.15]
[{"$nulls":4},"MO sem LS =>",2.03,"LS =>",{"v":0,"d":"0.00"},"MO com LS =>",2.03]
[{"$nulls":4},"Valor do BDI =>",1.35,null,"Valor com BDI =>",null,7.66]
[{"$nulls":6},"Quant. =>","3,00","Preço Total =>",22.98]
[]
[" 2.8.7 ","Código","Banco","Descrição","Tipo",null,"Und","Quant.","Valor Unit","Total"]
["Composição"," 89987 ","SINAPI","REGISTRO DE GAVETA BRUTO, LATÃO, ROSCÁVEL, 3/4\", COM ACABAMENTO E CANOPLA CROMADOS - FORNECIMENTO E INSTALAÇÃO. AF_08/2021","INHI - INSTALAÇÕES HIDROS SANITÁRIAS",null,"UN",{"v":1,"d":"1.0000000"},73.98,73.98]
["Composição Auxiliar"," 88267 ","SINAPI","ENCANADOR OU BOMBEIRO HIDRÁULICO COM ENCARGOS COMPLEMENTARES","SEDI - SERVIÇOS DIVERSOS",null,"H",{"v":0.2212,"d":"0.2212000"},18.11,{"v":4,"d":"4.00"}]
["Composição Auxiliar"," 88248 ","SINAPI","AUXILIAR DE ENCANADOR OU BOMBEIRO HIDRÁULICO COM ENCARGOS COMPLEMENTARES","SEDI - SERVIÇOS DIVERSOS",null,"H",{"v":0.2212,"d":"0.2212000"},15.36,3.39]
["Insumo"," 00006005 ","SINAPI","REGISTRO GAVETA COM ACABAMENTO E CANOPLA CROMADOS, SIMPLES, BITOLA 3/4\"","Material",null,"UN",{"v":1,"d":"1.0000000"},66.54,66.54]
["Insumo"," 00003148 ","SINAPI","FITA VEDA ROSCA, EM PTFE, ROLO DE 18 MM X 50 M (L X C)","Material",null,"UN",{"v":0.0106,"d":"0.0106000"},5.56,0.05]
[{"$nulls":4},"MO sem LS =>",5.87,"LS =>",{"v":0,"d":"0.00"},"MO com LS =>",5.87]
[{"$nulls":4},"Valor do BDI =>",15.91,null,"Valor com BDI =>",null,89.89]
[{"$nulls":6},"Quant. =>","12,00","Preço Total =>",{"v":1078.68,"d":"1,078.68"}]
[]
[" 2.8.8 ","Código","Banco","Descrição","Tipo",null,"Und","Quant.","Valor Unit","Total"]
["Composição"," 89402 ","SINAPI","TUBO, PVC, SOLDÁVEL, DE 25MM, INSTALADO EM RAMAL DE DISTRIBUIÇÃO DE ÁGUA - FORNECIMENTO E INSTALAÇÃO. AF_06/2022","INHI - INSTALAÇÕES HIDROS SANITÁRIAS",null,"M",{"v":1,"d":"1.0000000"},{"v":8.6,"d":"8.60"},{"v":8.6,"d":"8.60"}]
["Composição Auxiliar"," 88267 ","SINAPI","ENCANADOR OU BOMBEIRO HIDRÁULICO COM ENCARGOS COMPLEMENTARES","SEDI - SERVIÇOS DIVERSOS",null,"H",{"v":0.1586,"d":"0.1586000"},18.11,2.87]
["Composição Auxiliar"," 88248 ","SINAPI","AUXILIAR DE ENCANADOR OU BOMBEIRO HIDRÁULICO COM ENCARGOS COMPLEMENTARES","SEDI - SERVIÇOS DIVERSOS",null,"H",{"v":0.1586,"d":"0.1586000"},15.36,2.43]
["Insumo"," 00009868 ","SINAPI","TUBO PVC, SOLDAVEL, DE 25 MM, AGUA FRIA (NBR-5648)","Material",null,"M",{"v":1.0493,"d":"1.0493000"},{"v":3.1,"d":"3.10"},3.25]
["Insumo"," 00038383 ","SINAPI","LIXA D'AGUA EM FOLHA, COR PRETA, GRAO 100","Material",null,"UN",{"v":0.037,"d":"0.0370000"},1.48,0.05]
[{"$nulls":4},"MO sem LS =>",{"v":4.2,"d":"4.20"},"LS =>",{"v":0,"d":"0.00"},"MO com LS =>",{"v":4.2,"d":"4.20"}]
[{"$nulls":4},"Valor do BDI =>",1.84,null,"Valor com BDI =>",null,10.44]
[{"$nulls":6},"Quant. =>","61,98","Preço Total =>",647.07]
[]
[" 2.8.9 ","Código","Banco","Descrição","Tipo",null,"Und","Quant.","Valor Unit","Total"]
["Composição"," 102623 ","SINAPI","CAIXA D´ÁGUA EM POLIETILENO, 1000 LITROS (INCLUSOS TUBOS, CONEXÕES E TORNEIRA DE BÓIA) - FORNECIMENTO E INSTALAÇÃO. AF_06/2021","INHI - INSTALAÇÕES HIDROS SANITÁRIAS",null,"UN",{"v":1,"d":"1.0000000"},597.13,597.13]
["Composição Auxiliar"," 94491 ","SINAPI","REGISTRO DE ESFERA, PVC, SOLDÁVEL, COM VOLANTE, DN 40 MM - FORNECIMENTO E INSTALAÇÃO. AF_08/2021","INHI - INSTALAÇÕES HIDROS SANITÁRIAS",null,"UN",{"v":1,"d":"1.0000000"},{"v":34.2,"d":"34.20"},{"v":34.2,"d":"34.20"}]
["Composição Auxiliar"," 94676 ","SINAPI","JOELHO 90 GRAUS, PVC, SOLDÁVEL, DN 40 MM INSTALADO EM RESERVAÇÃO PREDIAL DE ÁGUA - FORNECIMENTO E INSTALAÇÃO. AF_04/2024","INHI - INSTALAÇÕES HIDROS SANITÁRIAS",null,"UN",{"v":1,"d":"1.0000000"},8.79,8.79]
["Composição Auxiliar"," 94648 ","SINAPI","TUBO, PVC, SOLDÁVEL, DE 25MM, INSTALADO EM RESERVAÇÃO PREDIAL DE ÁGUA - FORNECIMENTO E INSTALAÇÃO. AF_04/2024","INHI - INSTALAÇÕES HIDROS SANITÁRIAS",null,"M",{"v":1.8,"d":"1.8000000"},4.79,8.62]
["Composição Auxiliar"," 102607 ","SINAPI","CAIXA D´ÁGUA EM POLIETILENO, 1000 LITROS - FORNECIMENTO E INSTALAÇÃO. AF_06/2021","INHI - INSTALAÇÕES HIDROS SANITÁRIAS",null,"UN",{"v":1,"d":"1.0000000"},354.51,354.51]
["Composição Auxiliar"," 94692 ","SINAPI","TÊ, PVC, SOLDÁVEL, DN 40 MM INSTALADO EM RESERVAÇÃO PREDIAL DE ÁGUA - FORNECIMENTO E INSTALAÇÃO. AF_04/2024","INHI - INSTALAÇÕES HIDROS SANITÁRIAS",null,"UN",{"v":1,"d":"1.0000000"},{"v":12.9,"d":"12.90"},{"v":12.9,"d":"12.90"}]
["Composição Auxiliar"," 94672 ","SINAPI","JOELHO 90 GRAUS COM BUCHA DE LATÃO, PVC, SOLDÁVEL, DN 25 MM X 3/4\", INSTALADO EM RESERVAÇÃO PREDIAL DE ÁGUA - FORNECIMENTO E INSTALAÇÃO. AF_04/2024","INHI - INSTALAÇÕES HIDROS SANITÁRIAS",null,"UN",{"v":2,"d":"2.0000000"},4.04,8.08]
["Composição Auxiliar"," 102595 ","SINAPI","FURO EM CAIXA D'ÁGUA COM ESPESSURA DE 2 ATÉ 5 MM E DIÂMETRO DE 40 MM. AF_06/2021","INHI - INSTALAÇÕES HIDROS SANITÁRIAS",null,"UN",{"v":1,"d":"1.0000000"},3.64,3.64]
["Composição Auxiliar"," 94688 ","SINAPI","TÊ, PVC, SOLDÁVEL, DN 25 MM INSTALADO EM RESERVAÇÃO PREDIAL DE ÁGUA - FORNECIMENTO E INSTALAÇÃO. AF_04/2024","INHI - INSTALAÇÕES HIDROS SANITÁRIAS",null,"UN",{"v":1,"d":"1.0000000"},4.35,4.35]
["Composição Auxiliar"," 94489 ","SINAPI","REGISTRO DE ESFERA, PVC, SOLDÁVEL, COM VOLANTE, DN 25 MM - FORNECIMENTO E INSTALAÇÃO. AF_08/2021","INHI - INSTALAÇÕES HIDROS SANITÁRIAS",null,"UN",{"v":2,"d":"2.0000000"},{"v":17.1,"d":"17.10"},{"v":34.2,"d":"34.20"}]
["Composição Auxiliar"," 102591 ","SINAPI","FURO EM CAIXA D'ÁGUA COM ESPESSURA DE 2 ATÉ 5 MM E DIÂMETRO DE 25 MM. AF_06/2021","INHI - INSTALAÇÕES HIDROS SANITÁRIAS",null,"UN",{"v":3,"d":"3.0000000"},2.86,8.58]
["Composição Auxiliar"," 94705 ","SINAPI","ADAPTADOR COM FLANGE E ANEL DE VEDAÇÃO, PVC, SOLDÁVEL, DN 40 MM X 1 1/4\", INSTALADO EM RESERVAÇÃO PREDIAL DE ÁGUA - FORNECIMENTO E INSTALAÇÃO. AF_04/2024","INHI - INSTALAÇÕES HIDROS SANITÁRIAS",null,"UN",{"v":1,"d":"1.0000000"},25.94,25.94]
["Composição Auxiliar"," 94650 ","SINAPI","TUBO, PVC, SOLDÁVEL, DE 40MM, INSTALADO EM RESERVAÇÃO PREDIAL DE ÁGUA - FORNECIMENTO E INSTALAÇÃO. AF_04/2024","INHI - INSTALAÇÕES HIDROS SANITÁRIAS",null,"M",{"v":0.95,"d":"0.9500000"},13.72,13.03]
["Composição Auxiliar"," 94796 ","SINAPI","TORNEIRA DE BOIA PARA CAIXA D'ÁGUA, ROSCÁVEL, 3/4\" - FORNECIMENTO E INSTALAÇÃO. AF_08/2021","INHI - INSTALAÇÕES HIDROS SANITÁRIAS",null,"UN",{"v":1,"d":"1.0000000"},38.41,38.41]
["Composição Auxiliar"," 94703 ","SINAPI","ADAPTADOR COM FLANGE E ANEL DE VEDAÇÃO, PVC, SOLDÁVEL, DN 25 MM X 3/4\", INSTALADO EM RESERVAÇÃO PREDIAL DE ÁGUA - FORNECIMENTO E INSTALAÇÃO. AF_04/2024","INHI - INSTALAÇÕES HIDROS SANITÁRIAS",null,"UN",{"v":3,"d":"3.0000000"},13.96,41.88]
[{"$nulls":4},"MO sem LS =>",55.81,"LS =>",{"v":0,"d":"0.00"},"MO com LS =>",55.81]
[{"$nulls":4},"Valor do BDI =>",128.44,null,"Valor com BDI =>",null,725.57]
[{"$nulls":6},"Quant. =>","1,00","Preço Total =>",725.57]
[]
[" 2.8.10 ","Código","Banco","Descrição","Tipo",null,"Und","Quant.","Valor Unit","Total"]
["Composição"," 72559 ","SINAPI","JOELHO PVC 45º ESGOTO 40MM - FORNECIMENTO E INSTALACAO","INHI - INSTALAÇÕES HIDROS SANITÁRIAS",null,"UN",{"v":1,"d":"1.0000000"},10.58,10.58]
["Composição Auxiliar"," 88267 ","SINAPI","ENCANADOR OU BOMBEIRO HIDRÁULICO COM ENCARGOS COMPLEMENTARES","SEDI - SERVIÇOS DIVERSOS",null,"H",{"v":0.25,"d":"0.2500000"},18.11,4.52]
["Composição Auxiliar"," 88316 ","SINAPI","SERVENTE COM ENCARGOS COMPLEMENTARES","SEDI - SERVIÇOS DIVERSOS",null,"H",{"v":0.25,"d":"0.2500000"},15.17,3.79]
["Insumo"," 00020083 ","SINAPI","SOLUCAO PREPARADORA / LIMPADORA PARA PVC, FRASCO COM 1000 CM3","Material",null,"UN",{"v":0.005,"d":"0.0050000"},42.13,0.21]
["Insumo"," 00000122 ","SINAPI","ADESIVO PLASTICO PARA PVC, FRASCO COM *850* GR","Material",null,"UN",{"v":0.0118,"d":"0.0118000"},37.19,0.43]
["Insumo"," 00003516 ","SINAPI","JOELHO PVC, SOLDAVEL, BB, 45 GRAUS, DN 40 MM, PARA ESGOTO PREDIAL","Material",null,"UN",{"v":1,"d":"1.0000000"},1.63,1.63]
[{"$nulls":4},"MO sem LS =>",6.48,"LS =>",{"v":0,"d":"0.00"},"MO com LS =>",6.48]
[{"$nulls":4},"Valor do BDI =>",2.27,null,"Valor com BDI =>",null,12.85]
[{"$nulls":6},"Quant. =>","5,00","Preço Total =>",64.25]
[]
[" 2.8.11 ","Código","Banco","Descrição","Tipo",null,"Und","Quant.","Valor Unit","Total"]
["Composição"," 72561 ","SINAPI","JOELHO PVC 45º ESGOTO 50MM - FORNECIMENTO E INSTALACAO","INHI - INSTALAÇÕES HIDROS SANITÁRIAS",null,"UN",{"v":1,"d":"1.0000000"},12.55,12.55]
["Composição Auxiliar"," 88267 ","SINAPI","ENCANADOR OU BOMBEIRO HIDRÁULICO COM ENCARGOS COMPLEMENTARES","SEDI - SERVIÇOS DIVERSOS",null,"H",{"v":0.27,"d":"0.2700000"},18.11,4.88]
["Composição Auxiliar"," 88316 ","SINAPI","SERVENTE COM ENCARGOS COMPLEMENTARES","SEDI - SERVIÇOS DIVERSOS",null,"H",{"v":0.27,"d":"0.2700000"},15.17,4.09]
["Insumo"," 00020083 ","SINAPI","SOLUCAO PREPARADORA / LIMPADORA PARA PVC, FRASCO COM 1000 CM3","Material",null,"UN",{"v":0.007,"d":"0.0070000"},42.13,0.29]
["Insumo"," 00003518 ","SINAPI","JOELHO PVC, SOLDAVEL, PB, 45 GRAUS, DN 50 MM, PARA ESGOTO PREDIAL","Material",null,"UN",{"v":1,"d":"1.0000000"},2.64,2.64]
["Insumo"," 00000122 ","SINAPI","ADESIVO PLASTICO PARA PVC, FRASCO COM *850* GR","Material",null,"UN",{"v":0.0176,"d":"0.0176000"},37.19,0.65]
[{"$nulls":4},"MO sem LS =>",6.99,"LS =>",{"v":0,"d":"0.00"},"MO com LS =>",6.99]
[{"$nulls":4},"Valor do BDI =>",2.69,null,"Valor com BDI =>",null,15.24]
[{"$nulls":6},"Quant. =>","9,00","Preço Total =>",137.16]
[]
[" 2.8.12 ","Código","Banco","Descrição","Tipo",null,"Und","Quant.","Valor Unit","Total"]
["Composição"," 72564 ","SINAPI","JOELHO PVC 45º ESGOTO 75MM - FORNECIMENTO E INSTALACAO","INHI - INSTALAÇÕES HIDROS SANITÁRIAS",null,"UN",{"v":1,"d":"1.0000000"},18.77,18.77]
["Composição Auxiliar"," 88267 ","SINAPI","ENCANADOR OU BOMBEIRO HIDRÁULICO COM ENCARGOS COMPLEMENTARES","SEDI - SERVIÇOS DIVERSOS",null,"H",{"v":0.34,"d":"0.3400000"},18.11,6.15]
["Composição Auxiliar"," 88316 ","SINAPI","SERVENTE COM ENCARGOS COMPLEMENTARES","SEDI - SERVIÇOS DIVERSOS",null,"H",{"v":0.34,"d":"0.3400000"},15.17,5.15]
["Insumo"," 00003519 ","SINAPI","JOELHO PVC, SOLDAVEL, PB, 45 GRAUS, DN 75 MM, PARA ESGOTO PREDIAL","Material",null,"UN",{"v":1,"d":"1.0000000"},5.53,5.53]
["Insumo"," 00020083 ","SINAPI","SOLUCAO PREPARADORA / LIMPADORA PARA PVC, FRASCO COM 1000 CM3","Material",null,"UN",{"v":0.015,"d":"0.0150000"},42.13,0.63]
["Insumo"," 00000122 ","SINAPI","ADESIVO PLASTICO PARA PVC, FRASCO COM *850* GR","Material",null,"UN",{"v":0.0353,"d":"0.0353000"},37.19,1.31]
[{"$nulls":4},"MO sem LS =>",8.81,"LS =>",{"v":0,"d":"0.00"},"MO com LS =>",8.81]
[{"$nulls":4},"Valor do BDI =>",4.03,null,"Valor com BDI =>",null,{"v":22.8,"d":"22.80"}]
[{"$nulls":6},"Quant. =>","1,00","Preço Total =>",{"v":22.8,"d":"22.80"}]
[]
[" 2.8.13 ","Código","Banco","Descrição","Tipo",null,"Und","Quant.","Valor Unit","Total"]
["Composição"," 72558 ","SINAPI","JOELHO PVC 90º ESGOTO 40MM - FORNECIMENTO E INSTALACAO","INHI - INSTALAÇÕES HIDROS SANITÁRIAS",null,"UN",{"v":1,"d":"1.0000000"},10.43,10.43]
["Composição Auxiliar"," 88316 ","SINAPI","SERVENTE COM ENCARGOS COMPLEMENTARES","SEDI - SERVIÇOS DIVERSOS",null,"H",{"v":0.25,"d":"0.2500000"},15.17,3.79]
["Composição Auxiliar"," 88267 ","SINAPI","ENCANADOR OU BOMBEIRO HIDRÁULICO COM ENCARGOS COMPLEMENTARES","SEDI - SERVIÇOS DIVERSOS",null,"H",{"v":0.25,"d":"0.2500000"},18.11,4.52]
["Insumo"," 00020083 ","SINAPI","SOLUCAO PREPARADORA / LIMPADORA PARA PVC, FRASCO COM 1000 CM3","Material",null,"UN",{"v":0.005,"d":"0.0050000"},42.13,0.21]
["Insumo"," 00003517 ","SINAPI","JOELHO PVC, SOLDAVEL, BB, 90 GRAUS, SEM ANEL, DN 40 MM, PARA ESGOTO PREDIAL SECUNDARIO","Material",null,"UN",{"v":1,"d":"1.0000000"},1.48,1.48]
["Insumo"," 00000122 ","SINAPI","ADESIVO PLASTICO PARA PVC, FRASCO COM *850* GR","Material",null,"UN",{"v":0.0118,"d":"0.0118000"},37.19,0.43]
[{"$nulls":4},"MO sem LS =>",6.48,"LS =>",{"v":0,"d":"0.00"},"MO com LS =>",6.48]
[{"$nulls":4},"Valor do BDI =>",2.24,null,"Valor com BDI =>",null,12.67]
[{"$nulls":6},"Quant. =>","5,00","Preço Total =>",63.35]
[]
[" 2.8.14 ","Código","Banco","Descrição","Tipo",null,"Und","Quant.","Valor Unit","Total"]
["Composição"," 72560 ","SINAPI","JOELHO PVC 90º ESGOTO 50MM - FORNECIMENTO E INSTALACAO","INHI - INSTALAÇÕES HIDROS SANITÁRIAS",null,"UN",{"v":1,"d":"1.0000000"},12.05,12.05]
["Composição Auxiliar"," 88316 ","SINAPI","SERVENTE COM ENCARGOS COMPLEMENTARES","SEDI - SERVIÇOS DIVERSOS",null,"H",{"v":0.27,"d":"0.2700000"},15.17,4.09]
["Composição Auxiliar"," 88267 ","SINAPI","ENCANADOR OU BOMBEIRO HIDRÁULICO COM ENCARGOS COMPLEMENTARES","SEDI - SERVIÇOS DIVERSOS",null,"H",{"v":0.27,"d":"0.2700000"},18.11,4.88]
["Insumo"," 00020083 ","SINAPI","SOLUCAO PREPARADORA / LIMPADORA PARA PVC, FRASCO COM 1000 CM3","Material",null,"UN",{"v":0.007,"d":"0.0070000"},42.13,0.29]
["Insumo"," 00003526 ","SINAPI","JOELHO PVC, SOLDAVEL, PB, 90 GRAUS, DN 50 MM, PARA ESGOTO PREDIAL","Material",null,"UN",{"v":1,"d":"1.0000000"},2.14,2.14]
["Insumo"," 00000122 ","SINAPI","ADESIVO PLASTICO PARA PVC, FRASCO COM *850* GR","Material",null,"UN",{"v":0.0176,"d":"0.0176000"},37.19,0.65]
[{"$nulls":4},"MO sem LS =>",6.99,"LS =>",{"v":0,"d":"0.00"},"MO com LS =>",6.99]
[{"$nulls":4},"Valor do BDI =>",2.59,null,"Valor com BDI =>",null,14.64]
[{"$nulls":6},"Quant. =>","16,00","Preço Total =>",234.24]
[]
[" 2.8.15 ","Código","Banco","Descrição","Tipo",null,"Und","Quant.","Valor Unit","Total"]
["Composição"," 72556 ","SINAPI","JOELHO PVC 90º ESGOTO 100MM - FORNECIMENTO E INSTALACAO","INHI - INSTALAÇÕES HIDROS SANITÁRIAS",null,"UN",{"v":1,"d":"1.0000000"},22.32,22.32]
["Composição Auxiliar"," 88267 ","SINAPI","ENCANADOR OU BOMBEIRO HIDRÁULICO COM ENCARGOS COMPLEMENTARES","SEDI - SERVIÇOS DIVERSOS",null,"H",{"v":0.4,"d":"0.4000000"},18.11,7.24]
["Composição Auxiliar"," 88316 ","SINAPI","SERVENTE COM ENCARGOS COMPLEMENTARES","SEDI - SERVIÇOS DIVERSOS",null,"H",{"v":0.4,"d":"0.4000000"},15.17,6.06]
["Insumo"," 00000122 ","SINAPI","ADESIVO PLASTICO PARA PVC, FRASCO COM *850* GR","Material",null,"UN",{"v":0.0529,"d":"0.0529000"},37.19,1.96]
["Insumo"," 00020083 ","SINAPI","SOLUCAO PREPARADORA / LIMPADORA PARA PVC, FRASCO COM 1000 CM3","Material",null,"UN",{"v":0.03,"d":"0.0300000"},42.13,1.26]
["Insumo"," 00003520 ","SINAPI","JOELHO PVC, SOLDAVEL, PB, 90 GRAUS, DN 100 MM, PARA ESGOTO PREDIAL","Material",null,"UN",{"v":1,"d":"1.0000000"},{"v":5.8,"d":"5.80"},{"v":5.8,"d":"5.80"}]
[{"$nulls":4},"MO sem LS =>",10.37,"LS =>",{"v":0,"d":"0.00"},"MO com LS =>",10.37]
[{"$nulls":4},"Valor do BDI =>",{"v":4.8,"d":"4.80"},null,"Valor com BDI =>",null,27.12]
[{"$nulls":6},"Quant. =>","20,00","Preço Total =>",{"v":542.4,"d":"542.40"}]
[]
[" 2.8.16 ","Código","Banco","Descrição","Tipo",null,"Und","Quant.","Valor Unit","Total"]
["Composição"," 053328 ","SBC","JOELHO 90 PVC COM ANEL DE BORRACHA 50mm","INSTALACOES HIDRAULICAS - ESGOTO",null,"UN",{"v":1,"d":"1.0000000"},14.32,14.32]
["Insumo"," 099200 ","SBC","BOMBEIRO OU ENCANADOR","Mão de Obra",null,"H",{"v":0.344,"d":"0.3440000"},14.83,{"v":5.1,"d":"5.10"}]
["Insumo"," 004869 ","SBC","VASELINA PASTOSA LUBRIFICANTE EMBALAGEM 1.000g","Material",null,"UN",{"v":0.022,"d":"0.0220000"},39.98,0.87]
["Insumo"," 099034 ","SBC","AJUDANTE DE BOMBEIRO OU ENCANADOR","Mão de Obra",null,"H",{"v":0.344,"d":"0.3440000"},13.67,{"v":4.7,"d":"4.70"}]
["Insumo"," 004498 ","SBC","JOELHO 90 PVC ESGOTO SERIE NORMAL 50mm","Material",null,"UN",{"v":1,"d":"1.0000000"},1.94,1.94]
["Insumo"," 004477 ","SBC","ANEL DE BORRACHA PARA PVC ESGOTO 50mm TIGRE","Material",null,"UN",{"v":1,"d":"1.0000000"},1.71,1.71]
[{"$nulls":4},"MO sem LS =>",{"v":9.8,"d":"9.80"},"LS =>",{"v":0,"d":"0.00"},"MO com LS =>",{"v":9.8,"d":"9.80"}]
[{"$nulls":4},"Valor do BDI =>",3.08,null,"Valor com BDI =>",null,{"v":17.4,"d":"17.40"}]
[{"$nulls":6},"Quant. =>","6,00","Preço Total =>",{"v":104.4,"d":"104.40"}]
[]
[" 2.8.17 ","Código","Banco","Descrição","Tipo",null,"Und","Quant.","Valor Unit","Total"]
["Composição"," 053417 ","SBC","JUNCAO SIMPLES PVC ESGOTO 40x40mm","INSTALACOES HIDRAULICAS - ESGOTO",null,"UN",{"v":1,"d":"1.0000000"},18.04,18.04]
["Insumo"," 002660 ","SBC","JUNCAO 45 PVC ESGOTO NORMAL 40 x 40mm","Material",null,"UN",{"v":1,"d":"1.0000000"},2.89,2.89]
["Insumo"," 099200 ","SBC","BOMBEIRO OU ENCANADOR","Mão de Obra",null,"H",{"v":0.481,"d":"0.4810000"},14.83,7.13]
["Insumo"," 099034 ","SBC","AJUDANTE DE BOMBEIRO OU ENCANADOR","Mão de Obra",null,"H",{"v":0.462,"d":"0.4620000"},13.67,6.31]
["Insumo"," 000386 ","SBC","SOLUCAO LIMPADORA PARA PVC EMBALAGEM 200cc","Material",null,"UN",{"v":0.021,"d":"0.0210000"},11.67,0.24]
["Insumo"," 003389 ","SBC","ADESIVO PARA PVC bisnaga de 75 gramas","Material",null,"UN",{"v":0.201,"d":"0.2010000"},7.36,1.47]
[{"$nulls":4},"MO sem LS =>",13.44,"LS =>",{"v":0,"d":"0.00"},"MO com LS =>",13.44]
[{"$nulls":4},"Valor do BDI =>",3.88,null,"Valor com BDI =>",null,21.92]
[{"$nulls":6},"Quant. =>","6,00","Preço Total =>",131.52]
[]
[" 2.8.18 ","Código","Banco","Descrição","Tipo",null,"Und","Quant.","Valor Unit","Total"]
["Composição"," 1559 ","ORSE","Junção simples em pvc rígido soldável, para esgoto primário, diâm = 50 x 50mm","Tubos e Conexões de PVC Rígido Soldável para Esgoto",null,"un",{"v":1,"d":"1.0000000"},17.26,17.26]
["Item","Código","Banco","Descrição","Tipo",null,"Und","Quant.","Valor Unit","Total"]
["Insumo"," 138 ","ORSE","Adesivo pvc em frasco de 850 gramas","Material",null,"kg",{"v":0.015,"d":"0.0150000"},"53,84","0,80"]
["Composição"," 10549 ","ORSE","Encargos Complementares - Servente","Provisórios",null,"h",{"v":0.29,"d":"0.2900000"},"2,79","0,80"]
["Insumo"," 00003662/SINAPI ","ORSE","Juncao simples, pvc, 45 graus, dn 50 x 50 mm, serie normal para esgoto predial","Material",null,"un",{"v":1,"d":"1.0000000"},"6,40","6,40"]
["Insumo"," 00006111/SINAPI ","ORSE","Servente de obras (horista)","Mão de Obra",null,"h",{"v":0.29,"d":"0.2900000"},"10,95","3,17"]
["Insumo"," 00002696/SINAPI ","ORSE","Encanador ou bombeiro hidraulico (horista)","Mão de Obra",null,"h",{"v":0.29,"d":"0.2900000"},"14,28","4,14"]
["Insumo"," 2036 ","ORSE","Solucao limpadora pvc","Material",null,"l",{"v":0.023,"d":"0.0230000"},"51,85","1,19"]
["Composição"," 10554 ","ORSE","Encargos Complementares - Encanador","Provisórios",null,"h",{"v":0.29,"d":"0.2900000"},"2,73","0,79"]
["Detalhamento de Cálculo ORSE"]
["Item","Código","Banco","Descrição","Tipo",null,"Und","Quant.","Valor Unit","Total"]
["Insumo"," 138 ","ORSE","Adesivo pvc em frasco de 850 gramas","Material",null,"kg",{"v":0.015,"d":"0.0150000"},"53,84","0,80"]
["Insumo"," 941 ","ORSE","Fardamento com mangas curta","Material",null,"un",{"v":0.00087,"d":"0.0008700"},"145,26","0,12"]
["Insumo"," 10362 ","ORSE","Seguro de vida e acidente em grupo","Serviços",null,"un",{"v":0.00261,"d":"0.0026100"},"9,33","0,02"]
["Insumo"," 10517 ","ORSE","Exames admissionais/demissionais (checkup)","Serviços",null,"cj",{"v":2.32E-4,"d":"0.0002320"},"223,06","0,05"]
["Insumo"," 00012893/SINAPI ","ORSE","Bota de seguranca com biqueira de aco e colarinho acolchoado","Material",null,"par",{"v":4.64E-4,"d":"0.0004640"},"49,97","0,02"]
["Insumo"," 00012892/SINAPI ","ORSE","Luva raspa de couro, cano curto (punho *7* cm)","Material",null,"par",{"v":0.001334,"d":"0.0013340"},"9,37","0,01"]
["Insumo"," 10492 ","ORSE","Cesta Básica","Material",null,"un",{"v":0.00261,"d":"0.0026100"},"141,27","0,36"]
["Insumo"," 00012895/SINAPI ","ORSE","Capacete de seguranca aba frontal com suspensao de polietileno, sem jugular (classe b)","Material",null,"un",{"v":3.48E-4,"d":"0.0003480"},"10,41","0,00"]
["Insumo"," 10761 ","ORSE","Refeição - café da manhã ( café com leite e dois pães com manteiga)","Serviços",null,"un",{"v":0.059044,"d":"0.0590440"},"3,72","0,21"]
["Insumo"," 158 ","ORSE","Almoço (Participação do empregador)","Material",null,"un",{"v":0.059044,"d":"0.0590440"},"10,41","0,61"]
["Insumo"," 2378 ","ORSE","Vale transporte","Material",null,"un",{"v":0.046255,"d":"0.0462550"},"3,35","0,15"]
["Insumo"," 10788 ","ORSE","Pá quadrada","Material",null,"un",{"v":5.8E-5,"d":"0.0000580"},"27,44","0,00"]
["Insumo"," 4728 ","ORSE","Talhadeira chata 10\"","Material",null,"un",{"v":8.7e-05,"d":"0.0000870"},"13,81","0,00"]
["Insumo"," 10596 ","ORSE","Protetor auricular","Material",null,"un",{"v":0.00261,"d":"0.0026100"},"3,64","0,00"]
["Insumo"," 1651 ","ORSE","Óculos branco proteção","Material",null,"pr",{"v":4.64E-4,"d":"0.0004640"},"5,21","0,00"]
["Insumo"," 10599 ","ORSE","Protetor solar fps 30 com 120ml","Material",null,"un",{"v":1.044E-3,"d":"0.0010440"},"13,39","0,01"]
["Insumo"," 00002711/SINAPI ","ORSE","Carrinho de mao, em aco, com capacidade de *45 a 65* l / *100* kg, pneu com camara","Material",null,"un",{"v":5.8E-5,"d":"0.0000580"},"121,94","0,00"]
["Insumo"," 4729 ","ORSE","Marreta 1 kg com cabo","Material",null,"un",{"v":2.9E-5,"d":"0.0000290"},"28,11","0,00"]
["Insumo"," 00012894/SINAPI ","ORSE","Capa para chuva em pvc com forro de poliester, com capuz (amarela ou azul)","Material",null,"un",{"v":1.16E-4,"d":"0.0001160"},"13,53","0,00"]
["Insumo"," 00003662/SINAPI ","ORSE","Juncao simples, pvc, 45 graus, dn 50 x 50 mm, serie normal para esgoto predial","Material",null,"un",{"v":1,"d":"1.0000000"},"6,40","6,40"]
["Insumo"," 00006111/SINAPI ","ORSE","Servente de obras (horista)","Mão de Obra",null,"h",{"v":0.29,"d":"0.2900000"},"10,95","3,17"]
["Insumo"," 00002696/SINAPI ","ORSE","Encanador ou bombeiro hidraulico (horista)","Mão de Obra",null,"h",{"v":0.29,"d":"0.2900000"},"14,28","4,14"]
["Insumo"," 2036 ","ORSE","Solucao limpadora pvc","Material",null,"l",{"v":0.023,"d":"0.0230000"},"51,85","1,19"]
["Insumo"," 11257 ","ORSE","Tarracha para tubos PVC de 1 1/4\"","Material",null,"un",{"v":1.16E-4,"d":"0.0001160"},"24,02","0,00"]
["Insumo"," 11256 ","ORSE","Tarracha para tubos PVC de 1 1/2\"","Material",null,"un",{"v":1.16E-4,"d":"0.0001160"},"44,61","0,00"]
["Insumo"," 11255 ","ORSE","Tarracha para tubos PVC de 1\"","Material",null,"un",{"v":1.74E-4,"d":"0.0001740"},"36,43","0,00"]
["Insumo"," 11253 ","ORSE","Tarracha para tubos PVC de 1/2\"","Material",null,"un",{"v":3.19E-4,"d":"0.0003190"},"21,56","0,00"]
["Insumo"," 10593 ","ORSE","Praio simples 30cm","Material",null,"un",{"v":2.9E-5,"d":"0.0000290"},"14,55","0,00"]
["Insumo"," 10592 ","ORSE","Lima chata 12\"","Material",null,"un",{"v":2.9E-5,"d":"0.0000290"},"28,03","0,00"]
["Insumo"," 11254 ","ORSE","Tarracha para tubos PVC de 3/4\"","Material",null,"un",{"v":2.03E-4,"d":"0.0002030"},"20,44","0,00"]
[{"$nulls":4},"MO sem LS =>",7.31,"LS =>",{"v":0,"d":"0.00"},"MO com LS =>",7.31]
[{"$nulls":4},"Valor do BDI =>",3.71,null,"Valor com BDI =>",null,20.97]
[{"$nulls":6},"Quant. =>","1,00","Preço Total =>",20.97]
[]
[" 2.8.19 ","Código","Banco","Descrição","Tipo",null,"Und","Quant.","Valor Unit","Total"]
["Composição"," 1562 ","ORSE","Junção simples em pvc rígido soldável, para esgoto primário, diâm = 100 x 50mm","Tubos e Conexões de PVC Rígido Soldável para Esgoto",null,"un",{"v":1,"d":"1.0000000"},{"v":34.1,"d":"34.10"},{"v":34.1,"d":"34.10"}]
["Item","Código","Banco","Descrição","Tipo",null,"Und","Quant.","Valor Unit","Total"]
["Composição"," 10554 ","ORSE","Encargos Complementares - Encanador","Provisórios",null,"h",{"v":0.46,"d":"0.4600000"},"2,73","1,25"]
["Insumo"," 138 ","ORSE","Adesivo pvc em frasco de 850 gramas","Material",null,"kg",{"v":0.058,"d":"0.0580000"},"53,84","3,12"]
["Insumo"," 2036 ","ORSE","Solucao limpadora pvc","Material",null,"l",{"v":0.091,"d":"0.0910000"},"51,85","4,71"]
["Insumo"," 1270 ","ORSE","Juncao simples pvc rigido p/ esgoto primario, diam =100 x  50mm","Material",null,"un",{"v":1,"d":"1.0000000"},"12,14","12,14"]
["Insumo"," 00006111/SINAPI ","ORSE","Servente de obras (horista)","Mão de Obra",null,"h",{"v":0.46,"d":"0.4600000"},"10,95","5,03"]
["Insumo"," 00002696/SINAPI ","ORSE","Encanador ou bombeiro hidraulico (horista)","Mão de Obra",null,"h",{"v":0.46,"d":"0.4600000"},"14,28","6,56"]
["Composição"," 10549 ","ORSE","Encargos Complementares - Servente","Provisórios",null,"h",{"v":0.46,"d":"0.4600000"},"2,79","1,28"]
["Detalhamento de Cálculo ORSE"]
["Item","Código","Banco","Descrição","Tipo",null,"Und","Quant.","Valor Unit","Total"]
["Insumo"," 00012892/SINAPI ","ORSE","Luva raspa de couro, cano curto (punho *7* cm)","Material",null,"par",{"v":0.002116,"d":"0.0021160"},"9,37","0,01"]
["Insumo"," 10362 ","ORSE","Seguro de vida e acidente em grupo","Serviços",null,"un",{"v":0.00414,"d":"0.0041400"},"9,33","0,03"]
["Insumo"," 11257 ","ORSE","Tarracha para tubos PVC de 1 1/4\"","Material",null,"un",{"v":1.84E-4,"d":"0.0001840"},"24,02","0,00"]
["Insumo"," 158 ","ORSE","Almoço (Participação do empregador)","Material",null,"un",{"v":0.093656,"d":"0.0936560"},"10,41","0,97"]
["Insumo"," 11256 ","ORSE","Tarracha para tubos PVC de 1 1/2\"","Material",null,"un",{"v":1.84E-4,"d":"0.0001840"},"44,61","0,00"]
["Insumo"," 2378 ","ORSE","Vale transporte","Material",null,"un",{"v":0.07337,"d":"0.0733700"},"3,35","0,24"]
["Insumo"," 00012893/SINAPI ","ORSE","Bota de seguranca com biqueira de aco e colarinho acolchoado","Material",null,"par",{"v":7.36E-4,"d":"0.0007360"},"49,97","0,03"]
["Insumo"," 11255 ","ORSE","Tarracha para tubos PVC de 1\"","Material",null,"un",{"v":0.000276,"d":"0.0002760"},"36,43","0,01"]
["Insumo"," 11253 ","ORSE","Tarracha para tubos PVC de 1/2\"","Material",null,"un",{"v":0.000506,"d":"0.0005060"},"21,56","0,01"]
["Insumo"," 00012895/SINAPI ","ORSE","Capacete de seguranca aba frontal com suspensao de polietileno, sem jugular (classe b)","Material",null,"un",{"v":0.000552,"d":"0.0005520"},"10,41","0,00"]
["Insumo"," 10599 ","ORSE","Protetor solar fps 30 com 120ml","Material",null,"un",{"v":0.001656,"d":"0.0016560"},"13,39","0,02"]
["Insumo"," 00012894/SINAPI ","ORSE","Capa para chuva em pvc com forro de poliester, com capuz (amarela ou azul)","Material",null,"un",{"v":1.84E-4,"d":"0.0001840"},"13,53","0,00"]
["Insumo"," 10593 ","ORSE","Praio simples 30cm","Material",null,"un",{"v":4.6E-5,"d":"0.0000460"},"14,55","0,00"]
["Insumo"," 10592 ","ORSE","Lima chata 12\"","Material",null,"un",{"v":4.6E-5,"d":"0.0000460"},"28,03","0,00"]
["Insumo"," 941 ","ORSE","Fardamento com mangas curta","Material",null,"un",{"v":0.00138,"d":"0.0013800"},"145,26","0,20"]
["Insumo"," 11254 ","ORSE","Tarracha para tubos PVC de 3/4\"","Material",null,"un",{"v":0.000322,"d":"0.0003220"},"20,44","0,00"]
["Insumo"," 1651 ","ORSE","Óculos branco proteção","Material",null,"pr",{"v":7.36E-4,"d":"0.0007360"},"5,21","0,00"]
["Insumo"," 10761 ","ORSE","Refeição - café da manhã ( café com leite e dois pães com manteiga)","Serviços",null,"un",{"v":0.093656,"d":"0.0936560"},"3,72","0,34"]
["Insumo"," 10492 ","ORSE","Cesta Básica","Material",null,"un",{"v":0.00414,"d":"0.0041400"},"141,27","0,58"]
["Insumo"," 10517 ","ORSE","Exames admissionais/demissionais (checkup)","Serviços",null,"cj",{"v":3.68E-4,"d":"0.0003680"},"223,06","0,08"]
["Insumo"," 10596 ","ORSE","Protetor auricular","Material",null,"un",{"v":0.00414,"d":"0.0041400"},"3,64","0,01"]
["Insumo"," 138 ","ORSE","Adesivo pvc em frasco de 850 gramas","Material",null,"kg",{"v":0.058,"d":"0.0580000"},"53,84","3,12"]
["Insumo"," 2036 ","ORSE","Solucao limpadora pvc","Material",null,"l",{"v":0.091,"d":"0.0910000"},"51,85","4,71"]
["Insumo"," 1270 ","ORSE","Juncao simples pvc rigido p/ esgoto primario, diam =100 x  50mm","Material",null,"un",{"v":1,"d":"1.0000000"},"12,14","12,14"]
["Insumo"," 00006111/SINAPI ","ORSE","Servente de obras (horista)","Mão de Obra",null,"h",{"v":0.46,"d":"0.4600000"},"10,95","5,03"]
["Insumo"," 00002696/SINAPI ","ORSE","Encanador ou bombeiro hidraulico (horista)","Mão de Obra",null,"h",{"v":0.46,"d":"0.4600000"},"14,28","6,56"]
["Insumo"," 10788 ","ORSE","Pá quadrada","Material",null,"un",{"v":9.2E-5,"d":"0.0000920"},"27,44","0,00"]
["Insumo"," 4728 ","ORSE","Talhadeira chata 10\"","Material",null,"un",{"v":0.000138,"d":"0.0001380"},"13,81","0,00"]
["Insumo"," 00002711/SINAPI ","ORSE","Carrinho de mao, em aco, com capacidade de *45 a 65* l / *100* kg, pneu com camara","Material",null,"un",{"v":9.2E-5,"d":"0.0000920"},"121,94","0,01"]
["Insumo"," 4729 ","ORSE","Marreta 1 kg com cabo","Material",null,"un",{"v":4.6E-5,"d":"0.0000460"},"28,11","0,00"]
[{"$nulls":4},"MO sem LS =>",11.59,"LS =>",{"v":0,"d":"0.00"},"MO com LS =>",11.59]
[{"$nulls":4},"Valor do BDI =>",7.33,null,"Valor com BDI =>",null,41.43]
[{"$nulls":6},"Quant. =>","7,00","Preço Total =>",290.01]
[]
[" 2.8.20 ","Código","Banco","Descrição","Tipo",null,"Und","Quant.","Valor Unit","Total"]
["Composição"," UEM12282/001 ","Próprio","CAIXA DE INSPEÇÃO SIFONADA HIDRÁULICA RETANGULAR EM ALVENARIA COM TIJOLOS CERÂMICOS MACIÇOS, DIMENSÕES INTERNAS: 0,6X0,6X0,6 M PARA REDE DE ESGOTO COM TAMPA DE CONCRETO ARMADO PARA CAIXA. - (AF-06/2022)","SEDI - SERVIÇOS DIVERSOS",null,"UN",{"v":1,"d":"1.0000000"},442.27,442.27]
["Composição Auxiliar"," 94970 ","SINAPI","CONCRETO FCK = 20MPA, TRAÇO 1:2,7:3 (EM MASSA SECA DE CIMENTO/ AREIA MÉDIA/ BRITA 1) - PREPARO MECÂNICO COM BETONEIRA 600 L. AF_05/2021","FUES - FUNDAÇÕES E ESTRUTURAS",null,"m³",{"v":0.0744,"d":"0.0744000"},341.82,25.43]
["Composição Auxiliar"," 89714 ","SINAPI","TUBO PVC, SERIE NORMAL, ESGOTO PREDIAL, DN 100 MM, FORNECIDO E INSTALADO EM RAMAL DE DESCARGA OU RAMAL DE ESGOTO SANITÁRIO. AF_08/2022","INHI - INSTALAÇÕES HIDROS SANITÁRIAS",null,"M",{"v":0.2,"d":"0.2000000"},25.87,5.17]
["Composição Auxiliar"," 100475 ","SINAPI","ARGAMASSA TRAÇO 1:3 (EM VOLUME DE CIMENTO E AREIA MÉDIA ÚMIDA) COM ADIÇÃO DE IMPERMEABILIZANTE, PREPARO MECÂNICO COM BETONEIRA 400 L. AF_08/2019","SEDI - SERVIÇOS DIVERSOS",null,"m³",{"v":0.1156,"d":"0.1156000"},550.77,63.66]
["Composição Auxiliar"," 88316 ","SINAPI","SERVENTE COM ENCARGOS COMPLEMENTARES","SEDI - SERVIÇOS DIVERSOS",null,"H",{"v":4.0028,"d":"4.0028000"},15.17,60.72]
["Composição Auxiliar"," 88309 ","SINAPI","PEDREIRO COM ENCARGOS COMPLEMENTARES","SEDI - SERVIÇOS DIVERSOS",null,"H",{"v":5.0944,"d":"5.0944000"},18.88,96.18]
["Composição Auxiliar"," 97735 ","SINAPI","PEÇA RETANGULAR PRÉ-MOLDADA, VOLUME DE CONCRETO DE 30 A 100 LITROS, TAXA DE AÇO APROXIMADA DE 30KG/M³. AF_03/2024","FUES - FUNDAÇÕES E ESTRUTURAS",null,"m³",{"v":0.0448,"d":"0.0448000"},{"v":1674.71,"d":"1,674.71"},75.02]
["Composição Auxiliar"," 93358 ","SINAPI","ESCAVAÇÃO MANUAL DE VALA. AF_09/2024","MOVT - MOVIMENTO DE TERRA",null,"m³",{"v":0.3955,"d":"0.3955000"},{"v":60,"d":"60.00"},23.73]
["Composição Auxiliar"," 89744 ","SINAPI","JOELHO 90 GRAUS, PVC, SERIE NORMAL, ESGOTO PREDIAL, DN 100 MM, JUNTA ELÁSTICA, FORNECIDO E INSTALADO EM RAMAL DE DESCARGA OU RAMAL DE ESGOTO SANITÁRIO. AF_08/2022","INHI - INSTALAÇÕES HIDROS SANITÁRIAS",null,"UN",{"v":1,"d":"1.0000000"},19.79,19.79]
["Composição Auxiliar"," 87316 ","SINAPI","ARGAMASSA TRAÇO 1:4 (EM VOLUME DE CIMENTO E AREIA GROSSA ÚMIDA) PARA CHAPISCO CONVENCIONAL, PREPARO MECÂNICO COM BETONEIRA 400 L. AF_08/2019","SEDI - SERVIÇOS DIVERSOS",null,"m³",{"v":0.0148,"d":"0.0148000"},{"v":346.3,"d":"346.30"},5.12]
["Composição Auxiliar"," 101616 ","SINAPI","PREPARO DE FUNDO DE VALA COM LARGURA MENOR QUE 1,5 M (ACERTO DO SOLO NATURAL). AF_08/2020","MOVT - MOVIMENTO DE TERRA",null,"m²",{"v":0.81,"d":"0.8100000"},4.38,3.54]
["Insumo"," 00004517 ","SINAPI","SARRAFO *2,5 X 7,5* CM EM PINUS, MISTA OU EQUIVALENTE DA REGIAO - BRUTA","Material",null,"M",{"v":0.1408,"d":"0.1408000"},3.13,0.44]
["Insumo"," 00005069 ","SINAPI","PREGO DE ACO POLIDO COM CABECA 17 X 27 (2 1/2 X 11)","Material",null,"KG",{"v":0.0125,"d":"0.0125000"},15.43,0.19]
["Insumo"," 00002692 ","SINAPI","DESMOLDANTE PROTETOR PARA FORMAS DE MADEIRA, DE BASE OLEOSA EMULSIONADA EM AGUA","Material",null,"L",{"v":0.0054,"d":"0.0054000"},6.77,0.03]
["Insumo"," 00004491 ","SINAPI","PONTALETE *7,5 X 7,5* CM EM PINUS, MISTA OU EQUIVALENTE DA REGIAO - BRUTA","Material",null,"M",{"v":0.1184,"d":"0.1184000"},8.94,1.05]
["Insumo"," 00006193 ","SINAPI","TABUA NAO APARELHADA *2,5 X 20* CM, EM MACARANDUBA/MASSARANDUBA, ANGELIM OU EQUIVALENTE DA REGIAO - BRUTA","Material",null,"M",{"v":0.4416,"d":"0.4416000"},12.52,5.52]
["Insumo"," 00007258 ","SINAPI","TIJOLO CERAMICO MACICO COMUM DE *5 X 10 X 20* CM (L X A X C)","Material",null,"UN",{"v":131.8188,"d":"131.8188000"},0.43,56.68]
[{"$nulls":4},"MO sem LS =>",192.13,"LS =>",{"v":0,"d":"0.00"},"MO com LS =>",192.13]
[{"$nulls":4},"Valor do BDI =>",95.13,null,"Valor com BDI =>",null,{"v":537.4,"d":"537.40"}]
[{"$nulls":6},"Quant. =>","3,00","Preço Total =>",{"v":1612.2,"d":"1,612.20"}]
[]
[" 2.8.21 ","Código","Banco","Descrição","Tipo",null,"Und","Quant.","Valor Unit","Total"]
["Composição"," 052145 ","SBC","BUCHA REDUCAO SOLDAVEL LONGA PVC 32x25mm","INSTALACOES HIDRAULICAS - AGUA",null,"UN",{"v":1,"d":"1.0000000"},7.13,7.13]
["Insumo"," 003487 ","SBC","LIXA PARA MADEIRA S422 NORTON 100","Material",null,"UN",{"v":0.005,"d":"0.0050000"},37.92,0.18]
["Insumo"," 099034 ","SBC","AJUDANTE DE BOMBEIRO OU ENCANADOR","Mão de Obra",null,"H",{"v":0.197,"d":"0.1970000"},13.67,2.69]
["Insumo"," 003889 ","SBC","SOLUCAO LIMPADORA PARA TUBOS PVC FRASCO 1 LITRO","Material",null,"UN",{"v":0.008,"d":"0.0080000"},32.64,0.26]
["Insumo"," 003389 ","SBC","ADESIVO PARA PVC bisnaga de 75 gramas","Material",null,"UN",{"v":0.067,"d":"0.0670000"},7.36,0.49]
["Insumo"," 099200 ","SBC","BOMBEIRO OU ENCANADOR","Mão de Obra",null,"H",{"v":0.197,"d":"0.1970000"},14.83,2.92]
["Insumo"," 023550 ","SBC","BUCHA REDUCAO SOLDAVEL LONGA PVC 32x25mm","Material",null,"UN",{"v":1,"d":"1.0000000"},0.59,0.59]
[{"$nulls":4},"MO sem LS =>",5.61,"LS =>",{"v":0,"d":"0.00"},"MO com LS =>",5.61]
[{"$nulls":4},"Valor do BDI =>",1.53,null,"Valor com BDI =>",null,8.66]
[{"$nulls":6},"Quant. =>","71,00","Preço Total =>",614.86]
[]
[" 2.8.22 ","Código","Banco","Descrição","Tipo",null,"Und","Quant.","Valor Unit","Total"]
["Composição"," 1135 ","ORSE","Joelho 90º de pvc rígido soldável, marrom  diâm = 25mm","Tubos e Conexões de PVC Rígido Soldável",null,"un",{"v":1,"d":"1.0000000"},{"v":6.4,"d":"6.40"},{"v":6.4,"d":"6.40"}]
["Item","Código","Banco","Descrição","Tipo",null,"Und","Quant.","Valor Unit","Total"]
["Insumo"," 00003529/SINAPI ","ORSE","Joelho pvc, soldavel, 90 graus, 25 mm, cor marrom, para agua fria predial","Material",null,"un",{"v":1,"d":"1.0000000"},"0,50","0,50"]
["Insumo"," 138 ","ORSE","Adesivo pvc em frasco de 850 gramas","Material",null,"kg",{"v":0.006,"d":"0.0060000"},"53,84","0,32"]
["Composição"," 10554 ","ORSE","Encargos Complementares - Encanador","Provisórios",null,"h",{"v":0.18,"d":"0.1800000"},"2,73","0,49"]
["Insumo"," 00006111/SINAPI ","ORSE","Servente de obras (horista)","Mão de Obra",null,"h",{"v":0.18,"d":"0.1800000"},"10,95","1,97"]
["Insumo"," 00002696/SINAPI ","ORSE","Encanador ou bombeiro hidraulico (horista)","Mão de Obra",null,"h",{"v":0.18,"d":"0.1800000"},"14,28","2,57"]
["Composição"," 10549 ","ORSE","Encargos Complementares - Servente","Provisórios",null,"h",{"v":0.18,"d":"0.1800000"},"2,79","0,50"]
["Insumo"," 2036 ","ORSE","Solucao limpadora pvc","Material",null,"l",{"v":2E-3,"d":"0.0020000"},"51,85","0,10"]
["Detalhamento de Cálculo ORSE"]
["Item","Código","Banco","Descrição","Tipo",null,"Und","Quant.","Valor Unit","Total"]
["Insumo"," 00003529/SINAPI ","ORSE","Joelho pvc, soldavel, 90 graus, 25 mm, cor marrom, para agua fria predial","Material",null,"un",{"v":1,"d":"1.0000000"},"0,50","0,50"]
["Insumo"," 138 ","ORSE","Adesivo pvc em frasco de 850 gramas","Material",null,"kg",{"v":0.006,"d":"0.0060000"},"53,84","0,32"]
["Insumo"," 00012892/SINAPI ","ORSE","Luva raspa de couro, cano curto (punho *7* cm)","Material",null,"par",{"v":0.000828,"d":"0.0008280"},"9,37","0,00"]
["Insumo"," 10362 ","ORSE","Seguro de vida e acidente em grupo","Serviços",null,"un",{"v":0.00162,"d":"0.0016200"},"9,33","0,01"]
["Insumo"," 11257 ","ORSE","Tarracha para tubos PVC de 1 1/4\"","Material",null,"un",{"v":7.2e-05,"d":"0.0000720"},"24,02","0,00"]
["Insumo"," 158 ","ORSE","Almoço (Participação do empregador)","Material",null,"un",{"v":0.036648,"d":"0.0366480"},"10,41","0,38"]
["Insumo"," 11256 ","ORSE","Tarracha para tubos PVC de 1 1/2\"","Material",null,"un",{"v":7.2e-05,"d":"0.0000720"},"44,61","0,00"]
["Insumo"," 2378 ","ORSE","Vale transporte","Material",null,"un",{"v":0.02871,"d":"0.0287100"},"3,35","0,09"]
["Insumo"," 00012893/SINAPI ","ORSE","Bota de seguranca com biqueira de aco e colarinho acolchoado","Material",null,"par",{"v":0.000288,"d":"0.0002880"},"49,97","0,01"]
["Insumo"," 11255 ","ORSE","Tarracha para tubos PVC de 1\"","Material",null,"un",{"v":1.08E-4,"d":"0.0001080"},"36,43","0,00"]
["Insumo"," 11253 ","ORSE","Tarracha para tubos PVC de 1/2\"","Material",null,"un",{"v":0.000198,"d":"0.0001980"},"21,56","0,00"]
["Insumo"," 00012895/SINAPI ","ORSE","Capacete de seguranca aba frontal com suspensao de polietileno, sem jugular (classe b)","Material",null,"un",{"v":0.000216,"d":"0.0002160"},"10,41","0,00"]
["Insumo"," 10599 ","ORSE","Protetor solar fps 30 com 120ml","Material",null,"un",{"v":0.000648,"d":"0.0006480"},"13,39","0,00"]
["Insumo"," 00012894/SINAPI ","ORSE","Capa para chuva em pvc com forro de poliester, com capuz (amarela ou azul)","Material",null,"un",{"v":7.2e-05,"d":"0.0000720"},"13,53","0,00"]
["Insumo"," 10593 ","ORSE","Praio simples 30cm","Material",null,"un",{"v":1.8E-5,"d":"0.0000180"},"14,55","0,00"]
["Insumo"," 10592 ","ORSE","Lima chata 12\"","Material",null,"un",{"v":1.8E-5,"d":"0.0000180"},"28,03","0,00"]
["Insumo"," 941 ","ORSE","Fardamento com mangas curta","Material",null,"un",{"v":0.00054,"d":"0.0005400"},"145,26","0,07"]
["Insumo"," 11254 ","ORSE","Tarracha para tubos PVC de 3/4\"","Material",null,"un",{"v":1.26E-4,"d":"0.0001260"},"20,44","0,00"]
["Insumo"," 1651 ","ORSE","Óculos branco proteção","Material",null,"pr",{"v":0.000288,"d":"0.0002880"},"5,21","0,00"]
["Insumo"," 10761 ","ORSE","Refeição - café da manhã ( café com leite e dois pães com manteiga)","Serviços",null,"un",{"v":0.036648,"d":"0.0366480"},"3,72","0,13"]
["Insumo"," 10492 ","ORSE","Cesta Básica","Material",null,"un",{"v":0.00162,"d":"0.0016200"},"141,27","0,22"]
["Insumo"," 10517 ","ORSE","Exames admissionais/demissionais (checkup)","Serviços",null,"cj",{"v":1.44E-4,"d":"0.0001440"},"223,06","0,03"]
["Insumo"," 10596 ","ORSE","Protetor auricular","Material",null,"un",{"v":0.00162,"d":"0.0016200"},"3,64","0,00"]
["Insumo"," 00006111/SINAPI ","ORSE","Servente de obras (horista)","Mão de Obra",null,"h",{"v":0.18,"d":"0.1800000"},"10,95","1,97"]
["Insumo"," 00002696/SINAPI ","ORSE","Encanador ou bombeiro hidraulico (horista)","Mão de Obra",null,"h",{"v":0.18,"d":"0.1800000"},"14,28","2,57"]
["Insumo"," 10788 ","ORSE","Pá quadrada","Material",null,"un",{"v":3.6e-05,"d":"0.0000360"},"27,44","0,00"]
["Insumo"," 4728 ","ORSE","Talhadeira chata 10\"","Material",null,"un",{"v":5.4e-05,"d":"0.0000540"},"13,81","0,00"]
["Insumo"," 00002711/SINAPI ","ORSE","Carrinho de mao, em aco, com capacidade de *45 a 65* l / *100* kg, pneu com camara","Material",null,"un",{"v":3.6e-05,"d":"0.0000360"},"121,94","0,00"]
["Insumo"," 4729 ","ORSE","Marreta 1 kg com cabo","Material",null,"un",{"v":1.8E-5,"d":"0.0000180"},"28,11","0,00"]
["Insumo"," 2036 ","ORSE","Solucao limpadora pvc","Material",null,"l",{"v":2E-3,"d":"0.0020000"},"51,85","0,10"]
[{"$nulls":4},"MO sem LS =>",4.54,"LS =>",{"v":0,"d":"0.00"},"MO com LS =>",4.54]
[{"$nulls":4},"Valor do BDI =>",1.37,null,"Valor com BDI =>",null,7.77]
[{"$nulls":6},"Quant. =>","8,00","Preço Total =>",62.16]
[]
[" 2.8.23 ","Código","Banco","Descrição","Tipo",null,"Und","Quant.","Valor Unit","Total"]
["Composição"," 1585 ","ORSE","Tê sanitário em pvc rígido soldável, para esgoto primário, diâm = 50 x 50mm","Tubos e Conexões de PVC Rígido Soldável para Esgoto",null,"un",{"v":1,"d":"1.0000000"},16.74,16.74]
["Item","Código","Banco","Descrição","Tipo",null,"Und","Quant.","Valor Unit","Total"]
["Composição"," 10549 ","ORSE","Encargos Complementares - Servente","Provisórios",null,"h",{"v":0.29,"d":"0.2900000"},"2,79","0,80"]
["Insumo"," 00002696/SINAPI ","ORSE","Encanador ou bombeiro hidraulico (horista)","Mão de Obra",null,"h",{"v":0.29,"d":"0.2900000"},"14,28","4,14"]
["Composição"," 10554 ","ORSE","Encargos Complementares - Encanador","Provisórios",null,"h",{"v":0.29,"d":"0.2900000"},"2,73","0,79"]
["Insumo"," 2036 ","ORSE","Solucao limpadora pvc","Material",null,"l",{"v":0.033,"d":"0.0330000"},"51,85","1,71"]
["Insumo"," 00006111/SINAPI ","ORSE","Servente de obras (horista)","Mão de Obra",null,"h",{"v":0.29,"d":"0.2900000"},"10,95","3,17"]
["Insumo"," 00007097/SINAPI ","ORSE","Te sanitario, pvc, dn 50 x 50 mm, serie normal, para esgoto predial","Material",null,"un",{"v":1,"d":"1.0000000"},"4,87","4,87"]
["Insumo"," 138 ","ORSE","Adesivo pvc em frasco de 850 gramas","Material",null,"kg",{"v":0.024,"d":"0.0240000"},"53,84","1,29"]
["Detalhamento de Cálculo ORSE"]
["Item","Código","Banco","Descrição","Tipo",null,"Und","Quant.","Valor Unit","Total"]
["Insumo"," 941 ","ORSE","Fardamento com mangas curta","Material",null,"un",{"v":0.00087,"d":"0.0008700"},"145,26","0,12"]
["Insumo"," 10362 ","ORSE","Seguro de vida e acidente em grupo","Serviços",null,"un",{"v":0.00261,"d":"0.0026100"},"9,33","0,02"]
["Insumo"," 10517 ","ORSE","Exames admissionais/demissionais (checkup)","Serviços",null,"cj",{"v":2.32E-4,"d":"0.0002320"},"223,06","0,05"]
["Insumo"," 00012893/SINAPI ","ORSE","Bota de seguranca com biqueira de aco e colarinho acolchoado","Material",null,"par",{"v":4.64E-4,"d":"0.0004640"},"49,97","0,02"]
["Insumo"," 00012892/SINAPI ","ORSE","Luva raspa de couro, cano curto (punho *7* cm)","Material",null,"par",{"v":0.001334,"d":"0.0013340"},"9,37","0,01"]
["Insumo"," 10492 ","ORSE","Cesta Básica","Material",null,"un",{"v":0.00261,"d":"0.0026100"},"141,27","0,36"]
["Insumo"," 00012895/SINAPI ","ORSE","Capacete de seguranca aba frontal com suspensao de polietileno, sem jugular (classe b)","Material",null,"un",{"v":3.48E-4,"d":"0.0003480"},"10,41","0,00"]
["Insumo"," 10761 ","ORSE","Refeição - café da manhã ( café com leite e dois pães com manteiga)","Serviços",null,"un",{"v":0.059044,"d":"0.0590440"},"3,72","0,21"]
["Insumo"," 158 ","ORSE","Almoço (Participação do empregador)","Material",null,"un",{"v":0.059044,"d":"0.0590440"},"10,41","0,61"]
["Insumo"," 2378 ","ORSE","Vale transporte","Material",null,"un",{"v":0.046255,"d":"0.0462550"},"3,35","0,15"]
["Insumo"," 10788 ","ORSE","Pá quadrada","Material",null,"un",{"v":5.8E-5,"d":"0.0000580"},"27,44","0,00"]
["Insumo"," 4728 ","ORSE","Talhadeira chata 10\"","Material",null,"un",{"v":8.7e-05,"d":"0.0000870"},"13,81","0,00"]
["Insumo"," 10596 ","ORSE","Protetor auricular","Material",null,"un",{"v":0.00261,"d":"0.0026100"},"3,64","0,00"]
["Insumo"," 1651 ","ORSE","Óculos branco proteção","Material",null,"pr",{"v":4.64E-4,"d":"0.0004640"},"5,21","0,00"]
["Insumo"," 10599 ","ORSE","Protetor solar fps 30 com 120ml","Material",null,"un",{"v":1.044E-3,"d":"0.0010440"},"13,39","0,01"]
["Insumo"," 00002711/SINAPI ","ORSE","Carrinho de mao, em aco, com capacidade de *45 a 65* l / *100* kg, pneu com camara","Material",null,"un",{"v":5.8E-5,"d":"0.0000580"},"121,94","0,00"]
["Insumo"," 4729 ","ORSE","Marreta 1 kg com cabo","Material",null,"un",{"v":2.9E-5,"d":"0.0000290"},"28,11","0,00"]
["Insumo"," 00012894/SINAPI ","ORSE","Capa para chuva em pvc com forro de poliester, com capuz (amarela ou azul)","Material",null,"un",{"v":1.16E-4,"d":"0.0001160"},"13,53","0,00"]
["Insumo"," 00002696/SINAPI ","ORSE","Encanador ou bombeiro hidraulico (horista)","Mão de Obra",null,"h",{"v":0.29,"d":"0.2900000"},"14,28","4,14"]
["Insumo"," 11257 ","ORSE","Tarracha para tubos PVC de 1 1/4\"","Material",null,"un",{"v":1.16E-4,"d":"0.0001160"},"24,02","0,00"]
["Insumo"," 11256 ","ORSE","Tarracha para tubos PVC de 1 1/2\"","Material",null,"un",{"v":1.16E-4,"d":"0.0001160"},"44,61","0,00"]
["Insumo"," 11255 ","ORSE","Tarracha para tubos PVC de 1\"","Material",null,"un",{"v":1.74E-4,"d":"0.0001740"},"36,43","0,00"]
["Insumo"," 11253 ","ORSE","Tarracha para tubos PVC de 1/2\"","Material",null,"un",{"v":3.19E-4,"d":"0.0003190"},"21,56","0,00"]
["Insumo"," 10593 ","ORSE","Praio simples 30cm","Material",null,"un",{"v":2.9E-5,"d":"0.0000290"},"14,55","0,00"]
["Insumo"," 10592 ","ORSE","Lima chata 12\"","Material",null,"un",{"v":2.9E-5,"d":"0.0000290"},"28,03","0,00"]
["Insumo"," 11254 ","ORSE","Tarracha para tubos PVC de 3/4\"","Material",null,"un",{"v":2.03E-4,"d":"0.0002030"},"20,44","0,00"]
["Insumo"," 2036 ","ORSE","Solucao limpadora pvc","Material",null,"l",{"v":0.033,"d":"0.0330000"},"51,85","1,71"]
["Insumo"," 00006111/SINAPI ","ORSE","Servente de obras (horista)","Mão de Obra",null,"h",{"v":0.29,"d":"0.2900000"},"10,95","3,17"]
["Insumo"," 00007097/SINAPI ","ORSE","Te sanitario, pvc, dn 50 x 50 mm, serie normal, para esgoto predial","Material",null,"un",{"v":1,"d":"1.0000000"},"4,87","4,87"]
["Insumo"," 138 ","ORSE","Adesivo pvc em frasco de 850 gramas","Material",null,"kg",{"v":0.024,"d":"0.0240000"},"53,84","1,29"]
[{"$nulls":4},"MO sem LS =>",7.31,"LS =>",{"v":0,"d":"0.00"},"MO com LS =>",7.31]
[{"$nulls":4},"Valor do BDI =>",{"v":3.6,"d":"3.60"},null,"Valor com BDI =>",null,20.34]
[{"$nulls":6},"Quant. =>","10,00","Preço Total =>",{"v":203.4,"d":"203.40"}]
[]
[" 2.8.24 ","Código","Banco","Descrição","Tipo",null,"Und","Quant.","Valor Unit","Total"]
["Composição"," 1590 ","ORSE","Tê sanitário em pvc rígido soldável, para esgoto primário, diâm = 100 x 100mm","Tubos e Conexões de PVC Rígido Soldável para Esgoto",null,"un",{"v":1,"d":"1.0000000"},34.76,34.76]
["Item","Código","Banco","Descrição","Tipo",null,"Und","Quant.","Valor Unit","Total"]
["Insumo"," 00002696/SINAPI ","ORSE","Encanador ou bombeiro hidraulico (horista)","Mão de Obra",null,"h",{"v":0.46,"d":"0.4600000"},"14,28","6,56"]
["Insumo"," 138 ","ORSE","Adesivo pvc em frasco de 850 gramas","Material",null,"kg",{"v":0.075,"d":"0.0750000"},"53,84","4,03"]
["Insumo"," 2036 ","ORSE","Solucao limpadora pvc","Material",null,"l",{"v":0.12,"d":"0.1200000"},"51,85","6,22"]
["Composição"," 10549 ","ORSE","Encargos Complementares - Servente","Provisórios",null,"h",{"v":0.46,"d":"0.4600000"},"2,79","1,28"]
["Insumo"," 00007091/SINAPI ","ORSE","Te sanitario, pvc, dn 100 x 100 mm, serie normal, para esgoto predial","Material",null,"un",{"v":1,"d":"1.0000000"},"10,38","10,38"]
["Composição"," 10554 ","ORSE","Encargos Complementares - Encanador","Provisórios",null,"h",{"v":0.46,"d":"0.4600000"},"2,73","1,25"]
["Insumo"," 00006111/SINAPI ","ORSE","Servente de obras (horista)","Mão de Obra",null,"h",{"v":0.46,"d":"0.4600000"},"10,95","5,03"]
["Detalhamento de Cálculo ORSE"]
["Item","Código","Banco","Descrição","Tipo",null,"Und","Quant.","Valor Unit","Total"]
["Insumo"," 00002696/SINAPI ","ORSE","Encanador ou bombeiro hidraulico (horista)","Mão de Obra",null,"h",{"v":0.46,"d":"0.4600000"},"14,28","6,56"]
["Insumo"," 138 ","ORSE","Adesivo pvc em frasco de 850 gramas","Material",null,"kg",{"v":0.075,"d":"0.0750000"},"53,84","4,03"]
["Insumo"," 2036 ","ORSE","Solucao limpadora pvc","Material",null,"l",{"v":0.12,"d":"0.1200000"},"51,85","6,22"]
["Insumo"," 941 ","ORSE","Fardamento com mangas curta","Material",null,"un",{"v":0.00138,"d":"0.0013800"},"145,26","0,20"]
["Insumo"," 10362 ","ORSE","Seguro de vida e acidente em grupo","Serviços",null,"un",{"v":0.00414,"d":"0.0041400"},"9,33","0,03"]
["Insumo"," 10517 ","ORSE","Exames admissionais/demissionais (checkup)","Serviços",null,"cj",{"v":3.68E-4,"d":"0.0003680"},"223,06","0,08"]
["Insumo"," 00012893/SINAPI ","ORSE","Bota de seguranca com biqueira de aco e colarinho acolchoado","Material",null,"par",{"v":7.36E-4,"d":"0.0007360"},"49,97","0,03"]
["Insumo"," 00012892/SINAPI ","ORSE","Luva raspa de couro, cano curto (punho *7* cm)","Material",null,"par",{"v":0.002116,"d":"0.0021160"},"9,37","0,01"]
["Insumo"," 10492 ","ORSE","Cesta Básica","Material",null,"un",{"v":0.00414,"d":"0.0041400"},"141,27","0,58"]
["Insumo"," 00012895/SINAPI ","ORSE","Capacete de seguranca aba frontal com suspensao de polietileno, sem jugular (classe b)","Material",null,"un",{"v":0.000552,"d":"0.0005520"},"10,41","0,00"]
["Insumo"," 10761 ","ORSE","Refeição - café da manhã ( café com leite e dois pães com manteiga)","Serviços",null,"un",{"v":0.093656,"d":"0.0936560"},"3,72","0,34"]
["Insumo"," 158 ","ORSE","Almoço (Participação do empregador)","Material",null,"un",{"v":0.093656,"d":"0.0936560"},"10,41","0,97"]
["Insumo"," 2378 ","ORSE","Vale transporte","Material",null,"un",{"v":0.07337,"d":"0.0733700"},"3,35","0,24"]
["Insumo"," 10788 ","ORSE","Pá quadrada","Material",null,"un",{"v":9.2E-5,"d":"0.0000920"},"27,44","0,00"]
["Insumo"," 4728 ","ORSE","Talhadeira chata 10\"","Material",null,"un",{"v":0.000138,"d":"0.0001380"},"13,81","0,00"]
["Insumo"," 10596 ","ORSE","Protetor auricular","Material",null,"un",{"v":0.00414,"d":"0.0041400"},"3,64","0,01"]
["Insumo"," 1651 ","ORSE","Óculos branco proteção","Material",null,"pr",{"v":7.36E-4,"d":"0.0007360"},"5,21","0,00"]
["Insumo"," 10599 ","ORSE","Protetor solar fps 30 com 120ml","Material",null,"un",{"v":0.001656,"d":"0.0016560"},"13,39","0,02"]
["Insumo"," 00002711/SINAPI ","ORSE","Carrinho de mao, em aco, com capacidade de *45 a 65* l / *100* kg, pneu com camara","Material",null,"un",{"v":9.2E-5,"d":"0.0000920"},"121,94","0,01"]
["Insumo"," 4729 ","ORSE","Marreta 1 kg com cabo","Material",null,"un",{"v":4.6E-5,"d":"0.0000460"},"28,11","0,00"]
["Insumo"," 00012894/SINAPI ","ORSE","Capa para chuva em pvc com forro de poliester, com capuz (amarela ou azul)","Material",null,"un",{"v":1.84E-4,"d":"0.0001840"},"13,53","0,00"]
["Insumo"," 00007091/SINAPI ","ORSE","Te sanitario, pvc, dn 100 x 100 mm, serie normal, para esgoto predial","Material",null,"un",{"v":1,"d":"1.0000000"},"10,38","10,38"]
["Insumo"," 11257 ","ORSE","Tarracha para tubos PVC de 1 1/4\"","Material",null,"un",{"v":1.84E-4,"d":"0.0001840"},"24,02","0,00"]
["Insumo"," 11256 ","ORSE","Tarracha para tubos PVC de 1 1/2\"","Material",null,"un",{"v":1.84E-4,"d":"0.0001840"},"44,61","0,00"]
["Insumo"," 11255 ","ORSE","Tarracha para tubos PVC de 1\"","Material",null,"un",{"v":0.000276,"d":"0.0002760"},"36,43","0,01"]
["Insumo"," 11253 ","ORSE","Tarracha para tubos PVC de 1/2\"","Material",null,"un",{"v":0.000506,"d":"0.0005060"},"21,56","0,01"]
["Insumo"," 10593 ","ORSE","Praio simples 30cm","Material",null,"un",{"v":4.6E-5,"d":"0.0000460"},"14,55","0,00"]
["Insumo"," 10592 ","ORSE","Lima chata 12\"","Material",null,"un",{"v":4.6E-5,"d":"0.0000460"},"28,03","0,00"]
["Insumo"," 11254 ","ORSE","Tarracha para tubos PVC de 3/4\"","Material",null,"un",{"v":0.000322,"d":"0.0003220"},"20,44","0,00"]
["Insumo"," 00006111/SINAPI ","ORSE","Servente de obras (horista)","Mão de Obra",null,"h",{"v":0.46,"d":"0.4600000"},"10,95","5,03"]
[{"$nulls":4},"MO sem LS =>",11.59,"LS =>",{"v":0,"d":"0.00"},"MO com LS =>",11.59]
[{"$nulls":4},"Valor do BDI =>",7.47,null,"Valor com BDI =>",null,42.23]
[{"$nulls":6},"Quant. =>","3,00","Preço Total =>",126.69]
[]
[" 2.8.25 ","Código","Banco","Descrição","Tipo",null,"Und","Quant.","Valor Unit","Total"]
["Composição"," 103539 ","SINAPI","VÁLVULA DE RETENÇÃO DE FERRO FUNDIDO PARA REDE DE ÁGUA OU ESGOTO, DN 100 MM, JUNTA FLANGEADA. AF_12/2021","Válvulas para Redes de Saneamento",null,"UN",{"v":1,"d":"1.0000000"},45.51,45.51]
["Composição Auxiliar"," 88267 ","SINAPI","ENCANADOR OU BOMBEIRO HIDRÁULICO COM ENCARGOS COMPLEMENTARES","SEDI - SERVIÇOS DIVERSOS",null,"H",{"v":0.3573,"d":"0.3573000"},18.11,6.47]
["Composição Auxiliar"," 5928 ","SINAPI","GUINDAUTO HIDRÁULICO, CAPACIDADE MÁXIMA DE CARGA 6200 KG, MOMENTO MÁXIMO DE CARGA 11,7 TM, ALCANCE MÁXIMO HORIZONTAL 9,70 M, INCLUSIVE CAMINHÃO TOCO PBT 16.000 KG, POTÊNCIA DE 189 CV - CHP DIURNO. AF_06/2014","CHOR - CUSTOS HORÁRIOS DE MÁQUINAS E EQUIPAMENTOS",null,"CHP",{"v":0.0827,"d":"0.0827000"},206.38,17.06]
["Composição Auxiliar"," 88248 ","SINAPI","AUXILIAR DE ENCANADOR OU BOMBEIRO HIDRÁULICO COM ENCARGOS COMPLEMENTARES","SEDI - SERVIÇOS DIVERSOS",null,"H",{"v":0.0614,"d":"0.0614000"},15.36,0.94]
["Composição Auxiliar"," 5930 ","SINAPI","GUINDAUTO HIDRÁULICO, CAPACIDADE MÁXIMA DE CARGA 6200 KG, MOMENTO MÁXIMO DE CARGA 11,7 TM, ALCANCE MÁXIMO HORIZONTAL 9,70 M, INCLUSIVE CAMINHÃO TOCO PBT 16.000 KG, POTÊNCIA DE 189 CV - CHI DIURNO. AF_06/2014","CHOR - CUSTOS HORÁRIOS DE MÁQUINAS E EQUIPAMENTOS",null,"CHI",{"v":0.1755,"d":"0.1755000"},{"v":52.2,"d":"52.20"},9.16]
["Insumo"," 00044613 ","SINAPI","CONJUNTO DE ACESSORIOS PARA JUNTA FLANGEADA (PN-10), DN 100 MM, COMPOSTO POR: PARAFUSOS COM PORCAS DE ACO GALVANIZADO E UM ANEL DE BORRACHA, PARA A EXECUCAO DE UMA JUNTA FLANGEADA","Material",null,"UN",{"v":1,"d":"1.0000000"},{"v":9.9,"d":"9.90"},{"v":9.9,"d":"9.90"}]
["Insumo"," 00044562 ","SINAPI","VALVULA DE RETENCAO TIPO PORTINHOLA UNICA COM FLANGES, EM FERRO FUNDIDO, DN = 100 MM, PN 10, PARA REDE DE SANEAMENTO","Material",null,"UN",{"v":1,"d":"1.0000000"},1.98,1.98]
[{"$nulls":4},"MO sem LS =>",10.56,"LS =>",{"v":0,"d":"0.00"},"MO com LS =>",10.56]
[{"$nulls":4},"Valor do BDI =>",9.78,null,"Valor com BDI =>",null,55.29]
[{"$nulls":6},"Quant. =>","1,00","Preço Total =>",55.29]
[]
[" 2.8.26 ","Código","Banco","Descrição","Tipo",null,"Und","Quant.","Valor Unit","Total"]
["Composição"," 053425 ","SBC","LUVA PVC ESGOTO NORMAL 50mm","INSTALACOES HIDRAULICAS - ESGOTO",null,"UN",{"v":1,"d":"1.0000000"},17.93,17.93]
["Insumo"," 006042 ","SBC","LUVA DE CORRER PVC ESGOTO SERIE NORMAL 50mm","Material",null,"UN",{"v":1,"d":"1.0000000"},{"v":6.3,"d":"6.30"},{"v":6.3,"d":"6.30"}]
["Insumo"," 099034 ","SBC","AJUDANTE DE BOMBEIRO OU ENCANADOR","Mão de Obra",null,"H",{"v":0.392,"d":"0.3920000"},13.67,5.35]
["Insumo"," 004869 ","SBC","VASELINA PASTOSA LUBRIFICANTE EMBALAGEM 1.000g","Material",null,"UN",{"v":0.012,"d":"0.0120000"},39.98,0.47]
["Insumo"," 099200 ","SBC","BOMBEIRO OU ENCANADOR","Mão de Obra",null,"H",{"v":0.392,"d":"0.3920000"},14.83,5.81]
[{"$nulls":4},"MO sem LS =>",11.16,"LS =>",{"v":0,"d":"0.00"},"MO com LS =>",11.16]
[{"$nulls":4},"Valor do BDI =>",3.85,null,"Valor com BDI =>",null,21.78]
[{"$nulls":6},"Quant. =>","34,00","Preço Total =>",740.52]
[]
[" 2.8.27 ","Código","Banco","Descrição","Tipo",null,"Und","Quant.","Valor Unit","Total"]
["Composição"," C1703 ","SEINFRA","LUVA DUPLA PVC P/ESGOTO 75mm JUNTAS SOLDADAS",0,null,"UN",{"v":1,"d":"1.0000000"},20.19,20.19]
["Insumo"," I0026 ","SEINFRA","ADESIVO PARA TUBO DE PVC RIGIDO","Material",null,"KG",{"v":0.034,"d":"0.0340000"},47.11,{"v":1.6,"d":"1.60"}]
["Insumo"," I0043 ","SEINFRA","AJUDANTE DE ENCANADOR","Mão de Obra",null,"H",{"v":0.18,"d":"0.1800000"},15.85,2.85]
["Insumo"," I1436 ","SEINFRA","LUVA DUPLA PVC ESGOTO 75MM","Material",null,"UN",{"v":1,"d":"1.0000000"},9.86,9.86]
["Insumo"," I1888 ","SEINFRA","SOLUÇÃO LIMPADORA PARA PVC RIGIDO","Material",null,"L",{"v":0.052,"d":"0.0520000"},45.38,2.35]
["Insumo"," I2320 ","SEINFRA","ENCANADOR","Mão de Obra",null,"H",{"v":0.18,"d":"0.1800000"},19.66,3.53]
[{"$nulls":4},"MO sem LS =>",6.38,"LS =>",{"v":0,"d":"0.00"},"MO com LS =>",6.38]
[{"$nulls":4},"Valor do BDI =>",4.34,null,"Valor com BDI =>",null,24.53]
[{"$nulls":6},"Quant. =>","1,00","Preço Total =>",24.53]
[]
[" 2.8.28 ","Código","Banco","Descrição","Tipo",null,"Und","Quant.","Valor Unit","Total"]
["Composição"," 89823 ","SINAPI","LUVA DE CORRER, PVC, SERIE NORMAL, ESGOTO PREDIAL, DN 100 MM, JUNTA ELÁSTICA, FORNECIDO E INSTALADO EM PRUMADA DE ESGOTO SANITÁRIO OU VENTILAÇÃO. AF_08/2022","INHI - INSTALAÇÕES HIDROS SANITÁRIAS",null,"UN",{"v":1,"d":"1.0000000"},25.28,25.28]
["Composição Auxiliar"," 88248 ","SINAPI","AUXILIAR DE ENCANADOR OU BOMBEIRO HIDRÁULICO COM ENCARGOS COMPLEMENTARES","SEDI - SERVIÇOS DIVERSOS",null,"H",{"v":0.1448,"d":"0.1448000"},15.36,2.22]
["Composição Auxiliar"," 88267 ","SINAPI","ENCANADOR OU BOMBEIRO HIDRÁULICO COM ENCARGOS COMPLEMENTARES","SEDI - SERVIÇOS DIVERSOS",null,"H",{"v":0.1448,"d":"0.1448000"},18.11,2.62]
["Insumo"," 00003893 ","SINAPI","LUVA DE CORRER, PVC, DN 100 MM, PARA ESGOTO PREDIAL","Material",null,"UN",{"v":1,"d":"1.0000000"},12.88,12.88]
["Insumo"," 00020078 ","SINAPI","PASTA LUBRIFICANTE PARA TUBOS E CONEXOES COM JUNTA ELASTICA, EMBALAGEM DE *400* GR (USO EM PVC, ACO, POLIETILENO E OUTROS)","Material",null,"UN",{"v":0.115,"d":"0.1150000"},15.35,1.76]
["Insumo"," 00000301 ","SINAPI","ANEL BORRACHA PARA TUBO ESGOTO PREDIAL, DN 100 MM (NBR 5688)","Material",null,"UN",{"v":2,"d":"2.0000000"},{"v":2.9,"d":"2.90"},{"v":5.8,"d":"5.80"}]
[{"$nulls":4},"MO sem LS =>",3.84,"LS =>",{"v":0,"d":"0.00"},"MO com LS =>",3.84]
[{"$nulls":4},"Valor do BDI =>",5.43,null,"Valor com BDI =>",null,30.71]
[{"$nulls":6},"Quant. =>","24,00","Preço Total =>",737.04]
[]
[" 2.8.29 ","Código","Banco","Descrição","Tipo",null,"Und","Quant.","Valor Unit","Total"]
["Composição"," C4822 ","SEINFRA","TERMINAL DE VENTILAÇÃO PVC 50MM",0,null,"UN",{"v":1,"d":"1.0000000"},14.02,14.02]
["Insumo"," I0043 ","SEINFRA","AJUDANTE DE ENCANADOR","Mão de Obra",null,"H",{"v":0.09,"d":"0.0900000"},15.85,1.42]
["Insumo"," I2320 ","SEINFRA","ENCANADOR","Mão de Obra",null,"H",{"v":0.09,"d":"0.0900000"},19.66,1.76]
["Insumo"," I0026 ","SEINFRA","ADESIVO PARA TUBO DE PVC RIGIDO","Material",null,"KG",{"v":0.031,"d":"0.0310000"},47.11,1.46]
["Insumo"," I1888 ","SEINFRA","SOLUÇÃO LIMPADORA PARA PVC RIGIDO","Material",null,"L",{"v":0.048,"d":"0.0480000"},45.38,2.17]
["Insumo"," I9096 ","SEINFRA","TERMINAL DE VENTILACAO, 50 MM, SERIE NORMAL, ESGOTO PREDIAL","Material",null,"UN",{"v":1,"d":"1.0000000"},7.21,7.21]
[{"$nulls":4},"MO sem LS =>",3.18,"LS =>",{"v":0,"d":"0.00"},"MO com LS =>",3.18]
[{"$nulls":4},"Valor do BDI =>",3.01,null,"Valor com BDI =>",null,17.03]
[{"$nulls":6},"Quant. =>","2,00","Preço Total =>",34.06]
[]
[" 2.8.30 ","Código","Banco","Descrição","Tipo",null,"Und","Quant.","Valor Unit","Total"]
["Composição"," 9383 ","ORSE","Caixa sifonada quadrada, com três entradas e uma saida, d = 100x150x50mm, branco, com grelha, Akros ou similar","Caixas de Inspeção",null,"un",{"v":1,"d":"1.0000000"},29.67,29.67]
["Item","Código","Banco","Descrição","Tipo",null,"Und","Quant.","Valor Unit","Total"]
["Composição"," 10549 ","ORSE","Encargos Complementares - Servente","Provisórios",null,"h",{"v":0.5,"d":"0.5000000"},"2,79","1,39"]
["Insumo"," 00002696/SINAPI ","ORSE","Encanador ou bombeiro hidraulico (horista)","Mão de Obra",null,"h",{"v":0.5,"d":"0.5000000"},"14,28","7,14"]
["Insumo"," 00006111/SINAPI ","ORSE","Servente de obras (horista)","Mão de Obra",null,"h",{"v":0.5,"d":"0.5000000"},"10,95","5,47"]
["Insumo"," 9693 ","ORSE","Caixa sifonada quadrada, com três entradas e uma saida, d = 100x150x50mm, c/grelha, acabamento branco Akros ou similar","Material",null,"un",{"v":1,"d":"1.0000000"},"14,31","14,31"]
["Composição"," 10554 ","ORSE","Encargos Complementares - Encanador","Provisórios",null,"h",{"v":0.5,"d":"0.5000000"},"2,73","1,36"]
["Detalhamento de Cálculo ORSE"]
["Item","Código","Banco","Descrição","Tipo",null,"Und","Quant.","Valor Unit","Total"]
["Insumo"," 941 ","ORSE","Fardamento com mangas curta","Material",null,"un",{"v":1.5E-3,"d":"0.0015000"},"145,26","0,21"]
["Insumo"," 10362 ","ORSE","Seguro de vida e acidente em grupo","Serviços",null,"un",{"v":0.0045,"d":"0.0045000"},"9,33","0,04"]
["Insumo"," 10517 ","ORSE","Exames admissionais/demissionais (checkup)","Serviços",null,"cj",{"v":0.0004,"d":"0.0004000"},"223,06","0,08"]
["Insumo"," 00012893/SINAPI ","ORSE","Bota de seguranca com biqueira de aco e colarinho acolchoado","Material",null,"par",{"v":0.0008,"d":"0.0008000"},"49,97","0,03"]
["Insumo"," 00012892/SINAPI ","ORSE","Luva raspa de couro, cano curto (punho *7* cm)","Material",null,"par",{"v":2.3E-3,"d":"0.0023000"},"9,37","0,02"]
["Insumo"," 10492 ","ORSE","Cesta Básica","Material",null,"un",{"v":0.0045,"d":"0.0045000"},"141,27","0,63"]
["Insumo"," 00012895/SINAPI ","ORSE","Capacete de seguranca aba frontal com suspensao de polietileno, sem jugular (classe b)","Material",null,"un",{"v":0.0006,"d":"0.0006000"},"10,41","0,00"]
["Insumo"," 10761 ","ORSE","Refeição - café da manhã ( café com leite e dois pães com manteiga)","Serviços",null,"un",{"v":0.1018,"d":"0.1018000"},"3,72","0,37"]
["Insumo"," 158 ","ORSE","Almoço (Participação do empregador)","Material",null,"un",{"v":0.1018,"d":"0.1018000"},"10,41","1,05"]
["Insumo"," 2378 ","ORSE","Vale transporte","Material",null,"un",{"v":0.07975,"d":"0.0797500"},"3,35","0,26"]
["Insumo"," 10788 ","ORSE","Pá quadrada","Material",null,"un",{"v":1E-4,"d":"0.0001000"},"27,44","0,00"]
["Insumo"," 4728 ","ORSE","Talhadeira chata 10\"","Material",null,"un",{"v":0.00015,"d":"0.0001500"},"13,81","0,00"]
["Insumo"," 10596 ","ORSE","Protetor auricular","Material",null,"un",{"v":0.0045,"d":"0.0045000"},"3,64","0,01"]
["Insumo"," 1651 ","ORSE","Óculos branco proteção","Material",null,"pr",{"v":0.0008,"d":"0.0008000"},"5,21","0,00"]
["Insumo"," 10599 ","ORSE","Protetor solar fps 30 com 120ml","Material",null,"un",{"v":1.8E-3,"d":"0.0018000"},"13,39","0,02"]
["Insumo"," 00002711/SINAPI ","ORSE","Carrinho de mao, em aco, com capacidade de *45 a 65* l / *100* kg, pneu com camara","Material",null,"un",{"v":1E-4,"d":"0.0001000"},"121,94","0,01"]
["Insumo"," 4729 ","ORSE","Marreta 1 kg com cabo","Material",null,"un",{"v":5e-05,"d":"0.0000500"},"28,11","0,00"]
["Insumo"," 00012894/SINAPI ","ORSE","Capa para chuva em pvc com forro de poliester, com capuz (amarela ou azul)","Material",null,"un",{"v":0.0002,"d":"0.0002000"},"13,53","0,00"]
["Insumo"," 00002696/SINAPI ","ORSE","Encanador ou bombeiro hidraulico (horista)","Mão de Obra",null,"h",{"v":0.5,"d":"0.5000000"},"14,28","7,14"]
["Insumo"," 00006111/SINAPI ","ORSE","Servente de obras (horista)","Mão de Obra",null,"h",{"v":0.5,"d":"0.5000000"},"10,95","5,47"]
["Insumo"," 9693 ","ORSE","Caixa sifonada quadrada, com três entradas e uma saida, d = 100x150x50mm, c/grelha, acabamento branco Akros ou similar","Material",null,"un",{"v":1,"d":"1.0000000"},"14,31","14,31"]
["Insumo"," 11257 ","ORSE","Tarracha para tubos PVC de 1 1/4\"","Material",null,"un",{"v":0.0002,"d":"0.0002000"},"24,02","0,00"]
["Insumo"," 11256 ","ORSE","Tarracha para tubos PVC de 1 1/2\"","Material",null,"un",{"v":0.0002,"d":"0.0002000"},"44,61","0,00"]
["Insumo"," 11255 ","ORSE","Tarracha para tubos PVC de 1\"","Material",null,"un",{"v":0.0003,"d":"0.0003000"},"36,43","0,01"]
["Insumo"," 11253 ","ORSE","Tarracha para tubos PVC de 1/2\"","Material",null,"un",{"v":0.00055,"d":"0.0005500"},"21,56","0,01"]
["Insumo"," 10593 ","ORSE","Praio simples 30cm","Material",null,"un",{"v":5e-05,"d":"0.0000500"},"14,55","0,00"]
["Insumo"," 10592 ","ORSE","Lima chata 12\"","Material",null,"un",{"v":5e-05,"d":"0.0000500"},"28,03","0,00"]
["Insumo"," 11254 ","ORSE","Tarracha para tubos PVC de 3/4\"","Material",null,"un",{"v":3.5E-4,"d":"0.0003500"},"20,44","0,00"]
[{"$nulls":4},"MO sem LS =>",12.61,"LS =>",{"v":0,"d":"0.00"},"MO com LS =>",12.61]
[{"$nulls":4},"Valor do BDI =>",6.38,null,"Valor com BDI =>",null,36.05]
[{"$nulls":6},"Quant. =>","7,00","Preço Total =>",252.35]
[]
[" 2.8.31 ","Código","Banco","Descrição","Tipo",null,"Und","Quant.","Valor Unit","Total"]
["Composição"," UEM12025 ","Próprio","RALO HEMISFÉRICO EM Fº Fº, TIPO ABACAXI Ø 100MM - (AF-01/2022)","SEDI - SERVIÇOS DIVERSOS",null,"UN",{"v":1,"d":"1.0000000"},32.16,32.16]
["Composição Auxiliar"," 88316 ","SINAPI","SERVENTE COM ENCARGOS COMPLEMENTARES","SEDI - SERVIÇOS DIVERSOS",null,"H",{"v":0.5,"d":"0.5000000"},15.17,7.58]
["Composição Auxiliar"," 88267 ","SINAPI","ENCANADOR OU BOMBEIRO HIDRÁULICO COM ENCARGOS COMPLEMENTARES","SEDI - SERVIÇOS DIVERSOS",null,"H",{"v":0.5,"d":"0.5000000"},18.11,9.05]
["Insumo"," 00011708 ","SINAPI","RALO FOFO SEMIESFERICO, 100 MM, PARA LAJES/ CALHAS","Material",null,"UN",{"v":1,"d":"1.0000000"},15.53,15.53]
[{"$nulls":4},"MO sem LS =>",12.96,"LS =>",{"v":0,"d":"0.00"},"MO com LS =>",12.96]
[{"$nulls":4},"Valor do BDI =>",6.91,null,"Valor com BDI =>",null,39.07]
[{"$nulls":6},"Quant. =>","6,00","Preço Total =>",234.42]
[]
[" 2.8.32 ","Código","Banco","Descrição","Tipo",null,"Und","Quant.","Valor Unit","Total"]
["Composição"," C2616 ","SEINFRA","TUBO PVC SOLD. MARROM D= 25mm (3/4\")",0,null,"M",{"v":1,"d":"1.0000000"},7.52,7.52]
["Insumo"," I1888 ","SEINFRA","SOLUÇÃO LIMPADORA PARA PVC RIGIDO","Material",null,"L",{"v":0.0002,"d":"0.0002000"},45.38,{"v":0,"d":"0.00"}]
["Insumo"," I0026 ","SEINFRA","ADESIVO PARA TUBO DE PVC RIGIDO","Material",null,"KG",{"v":0.0005,"d":"0.0005000"},47.11,0.02]
["Insumo"," I2320 ","SEINFRA","ENCANADOR","Mão de Obra",null,"H",{"v":0.12,"d":"0.1200000"},19.66,2.35]
["Insumo"," I2200 ","SEINFRA","TUBO PVC SOLDÁVEL DE 25MM (3/4')","Material",null,"M",{"v":1.01,"d":"1.0100000"},3.22,3.25]
["Insumo"," I0043 ","SEINFRA","AJUDANTE DE ENCANADOR","Mão de Obra",null,"H",{"v":0.12,"d":"0.1200000"},15.85,{"v":1.9,"d":"1.90"}]
[{"$nulls":4},"MO sem LS =>",4.25,"LS =>",{"v":0,"d":"0.00"},"MO com LS =>",4.25]
[{"$nulls":4},"Valor do BDI =>",1.61,null,"Valor com BDI =>",null,9.13]
[{"$nulls":6},"Quant. =>","22,36","Preço Total =>",204.14]
[]
[" 2.8.33 ","Código","Banco","Descrição","Tipo",null,"Und","Quant.","Valor Unit","Total"]
["Composição"," 054050 ","SBC","TUBO PVC ESGOTO 40mm","INSTALACOES HIDRAULICAS - AGUAS PLUVIAIS",null,"M",{"v":1,"d":"1.0000000"},9.98,9.98]
["Insumo"," 099200 ","SBC","BOMBEIRO OU ENCANADOR","Mão de Obra",null,"H",{"v":0.152,"d":"0.1520000"},14.83,2.25]
["Insumo"," 099034 ","SBC","AJUDANTE DE BOMBEIRO OU ENCANADOR","Mão de Obra",null,"H",{"v":0.152,"d":"0.1520000"},13.67,2.07]
["Insumo"," 003389 ","SBC","ADESIVO PARA PVC bisnaga de 75 gramas","Material",null,"UN",{"v":0.067,"d":"0.0670000"},7.36,0.49]
["Insumo"," 002697 ","SBC","TUBO PVC ESGOTO SERIE NORMAL 40mm (METRO)","Material",null,"M",{"v":1.05,"d":"1.0500000"},4.93,5.17]
[{"$nulls":4},"MO sem LS =>",4.32,"LS =>",{"v":0,"d":"0.00"},"MO com LS =>",4.32]
[{"$nulls":4},"Valor do BDI =>",2.14,null,"Valor com BDI =>",null,12.12]
[{"$nulls":6},"Quant. =>","46,81","Preço Total =>",567.33]
[]
[" 2.8.34 ","Código","Banco","Descrição","Tipo",null,"Und","Quant.","Valor Unit","Total"]
["Composição"," 054051 ","SBC","TUBO PVC ESGOTO 50mm","INSTALACOES HIDRAULICAS - AGUAS PLUVIAIS",null,"M",{"v":1,"d":"1.0000000"},14.53,14.53]
["Insumo"," 099200 ","SBC","BOMBEIRO OU ENCANADOR","Mão de Obra",null,"H",{"v":0.183,"d":"0.1830000"},14.83,2.71]
["Insumo"," 099034 ","SBC","AJUDANTE DE BOMBEIRO OU ENCANADOR","Mão de Obra",null,"H",{"v":0.183,"d":"0.1830000"},13.67,{"v":2.5,"d":"2.50"}]
["Insumo"," 004477 ","SBC","ANEL DE BORRACHA PARA PVC ESGOTO 50mm TIGRE","Material",null,"UN",{"v":0.17,"d":"0.1700000"},1.71,0.29]
["Insumo"," 004476 ","SBC","TUBO PVC ESGOTO SERIE NORMAL 50mm (METRO)","Material",null,"M",{"v":1.1,"d":"1.1000000"},7.93,8.72]
["Insumo"," 004869 ","SBC","VASELINA PASTOSA LUBRIFICANTE EMBALAGEM 1.000g","Material",null,"UN",{"v":0.008,"d":"0.0080000"},39.98,0.31]
[{"$nulls":4},"MO sem LS =>",5.21,"LS =>",{"v":0,"d":"0.00"},"MO com LS =>",5.21]
[{"$nulls":4},"Valor do BDI =>",3.12,null,"Valor com BDI =>",null,17.65]
[{"$nulls":6},"Quant. =>","22,22","Preço Total =>",392.18]
[]
[" 2.8.35 ","Código","Banco","Descrição","Tipo",null,"Und","Quant.","Valor Unit","Total"]
["Composição"," 054052 ","SBC","TUBO PVC ESGOTO 75mm","INSTALACOES HIDRAULICAS - AGUAS PLUVIAIS",null,"M",{"v":1,"d":"1.0000000"},27.25,27.25]
["Insumo"," 004869 ","SBC","VASELINA PASTOSA LUBRIFICANTE EMBALAGEM 1.000g","Material",null,"UN",{"v":0.012,"d":"0.0120000"},39.98,0.47]
["Insumo"," 099200 ","SBC","BOMBEIRO OU ENCANADOR","Mão de Obra",null,"H",{"v":0.213,"d":"0.2130000"},14.83,3.15]
["Insumo"," 099034 ","SBC","AJUDANTE DE BOMBEIRO OU ENCANADOR","Mão de Obra",null,"H",{"v":0.213,"d":"0.2130000"},13.67,2.91]
["Insumo"," 004478 ","SBC","TUBO PVC ESGOTO SERIE NORMAL 75mm (METRO)","Material",null,"M",{"v":1.1,"d":"1.1000000"},18.58,20.43]
["Insumo"," 004479 ","SBC","ANEL DE BORRACHA PARA PVC 75mm","Material",null,"UN",{"v":0.17,"d":"0.1700000"},1.71,0.29]
[{"$nulls":4},"MO sem LS =>",6.06,"LS =>",{"v":0,"d":"0.00"},"MO com LS =>",6.06]
[{"$nulls":4},"Valor do BDI =>",5.86,null,"Valor com BDI =>",null,33.11]
[{"$nulls":6},"Quant. =>","31,25","Preço Total =>",{"v":1034.68,"d":"1,034.68"}]
[]
[" 2.8.36 ","Código","Banco","Descrição","Tipo",null,"Und","Quant.","Valor Unit","Total"]
["Composição"," 054053 ","SBC","TUBO PVC ESGOTO 100mm","INSTALACOES HIDRAULICAS - AGUAS PLUVIAIS",null,"M",{"v":1,"d":"1.0000000"},{"v":25.4,"d":"25.40"},{"v":25.4,"d":"25.40"}]
["Insumo"," 004869 ","SBC","VASELINA PASTOSA LUBRIFICANTE EMBALAGEM 1.000g","Material",null,"UN",{"v":0.016,"d":"0.0160000"},39.98,0.63]
["Insumo"," 099034 ","SBC","AJUDANTE DE BOMBEIRO OU ENCANADOR","Mão de Obra",null,"H",{"v":0.401,"d":"0.4010000"},13.67,5.48]
["Insumo"," 099200 ","SBC","BOMBEIRO OU ENCANADOR","Mão de Obra",null,"H",{"v":0.401,"d":"0.4010000"},14.83,5.94]
["Insumo"," 004481 ","SBC","ANEL DE BORRACHA PARA PVC SERIE R 100mm","Material",null,"UN",{"v":0.17,"d":"0.1700000"},3.36,0.57]
["Insumo"," 004480 ","SBC","TUBO PVC ESGOTO SERIE NORMAL 100mm (METRO)","Material",null,"M",{"v":1.1,"d":"1.1000000"},11.62,12.78]
[{"$nulls":4},"MO sem LS =>",11.42,"LS =>",{"v":0,"d":"0.00"},"MO com LS =>",11.42]
[{"$nulls":4},"Valor do BDI =>",5.46,null,"Valor com BDI =>",null,30.86]
[{"$nulls":6},"Quant. =>","103,72","Preço Total =>",{"v":3200.79,"d":"3,200.79"}]
[]
[" 2.9 ",null,null,"COBERTA"]
[" 2.9.1 ","Código","Banco","Descrição","Tipo",null,"Und","Quant.","Valor Unit","Total"]
["Composição"," CBR SC 003 ","Próprio","COBERTURA EM ESTRUTURA METALICA COMPOSTA POR TESOURAS BANZO SUPERIOR U100X50X3,35MM; BANZO INFERIOR U100X50X3,35MM; MONTANTE U100X40X2MM; DIAGONAL U100X40X2MM; TRAVAMENTO U100X40X2MM; TERÇA EU100X40X17X2MM E CONTRAVENTAMENTO D=8","SEDI - SERVIÇOS DIVERSOS",null,"und",{"v":1,"d":"1.0000000"},{"v":52345.98,"d":"52,345.98"},{"v":52345.98,"d":"52,345.98"}]
["Composição Auxiliar"," 88316 ","SINAPI","SERVENTE COM ENCARGOS COMPLEMENTARES","SEDI - SERVIÇOS DIVERSOS",null,"H",{"v":421.92,"d":"421.9200000"},15.17,{"v":6400.52,"d":"6,400.52"}]
["Composição Auxiliar"," 88317 ","SINAPI","SOLDADOR COM ENCARGOS COMPLEMENTARES","SEDI - SERVIÇOS DIVERSOS",null,"H",{"v":410.97,"d":"410.9700000"},19.26,{"v":7915.28,"d":"7,915.28"}]
["Composição Auxiliar"," 95135 ","SINAPI","LOCACAO DE ANDAIME METALICO TUBULAR TIPO TORRE","SEDI - SERVIÇOS DIVERSOS",null,"M/MES",{"v":98,"d":"98.0000000"},{"v":22.3,"d":"22.30"},{"v":2185.4,"d":"2,185.40"}]
["Composição Auxiliar"," 3759 ","ORSE","Pintura de acabamento em superfícies metálicas com aplicação de 02 demãos de tinta esmalte epoxi branco, e = 35 micra p/ demão, aplicado com rolo e pincel- R1","Pintura em Estrutura Metálica",null,"m²",{"v":273.98,"d":"273.9800000"},39.08,{"v":10707.13,"d":"10,707.13"}]
["Composição Auxiliar"," 3738 ","ORSE","Pintura de proteção sobre superfícies metálicas com aplicação de 01 demão de tinta epoxi fundo óxido de ferro - R1","Outras Pinturas",null,"m²",{"v":273.98,"d":"273.9800000"},{"v":15.9,"d":"15.90"},{"v":4356.28,"d":"4,356.28"}]
["Insumo"," 8250 ","ORSE","Aluguel de máquina solda  - 475A trifásica : capacidade - grande","Equipamento",null,"h",{"v":410.97,"d":"410.9700000"},2.91,{"v":1195.92,"d":"1,195.92"}]
["Insumo"," 13107 ","ORSE","Perfil Aço, UDC Simples 100 x 40 x 3,06(kg/m) - SAE 1008/1012","Material",null,"kg",{"v":752.14,"d":"752.1400000"},7.96,{"v":5987.03,"d":"5,987.03"}]
["Insumo"," 13110 ","ORSE","Perfil Aço, UDC Simples 100 x 50 x 4,48(kg/m) - SAE 1008/1012","Material",null,"kg",{"v":832.86,"d":"832.8600000"},7.96,{"v":6629.56,"d":"6,629.56"}]
["Insumo"," 00010997 ","SINAPI","ELETRODO REVESTIDO AWS - E7018, DIAMETRO IGUAL A 4,00 MM","Material",null,"KG",{"v":37,"d":"37.0000000"},21.18,783.66]
["Insumo"," 10395 ","ORSE","Cabo de aço 8,0 mm media resistencia","Material",null,"m",{"v":87.4,"d":"87.4000000"},10.94,956.15]
["Insumo"," 13121 ","ORSE","Perfil Aço, UDC Enrijecido 100 x 50 x 3,27(kg/m) - SAE 1008/1012","Material",null,"kg",{"v":408.2,"d":"408.2000000"},{"v":11.5,"d":"11.50"},{"v":4694.3,"d":"4,694.30"}]
["Insumo"," 5935 ","ORSE","Aluguel de lixadeira","Equipamento",null,"H",{"v":278.52,"d":"278.5200000"},1.92,534.75]
[{"$nulls":4},"MO sem LS =>",{"v":16186.34,"d":"16,186.34"},"LS =>",{"v":0,"d":"0.00"},"MO com LS =>",{"v":16186.34,"d":"16,186.34"}]
[{"$nulls":4},"Valor do BDI =>",{"v":11259.62,"d":"11,259.62"},null,"Valor com BDI =>",null,{"v":63605.6,"d":"63,605.60"}]
[{"$nulls":6},"Quant. =>","1,00","Preço Total =>",{"v":63605.6,"d":"63,605.60"}]
[]
[" 2.9.2 ","Código","Banco","Descrição","Tipo",null,"Und","Quant.","Valor Unit","Total"]
["Composição"," 94210 ","SINAPI","TELHAMENTO COM TELHA ONDULADA DE FIBROCIMENTO E = 6 MM, COM RECOBRIMENTO LATERAL DE 1 1/4 DE ONDA PARA TELHADO COM INCLINAÇÃO MÁXIMA DE 10°, COM ATÉ 2 ÁGUAS, INCLUSO IÇAMENTO. AF_07/2019","COBE - COBERTURA",null,"m²",{"v":1,"d":"1.0000000"},47.51,47.51]
["Composição Auxiliar"," 88323 ","SINAPI","TELHADISTA COM ENCARGOS COMPLEMENTARES","SEDI - SERVIÇOS DIVERSOS",null,"H",{"v":0.128,"d":"0.1280000"},18.23,2.33]
["Composição Auxiliar"," 93282 ","SINAPI","GUINCHO ELÉTRICO DE COLUNA, CAPACIDADE 400 KG, COM MOTO FREIO, MOTOR TRIFÁSICO DE 1,25 CV - CHI DIURNO. AF_03/2016","CHOR - CUSTOS HORÁRIOS DE MÁQUINAS E EQUIPAMENTOS",null,"CHI",{"v":0.0073,"d":"0.0073000"},15.61,0.11]
["Composição Auxiliar"," 93281 ","SINAPI","GUINCHO ELÉTRICO DE COLUNA, CAPACIDADE 400 KG, COM MOTO FREIO, MOTOR TRIFÁSICO DE 1,25 CV - CHP DIURNO. AF_03/2016","CHOR - CUSTOS HORÁRIOS DE MÁQUINAS E EQUIPAMENTOS",null,"CHP",{"v":5.3E-3,"d":"0.0053000"},16.24,0.08]
["Composição Auxiliar"," 88316 ","SINAPI","SERVENTE COM ENCARGOS COMPLEMENTARES","SEDI - SERVIÇOS DIVERSOS",null,"H",{"v":0.166,"d":"0.1660000"},15.17,2.51]
["Insumo"," 00004302 ","SINAPI","PARAFUSO ZINCADO ROSCA SOBERBA, CABECA SEXTAVADA, 5/16\" X 250 MM, PARA FIXACAO DE TELHA EM MADEIRA","Material",null,"UN",{"v":1.26,"d":"1.2600000"},3.72,4.68]
["Insumo"," 00007194 ","SINAPI","TELHA DE FIBROCIMENTO ONDULADA E = 6 MM, DE 2,44 X 1,10 M (SEM AMIANTO)","Material",null,"M²",{"v":1.357,"d":"1.3570000"},27.63,37.49]
["Insumo"," 00001607 ","SINAPI","CONJUNTO ARRUELAS DE VEDACAO 5/16\" PARA TELHA FIBROCIMENTO (UMA ARRUELA METALICA E UMA ARRUELA PVC - CONICAS)","Material",null,"CJ",{"v":1.26,"d":"1.2600000"},0.25,0.31]
[{"$nulls":4},"MO sem LS =>",3.85,"LS =>",{"v":0,"d":"0.00"},"MO com LS =>",3.85]
[{"$nulls":4},"Valor do BDI =>",10.21,null,"Valor com BDI =>",null,57.72]
[{"$nulls":6},"Quant. =>","270,89","Preço Total =>",{"v":15635.77,"d":"15,635.77"}]
[]
[" 2.9.3 ","Código","Banco","Descrição","Tipo",null,"Und","Quant.","Valor Unit","Total"]
["Composição"," 94223 ","SINAPI","CUMEEIRA PARA TELHA DE FIBROCIMENTO ONDULADA E = 6 MM, INCLUSO ACESSÓRIOS DE FIXAÇÃO E IÇAMENTO. AF_07/2019","COBE - COBERTURA",null,"M",{"v":1,"d":"1.0000000"},79.05,79.05]
["Composição Auxiliar"," 93282 ","SINAPI","GUINCHO ELÉTRICO DE COLUNA, CAPACIDADE 400 KG, COM MOTO FREIO, MOTOR TRIFÁSICO DE 1,25 CV - CHI DIURNO. AF_03/2016","CHOR - CUSTOS HORÁRIOS DE MÁQUINAS E EQUIPAMENTOS",null,"CHI",{"v":0.0026,"d":"0.0026000"},15.61,0.04]
["Composição Auxiliar"," 88316 ","SINAPI","SERVENTE COM ENCARGOS COMPLEMENTARES","SEDI - SERVIÇOS DIVERSOS",null,"H",{"v":0.073,"d":"0.0730000"},15.17,{"v":1.1,"d":"1.10"}]
["Composição Auxiliar"," 93281 ","SINAPI","GUINCHO ELÉTRICO DE COLUNA, CAPACIDADE 400 KG, COM MOTO FREIO, MOTOR TRIFÁSICO DE 1,25 CV - CHP DIURNO. AF_03/2016","CHOR - CUSTOS HORÁRIOS DE MÁQUINAS E EQUIPAMENTOS",null,"CHP",{"v":1.8E-3,"d":"0.0018000"},16.24,0.02]
["Composição Auxiliar"," 88323 ","SINAPI","TELHADISTA COM ENCARGOS COMPLEMENTARES","SEDI - SERVIÇOS DIVERSOS",null,"H",{"v":0.06,"d":"0.0600000"},18.23,1.09]
["Insumo"," 00001607 ","SINAPI","CONJUNTO ARRUELAS DE VEDACAO 5/16\" PARA TELHA FIBROCIMENTO (UMA ARRUELA METALICA E UMA ARRUELA PVC - CONICAS)","Material",null,"CJ",{"v":4.2,"d":"4.2000000"},0.25,1.05]
["Insumo"," 00007219 ","SINAPI","CUMEEIRA UNIVERSAL PARA TELHA ONDULADA DE FIBROCIMENTO, E = 6 MM, ABA 210 MM, COMPRIMENTO 1100 MM (SEM AMIANTO)","Material",null,"UN",{"v":1.029,"d":"1.0290000"},58.44,60.13]
["Insumo"," 00004302 ","SINAPI","PARAFUSO ZINCADO ROSCA SOBERBA, CABECA SEXTAVADA, 5/16\" X 250 MM, PARA FIXACAO DE TELHA EM MADEIRA","Material",null,"UN",{"v":4.2,"d":"4.2000000"},3.72,15.62]
[{"$nulls":4},"MO sem LS =>",1.73,"LS =>",{"v":0,"d":"0.00"},"MO com LS =>",1.73]
[{"$nulls":4},"Valor do BDI =>",{"v":17,"d":"17.00"},null,"Valor com BDI =>",null,96.05]
[{"$nulls":6},"Quant. =>","26,30","Preço Total =>",{"v":2526.11,"d":"2,526.11"}]
[]
[" 2.9.4 ","Código","Banco","Descrição","Tipo",null,"Und","Quant.","Valor Unit","Total"]
["Composição"," 94229 ","SINAPI","CALHA EM CHAPA DE AÇO GALVANIZADO NÚMERO 24, DESENVOLVIMENTO DE 100 CM, INCLUSO TRANSPORTE VERTICAL. AF_07/2019","COBE - COBERTURA",null,"M",{"v":1,"d":"1.0000000"},117.88,117.88]
["Composição Auxiliar"," 93282 ","SINAPI","GUINCHO ELÉTRICO DE COLUNA, CAPACIDADE 400 KG, COM MOTO FREIO, MOTOR TRIFÁSICO DE 1,25 CV - CHI DIURNO. AF_03/2016","CHOR - CUSTOS HORÁRIOS DE MÁQUINAS E EQUIPAMENTOS",null,"CHI",{"v":0.0183,"d":"0.0183000"},15.61,0.28]
["Composição Auxiliar"," 88316 ","SINAPI","SERVENTE COM ENCARGOS COMPLEMENTARES","SEDI - SERVIÇOS DIVERSOS",null,"H",{"v":0.633,"d":"0.6330000"},15.17,{"v":9.6,"d":"9.60"}]
["Composição Auxiliar"," 93281 ","SINAPI","GUINCHO ELÉTRICO DE COLUNA, CAPACIDADE 400 KG, COM MOTO FREIO, MOTOR TRIFÁSICO DE 1,25 CV - CHP DIURNO. AF_03/2016","CHOR - CUSTOS HORÁRIOS DE MÁQUINAS E EQUIPAMENTOS",null,"CHP",{"v":0.0132,"d":"0.0132000"},16.24,0.21]
["Composição Auxiliar"," 88323 ","SINAPI","TELHADISTA COM ENCARGOS COMPLEMENTARES","SEDI - SERVIÇOS DIVERSOS",null,"H",{"v":0.539,"d":"0.5390000"},18.23,9.82]
["Insumo"," 00005104 ","SINAPI","REBITE DE REPUXO EM ALUMINIO VAZADO, DIAMETRO 3,2 X 8 MM DE COMPRIMENTO (1KG = 1025 UNIDADES)","Material",null,"KG",{"v":0.0049,"d":"0.0049000"},55.21,0.27]
["Insumo"," 00013388 ","SINAPI","SOLDA EM BARRA DE ESTANHO-CHUMBO 50/50","Material",null,"KG",{"v":0.18,"d":"0.1800000"},103.05,18.54]
["Insumo"," 00000142 ","SINAPI","SELANTE ELASTICO MONOCOMPONENTE A BASE DE POLIURETANO (PU) PARA JUNTAS DIVERSAS","Material",null,"310ML",{"v":0.161,"d":"0.1610000"},{"v":33.8,"d":"33.80"},5.44]
["Insumo"," 00040784 ","SINAPI","CALHA QUADRADA DE CHAPA DE ACO GALVANIZADA NUM 24, CORTE 100 CM","Material",null,"M",{"v":1.05,"d":"1.0500000"},69.86,73.35]
["Insumo"," 00005061 ","SINAPI","PREGO DE ACO POLIDO COM CABECA 18 X 27 (2 1/2 X 10)","Material",null,"KG",{"v":0.025,"d":"0.0250000"},14.87,0.37]
[{"$nulls":4},"MO sem LS =>",{"v":15.3,"d":"15.30"},"LS =>",{"v":0,"d":"0.00"},"MO com LS =>",{"v":15.3,"d":"15.30"}]
[{"$nulls":4},"Valor do BDI =>",25.35,null,"Valor com BDI =>",null,143.23]
[{"$nulls":6},"Quant. =>","52,60","Preço Total =>",{"v":7533.89,"d":"7,533.89"}]
[]
[" 2.10 ",null,null,"PISO"]
[" 2.10.1 ","Código","Banco","Descrição","Tipo",null,"Und","Quant.","Valor Unit","Total"]
["Composição"," 94974 ","SINAPI","CONCRETO MAGRO PARA LASTRO, TRAÇO 1:4,5:4,5 (EM MASSA SECA DE CIMENTO/ AREIA MÉDIA/ BRITA 1) - PREPARO MANUAL. AF_05/2021","FUES - FUNDAÇÕES E ESTRUTURAS",null,"m³",{"v":1,"d":"1.0000000"},342.23,342.23]
["Composição Auxiliar"," 88316 ","SINAPI","SERVENTE COM ENCARGOS COMPLEMENTARES","SEDI - SERVIÇOS DIVERSOS",null,"H",{"v":6.2858,"d":"6.2858000"},15.17,95.35]
["Insumo"," 00000370 ","SINAPI","AREIA MEDIA - POSTO JAZIDA/FORNECEDOR (RETIRADO NA JAZIDA, SEM TRANSPORTE)","Material",null,"M³",{"v":0.8538,"d":"0.8538000"},{"v":104.1,"d":"104.10"},88.88]
["Insumo"," 00004721 ","SINAPI","PEDRA BRITADA N. 1 (9,5 A 19 MM) POSTO PEDREIRA/FORNECEDOR, SEM FRETE","Material",null,"M³",{"v":0.5971,"d":"0.5971000"},73.96,44.16]
["Insumo"," 00001379 ","SINAPI","CIMENTO PORTLAND COMPOSTO CP II-32","Material",null,"KG",{"v":218.93,"d":"218.9300000"},0.52,113.84]
[{"$nulls":4},"MO sem LS =>",70.96,"LS =>",{"v":0,"d":"0.00"},"MO com LS =>",70.96]
[{"$nulls":4},"Valor do BDI =>",73.61,null,"Valor com BDI =>",null,415.84]
[{"$nulls":6},"Quant. =>","12,68","Preço Total =>",{"v":5272.85,"d":"5,272.85"}]
[]
[" 2.10.2 ","Código","Banco","Descrição","Tipo",null,"Und","Quant.","Valor Unit","Total"]
["Composição"," 87758 ","SINAPI","CONTRAPISO EM ARGAMASSA PRONTA, PREPARO MECÂNICO COM MISTURADOR 300 KG, APLICADO EM ÁREAS MOLHADAS SOBRE IMPERMEABILIZAÇÃO, ACABAMENTO NÃO REFORÇADO, ESPESSURA 3CM. AF_07/2021","PISO - PISOS",null,"m²",{"v":1,"d":"1.0000000"},{"v":81,"d":"81.00"},{"v":81,"d":"81.00"}]
["Composição Auxiliar"," 88316 ","SINAPI","SERVENTE COM ENCARGOS COMPLEMENTARES","SEDI - SERVIÇOS DIVERSOS",null,"H",{"v":0.294,"d":"0.2940000"},15.17,4.45]
["Composição Auxiliar"," 88309 ","SINAPI","PEDREIRO COM ENCARGOS COMPLEMENTARES","SEDI - SERVIÇOS DIVERSOS",null,"H",{"v":0.589,"d":"0.5890000"},18.88,11.12]
["Composição Auxiliar"," 87386 ","SINAPI","ARGAMASSA PRONTA PARA CONTRAPISO, PREPARO COM MISTURADOR DE EIXO HORIZONTAL DE 300 KG. AF_08/2019","SEDI - SERVIÇOS DIVERSOS",null,"m³",{"v":0.0431,"d":"0.0431000"},{"v":1512.17,"d":"1,512.17"},65.17]
["Insumo"," 00001379 ","SINAPI","CIMENTO PORTLAND COMPOSTO CP II-32","Material",null,"KG",{"v":0.5,"d":"0.5000000"},0.52,0.26]
[{"$nulls":4},"MO sem LS =>",13.72,"LS =>",{"v":0,"d":"0.00"},"MO com LS =>",13.72]
[{"$nulls":4},"Valor do BDI =>",17.42,null,"Valor com BDI =>",null,98.42]
[{"$nulls":6},"Quant. =>","245,87","Preço Total =>",{"v":24198.52,"d":"24,198.52"}]
[]
[" 2.11 ",null,null,"EMASSAMENTO E PINTURA"]
[" 2.11.1 ","Código","Banco","Descrição","Tipo",null,"Und","Quant.","Valor Unit","Total"]
["Composição"," 88414 ","SINAPI","APLICAÇÃO MANUAL DE FUNDO SELADOR ACRÍLICO EM SUPERFÍCIES INTERNAS DA SACADA DE EDIFÍCIOS DE MÚLTIPLOS PAVIMENTOS. AF_03/2024","PINT - PINTURAS",null,"m²",{"v":1,"d":"1.0000000"},{"v":4.5,"d":"4.50"},{"v":4.5,"d":"4.50"}]
["Composição Auxiliar"," 88316 ","SINAPI","SERVENTE COM ENCARGOS COMPLEMENTARES","SEDI - SERVIÇOS DIVERSOS",null,"H",{"v":0.017,"d":"0.0170000"},15.17,0.25]
["Composição Auxiliar"," 88310 ","SINAPI","PINTOR COM ENCARGOS COMPLEMENTARES","SEDI - SERVIÇOS DIVERSOS",null,"H",{"v":0.1042,"d":"0.1042000"},{"v":19.9,"d":"19.90"},2.07]
["Insumo"," 00006085 ","SINAPI","SELADOR ACRILICO OPACO PREMIUM INTERIOR/EXTERIOR","Material",null,"L",{"v":0.3502,"d":"0.3502000"},6.23,2.18]
[{"$nulls":4},"MO sem LS =>",1.71,"LS =>",{"v":0,"d":"0.00"},"MO com LS =>",1.71]
[{"$nulls":4},"Valor do BDI =>",0.96,null,"Valor com BDI =>",null,5.46]
[{"$nulls":6},"Quant. =>","584,22","Preço Total =>",{"v":3189.84,"d":"3,189.84"}]
[]
[" 2.11.2 ","Código","Banco","Descrição","Tipo",null,"Und","Quant.","Valor Unit","Total"]
["Composição"," 88413 ","SINAPI","APLICAÇÃO MANUAL DE FUNDO SELADOR ACRÍLICO EM SUPERFÍCIES EXTERNAS DE SACADA DE EDIFÍCIOS DE MÚLTIPLOS PAVIMENTOS. AF_03/2024","PINT - PINTURAS",null,"m²",{"v":1,"d":"1.0000000"},3.79,3.79]
["Composição Auxiliar"," 88310 ","SINAPI","PINTOR COM ENCARGOS COMPLEMENTARES","SEDI - SERVIÇOS DIVERSOS",null,"H",{"v":0.0907,"d":"0.0907000"},{"v":19.9,"d":"19.90"},{"v":1.8,"d":"1.80"}]
["Composição Auxiliar"," 88316 ","SINAPI","SERVENTE COM ENCARGOS COMPLEMENTARES","SEDI - SERVIÇOS DIVERSOS",null,"H",{"v":0.0148,"d":"0.0148000"},15.17,0.22]
["Insumo"," 00006085 ","SINAPI","SELADOR ACRILICO OPACO PREMIUM INTERIOR/EXTERIOR","Material",null,"L",{"v":0.2845,"d":"0.2845000"},6.23,1.77]
[{"$nulls":4},"MO sem LS =>",1.48,"LS =>",{"v":0,"d":"0.00"},"MO com LS =>",1.48]
[{"$nulls":4},"Valor do BDI =>",0.81,null,"Valor com BDI =>",null,{"v":4.6,"d":"4.60"}]
[{"$nulls":6},"Quant. =>","375,88","Preço Total =>",{"v":1729.04,"d":"1,729.04"}]
[]
[" 2.11.3 ","Código","Banco","Descrição","Tipo",null,"Und","Quant.","Valor Unit","Total"]
["Composição"," 88497 ","SINAPI","EMASSAMENTO COM MASSA LÁTEX, APLICAÇÃO EM PAREDE, DUAS DEMÃOS, LIXAMENTO MANUAL. AF_04/2023","PINT - PINTURAS",null,"m²",{"v":1,"d":"1.0000000"},11.53,11.53]
["Composição Auxiliar"," 88310 ","SINAPI","PINTOR COM ENCARGOS COMPLEMENTARES","SEDI - SERVIÇOS DIVERSOS",null,"H",{"v":0.361,"d":"0.3610000"},{"v":19.9,"d":"19.90"},7.18]
["Composição Auxiliar"," 88316 ","SINAPI","SERVENTE COM ENCARGOS COMPLEMENTARES","SEDI - SERVIÇOS DIVERSOS",null,"H",{"v":0.1203,"d":"0.1203000"},15.17,1.82]
["Insumo"," 00043626 ","SINAPI","MASSA CORRIDA PARA SUPERFICIES DE AMBIENTES INTERNOS","Material",null,"KG",{"v":1.3389,"d":"1.3389000"},1.86,2.49]
["Insumo"," 00003767 ","SINAPI","LIXA EM FOLHA PARA PAREDE OU MADEIRA, NUMERO 120, COR VERMELHA","Material",null,"UN",{"v":0.0802,"d":"0.0802000"},0.62,0.04]
[{"$nulls":4},"MO sem LS =>",6.62,"LS =>",{"v":0,"d":"0.00"},"MO com LS =>",6.62]
[{"$nulls":4},"Valor do BDI =>",2.48,null,"Valor com BDI =>",null,14.01]
[{"$nulls":6},"Quant. =>","584,22","Preço Total =>",{"v":8184.92,"d":"8,184.92"}]
[]
[" 2.11.4 ","Código","Banco","Descrição","Tipo",null,"Und","Quant.","Valor Unit","Total"]
["Composição"," 96135 ","SINAPI","APLICAÇÃO MANUAL DE MASSA ACRÍLICA EM PAREDES EXTERNAS DE CASAS, DUAS DEMÃOS. AF_03/2024","PINT - PINTURAS",null,"m²",{"v":1,"d":"1.0000000"},18.87,18.87]
["Composição Auxiliar"," 88310 ","SINAPI","PINTOR COM ENCARGOS COMPLEMENTARES","SEDI - SERVIÇOS DIVERSOS",null,"H",{"v":0.6344,"d":"0.6344000"},{"v":19.9,"d":"19.90"},12.62]
["Composição Auxiliar"," 88316 ","SINAPI","SERVENTE COM ENCARGOS COMPLEMENTARES","SEDI - SERVIÇOS DIVERSOS",null,"H",{"v":0.1036,"d":"0.1036000"},15.17,1.57]
["Insumo"," 00003767 ","SINAPI","LIXA EM FOLHA PARA PAREDE OU MADEIRA, NUMERO 120, COR VERMELHA","Material",null,"UN",{"v":0.08287,"d":"0.0828700"},0.62,0.05]
["Insumo"," 00043651 ","SINAPI","MASSA ACRILICA PARA SUPERFICIES INTERNAS E EXTERNAS","Material",null,"KG",{"v":1.38709,"d":"1.3870900"},3.34,4.63]
[{"$nulls":4},"MO sem LS =>",10.42,"LS =>",{"v":0,"d":"0.00"},"MO com LS =>",10.42]
[{"$nulls":4},"Valor do BDI =>",4.05,null,"Valor com BDI =>",null,22.92]
[{"$nulls":6},"Quant. =>","375,88","Preço Total =>",{"v":8615.16,"d":"8,615.16"}]
[]
[" 2.11.5 ","Código","Banco","Descrição","Tipo",null,"Und","Quant.","Valor Unit","Total"]
["Composição"," 95626 ","SINAPI","APLICAÇÃO MANUAL DE TINTA LÁTEX ACRÍLICA EM PAREDE EXTERNAS DE CASAS, DUAS DEMÃOS. AF_03/2024","PINT - PINTURAS",null,"m²",{"v":1,"d":"1.0000000"},10.77,10.77]
["Composição Auxiliar"," 88316 ","SINAPI","SERVENTE COM ENCARGOS COMPLEMENTARES","SEDI - SERVIÇOS DIVERSOS",null,"H",{"v":0.0468,"d":"0.0468000"},15.17,{"v":0.7,"d":"0.70"}]
["Composição Auxiliar"," 88310 ","SINAPI","PINTOR COM ENCARGOS COMPLEMENTARES","SEDI - SERVIÇOS DIVERSOS",null,"H",{"v":0.2866,"d":"0.2866000"},{"v":19.9,"d":"19.90"},{"v":5.7,"d":"5.70"}]
["Insumo"," 00007356 ","SINAPI","TINTA LATEX ACRILICA PREMIUM, COR BRANCO FOSCO","Material",null,"L",{"v":0.20615,"d":"0.2061500"},21.22,4.37]
[{"$nulls":4},"MO sem LS =>",{"v":4.7,"d":"4.70"},"LS =>",{"v":0,"d":"0.00"},"MO com LS =>",{"v":4.7,"d":"4.70"}]
[{"$nulls":4},"Valor do BDI =>",2.31,null,"Valor com BDI =>",null,13.08]
[{"$nulls":6},"Quant. =>","375,88","Preço Total =>",{"v":4916.51,"d":"4,916.51"}]
[]
[" 2.11.6 ","Código","Banco","Descrição","Tipo",null,"Und","Quant.","Valor Unit","Total"]
["Composição"," 104642 ","SINAPI","PINTURA LÁTEX ACRÍLICA STANDARD, APLICAÇÃO MANUAL EM PAREDES, DUAS DEMÃOS. AF_04/2023","PINT - PINTURAS",null,"m²",{"v":1,"d":"1.0000000"},7.34,7.34]
["Composição Auxiliar"," 88310 ","SINAPI","PINTOR COM ENCARGOS COMPLEMENTARES","SEDI - SERVIÇOS DIVERSOS",null,"H",{"v":0.1631,"d":"0.1631000"},{"v":19.9,"d":"19.90"},3.24]
["Composição Auxiliar"," 88316 ","SINAPI","SERVENTE COM ENCARGOS COMPLEMENTARES","SEDI - SERVIÇOS DIVERSOS",null,"H",{"v":0.0544,"d":"0.0544000"},15.17,0.82]
["Insumo"," 00035692 ","SINAPI","TINTA LATEX ACRILICA STANDARD, COR BRANCA","Material",null,"L",{"v":0.2367,"d":"0.2367000"},13.88,3.28]
[{"$nulls":4},"MO sem LS =>",2.99,"LS =>",{"v":0,"d":"0.00"},"MO com LS =>",2.99]
[{"$nulls":4},"Valor do BDI =>",1.57,null,"Valor com BDI =>",null,8.91]
[{"$nulls":6},"Quant. =>","584,22","Preço Total =>",{"v":5205.4,"d":"5,205.40"}]
[]
[" 2.12 ",null,null,"REVESTIMENTOS"]
[" 2.12.1 ","Código","Banco","Descrição","Tipo",null,"Und","Quant.","Valor Unit","Total"]
["Composição"," 87262 ","SINAPI","REVESTIMENTO CERÂMICO PARA PISO COM PLACAS TIPO PORCELANATO DE DIMENSÕES 60X60 CM APLICADA EM AMBIENTES DE ÁREA ENTRE 5 M² E 10 M². AF_02/2023_PE","PISO - PISOS",null,"m²",{"v":1,"d":"1.0000000"},100.25,100.25]
["Composição Auxiliar"," 88256 ","SINAPI","AZULEJISTA OU LADRILHISTA COM ENCARGOS COMPLEMENTARES","SEDI - SERVIÇOS DIVERSOS",null,"H",{"v":0.8038,"d":"0.8038000"},18.78,15.09]
["Composição Auxiliar"," 88316 ","SINAPI","SERVENTE COM ENCARGOS COMPLEMENTARES","SEDI - SERVIÇOS DIVERSOS",null,"H",{"v":0.2064,"d":"0.2064000"},15.17,3.13]
["Insumo"," 00045190 ","SINAPI","PISO EM PORCELANATO, RETIFICADO, LISO, MONOCOLOR, ACETINADO OU POLIDO, FORMATO MAIOR QUE 2500 ATE 6400 CM2","Material",null,"m²",{"v":1.0864,"d":"1.0864000"},59.08,64.18]
["Insumo"," 00037595 ","SINAPI","ARGAMASSA COLANTE TIPO AC III","Material",null,"KG",{"v":9.13,"d":"9.1300000"},{"v":1.9,"d":"1.90"},17.34]
["Insumo"," 00034357 ","SINAPI","REJUNTE CIMENTICIO, QUALQUER COR","Material",null,"KG",{"v":0.141,"d":"0.1410000"},3.62,0.51]
[{"$nulls":4},"MO sem LS =>",14.25,"LS =>",{"v":0,"d":"0.00"},"MO com LS =>",14.25]
[{"$nulls":4},"Valor do BDI =>",21.56,null,"Valor com BDI =>",null,121.81]
[{"$nulls":6},"Quant. =>","37,87","Preço Total =>",{"v":4612.94,"d":"4,612.94"}]
[]
[" 2.12.2 ","Código","Banco","Descrição","Tipo",null,"Und","Quant.","Valor Unit","Total"]
["Composição"," 87273 ","SINAPI","REVESTIMENTO CERÂMICO PARA PAREDES INTERNAS COM PLACAS TIPO ESMALTADA DE DIMENSÕES 33X45 CM APLICADAS NA ALTURA INTEIRA DAS PAREDES. AF_02/2023_PE","REVE - REVESTIMENTO E TRATAMENTO DE SUPERFÍCIES",null,"m²",{"v":1,"d":"1.0000000"},51.57,51.57]
["Composição Auxiliar"," 88256 ","SINAPI","AZULEJISTA OU LADRILHISTA COM ENCARGOS COMPLEMENTARES","SEDI - SERVIÇOS DIVERSOS",null,"H",{"v":0.697,"d":"0.6970000"},18.78,13.08]
["Composição Auxiliar"," 88316 ","SINAPI","SERVENTE COM ENCARGOS COMPLEMENTARES","SEDI - SERVIÇOS DIVERSOS",null,"H",{"v":0.3138,"d":"0.3138000"},15.17,4.76]
["Insumo"," 00034357 ","SINAPI","REJUNTE CIMENTICIO, QUALQUER COR","Material",null,"KG",{"v":0.222,"d":"0.2220000"},3.62,{"v":0.8,"d":"0.80"}]
["Insumo"," 00001381 ","SINAPI","ARGAMASSA COLANTE AC I PARA CERAMICAS","Material",null,"KG",{"v":6.85,"d":"6.8500000"},0.61,4.17]
["Insumo"," 00000536 ","SINAPI","REVESTIMENTO PARA PAREDE, EM CERAMICA ESMALTADA, FORMATO MENOR OU IGUAL A 2025 CM2","Material",null,"M²",{"v":1.0798,"d":"1.0798000"},26.64,28.76]
[{"$nulls":4},"MO sem LS =>",13.88,"LS =>",{"v":0,"d":"0.00"},"MO com LS =>",13.88]
[{"$nulls":4},"Valor do BDI =>",11.09,null,"Valor com BDI =>",null,62.66]
[{"$nulls":6},"Quant. =>","104,75","Preço Total =>",{"v":6563.63,"d":"6,563.63"}]
[]
[" 2.12.3 ","Código","Banco","Descrição","Tipo",null,"Und","Quant.","Valor Unit","Total"]
["Composição"," 84179 ","SINAPI","CARPETE NYLON ESPESSURA 6MM, COLOCADO SOBRE ARGAMASSA TRACO 1:4 (CIMENTO E AREIA)","PISO - PISOS",null,"m²",{"v":1,"d":"1.0000000"},160.37,160.37]
["Composição Auxiliar"," 88631 ","SINAPI","ARGAMASSA TRAÇO 1:4 (EM VOLUME DE CIMENTO E AREIA MÉDIA ÚMIDA), PREPARO MANUAL. AF_08/2019","SEDI - SERVIÇOS DIVERSOS",null,"m³",{"v":0.03,"d":"0.0300000"},448.02,13.44]
["Composição Auxiliar"," 88316 ","SINAPI","SERVENTE COM ENCARGOS COMPLEMENTARES","SEDI - SERVIÇOS DIVERSOS",null,"H",{"v":0.25,"d":"0.2500000"},15.17,3.79]
["Insumo"," 00010710 ","SINAPI","CARPETE DE NYLON EM MANTA PARA TRAFEGO COMERCIAL PESADO, E = 6 A 7 MM (INSTALADO)","Material",null,"M²",{"v":1.1,"d":"1.1000000"},130.13,143.14]
[{"$nulls":4},"MO sem LS =>",5.62,"LS =>",{"v":0,"d":"0.00"},"MO com LS =>",5.62]
[{"$nulls":4},"Valor do BDI =>",34.49,null,"Valor com BDI =>",null,194.86]
[{"$nulls":6},"Quant. =>","211,00","Preço Total =>",{"v":41115.46,"d":"41,115.46"}]
[]
[" 2.13 ",null,null,"EMBASAMENTO E IMPERMEABILIZAÇÕES"]
[" 2.13.1 ","Código","Banco","Descrição","Tipo",null,"Und","Quant.","Valor Unit","Total"]
["Composição"," LOTE 16 ","Próprio","ALVENARIA DE EMBASAMENTO (1VEZ) DE BLOCOS CERÂMICOS FURADOS NA HORIZONTAL DE 9X19X19 CM (ESPESSURA 9 CM) E ARGAMASSA DE ASSENTAMENTO COM PREPARO MANUAL. AF_12/2021","PARE - PAREDES/PAINEIS",null,"m²",{"v":1,"d":"1.0000000"},88.01,88.01]
["Composição Auxiliar"," 88309 ","SINAPI","PEDREIRO COM ENCARGOS COMPLEMENTARES","SEDI - SERVIÇOS DIVERSOS",null,"H",{"v":1.61,"d":"1.6100000"},18.88,30.39]
["Composição Auxiliar"," 88316 ","SINAPI","SERVENTE COM ENCARGOS COMPLEMENTARES","SEDI - SERVIÇOS DIVERSOS",null,"H",{"v":0.805,"d":"0.8050000"},15.17,12.21]
["Composição Auxiliar"," 87369 ","SINAPI","ARGAMASSA TRAÇO 1:2:8 (EM VOLUME DE CIMENTO, CAL E AREIA MÉDIA ÚMIDA) PARA EMBOÇO/MASSA ÚNICA/ASSENTAMENTO DE ALVENARIA DE VEDAÇÃO, PREPARO MANUAL. AF_08/2019","SEDI - SERVIÇOS DIVERSOS",null,"m³",{"v":0.018,"d":"0.0180000"},527.48,9.49]
["Insumo"," 00034557 ","SINAPI","TELA DE ACO SOLDADA GALVANIZADA/ZINCADA PARA ALVENARIA, FIO D = *1,20 A 1,70* MM, MALHA 15 X 15 MM, (C X L) *50 X 7,5* CM","Material",null,"M",{"v":0.42,"d":"0.4200000"},1.59,0.66]
["Insumo"," 00037395 ","SINAPI","PINO DE ACO COM FURO, HASTE = 27 MM (ACAO DIRETA)","Material",null,"CENTO",{"v":0.005,"d":"0.0050000"},33.64,0.16]
["Insumo"," 00007271 ","SINAPI","BLOCO CERAMICO / TIJOLO VAZADO PARA ALVENARIA DE VEDACAO, 8 FUROS NA HORIZONTAL DE 9 X 19 X 19 CM (L X A X C)","Material",null,"UN",{"v":56.62,"d":"56.6200000"},0.62,{"v":35.1,"d":"35.10"}]
[{"$nulls":4},"MO sem LS =>",35.38,"LS =>",{"v":0,"d":"0.00"},"MO com LS =>",35.38]
[{"$nulls":4},"Valor do BDI =>",18.93,null,"Valor com BDI =>",null,106.94]
[{"$nulls":6},"Quant. =>","36,38","Preço Total =>",{"v":3890.47,"d":"3,890.47"}]
[]
[" 2.13.2 ","Código","Banco","Descrição","Tipo",null,"Und","Quant.","Valor Unit","Total"]
["Composição"," UEM16365 ","Próprio","IMPERMEABILIZAÇÃO DE ALICERCE E VIGA BALDRAME COM 2 DEMÃOS DE TINTA ASFÁLTICA TIPO NEUTROL DA VEDACIT OU SIMILAR, EXCETO ARGAMASSA IMPERMEABILIZAÇÃO. (AF-04/2022)","SEDI - SERVIÇOS DIVERSOS",null,"m²",{"v":1,"d":"1.0000000"},20.16,20.16]
["Composição Auxiliar"," 88316 ","SINAPI","SERVENTE COM ENCARGOS COMPLEMENTARES","SEDI - SERVIÇOS DIVERSOS",null,"H",{"v":0.2,"d":"0.2000000"},15.17,3.03]
["Composição Auxiliar"," 88310 ","SINAPI","PINTOR COM ENCARGOS COMPLEMENTARES","SEDI - SERVIÇOS DIVERSOS",null,"H",{"v":0.4,"d":"0.4000000"},{"v":19.9,"d":"19.90"},7.96]
["Insumo"," 00007313 ","SINAPI","TINTA ASFALTICA IMPERMEABILIZANTE DILUIDA EM SOLVENTE, PARA MATERIAIS CIMENTICIOS, METAL E MADEIRA","Material",null,"L",{"v":0.5,"d":"0.5000000"},18.34,9.17]
[{"$nulls":4},"MO sem LS =>",8.09,"LS =>",{"v":0,"d":"0.00"},"MO com LS =>",8.09]
[{"$nulls":4},"Valor do BDI =>",4.33,null,"Valor com BDI =>",null,24.49]
[{"$nulls":6},"Quant. =>","174,16","Preço Total =>",{"v":4265.17,"d":"4,265.17"}]
[]
[" 2.13.3 ","Código","Banco","Descrição","Tipo",null,"Und","Quant.","Valor Unit","Total"]
["Composição"," 87904 ","SINAPI","CHAPISCO APLICADO EM ALVENARIA (COM PRESENÇA DE VÃOS) E ESTRUTURAS DE CONCRETO DE FACHADA, COM COLHER DE PEDREIRO. ARGAMASSA TRAÇO 1:3 COM PREPARO MANUAL. AF_10/2022","REVE - REVESTIMENTO E TRATAMENTO DE SUPERFÍCIES",null,"m²",{"v":1,"d":"1.0000000"},5.91,5.91]
["Composição Auxiliar"," 87377 ","SINAPI","ARGAMASSA TRAÇO 1:3 (EM VOLUME DE CIMENTO E AREIA GROSSA ÚMIDA) PARA CHAPISCO CONVENCIONAL, PREPARO MANUAL. AF_08/2019","SEDI - SERVIÇOS DIVERSOS",null,"m³",{"v":0.0037,"d":"0.0037000"},486.05,1.79]
["Composição Auxiliar"," 88309 ","SINAPI","PEDREIRO COM ENCARGOS COMPLEMENTARES","SEDI - SERVIÇOS DIVERSOS",null,"H",{"v":0.1724,"d":"0.1724000"},18.88,3.25]
["Composição Auxiliar"," 88316 ","SINAPI","SERVENTE COM ENCARGOS COMPLEMENTARES","SEDI - SERVIÇOS DIVERSOS",null,"H",{"v":0.0575,"d":"0.0575000"},15.17,0.87]
[{"$nulls":4},"MO sem LS =>",3.67,"LS =>",{"v":0,"d":"0.00"},"MO com LS =>",3.67]
[{"$nulls":4},"Valor do BDI =>",1.27,null,"Valor com BDI =>",null,7.18]
[{"$nulls":6},"Quant. =>","174,16","Preço Total =>",{"v":1250.46,"d":"1,250.46"}]
[]
[" 2.13.4 ","Código","Banco","Descrição","Tipo",null,"Und","Quant.","Valor Unit","Total"]
["Composição"," 87794 ","SINAPI","EMBOÇO OU MASSA ÚNICA EM ARGAMASSA TRAÇO 1:2:8, PREPARO MANUAL, APLICADA MANUALMENTE EM PANOS CEGOS DE FACHADA (SEM PRESENÇA DE VÃOS), ESPESSURA DE 25 MM. AF_09/2022","REVE - REVESTIMENTO E TRATAMENTO DE SUPERFÍCIES",null,"m²",{"v":1,"d":"1.0000000"},{"v":31.2,"d":"31.20"},{"v":31.2,"d":"31.20"}]
["Composição Auxiliar"," 87369 ","SINAPI","ARGAMASSA TRAÇO 1:2:8 (EM VOLUME DE CIMENTO, CAL E AREIA MÉDIA ÚMIDA) PARA EMBOÇO/MASSA ÚNICA/ASSENTAMENTO DE ALVENARIA DE VEDAÇÃO, PREPARO MANUAL. AF_08/2019","SEDI - SERVIÇOS DIVERSOS",null,"m³",{"v":0.0293,"d":"0.0293000"},527.48,15.45]
["Composição Auxiliar"," 88316 ","SINAPI","SERVENTE COM ENCARGOS COMPLEMENTARES","SEDI - SERVIÇOS DIVERSOS",null,"H",{"v":0.409,"d":"0.4090000"},15.17,{"v":6.2,"d":"6.20"}]
["Composição Auxiliar"," 88309 ","SINAPI","PEDREIRO COM ENCARGOS COMPLEMENTARES","SEDI - SERVIÇOS DIVERSOS",null,"H",{"v":0.409,"d":"0.4090000"},18.88,7.72]
["Insumo"," 00037411 ","SINAPI","TELA DE ACO SOLDADA GALVANIZADA/ZINCADA PARA ALVENARIA, FIO D = *1,24 MM, MALHA 25 X 25 MM","Material",null,"M²",{"v":0.1581,"d":"0.1581000"},11.63,1.83]
[{"$nulls":4},"MO sem LS =>",14.39,"LS =>",{"v":0,"d":"0.00"},"MO com LS =>",14.39]
[{"$nulls":4},"Valor do BDI =>",6.71,null,"Valor com BDI =>",null,37.91]
[{"$nulls":6},"Quant. =>","174,16","Preço Total =>",{"v":6602.4,"d":"6,602.40"}]
[]
[" 2.14 ",null,null,"DIVERSOS"]
[" 2.14.1 ","Código","Banco","Descrição","Tipo",null,"Und","Quant.","Valor Unit","Total"]
["Composição"," 2450 ","ORSE","Limpeza geral","Limpeza",null,"m²",{"v":1,"d":"1.0000000"},{"v":1.8,"d":"1.80"},{"v":1.8,"d":"1.80"}]
["Item","Código","Banco","Descrição","Tipo",null,"Und","Quant.","Valor Unit","Total"]
["Insumo"," 00006111/SINAPI ","ORSE","Servente de obras (horista)","Mão de Obra",null,"h",{"v":0.1,"d":"0.1000000"},"10,95","1,09"]
["Insumo"," 2414 ","ORSE","Vassoura piaçava","Material",null,"un",{"v":0.05,"d":"0.0500000"},"8,85","0,44"]
["Insumo"," 1997 ","ORSE","Sabão em pó","Material",null,"kg",{"v":0.005,"d":"0.0050000"},"7,91","0,03"]
["Composição"," 10549 ","ORSE","Encargos Complementares - Servente","Provisórios",null,"h",{"v":0.1,"d":"0.1000000"},"2,79","0,27"]
["Detalhamento de Cálculo ORSE"]
["Item","Código","Banco","Descrição","Tipo",null,"Und","Quant.","Valor Unit","Total"]
["Insumo"," 00006111/SINAPI ","ORSE","Servente de obras (horista)","Mão de Obra",null,"h",{"v":0.1,"d":"0.1000000"},"10,95","1,09"]
["Insumo"," 2414 ","ORSE","Vassoura piaçava","Material",null,"un",{"v":0.05,"d":"0.0500000"},"8,85","0,44"]
["Insumo"," 1997 ","ORSE","Sabão em pó","Material",null,"kg",{"v":0.005,"d":"0.0050000"},"7,91","0,03"]
["Insumo"," 941 ","ORSE","Fardamento com mangas curta","Material",null,"un",{"v":0.00015,"d":"0.0001500"},"145,26","0,02"]
["Insumo"," 10362 ","ORSE","Seguro de vida e acidente em grupo","Serviços",null,"un",{"v":0.00045,"d":"0.0004500"},"9,33","0,00"]
["Insumo"," 10517 ","ORSE","Exames admissionais/demissionais (checkup)","Serviços",null,"cj",{"v":4e-05,"d":"0.0000400"},"223,06","0,00"]
["Insumo"," 00012893/SINAPI ","ORSE","Bota de seguranca com biqueira de aco e colarinho acolchoado","Material",null,"par",{"v":8e-05,"d":"0.0000800"},"49,97","0,00"]
["Insumo"," 00012892/SINAPI ","ORSE","Luva raspa de couro, cano curto (punho *7* cm)","Material",null,"par",{"v":0.00023,"d":"0.0002300"},"9,37","0,00"]
["Insumo"," 10492 ","ORSE","Cesta Básica","Material",null,"un",{"v":0.00045,"d":"0.0004500"},"141,27","0,06"]
["Insumo"," 00012895/SINAPI ","ORSE","Capacete de seguranca aba frontal com suspensao de polietileno, sem jugular (classe b)","Material",null,"un",{"v":6e-05,"d":"0.0000600"},"10,41","0,00"]
["Insumo"," 10761 ","ORSE","Refeição - café da manhã ( café com leite e dois pães com manteiga)","Serviços",null,"un",{"v":0.01018,"d":"0.0101800"},"3,72","0,03"]
["Insumo"," 158 ","ORSE","Almoço (Participação do empregador)","Material",null,"un",{"v":0.01018,"d":"0.0101800"},"10,41","0,10"]
["Insumo"," 2378 ","ORSE","Vale transporte","Material",null,"un",{"v":9.41E-3,"d":"0.0094100"},"3,35","0,03"]
["Insumo"," 10788 ","ORSE","Pá quadrada","Material",null,"un",{"v":2e-05,"d":"0.0000200"},"27,44","0,00"]
["Insumo"," 4728 ","ORSE","Talhadeira chata 10\"","Material",null,"un",{"v":3e-05,"d":"0.0000300"},"13,81","0,00"]
["Insumo"," 10596 ","ORSE","Protetor auricular","Material",null,"un",{"v":0.00045,"d":"0.0004500"},"3,64","0,00"]
["Insumo"," 1651 ","ORSE","Óculos branco proteção","Material",null,"pr",{"v":8e-05,"d":"0.0000800"},"5,21","0,00"]
["Insumo"," 10599 ","ORSE","Protetor solar fps 30 com 120ml","Material",null,"un",{"v":0.00018,"d":"0.0001800"},"13,39","0,00"]
["Insumo"," 00002711/SINAPI ","ORSE","Carrinho de mao, em aco, com capacidade de *45 a 65* l / *100* kg, pneu com camara","Material",null,"un",{"v":2e-05,"d":"0.0000200"},"121,94","0,00"]
["Insumo"," 4729 ","ORSE","Marreta 1 kg com cabo","Material",null,"un",{"v":1e-05,"d":"0.0000100"},"28,11","0,00"]
["Insumo"," 00012894/SINAPI ","ORSE","Capa para chuva em pvc com forro de poliester, com capuz (amarela ou azul)","Material",null,"un",{"v":2e-05,"d":"0.0000200"},"13,53","0,00"]
[{"$nulls":4},"MO sem LS =>",1.09,"LS =>",{"v":0,"d":"0.00"},"MO com LS =>",1.09]
[{"$nulls":4},"Valor do BDI =>",0.38,null,"Valor com BDI =>",null,2.18]
[{"$nulls":6},"Quant. =>","270,89","Preço Total =>",590.54]
[]
[" 3 ",null,null,"AREA DE VIVENCIA"]
[" 3.1 ","Código","Banco","Descrição","Tipo",null,"Und","Quant.","Valor Unit","Total"]
["Composição"," LOTE 16 ","Próprio","ALVENARIA DE EMBASAMENTO (1VEZ) DE BLOCOS CERÂMICOS FURADOS NA HORIZONTAL DE 9X19X19 CM (ESPESSURA 9 CM) E ARGAMASSA DE ASSENTAMENTO COM PREPARO MANUAL. AF_12/2021","PARE - PAREDES/PAINEIS",null,"m²",{"v":1,"d":"1.0000000"},88.01,88.01]
["Composição Auxiliar"," 88309 ","SINAPI","PEDREIRO COM ENCARGOS COMPLEMENTARES","SEDI - SERVIÇOS DIVERSOS",null,"H",{"v":1.61,"d":"1.6100000"},18.88,30.39]
["Composição Auxiliar"," 88316 ","SINAPI","SERVENTE COM ENCARGOS COMPLEMENTARES","SEDI - SERVIÇOS DIVERSOS",null,"H",{"v":0.805,"d":"0.8050000"},15.17,12.21]
["Composição Auxiliar"," 87369 ","SINAPI","ARGAMASSA TRAÇO 1:2:8 (EM VOLUME DE CIMENTO, CAL E AREIA MÉDIA ÚMIDA) PARA EMBOÇO/MASSA ÚNICA/ASSENTAMENTO DE ALVENARIA DE VEDAÇÃO, PREPARO MANUAL. AF_08/2019","SEDI - SERVIÇOS DIVERSOS",null,"m³",{"v":0.018,"d":"0.0180000"},527.48,9.49]
["Insumo"," 00034557 ","SINAPI","TELA DE ACO SOLDADA GALVANIZADA/ZINCADA PARA ALVENARIA, FIO D = *1,20 A 1,70* MM, MALHA 15 X 15 MM, (C X L) *50 X 7,5* CM","Material",null,"M",{"v":0.42,"d":"0.4200000"},1.59,0.66]
["Insumo"," 00037395 ","SINAPI","PINO DE ACO COM FURO, HASTE = 27 MM (ACAO DIRETA)","Material",null,"CENTO",{"v":0.005,"d":"0.0050000"},33.64,0.16]
["Insumo"," 00007271 ","SINAPI","BLOCO CERAMICO / TIJOLO VAZADO PARA ALVENARIA DE VEDACAO, 8 FUROS NA HORIZONTAL DE 9 X 19 X 19 CM (L X A X C)","Material",null,"UN",{"v":56.62,"d":"56.6200000"},0.62,{"v":35.1,"d":"35.10"}]
[{"$nulls":4},"MO sem LS =>",35.38,"LS =>",{"v":0,"d":"0.00"},"MO com LS =>",35.38]
[{"$nulls":4},"Valor do BDI =>",18.93,null,"Valor com BDI =>",null,106.94]
[{"$nulls":6},"Quant. =>","7,51","Preço Total =>",803.11]
[]
[" 3.2 ","Código","Banco","Descrição","Tipo",null,"Und","Quant.","Valor Unit","Total"]
["Composição"," UEM16365 ","Próprio","IMPERMEABILIZAÇÃO DE ALICERCE E VIGA BALDRAME COM 2 DEMÃOS DE TINTA ASFÁLTICA TIPO NEUTROL DA VEDACIT OU SIMILAR, EXCETO ARGAMASSA IMPERMEABILIZAÇÃO. (AF-04/2022)","SEDI - SERVIÇOS DIVERSOS",null,"m²",{"v":1,"d":"1.0000000"},20.16,20.16]
["Composição Auxiliar"," 88316 ","SINAPI","SERVENTE COM ENCARGOS COMPLEMENTARES","SEDI - SERVIÇOS DIVERSOS",null,"H",{"v":0.2,"d":"0.2000000"},15.17,3.03]
["Composição Auxiliar"," 88310 ","SINAPI","PINTOR COM ENCARGOS COMPLEMENTARES","SEDI - SERVIÇOS DIVERSOS",null,"H",{"v":0.4,"d":"0.4000000"},{"v":19.9,"d":"19.90"},7.96]
["Insumo"," 00007313 ","SINAPI","TINTA ASFALTICA IMPERMEABILIZANTE DILUIDA EM SOLVENTE, PARA MATERIAIS CIMENTICIOS, METAL E MADEIRA","Material",null,"L",{"v":0.5,"d":"0.5000000"},18.34,9.17]
[{"$nulls":4},"MO sem LS =>",8.09,"LS =>",{"v":0,"d":"0.00"},"MO com LS =>",8.09]
[{"$nulls":4},"Valor do BDI =>",4.33,null,"Valor com BDI =>",null,24.49]
[{"$nulls":6},"Quant. =>","15,01","Preço Total =>",367.59]
[]
[" 3.3 ","Código","Banco","Descrição","Tipo",null,"Und","Quant.","Valor Unit","Total"]
["Composição"," 87904 ","SINAPI","CHAPISCO APLICADO EM ALVENARIA (COM PRESENÇA DE VÃOS) E ESTRUTURAS DE CONCRETO DE FACHADA, COM COLHER DE PEDREIRO. ARGAMASSA TRAÇO 1:3 COM PREPARO MANUAL. AF_10/2022","REVE - REVESTIMENTO E TRATAMENTO DE SUPERFÍCIES",null,"m²",{"v":1,"d":"1.0000000"},5.91,5.91]
["Composição Auxiliar"," 87377 ","SINAPI","ARGAMASSA TRAÇO 1:3 (EM VOLUME DE CIMENTO E AREIA GROSSA ÚMIDA) PARA CHAPISCO CONVENCIONAL, PREPARO MANUAL. AF_08/2019","SEDI - SERVIÇOS DIVERSOS",null,"m³",{"v":0.0037,"d":"0.0037000"},486.05,1.79]
["Composição Auxiliar"," 88309 ","SINAPI","PEDREIRO COM ENCARGOS COMPLEMENTARES","SEDI - SERVIÇOS DIVERSOS",null,"H",{"v":0.1724,"d":"0.1724000"},18.88,3.25]
["Composição Auxiliar"," 88316 ","SINAPI","SERVENTE COM ENCARGOS COMPLEMENTARES","SEDI - SERVIÇOS DIVERSOS",null,"H",{"v":0.0575,"d":"0.0575000"},15.17,0.87]
[{"$nulls":4},"MO sem LS =>",3.67,"LS =>",{"v":0,"d":"0.00"},"MO com LS =>",3.67]
[{"$nulls":4},"Valor do BDI =>",1.27,null,"Valor com BDI =>",null,7.18]
[{"$nulls":6},"Quant. =>","15,01","Preço Total =>",107.77]
[]
[" 3.4 ","Código","Banco","Descrição","Tipo",null,"Und","Quant.","Valor Unit","Total"]
["Composição"," 87794 ","SINAPI","EMBOÇO OU MASSA ÚNICA EM ARGAMASSA TRAÇO 1:2:8, PREPARO MANUAL, APLICADA MANUALMENTE EM PANOS CEGOS DE FACHADA (SEM PRESENÇA DE VÃOS), ESPESSURA DE 25 MM. AF_09/2022","REVE - REVESTIMENTO E TRATAMENTO DE SUPERFÍCIES",null,"m²",{"v":1,"d":"1.0000000"},{"v":31.2,"d":"31.20"},{"v":31.2,"d":"31.20"}]
["Composição Auxiliar"," 87369 ","SINAPI","ARGAMASSA TRAÇO 1:2:8 (EM VOLUME DE CIMENTO, CAL E AREIA MÉDIA ÚMIDA) PARA EMBOÇO/MASSA ÚNICA/ASSENTAMENTO DE ALVENARIA DE VEDAÇÃO, PREPARO MANUAL. AF_08/2019","SEDI - SERVIÇOS DIVERSOS",null,"m³",{"v":0.0293,"d":"0.0293000"},527.48,15.45]
["Composição Auxiliar"," 88316 ","SINAPI","SERVENTE COM ENCARGOS COMPLEMENTARES","SEDI - SERVIÇOS DIVERSOS",null,"H",{"v":0.409,"d":"0.4090000"},15.17,{"v":6.2,"d":"6.20"}]
["Composição Auxiliar"," 88309 ","SINAPI","PEDREIRO COM ENCARGOS COMPLEMENTARES","SEDI - SERVIÇOS DIVERSOS",null,"H",{"v":0.409,"d":"0.4090000"},18.88,7.72]
["Insumo"," 00037411 ","SINAPI","TELA DE ACO SOLDADA GALVANIZADA/ZINCADA PARA ALVENARIA, FIO D = *1,24 MM, MALHA 25 X 25 MM","Material",null,"M²",{"v":0.1581,"d":"0.1581000"},11.63,1.83]
[{"$nulls":4},"MO sem LS =>",14.39,"LS =>",{"v":0,"d":"0.00"},"MO com LS =>",14.39]
[{"$nulls":4},"Valor do BDI =>",6.71,null,"Valor com BDI =>",null,37.91]
[{"$nulls":6},"Quant. =>","15,01","Preço Total =>",569.02]
[]
[" 3.5 ","Código","Banco","Descrição","Tipo",null,"Und","Quant.","Valor Unit","Total"]
["Composição"," CBR SC 006 ","Próprio","EXECUÇÃO DE PAVIMENTO EM PISO INTERTRAVADO, COM BLOCO RETANGULAR NATURAL DE 20 X 10 CM, ESPESSURA 8 CM. EXCLUSO INTERTRAVADO Copia da SINAPI (93681) -","Pavimento Intertravado",null,"m²",{"v":1,"d":"1.0000000"},15.71,15.71]
["Composição Auxiliar"," 91283 ","SINAPI","CORTADORA DE PISO COM MOTOR 4 TEMPOS A GASOLINA, POTÊNCIA DE 13 HP, COM DISCO DE CORTE DIAMANTADO SEGMENTADO PARA CONCRETO, DIÂMETRO DE 350 MM, FURO DE 1\" (14 X 1\") - CHP DIURNO. AF_08/2015","CHOR - CUSTOS HORÁRIOS DE MÁQUINAS E EQUIPAMENTOS",null,"CHP",{"v":3.8E-3,"d":"0.0038000"},8.02,0.03]
["Composição Auxiliar"," 88260 ","SINAPI","CALCETEIRO COM ENCARGOS COMPLEMENTARES","SEDI - SERVIÇOS DIVERSOS",null,"H",{"v":0.2632,"d":"0.2632000"},18.73,4.92]
["Composição Auxiliar"," 91278 ","SINAPI","PLACA VIBRATÓRIA REVERSÍVEL COM MOTOR 4 TEMPOS A GASOLINA, FORÇA CENTRÍFUGA DE 25 KN (2500 KGF), POTÊNCIA 5,5 CV - CHI DIURNO. AF_08/2015","CHOR - CUSTOS HORÁRIOS DE MÁQUINAS E EQUIPAMENTOS",null,"CHI",{"v":0.1261,"d":"0.1261000"},0.53,0.06]
["Composição Auxiliar"," 88316 ","SINAPI","SERVENTE COM ENCARGOS COMPLEMENTARES","SEDI - SERVIÇOS DIVERSOS",null,"H",{"v":0.2632,"d":"0.2632000"},15.17,3.99]
["Composição Auxiliar"," 91285 ","SINAPI","CORTADORA DE PISO COM MOTOR 4 TEMPOS A GASOLINA, POTÊNCIA DE 13 HP, COM DISCO DE CORTE DIAMANTADO SEGMENTADO PARA CONCRETO, DIÂMETRO DE 350 MM, FURO DE 1\" (14 X 1\") - CHI DIURNO. AF_08/2015","CHOR - CUSTOS HORÁRIOS DE MÁQUINAS E EQUIPAMENTOS",null,"CHI",{"v":0.1278,"d":"0.1278000"},0.66,0.08]
["Composição Auxiliar"," 91277 ","SINAPI","PLACA VIBRATÓRIA REVERSÍVEL COM MOTOR 4 TEMPOS A GASOLINA, FORÇA CENTRÍFUGA DE 25 KN (2500 KGF), POTÊNCIA 5,5 CV - CHP DIURNO. AF_08/2015","CHOR - CUSTOS HORÁRIOS DE MÁQUINAS E EQUIPAMENTOS",null,"CHP",{"v":0.0055,"d":"0.0055000"},7.69,0.04]
["Insumo"," 00000370 ","SINAPI","AREIA MEDIA - POSTO JAZIDA/FORNECEDOR (RETIRADO NA JAZIDA, SEM TRANSPORTE)","Material",null,"M³",{"v":0.0568,"d":"0.0568000"},{"v":104.1,"d":"104.10"},5.91]
["Insumo"," 00004741 ","SINAPI","PO DE PEDRA (POSTO PEDREIRA/FORNECEDOR, SEM FRETE)","Material",null,"M³",{"v":0.0098,"d":"0.0098000"},69.86,0.68]
[{"$nulls":4},"MO sem LS =>",6.86,"LS =>",{"v":0,"d":"0.00"},"MO com LS =>",6.86]
[{"$nulls":4},"Valor do BDI =>",3.37,null,"Valor com BDI =>",null,19.08]
[{"$nulls":6},"Quant. =>","55,47","Preço Total =>",{"v":1058.36,"d":"1,058.36"}]
[]
[" 3.6 ","Código","Banco","Descrição","Tipo",null,"Und","Quant.","Valor Unit","Total"]
["Composição"," 103314 ","SINAPI","INSTALAÇÃO DE PERGOLADO DE MADEIRA, EM MAÇARANDUBA, ANGELIM OU EQUIVALENTE DA REGIÃO, FIXADO COM CONCRETO SOBRE PISO DE CONCRETO EXISTENTE. AF_11/2021","URBA - URBANIZAÇÃO",null,"m²",{"v":1,"d":"1.0000000"},176.78,176.78]
["Composição Auxiliar"," 5795 ","SINAPI","MARTELETE OU ROMPEDOR PNEUMÁTICO MANUAL, 28 KG, COM SILENCIADOR - CHP DIURNO. AF_07/2016","CHOR - CUSTOS HORÁRIOS DE MÁQUINAS E EQUIPAMENTOS",null,"CHP",{"v":0.0177,"d":"0.0177000"},15.82,0.28]
["Composição Auxiliar"," 102486 ","SINAPI","CONCRETO FCK = 15MPA, TRAÇO 1:3,4:3,4 (EM MASSA SECA DE CIMENTO/ AREIA MÉDIA/ SEIXO ROLADO) - PREPARO MANUAL. AF_05/2021","FUES - FUNDAÇÕES E ESTRUTURAS",null,"m³",{"v":0.0208,"d":"0.0208000"},473.42,9.84]
["Composição Auxiliar"," 88239 ","SINAPI","AJUDANTE DE CARPINTEIRO COM ENCARGOS COMPLEMENTARES","SEDI - SERVIÇOS DIVERSOS",null,"H",{"v":0.5342,"d":"0.5342000"},15.64,8.35]
["Composição Auxiliar"," 5952 ","SINAPI","MARTELETE OU ROMPEDOR PNEUMÁTICO MANUAL, 28 KG, COM SILENCIADOR - CHI DIURNO. AF_07/2016","CHOR - CUSTOS HORÁRIOS DE MÁQUINAS E EQUIPAMENTOS",null,"CHI",{"v":0.0597,"d":"0.0597000"},13.94,0.83]
["Composição Auxiliar"," 88262 ","SINAPI","CARPINTEIRO DE FORMAS COM ENCARGOS COMPLEMENTARES","SEDI - SERVIÇOS DIVERSOS",null,"H",{"v":0.5342,"d":"0.5342000"},{"v":18.4,"d":"18.40"},9.82]
["Composição Auxiliar"," 87298 ","SINAPI","ARGAMASSA TRAÇO 1:3 (EM VOLUME DE CIMENTO E AREIA MÉDIA ÚMIDA) PARA CONTRAPISO, PREPARO MECÂNICO COM BETONEIRA 400 L. AF_08/2019","SEDI - SERVIÇOS DIVERSOS",null,"m³",{"v":0.0012,"d":"0.0012000"},487.74,0.58]
["Insumo"," 00004721 ","SINAPI","PEDRA BRITADA N. 1 (9,5 A 19 MM) POSTO PEDREIRA/FORNECEDOR, SEM FRETE","Material",null,"M³",{"v":2.3E-3,"d":"0.0023000"},73.96,0.17]
["Insumo"," 00020211 ","SINAPI","VIGA APARELHADA *6 X 16* CM, EM MACARANDUBA/MASSARANDUBA, ANGELIM OU EQUIVALENTE DA REGIAO","Material",null,"M",{"v":2.7273,"d":"2.7273000"},22.68,61.85]
["Insumo"," 00039027 ","SINAPI","PREGO DE ACO POLIDO COM CABECA 19  X 36 (3 1/4  X  9)","Material",null,"KG",{"v":0.0312,"d":"0.0312000"},15.11,0.47]
["Insumo"," 00035275 ","SINAPI","PILAR QUADRADO NAO APARELHADO *15 X 15* CM, EM MACARANDUBA/MASSARANDUBA, ANGELIM OU EQUIVALENTE DA REGIAO - BRUTA","Material",null,"M",{"v":0.6926,"d":"0.6926000"},71.59,49.58]
["Insumo"," 00020204 ","SINAPI","PRANCHAO APARELHADO *7,5 X 23* CM, EM MACARANDUBA/MASSARANDUBA, ANGELIM OU EQUIVALENTE DA REGIAO","Material",null,"M",{"v":0.6465,"d":"0.6465000"},54.16,35.01]
[{"$nulls":4},"MO sem LS =>",16.33,"LS =>",{"v":0,"d":"0.00"},"MO com LS =>",16.33]
[{"$nulls":4},"Valor do BDI =>",38.02,null,"Valor com BDI =>",null,{"v":214.8,"d":"214.80"}]
[{"$nulls":6},"Quant. =>","68,35","Preço Total =>",{"v":14681.58,"d":"14,681.58"}]
[]
[" 3.7 ","Código","Banco","Descrição","Tipo",null,"Und","Quant.","Valor Unit","Total"]
["Composição"," 13929 ","ORSE","Fornecimento e instalação de chapas de policarbonato, branca, 3mm, aplicado em toldo/cobertura/fechamento/etc","Forros",null,"m²",{"v":1,"d":"1.0000000"},180.22,180.22]
["Item","Código","Banco","Descrição","Tipo",null,"Und","Quant.","Valor Unit","Total"]
["Insumo"," 00040547/SINAPI ","ORSE","Parafuso zincado, autobrocante, flangeado, 4,2 mm x 19 mm","Material",null,"cento",{"v":0.03,"d":"0.0300000"},"21,12","0,63"]
["Insumo"," 00001213/SINAPI ","ORSE","Carpinteiro de formas para concreto (horista)","Mão de Obra",null,"h",{"v":1.3,"d":"1.3000000"},"14,28","18,56"]
["Composição"," 10551 ","ORSE","Encargos Complementares - Carpinteiro","Provisórios",null,"h",{"v":1.3,"d":"1.3000000"},"2,72","3,53"]
["Insumo"," 00006111/SINAPI ","ORSE","Servente de obras (horista)","Mão de Obra",null,"h",{"v":1.3,"d":"1.3000000"},"10,95","14,23"]
["Composição"," 10549 ","ORSE","Encargos Complementares - Servente","Provisórios",null,"h",{"v":1.3,"d":"1.3000000"},"2,79","3,62"]
["Insumo"," 14713 ","ORSE","Chapa em policarbonato, branca 3mm 2,05 x6,00m","Material",null,"m²",{"v":1,"d":"1.0000000"},"139,48","139,48"]
["Detalhamento de Cálculo ORSE"]
["Item","Código","Banco","Descrição","Tipo",null,"Und","Quant.","Valor Unit","Total"]
["Insumo"," 00040547/SINAPI ","ORSE","Parafuso zincado, autobrocante, flangeado, 4,2 mm x 19 mm","Material",null,"cento",{"v":0.03,"d":"0.0300000"},"21,12","0,63"]
["Insumo"," 00001213/SINAPI ","ORSE","Carpinteiro de formas para concreto (horista)","Mão de Obra",null,"h",{"v":1.3,"d":"1.3000000"},"14,28","18,56"]
["Insumo"," 2378 ","ORSE","Vale transporte","Material",null,"un",{"v":0.20735,"d":"0.2073500"},"3,35","0,69"]
["Insumo"," 00012894/SINAPI ","ORSE","Capa para chuva em pvc com forro de poliester, com capuz (amarela ou azul)","Material",null,"un",{"v":0.00052,"d":"0.0005200"},"13,53","0,00"]
["Insumo"," 10492 ","ORSE","Cesta Básica","Material",null,"un",{"v":0.0117,"d":"0.0117000"},"141,27","1,65"]
["Insumo"," 00012892/SINAPI ","ORSE","Luva raspa de couro, cano curto (punho *7* cm)","Material",null,"par",{"v":0.00598,"d":"0.0059800"},"9,37","0,05"]
["Insumo"," 10577 ","ORSE","Serrote 40cm","Material",null,"un",{"v":0.00013,"d":"0.0001300"},"22,23","0,00"]
["Insumo"," 10362 ","ORSE","Seguro de vida e acidente em grupo","Serviços",null,"un",{"v":0.0117,"d":"0.0117000"},"9,33","0,10"]
["Insumo"," 00012895/SINAPI ","ORSE","Capacete de seguranca aba frontal com suspensao de polietileno, sem jugular (classe b)","Material",null,"un",{"v":1.56E-3,"d":"0.0015600"},"10,41","0,01"]
["Insumo"," 1651 ","ORSE","Óculos branco proteção","Material",null,"pr",{"v":0.00195,"d":"0.0019500"},"5,21","0,01"]
["Insumo"," 10579 ","ORSE","Chave de fenda chata 30 cm","Material",null,"un",{"v":0.00026,"d":"0.0002600"},"19,99","0,00"]
["Insumo"," 941 ","ORSE","Fardamento com mangas curta","Material",null,"un",{"v":0.0039,"d":"0.0039000"},"145,26","0,56"]
["Insumo"," 10578 ","ORSE","Formão grande","Material",null,"un",{"v":0.00026,"d":"0.0002600"},"11,27","0,00"]
["Insumo"," 10517 ","ORSE","Exames admissionais/demissionais (checkup)","Serviços",null,"cj",{"v":0.00104,"d":"0.0010400"},"223,06","0,23"]
["Insumo"," 11244 ","ORSE","Martelo com unha","Material",null,"un",{"v":0.00026,"d":"0.0002600"},"36,40","0,00"]
["Insumo"," 00012893/SINAPI ","ORSE","Bota de seguranca com biqueira de aco e colarinho acolchoado","Material",null,"par",{"v":0.00195,"d":"0.0019500"},"49,97","0,09"]
["Insumo"," 10599 ","ORSE","Protetor solar fps 30 com 120ml","Material",null,"un",{"v":0.00468,"d":"0.0046800"},"13,39","0,06"]
["Insumo"," 10596 ","ORSE","Protetor auricular","Material",null,"un",{"v":0.0117,"d":"0.0117000"},"3,64","0,04"]
["Insumo"," 10761 ","ORSE","Refeição - café da manhã ( café com leite e dois pães com manteiga)","Serviços",null,"un",{"v":0.26468,"d":"0.2646800"},"3,72","0,98"]
["Insumo"," 11248 ","ORSE","Furadeira e Parafusadeira eletrica Bosch ou Similar profissional","Equipamento",null,"un",{"v":0.00013,"d":"0.0001300"},"182,92","0,02"]
["Insumo"," 158 ","ORSE","Almoço (Participação do empregador)","Material",null,"un",{"v":0.26468,"d":"0.2646800"},"10,41","2,75"]
["Insumo"," 11249 ","ORSE","Serra circular eletrica portatil","Equipamento",null,"un",{"v":0.00013,"d":"0.0001300"},"459,48","0,05"]
["Insumo"," 00006111/SINAPI ","ORSE","Servente de obras (horista)","Mão de Obra",null,"h",{"v":1.3,"d":"1.3000000"},"10,95","14,23"]
["Insumo"," 10788 ","ORSE","Pá quadrada","Material",null,"un",{"v":0.00026,"d":"0.0002600"},"27,44","0,00"]
["Insumo"," 4728 ","ORSE","Talhadeira chata 10\"","Material",null,"un",{"v":0.00039,"d":"0.0003900"},"13,81","0,00"]
["Insumo"," 00002711/SINAPI ","ORSE","Carrinho de mao, em aco, com capacidade de *45 a 65* l / *100* kg, pneu com camara","Material",null,"un",{"v":0.00026,"d":"0.0002600"},"121,94","0,03"]
["Insumo"," 4729 ","ORSE","Marreta 1 kg com cabo","Material",null,"un",{"v":0.00013,"d":"0.0001300"},"28,11","0,00"]
["Insumo"," 14713 ","ORSE","Chapa em policarbonato, branca 3mm 2,05 x6,00m","Material",null,"m²",{"v":1,"d":"1.0000000"},"139,48","139,48"]
[{"$nulls":4},"MO sem LS =>",32.79,"LS =>",{"v":0,"d":"0.00"},"MO com LS =>",32.79]
[{"$nulls":4},"Valor do BDI =>",38.76,null,"Valor com BDI =>",null,218.98]
[{"$nulls":6},"Quant. =>","68,35","Preço Total =>",{"v":14967.28,"d":"14,967.28"}]
[]
[" 3.8 ","Código","Banco","Descrição","Tipo",null,"Und","Quant.","Valor Unit","Total"]
["Composição"," 103328 ","SINAPI","ALVENARIA DE VEDAÇÃO DE BLOCOS CERÂMICOS FURADOS NA HORIZONTAL DE 9X19X19 CM (ESPESSURA 9 CM) E ARGAMASSA DE ASSENTAMENTO COM PREPARO EM BETONEIRA. AF_12/2021","PARE - PAREDES/PAINEIS",null,"m²",{"v":1,"d":"1.0000000"},64.82,64.82]
["Composição Auxiliar"," 87292 ","SINAPI","ARGAMASSA TRAÇO 1:2:8 (EM VOLUME DE CIMENTO, CAL E AREIA MÉDIA ÚMIDA) PARA EMBOÇO/MASSA ÚNICA/ASSENTAMENTO DE ALVENARIA DE VEDAÇÃO, PREPARO MECÂNICO COM BETONEIRA 400 L. AF_08/2019","SEDI - SERVIÇOS DIVERSOS",null,"m³",{"v":0.0091,"d":"0.0091000"},423.67,3.85]
["Composição Auxiliar"," 88309 ","SINAPI","PEDREIRO COM ENCARGOS COMPLEMENTARES","SEDI - SERVIÇOS DIVERSOS",null,"H",{"v":1.61,"d":"1.6100000"},18.88,30.39]
["Composição Auxiliar"," 88316 ","SINAPI","SERVENTE COM ENCARGOS COMPLEMENTARES","SEDI - SERVIÇOS DIVERSOS",null,"H",{"v":0.805,"d":"0.8050000"},15.17,12.21]
["Insumo"," 00007271 ","SINAPI","BLOCO CERAMICO / TIJOLO VAZADO PARA ALVENARIA DE VEDACAO, 8 FUROS NA HORIZONTAL DE 9 X 19 X 19 CM (L X A X C)","Material",null,"UN",{"v":28.31,"d":"28.3100000"},0.62,17.55]
["Insumo"," 00034557 ","SINAPI","TELA DE ACO SOLDADA GALVANIZADA/ZINCADA PARA ALVENARIA, FIO D = *1,20 A 1,70* MM, MALHA 15 X 15 MM, (C X L) *50 X 7,5* CM","Material",null,"M",{"v":0.42,"d":"0.4200000"},1.59,0.66]
["Insumo"," 00037395 ","SINAPI","PINO DE ACO COM FURO, HASTE = 27 MM (ACAO DIRETA)","Material",null,"CENTO",{"v":0.005,"d":"0.0050000"},33.64,0.16]
[{"$nulls":4},"MO sem LS =>",33.51,"LS =>",{"v":0,"d":"0.00"},"MO com LS =>",33.51]
[{"$nulls":4},"Valor do BDI =>",13.94,null,"Valor com BDI =>",null,78.76]
[{"$nulls":6},"Quant. =>","10,58","Preço Total =>",833.28]
[]
[" 3.9 ","Código","Banco","Descrição","Tipo",null,"Und","Quant.","Valor Unit","Total"]
["Composição"," 060043 ","SBC","PONTO DE LUZ PARA ILUMINACAO HALL DE ENTRADA","INSTALACOES ELETRICAS - LUMINARIAS",null,"UN",{"v":1,"d":"1.0000000"},76.53,76.53]
["Insumo"," 003420 ","SBC","FITA ISOLANTE HIGHLAND ADESIVA 19m x 20mm","Material",null,"M",{"v":0.3,"d":"0.3000000"},0.79,0.23]
["Insumo"," 003530 ","SBC","CABO SUPERASTIC FLEX 450/750V 1,5mm2 CORES DIVERSAS","Material",null,"M",{"v":4.5,"d":"4.5000000"},1.27,5.71]
["Insumo"," 003490 ","SBC","CAIXA DE DERIVACAO EM FERRO ESMALTADO 30x30cm","Material",null,"UN",{"v":1,"d":"1.0000000"},2.23,2.23]
["Insumo"," 003422 ","SBC","ARRUELA ACO 1/2\"","Material",null,"UN",{"v":2,"d":"2.0000000"},2.93,5.86]
["Insumo"," 099806 ","SBC","AJUDANTE DE ELETRICISTA","Mão de Obra",null,"H",{"v":1.809,"d":"1.8090000"},13.67,24.72]
["Insumo"," 003030 ","SBC","ELETRODUTO ZINCADO ELETROLITICAMENTE (LEVE) NBR 5598 15mm 1/2\"","Material",null,"M",{"v":1.5,"d":"1.5000000"},5.08,7.62]
["Insumo"," 003421 ","SBC","BUCHA DE ALUMINIO PARA ELETRODUTO 1/2\"","Material",null,"UN",{"v":2,"d":"2.0000000"},{"v":2.1,"d":"2.10"},{"v":4.2,"d":"4.20"}]
["Insumo"," 099250 ","SBC","ELETRICISTA","Mão de Obra",null,"H",{"v":1.714,"d":"1.7140000"},15.15,25.96]
[{"$nulls":4},"MO sem LS =>",50.68,"LS =>",{"v":0,"d":"0.00"},"MO com LS =>",50.68]
[{"$nulls":4},"Valor do BDI =>",16.46,null,"Valor com BDI =>",null,92.99]
[{"$nulls":6},"Quant. =>","4,00","Preço Total =>",371.96]
[]
[" 3.10 ","Código","Banco","Descrição","Tipo",null,"Und","Quant.","Valor Unit","Total"]
["Composição"," 060386 ","SBC","LUMINARIA - PERFIL LED EMBUTIR SLIM 2M P/ FITA LED COMPLETA","INSTALACOES ELETRICAS - LUMINARIAS",null,"UN",{"v":1,"d":"1.0000000"},110.87,110.87]
["Insumo"," 036680 ","SBC","PRESILHA GARRA PARA PERFIL DE LED UNICO","Material",null,"UN",{"v":2,"d":"2.0000000"},3.03,6.06]
["Insumo"," 000756 ","SBC","LUMINARIA PERFIL DE EMBUTIR 2M SLIM FITA LED LUM21","Material",null,"UN",{"v":1,"d":"1.0000000"},54.57,54.57]
["Insumo"," 099806 ","SBC","AJUDANTE DE ELETRICISTA","Mão de Obra",null,"H",{"v":0.952,"d":"0.9520000"},13.67,13.01]
["Insumo"," 099250 ","SBC","ELETRICISTA","Mão de Obra",null,"H",{"v":0.952,"d":"0.9520000"},15.15,14.42]
["Insumo"," 003420 ","SBC","FITA ISOLANTE HIGHLAND ADESIVA 19m x 20mm","Material",null,"M",{"v":0.3,"d":"0.3000000"},0.79,0.23]
["Insumo"," 036681 ","SBC","FITA LED 2835 PARA PERFIL11W 120 LEDS 1350 LUMENS","Material",null,"M",{"v":2,"d":"2.0000000"},11.29,22.58]
[{"$nulls":4},"MO sem LS =>",27.43,"LS =>",{"v":0,"d":"0.00"},"MO com LS =>",27.43]
[{"$nulls":4},"Valor do BDI =>",23.84,null,"Valor com BDI =>",null,134.71]
[{"$nulls":6},"Quant. =>","8,00","Preço Total =>",{"v":1077.68,"d":"1,077.68"}]
[]
[" 3.11 ","Código","Banco","Descrição","Tipo",null,"Und","Quant.","Valor Unit","Total"]
["Composição"," 3402 ","ORSE","Interruptor 02 seções simples","Conversão InfoWOrca",null,"un",{"v":1,"d":"1.0000000"},{"v":9.4,"d":"9.40"},{"v":9.4,"d":"9.40"}]
["Item","Código","Banco","Descrição","Tipo",null,"Und","Quant.","Valor Unit","Total"]
["Composição"," 10549 ","ORSE","Encargos Complementares - Servente","Provisórios",null,"h",{"v":0.15,"d":"0.1500000"},"2,79","0,41"]
["Insumo"," 00002436/SINAPI ","ORSE","Eletricista (horista)","Mão de Obra",null,"h",{"v":0.15,"d":"0.1500000"},"14,28","2,14"]
["Insumo"," 00006111/SINAPI ","ORSE","Servente de obras (horista)","Mão de Obra",null,"h",{"v":0.15,"d":"0.1500000"},"10,95","1,64"]
["Insumo"," 1119 ","ORSE","Interruptor embutir 02 seções simples com placa","Material",null,"un",{"v":1,"d":"1.0000000"},"4,83","4,83"]
["Composição"," 10552 ","ORSE","Encargos Complementares - Eletricista","Provisórios",null,"h",{"v":0.15,"d":"0.1500000"},"2,69","0,40"]
["Detalhamento de Cálculo ORSE"]
["Item","Código","Banco","Descrição","Tipo",null,"Und","Quant.","Valor Unit","Total"]
["Insumo"," 941 ","ORSE","Fardamento com mangas curta","Material",null,"un",{"v":0.00045,"d":"0.0004500"},"145,26","0,06"]
["Insumo"," 10362 ","ORSE","Seguro de vida e acidente em grupo","Serviços",null,"un",{"v":0.00135,"d":"0.0013500"},"9,33","0,01"]
["Insumo"," 10517 ","ORSE","Exames admissionais/demissionais (checkup)","Serviços",null,"cj",{"v":1.2E-4,"d":"0.0001200"},"223,06","0,02"]
["Insumo"," 00012893/SINAPI ","ORSE","Bota de seguranca com biqueira de aco e colarinho acolchoado","Material",null,"par",{"v":0.000225,"d":"0.0002250"},"49,97","0,01"]
["Insumo"," 00012892/SINAPI ","ORSE","Luva raspa de couro, cano curto (punho *7* cm)","Material",null,"par",{"v":0.00069,"d":"0.0006900"},"9,37","0,00"]
["Insumo"," 10492 ","ORSE","Cesta Básica","Material",null,"un",{"v":0.00135,"d":"0.0013500"},"141,27","0,19"]
["Insumo"," 00012895/SINAPI ","ORSE","Capacete de seguranca aba frontal com suspensao de polietileno, sem jugular (classe b)","Material",null,"un",{"v":0.00018,"d":"0.0001800"},"10,41","0,00"]
["Insumo"," 10761 ","ORSE","Refeição - café da manhã ( café com leite e dois pães com manteiga)","Serviços",null,"un",{"v":0.03054,"d":"0.0305400"},"3,72","0,11"]
["Insumo"," 158 ","ORSE","Almoço (Participação do empregador)","Material",null,"un",{"v":0.03054,"d":"0.0305400"},"10,41","0,31"]
["Insumo"," 2378 ","ORSE","Vale transporte","Material",null,"un",{"v":0.023925,"d":"0.0239250"},"3,35","0,08"]
["Insumo"," 10788 ","ORSE","Pá quadrada","Material",null,"un",{"v":3e-05,"d":"0.0000300"},"27,44","0,00"]
["Insumo"," 4728 ","ORSE","Talhadeira chata 10\"","Material",null,"un",{"v":4.5e-05,"d":"0.0000450"},"13,81","0,00"]
["Insumo"," 10596 ","ORSE","Protetor auricular","Material",null,"un",{"v":0.00135,"d":"0.0013500"},"3,64","0,00"]
["Insumo"," 1651 ","ORSE","Óculos branco proteção","Material",null,"pr",{"v":0.00024,"d":"0.0002400"},"5,21","0,00"]
["Insumo"," 10599 ","ORSE","Protetor solar fps 30 com 120ml","Material",null,"un",{"v":0.00054,"d":"0.0005400"},"13,39","0,00"]
["Insumo"," 00002711/SINAPI ","ORSE","Carrinho de mao, em aco, com capacidade de *45 a 65* l / *100* kg, pneu com camara","Material",null,"un",{"v":3e-05,"d":"0.0000300"},"121,94","0,00"]
["Insumo"," 4729 ","ORSE","Marreta 1 kg com cabo","Material",null,"un",{"v":1.5E-5,"d":"0.0000150"},"28,11","0,00"]
["Insumo"," 00012894/SINAPI ","ORSE","Capa para chuva em pvc com forro de poliester, com capuz (amarela ou azul)","Material",null,"un",{"v":6e-05,"d":"0.0000600"},"13,53","0,00"]
["Insumo"," 00002436/SINAPI ","ORSE","Eletricista (horista)","Mão de Obra",null,"h",{"v":0.15,"d":"0.1500000"},"14,28","2,14"]
["Insumo"," 00006111/SINAPI ","ORSE","Servente de obras (horista)","Mão de Obra",null,"h",{"v":0.15,"d":"0.1500000"},"10,95","1,64"]
["Insumo"," 1119 ","ORSE","Interruptor embutir 02 seções simples com placa","Material",null,"un",{"v":1,"d":"1.0000000"},"4,83","4,83"]
["Insumo"," 11242 ","ORSE","Chave inglesa 12\"","Material",null,"un",{"v":1.5E-5,"d":"0.0000150"},"25,28","0,00"]
["Insumo"," 11240 ","ORSE","Alicate com isolamento","Material",null,"un",{"v":3e-05,"d":"0.0000300"},"35,46","0,00"]
["Insumo"," 11241 ","ORSE","Alicate volt-amperimetro","Material",null,"un",{"v":3e-05,"d":"0.0000300"},"126,85","0,00"]
["Insumo"," 10579 ","ORSE","Chave de fenda chata 30 cm","Material",null,"un",{"v":3e-05,"d":"0.0000300"},"19,99","0,00"]
[{"$nulls":4},"MO sem LS =>",3.78,"LS =>",{"v":0,"d":"0.00"},"MO com LS =>",3.78]
[{"$nulls":4},"Valor do BDI =>",2.02,null,"Valor com BDI =>",null,11.42]
[{"$nulls":6},"Quant. =>","1,00","Preço Total =>",11.42]
[]
[]
[{"$nulls":5},"Total sem BDI",null,{"v":447263.24,"d":"447,263.24"}]
[{"$nulls":5},"Total do BDI",null,{"v":96546.85999999999,"d":"96,546.86"}]
[{"$nulls":5},"Total Geral",null,{"v":543810.1,"d":"543,810.10"}]
[]
["_______________________________________________________________\n"]